{"text_format":"3","workbook":"xlsx","n_sheets":90,"sheets":["封-2 招标控制价","表-02 建设项目招标控制价汇总表","表-03 单项工程招标控制价汇总表【漏粉库房】","表-03 单项工程招标控制价汇总表【酸辣粉、淀粉库房】","表-03 单项工程招标控制价汇总表【室外部分】","表-03 单项工程招标控制价汇总表【污水处理站】","表-04 单位工程招标控制价汇总表【拆除工程】","表-08 措施项目汇总表【拆除工程】","表-09 分部分项工程项目清单计价表【拆除工程】","表-09 施工技术措施项目清单计价表【拆除工程】","表-10 施工组织措施项目清单计价表【拆除工程】","表-12 规费、税金项目计价表【拆除工程】","表-04 单位工程招标控制价汇总表【建筑工程】","表-08 措施项目汇总表【建筑工程】","表-09 分部分项工程项目清单计价表【建筑工程】","表-09 施工技术措施项目清单计价表【建筑工程】","表-10 施工组织措施项目清单计价表【建筑工程】","表-12 规费、税金项目计价表【建筑工程】","表-04 单位工程招标控制价汇总表【漏粉库房消防水工程】","表-08 措施项目汇总表【漏粉库房消防水工程】","表-09 分部分项工程项目清单计价表【漏粉库房消防水工程】","表-09 施工技术措施项目清单计价表【漏粉库房消防水工程】","表-10 施工组织措施项目清单计价表【漏粉库房消防水工程】","表-12 规费、税金项目计价表【漏粉库房消防水工程】","表-04 单位工程招标控制价汇总表【漏粉库房电气工程】","表-08 措施项目汇总表【漏粉库房电气工程】","表-09 分部分项工程项目清单计价表【漏粉库房电气工程】","表-09 施工技术措施项目清单计价表【漏粉库房电气工程】","表-10 施工组织措施项目清单计价表【漏粉库房电气工程】","表-12 规费、税金项目计价表【漏粉库房电气工程】","表-04 单位工程招标控制价汇总表【漏粉库房消防电气工程】","表-08 措施项目汇总表【漏粉库房消防电气工程】","表-09 分部分项工程项目清单计价表【漏粉库房消防电气工程】","表-09 施工技术措施项目清单计价表【漏粉库房消防电气工程】","表-10 施工组织措施项目清单计价表【漏粉库房消防电气工程】","表-12 规费、税金项目计价表【漏粉库房消防电气工程】","表-04 单位工程招标控制价汇总表【拆除工程】_1","表-08 措施项目汇总表【拆除工程】_1","表-09 分部分项工程项目清单计价表【拆除工程】_1","表-09 施工技术措施项目清单计价表【拆除工程】_1","表-10 施工组织措施项目清单计价表【拆除工程】_1","表-12 规费、税金项目计价表【拆除工程】_1","表-04 单位工程招标控制价汇总表【建筑工程】_1","表-08 措施项目汇总表【建筑工程】_1","表-09 分部分项工程项目清单计价表【建筑工程】_1","表-09 施工技术措施项目清单计价表【建筑工程】_1","表-10 施工组织措施项目清单计价表【建筑工程】_1","表-12 规费、税金项目计价表【建筑工程】_1","表-04 单位工程招标控制价汇总表【酸辣粉、淀粉库房消防水","表-08 措施项目汇总表【酸辣粉、淀粉库房消防水工程】","表-09 分部分项工程项目清单计价表【酸辣粉、淀粉库房消防","表-09 施工技术措施项目清单计价表【酸辣粉、淀粉库房消防","表-10 施工组织措施项目清单计价表【酸辣粉、淀粉库房消防","表-12 规费、税金项目计价表【酸辣粉、淀粉库房消防水工程】","表-04 单位工程招标控制价汇总表【酸辣粉、淀粉库房电气工","表-08 措施项目汇总表【酸辣粉、淀粉库房电气工程】","表-09 分部分项工程项目清单计价表【酸辣粉、淀粉库房电气","表-09 施工技术措施项目清单计价表【酸辣粉、淀粉库房电气","表-10 施工组织措施项目清单计价表【酸辣粉、淀粉库房电气","表-12 规费、税金项目计价表【酸辣粉、淀粉库房电气工程】","表-04 单位工程招标控制价汇总表【酸辣粉、淀粉库消防电气","表-08 措施项目汇总表【酸辣粉、淀粉库消防电气工程】","表-09 分部分项工程项目清单计价表【酸辣粉、淀粉库消防电","表-09 施工技术措施项目清单计价表【酸辣粉、淀粉库消防电","表-10 施工组织措施项目清单计价表【酸辣粉、淀粉库消防电","表-12 规费、税金项目计价表【酸辣粉、淀粉库消防电气工程】","表-04 单位工程招标控制价汇总表【酸辣粉、淀粉库房防排烟","表-08 措施项目汇总表【酸辣粉、淀粉库房防排烟工程】","表-09 分部分项工程项目清单计价表【酸辣粉、淀粉库房防排","表-09 施工技术措施项目清单计价表【酸辣粉、淀粉库房防排","表-10 施工组织措施项目清单计价表【酸辣粉、淀粉库房防排","表-12 规费、税金项目计价表【酸辣粉、淀粉库房防排烟工程】","表-04 单位工程招标控制价汇总表【室外电气工程】","表-08 措施项目汇总表【室外电气工程】","表-09 分部分项工程项目清单计价表【室外电气工程】","表-09 施工技术措施项目清单计价表【室外电气工程】","表-10 施工组织措施项目清单计价表【室外电气工程】","表-12 规费、税金项目计价表【室外电气工程】","表-04 单位工程招标控制价汇总表【土建工程】","表-08 措施项目汇总表【土建工程】","表-09 分部分项工程项目清单计价表【土建工程】","表-09 施工技术措施项目清单计价表【土建工程】","表-10 施工组织措施项目清单计价表【土建工程】","表-12 规费、税金项目计价表【土建工程】","表-04 单位工程招标控制价汇总表【基坑支护工程】","表-08 措施项目汇总表【基坑支护工程】","表-09 分部分项工程项目清单计价表【基坑支护工程】","表-09 施工技术措施项目清单计价表【基坑支护工程】","表-10 施工组织措施项目清单计价表【基坑支护工程】","表-12 规费、税金项目计价表【基坑支护工程】"],"read":"whole","date_system":"1900"}

{"sheet":"封-2 招标控制价","index":0,"n_rows":16,"n_cols":10,"rows_kept":16,"merged":[[0,1,0,7],[1,1,1,8],[2,0,2,2],[2,3,2,9],[3,0,3,2],[3,3,3,9],[4,0,4,3],[4,4,4,9],[5,0,5,3],[5,4,5,9],[6,0,6,1],[6,2,6,4],[6,7,6,9],[7,0,7,1],[7,2,7,4],[7,7,7,9],[8,0,8,1],[8,7,8,9],[9,0,9,1],[9,2,9,4],[9,7,9,9],[10,0,10,1],[10,2,10,4],[10,7,10,9],[11,0,11,1],[11,7,11,9],[12,0,12,1],[12,2,12,4],[12,7,12,9],[13,0,13,1],[13,2,13,4],[13,7,13,9],[14,0,14,1],[14,7,14,9],[15,0,15,1],[15,3,15,6],[15,7,15,9]]}
[null,"红薯产业淀粉深加工生产线配套基础设施项目",{"$nulls":6},"工程","封-2"]
[null,"招标控制价"]
["招标控制价(小写)：",null,null,3806170.17]
["(大写)：  ",null,null,"叁佰捌拾万陆仟壹佰柒拾元壹角柒分"]
["其中:安全文明施工费用(小写):",{"$nulls":3},237031.6]
["(大写)： ",{"$nulls":3},"贰拾叁万柒仟零叁拾壹元陆角"]
["招  标  人：",null,"重庆江汇建设工程有限责任公司",{"$nulls":3},"工程造价\n咨 询 人："]
[null,null,"(单位盖章)",{"$nulls":4},"(单位资质专用章)"]
[]
["法定代表人\n或其授权人：",null,"{招标人信息\\法定代表人}",{"$nulls":3},"法定代表人\n或其授权人："]
[null,null,"(签字或盖)",{"$nulls":4},"(签字或盖章)"]
[]
["编  制  人：",{"$nulls":5},"审  核  人："]
[null,null,"(造价人员签字盖专用章)",{"$nulls":4},"(造价工程师签字盖专用章)"]
[]
[{"$nulls":3},"时 间：       年   月   日"]

{"sheet":"表-02 建设项目招标控制价汇总表","index":1,"n_rows":37,"n_cols":8,"rows_kept":37,"merged":[[0,0,0,2],[0,3,0,5],[0,6,0,7],[1,0,1,7],[2,0,2,2],[2,3,2,5],[2,6,2,7],[3,0,4,0],[3,1,4,1],[3,2,4,3],[3,4,3,7],[4,5,4,6],[5,2,5,3],[5,5,5,6],[6,2,6,3],[6,5,6,6],[7,2,7,3],[7,5,7,6],[8,2,8,3],[8,5,8,6],[9,2,9,3],[9,5,9,6],[10,2,10,3],[10,5,10,6],[11,2,11,3],[11,5,11,6],[12,2,12,3],[12,5,12,6],[13,2,13,3],[13,5,13,6],[14,2,14,3],[14,5,14,6],[15,2,15,3],[15,5,15,6],[16,2,16,3],[16,5,16,6],[17,2,17,3],[17,5,17,6],[18,2,18,3],[18,5,18,6],[19,2,19,3],[19,5,19,6],[20,2,20,3],[20,5,20,6],[21,2,21,3],[21,5,21,6],[22,2,22,3],[22,5,22,6],[23,2,23,3],[23,5,23,6],[24,2,24,3],[24,5,24,6],[25,2,25,3],[25,5,25,6],[26,2,26,3],[26,5,26,6],[27,2,27,3],[27,5,27,6],[28,2,28,3],[28,5,28,6],[29,2,29,3],[29,5,29,6],[30,2,30,3],[30,5,30,6],[31,2,31,3],[31,5,31,6],[32,2,32,3],[32,5,32,6],[33,2,33,3],[33,5,33,6],[34,2,34,3],[34,5,34,6],[35,0,35,1],[35,2,35,3],[35,5,35,6],[36,0,36,7]]}
[{"$nulls":6},"表-02"]
["建设项目招标控制价汇总表"]
["工程名称：红薯产业淀粉深加工生产线配套基础设施项目",{"$nulls":5},"第 1 页 共 1 页"]
["序号","单项工程名称","金 额\n(元)",null,"其    中"]
[{"$nulls":4},"暂估价\n(元)","安全文明\n施工费\n(元)",null,"规 费\n(元)"]
["1","漏粉库房",587813.91,null,null,37232.72,null,34623.38]
["2","酸辣粉、淀粉库房",1204311.7,null,null,78735.85,null,68406.91]
["3","室外部分",229795.42,null,null,17475.85,null,14916.59]
["4","污水处理站",1784249.14,null,null,103587.18,null,84610.85]
{"$rows_empty":26}
["合 计",null,3806170.17,null,null,237031.6,null,202557.73]
["注：本表适用于建设项目招标控制价或投标报价的汇总。暂估价包括分部分项工程中的暂估价和专业工程暂估价。"]

{"sheet":"表-03 单项工程招标控制价汇总表【漏粉库房】","index":2,"n_rows":37,"n_cols":8,"rows_kept":37,"merged":[[0,0,0,4],[0,6,0,7],[1,0,1,7],[2,0,2,4],[2,6,2,7],[3,0,4,0],[3,1,4,1],[3,2,4,2],[3,3,3,7],[4,4,4,6],[5,4,5,6],[6,4,6,6],[7,4,7,6],[8,4,8,6],[9,4,9,6],[10,4,10,6],[11,4,11,6],[12,4,12,6],[13,4,13,6],[14,4,14,6],[15,4,15,6],[16,4,16,6],[17,4,17,6],[18,4,18,6],[19,4,19,6],[20,4,20,6],[21,4,21,6],[22,4,22,6],[23,4,23,6],[24,4,24,6],[25,4,25,6],[26,4,26,6],[27,4,27,6],[28,4,28,6],[29,4,29,6],[30,4,30,6],[31,4,31,6],[32,4,32,6],[33,4,33,6],[34,4,34,6],[35,0,35,1],[35,4,35,6],[36,0,36,7]]}
[{"$nulls":6},"表—03"]
["单项工程招标控制价汇总表"]
["工程名称：漏粉库房",{"$nulls":5},"第 1 页 共 1 页"]
["序号","单位工程名称","金 额\n（元）","其  中"]
[{"$nulls":3},"暂估价\n（元）","安全文明\n施工费\n（元）",null,null,"规 费\n（元）"]
["1","拆除工程",15631.86,null,495.09,null,null,718.05]
["2","建筑工程",400191.83,null,21972.98,null,null,21332.95]
["3","漏粉库房消防水工程",110464.38,null,9629.8,null,null,8197.02]
["4","漏粉库房电气工程",36470.7,null,2975.79,null,null,2526.85]
["5","漏粉库房消防电气工程",25055.14,null,2159.06,null,null,1848.51]
{"$rows_empty":25}
["合    计",null,587813.91,null,37232.72,null,null,34623.38]
["注：本表适用于单项工程招标控制价或投标报价的汇总。暂估价包括分部分项工程中的暂估价和专业工程暂估价。"]

{"sheet":"表-03 单项工程招标控制价汇总表【酸辣粉、淀粉库房】","index":3,"n_rows":37,"n_cols":8,"rows_kept":37,"merged":[[0,0,0,4],[0,6,0,7],[1,0,1,7],[2,0,2,4],[2,6,2,7],[3,0,4,0],[3,1,4,1],[3,2,4,2],[3,3,3,7],[4,4,4,6],[5,4,5,6],[6,4,6,6],[7,4,7,6],[8,4,8,6],[9,4,9,6],[10,4,10,6],[11,4,11,6],[12,4,12,6],[13,4,13,6],[14,4,14,6],[15,4,15,6],[16,4,16,6],[17,4,17,6],[18,4,18,6],[19,4,19,6],[20,4,20,6],[21,4,21,6],[22,4,22,6],[23,4,23,6],[24,4,24,6],[25,4,25,6],[26,4,26,6],[27,4,27,6],[28,4,28,6],[29,4,29,6],[30,4,30,6],[31,4,31,6],[32,4,32,6],[33,4,33,6],[34,4,34,6],[35,0,35,1],[35,4,35,6],[36,0,36,7]]}
[{"$nulls":6},"表—03"]
["单项工程招标控制价汇总表"]
["工程名称：酸辣粉、淀粉库房",{"$nulls":5},"第 1 页 共 1 页"]
["序号","单位工程名称","金 额\n（元）","其  中"]
[{"$nulls":3},"暂估价\n（元）","安全文明\n施工费\n（元）",null,null,"规 费\n（元）"]
["1","拆除工程",16655.49,null,508.67,null,null,796.66]
["2","建筑工程",841001.8,null,48142.89,null,null,41944.66]
["3","酸辣粉、淀粉库房消防水工程",166992.49,null,14781.45,null,null,12611.64]
["4","酸辣粉、淀粉库房电气工程",64986.82,null,5272.74,null,null,4507.62]
["5","酸辣粉、淀粉库消防电气工程",53660.03,null,4644.67,null,null,3948.62]
["6","酸辣粉、淀粉库房防排烟工程",61015.07,null,5385.43,null,null,4597.71]
{"$rows_empty":24}
["合    计",null,1204311.7,null,78735.85,null,null,68406.91]
["注：本表适用于单项工程招标控制价或投标报价的汇总。暂估价包括分部分项工程中的暂估价和专业工程暂估价。"]

{"sheet":"表-03 单项工程招标控制价汇总表【室外部分】","index":4,"n_rows":37,"n_cols":8,"rows_kept":37,"merged":[[0,0,0,4],[0,6,0,7],[1,0,1,7],[2,0,2,4],[2,6,2,7],[3,0,4,0],[3,1,4,1],[3,2,4,2],[3,3,3,7],[4,4,4,6],[5,4,5,6],[6,4,6,6],[7,4,7,6],[8,4,8,6],[9,4,9,6],[10,4,10,6],[11,4,11,6],[12,4,12,6],[13,4,13,6],[14,4,14,6],[15,4,15,6],[16,4,16,6],[17,4,17,6],[18,4,18,6],[19,4,19,6],[20,4,20,6],[21,4,21,6],[22,4,22,6],[23,4,23,6],[24,4,24,6],[25,4,25,6],[26,4,26,6],[27,4,27,6],[28,4,28,6],[29,4,29,6],[30,4,30,6],[31,4,31,6],[32,4,32,6],[33,4,33,6],[34,4,34,6],[35,0,35,1],[35,4,35,6],[36,0,36,7]]}
[{"$nulls":6},"表—03"]
["单项工程招标控制价汇总表"]
["工程名称：室外部分",{"$nulls":5},"第 1 页 共 1 页"]
["序号","单位工程名称","金 额\n（元）","其  中"]
[{"$nulls":3},"暂估价\n（元）","安全文明\n施工费\n（元）",null,null,"规 费\n（元）"]
["1","室外电气工程",229795.42,null,17475.85,null,null,14916.59]
{"$rows_empty":29}
["合    计",null,229795.42,null,17475.85,null,null,14916.59]
["注：本表适用于单项工程招标控制价或投标报价的汇总。暂估价包括分部分项工程中的暂估价和专业工程暂估价。"]

{"sheet":"表-03 单项工程招标控制价汇总表【污水处理站】","index":5,"n_rows":37,"n_cols":8,"rows_kept":37,"merged":[[0,0,0,4],[0,6,0,7],[1,0,1,7],[2,0,2,4],[2,6,2,7],[3,0,4,0],[3,1,4,1],[3,2,4,2],[3,3,3,7],[4,4,4,6],[5,4,5,6],[6,4,6,6],[7,4,7,6],[8,4,8,6],[9,4,9,6],[10,4,10,6],[11,4,11,6],[12,4,12,6],[13,4,13,6],[14,4,14,6],[15,4,15,6],[16,4,16,6],[17,4,17,6],[18,4,18,6],[19,4,19,6],[20,4,20,6],[21,4,21,6],[22,4,22,6],[23,4,23,6],[24,4,24,6],[25,4,25,6],[26,4,26,6],[27,4,27,6],[28,4,28,6],[29,4,29,6],[30,4,30,6],[31,4,31,6],[32,4,32,6],[33,4,33,6],[34,4,34,6],[35,0,35,1],[35,4,35,6],[36,0,36,7]]}
[{"$nulls":6},"表—03"]
["单项工程招标控制价汇总表"]
["工程名称：污水处理站",{"$nulls":5},"第 1 页 共 1 页"]
["序号","单位工程名称","金 额\n（元）","其  中"]
[{"$nulls":3},"暂估价\n（元）","安全文明\n施工费\n（元）",null,null,"规 费\n（元）"]
["1","土建工程",1178644.16,null,74876.78,null,null,51945.64]
["2","基坑支护工程",605604.98,null,28710.4,null,null,32665.21]
{"$rows_empty":28}
["合    计",null,1784249.14,null,103587.18,null,null,84610.85]
["注：本表适用于单项工程招标控制价或投标报价的汇总。暂估价包括分部分项工程中的暂估价和专业工程暂估价。"]

{"sheet":"表-04 单位工程招标控制价汇总表【拆除工程】","index":6,"n_rows":26,"n_cols":9,"rows_kept":26,"merged":[[0,0,0,6],[0,7,0,8],[1,0,1,8],[2,0,2,3],[2,4,2,6],[2,7,2,8],[3,0,3,1],[3,2,3,5],[3,6,3,7],[4,0,4,1],[4,2,4,5],[4,6,4,7],[5,0,5,1],[5,2,5,5],[5,6,5,7],[6,0,6,1],[6,2,6,5],[6,6,6,7],[7,0,7,1],[7,2,7,5],[7,6,7,7],[8,0,8,1],[8,2,8,5],[8,6,8,7],[9,0,9,1],[9,2,9,5],[9,6,9,7],[10,0,10,1],[10,2,10,5],[10,6,10,7],[11,0,11,1],[11,2,11,5],[11,6,11,7],[12,0,12,1],[12,2,12,5],[12,6,12,7],[13,0,13,1],[13,2,13,5],[13,6,13,7],[14,0,14,1],[14,2,14,5],[14,6,14,7],[15,0,15,1],[15,2,15,5],[15,6,15,7],[16,0,16,1],[16,2,16,5],[16,6,16,7],[17,0,17,1],[17,2,17,5],[17,6,17,7],[18,0,18,1],[18,2,18,5],[18,6,18,7],[19,0,19,1],[19,2,19,5],[19,6,19,7],[20,0,20,1],[20,2,20,5],[20,6,20,7],[21,0,21,1],[21,2,21,5],[21,6,21,7],[22,0,22,1],[22,2,22,5],[22,6,22,7],[23,0,23,1],[23,2,23,5],[23,6,23,7],[24,0,24,5],[24,6,24,7],[25,0,25,8]]}
[{"$nulls":7},"表-04"]
["单位工程招标控制价汇总表"]
["工程名称：拆除工程",{"$nulls":6},"第  1  页  共  1  页"]
["序号",null,"汇总内容",{"$nulls":3},"金额(元)",null,"其中：暂估价(元)"]
["1",null,"分部分项工程费",{"$nulls":3},12433.16]
["1.1",null,"拆除工程",{"$nulls":3},12433.16]
["2",null,"措施项目费",{"$nulls":3},1072.51]
["2.1",null,"其中：安全文明施工费",{"$nulls":3},495.09]
["3",null,"其他项目费"]
["4",null,"规费",{"$nulls":3},718.05,null,"－"]
["5",null,"税金",{"$nulls":3},1408.14,null,"－"]
{"$rows_empty":13}
["投标报价合计=1+2+3+4+5",{"$nulls":5},"15,631.86"]
["注：1.本表适用于单位工程招标控制价或投标报价的汇总，如无单位工程划分，单项工程也使用本表汇总。 \n    2.分部分项工程、措施项目中暂估价中应填写材料、工程设备暂估价，其他项目中暂估价应填写专业工程暂估价。"]

{"sheet":"表-08 措施项目汇总表【拆除工程】","index":7,"n_rows":26,"n_cols":6,"rows_kept":26,"merged":[[0,0,0,5],[1,0,1,5],[2,0,2,1],[2,2,2,3],[2,4,2,5],[3,0,4,0],[3,1,4,2],[3,3,3,5],[4,3,4,4],[5,1,5,2],[5,3,5,4],[6,1,6,2],[6,3,6,4],[7,1,7,2],[7,3,7,4],[8,1,8,2],[8,3,8,4],[9,1,9,2],[9,3,9,4],[10,1,10,2],[10,3,10,4],[11,1,11,2],[11,3,11,4],[12,1,12,2],[12,3,12,4],[13,1,13,2],[13,3,13,4],[14,1,14,2],[14,3,14,4],[15,1,15,2],[15,3,15,4],[16,1,16,2],[16,3,16,4],[17,1,17,2],[17,3,17,4],[18,1,18,2],[18,3,18,4],[19,1,19,2],[19,3,19,4],[20,1,20,2],[20,3,20,4],[21,1,21,2],[21,3,21,4],[22,1,22,2],[22,3,22,4],[23,1,23,2],[23,3,23,4],[24,1,24,2],[24,3,24,4],[25,0,25,2],[25,3,25,4]]}
["表-08"]
["措施项目汇总表"]
["工程名称：拆除工程",{"$nulls":3},"第 1 页  共 1 页"]
["序号","项目名称",null,"金额(元)"]
[{"$nulls":3},"合价",null,"其中：暂估价"]
["2","施工组织措施项目",null,1072.51]
["2.1","其中：安全文明施工费",null,495.09]
["2.2","建设工程竣工档案编制费",null,23.93]
{"$rows_empty":17}
["措施项目费合计=1+2",null,null,1072.51]

{"sheet":"表-09 分部分项工程项目清单计价表【拆除工程】","index":8,"n_rows":67,"n_cols":13,"rows_kept":67,"merged":[[0,0,0,13],[1,0,1,13],[2,0,2,5],[2,6,2,8],[2,9,2,13],[3,0,4,0],[3,1,4,2],[3,3,4,4],[3,5,4,6],[3,7,4,7],[3,8,4,9],[3,10,3,12],[5,1,5,2],[5,3,5,6],[5,8,5,9],[6,1,6,2],[6,3,6,4],[6,5,6,6],[6,8,6,9],[7,1,7,2],[7,3,7,4],[7,5,7,6],[7,8,7,9],[8,0,8,10],[9,0,9,13],[10,0,10,13],[11,0,11,5],[11,6,11,8],[11,9,11,13],[12,0,13,0],[12,1,13,2],[12,3,13,4],[12,5,13,6],[12,7,13,7],[12,8,13,9],[12,10,12,12],[14,1,14,2],[14,3,14,4],[14,5,14,6],[14,8,14,9],[15,1,15,2],[15,3,15,4],[15,5,15,6],[15,8,15,9],[16,0,16,10],[17,0,17,13],[18,0,18,13],[19,0,19,5],[19,6,19,8],[19,9,19,13],[20,0,21,0],[20,1,21,2],[20,3,21,4],[20,5,21,6],[20,7,21,7],[20,8,21,9],[20,10,20,12],[22,1,22,2],[22,3,22,4],[22,5,22,6],[22,8,22,9],[23,1,23,2],[23,3,23,4],[23,5,23,6],[23,8,23,9],[24,0,24,10],[25,0,25,13],[26,0,26,13],[27,0,27,5],[27,6,27,8],[27,9,27,13],[28,0,29,0],[28,1,29,2],[28,3,29,4],[28,5,29,6],[28,7,29,7],[28,8,29,9],[28,10,28,12],[30,1,30,2],[30,3,30,4],[30,5,30,6],[30,8,30,9],[31,1,31,2],[31,3,31,4],[31,5,31,6],[31,8,31,9],[32,0,32,10],[33,0,33,13],[34,0,34,13],[35,0,35,5],[35,6,35,8],[35,9,35,13],[36,0,37,0],[36,1,37,2],[36,3,37,4],[36,5,37,6],[36,7,37,7],[36,8,37,9],[36,10,36,12],[38,1,38,2],[38,3,38,4],[38,5,38,6],[38,8,38,9],[39,1,39,2],[39,3,39,4],[39,5,39,6],[39,8,39,9],[40,0,40,10],[41,0,41,13],[42,0,42,13],[43,0,43,5],[43,6,43,8],[43,9,43,13],[44,0,45,0],[44,1,45,2],[44,3,45,4],[44,5,45,6],[44,7,45,7],[44,8,45,9],[44,10,44,12],[46,1,46,2],[46,3,46,4],[46,5,46,6],[46,8,46,9],[47,1,47,2],[47,3,47,4],[47,5,47,6],[47,8,47,9],[48,1,48,2],[48,3,48,4],[48,5,48,6],[48,8,48,9],[49,1,49,2],[49,3,49,4],[49,5,49,6],[49,8,49,9],[50,1,50,2],[50,3,50,4],[50,5,50,6],[50,8,50,9],[51,1,51,2],[51,3,51,4],[51,5,51,6],[51,8,51,9],[52,1,52,2],[52,3,52,4],[52,5,52,6],[52,8,52,9],[53,1,53,2],[53,3,53,4],[53,5,53,6],[53,8,53,9],[54,1,54,2],[54,3,54,4],[54,5,54,6],[54,8,54,9],[55,1,55,2],[55,3,55,4],[55,5,55,6],[55,8,55,9],[56,1,56,2],[56,3,56,4],[56,5,56,6],[56,8,56,9],[57,1,57,2],[57,3,57,4],[57,5,57,6],[57,8,57,9],[58,1,58,2],[58,3,58,4],[58,5,58,6],[58,8,58,9],[59,1,59,2],[59,3,59,4],[59,5,59,6],[59,8,59,9],[60,1,60,2],[60,3,60,4],[60,5,60,6],[60,8,60,9],[61,1,61,2],[61,3,61,4],[61,5,61,6],[61,8,61,9],[62,1,62,2],[62,3,62,4],[62,5,62,6],[62,8,62,9],[63,1,63,2],[63,3,63,4],[63,5,63,6],[63,8,63,9],[64,1,64,2],[64,3,64,4],[64,5,64,6],[64,8,64,9],[65,0,65,10],[66,0,66,10]]}
["表-09"]
["分部分项工程项目清单计价表"]
["工程名称：拆除工程",{"$nulls":8},"第  1  页  共  6  页"]
["序号","项目编码",null,"项目名称",null,"项目特征",null,"计量单位","工程量",null,"金额（元）"]
[{"$nulls":10},"综合单价","合价","其中:暂估价"]
[{"$nulls":3},"拆除工程"]
[1,"011610002001",null,"原有卷帘门拆除",null,"[项目特征]\n1.室内高度:根据现场实际情况综合考虑\n2.门窗洞口尺寸:根据现场实际情况综合考虑\n3.场内运距:由投标人根据施工现场实际情况自行考虑决定报价\n4.其他:投标人应充分考虑满足招标文件、技术标准及要求，满足拆除方案、相关规范、验收规范、业主及相关主管部门的相关要求\n[工作内容]\n1.拆除\n2.控制扬尘\n3.清理\n4.场内运输",null,"m2",40.5,null,10.99,445.1]
[2,"011610002002",null,"原有窗拆除",null,"[项目特征]\n1.室内高度:根据现场实际情况综合考虑\n2.门窗洞口尺寸:根据现场实际情况综合考虑\n3.场内运距:由投标人根据施工现场实际情况自行考虑决定报价\n4.其他:投标人应充分考虑满足招标文件、技术标准及要求，满足拆除方案、相关规范、验收规范、业主及相关主管部门的相关要求\n[工作内容]\n1.拆除\n2.控制扬尘\n3.清理\n4.场内运输",null,"m2",60,null,16.6,996]
["本页小计",{"$nulls":10},1441.1]
["表-09"]
["分部分项工程项目清单计价表"]
["工程名称：拆除工程",{"$nulls":8},"第  2  页  共  6  页"]
["序号","项目编码",null,"项目名称",null,"项目特征",null,"计量单位","工程量",null,"金额（元）"]
[{"$nulls":10},"综合单价","合价","其中:暂估价"]
[3,"011601001001",null,"砖砌体拆除",null,"[项目特征]\n1.砌体名称:根据现场实际情况综合考虑\n2.砌体材质:根据现场实际情况综合考虑\n3.拆除高度:根据现场实际情况综合考虑\n4.拆除砌体的截面尺寸:根据现场实际情况综合考虑\n5.砌体表面的附着物种类:根据现场实际情况综合考虑\n6.场内运距:由投标人根据施工现场实际情况自行考虑决定报价\n7.其他:投标人应充分考虑满足招标文件、技术标准及要求，满足拆除方案、相关规范、验收规范、业主及相关主管部门的相关要求\n[工作内容]\n1.拆除\n2.控制扬尘\n3.清理\n4.场内运输",null,"m3",0.69,null,42.15,29.08]
[4,"011607002001",null,"彩钢屋面板拆除",null,"[项目特征]\n1.种类:彩钢屋面板\n2.场内运距:综合考虑\n[工作内容]\n1.拆除\n2.控制扬尘\n3.清理\n4.场内运输",null,"m2",883.9,null,2.79,2466.08]
["本页小计",{"$nulls":10},2495.16]
["表-09"]
["分部分项工程项目清单计价表"]
["工程名称：拆除工程",{"$nulls":8},"第  3  页  共  6  页"]
["序号","项目编码",null,"项目名称",null,"项目特征",null,"计量单位","工程量",null,"金额（元）"]
[{"$nulls":10},"综合单价","合价","其中:暂估价"]
[5,"011612001001",null,"原落水管拆除",null,"[项目特征]\n1.管道种类、材质:根据现场实际情况综合考虑\n2.管道上的附着物种类:根据现场实际情况综合考虑\n3.场内运距:由投标人根据施工现场实际情况自行考虑决定报价\n4.其他:投标人应充分考虑满足招标文件、技术标准及要求，满足拆除方案、相关规范、验收规范、业主及相关主管部门的相关要求\n[工作内容]\n1.拆除\n2.控制扬尘\n3.清理\n4.场内运输",null,"m",107.04,null,2.5,267.6]
[6,"011611005001",null,"屋面天沟拆除",null,"[项目特征]\n1.构件名称:屋面天沟拆除\n2.拆除构件的规格尺寸:展开宽度0.75m\n[工作内容]\n1.拆除\n2.控制扬尘\n3.清理\n4.场内运输",null,"m",108.72,null,2.74,297.89]
["本页小计",{"$nulls":10},565.49]
["表-09"]
["分部分项工程项目清单计价表"]
["工程名称：拆除工程",{"$nulls":8},"第  4  页  共  6  页"]
["序号","项目编码",null,"项目名称",null,"项目特征",null,"计量单位","工程量",null,"金额（元）"]
[{"$nulls":10},"综合单价","合价","其中:暂估价"]
[7,"011611005002",null,"钢檩条拆除",null,"[项目特征]\n1.构件名称:钢檩条\n2.拆除构件的规格尺寸:根据现场实际情况综合考虑\n3.场内运距:由投标人根据施工现场实际情况自行考虑决定报价\n4.其他:投标人应充分考虑满足招标文件、技术标准及要求，满足拆除方案、相关规范、验收规范、业主及相关主管部门的相关要求\n[工作内容]\n1.拆除\n2.控制扬尘\n3.清理\n4.场内运输",null,"t",3,null,421.75,1265.25]
[8,"011604002001",null,"墙面漆及抹灰层拆除",null,"[项目特征]\n1.拆除部位:墙面\n2.抹灰层种类及厚度:根据现场实际情况综合考虑\n3.场内运距:由投标人根据施工现场实际情况自行考虑决定报价\n4.其他:投标人应充分考虑满足招标文件、技术标准及要求，满足拆除方案、相关规范、验收规范、业主及相关主管部门的相关要求\n[工作内容]\n1.拆除\n2.控制扬尘\n3.清理\n4.场内运输",null,"m2",191.02,null,3.43,655.2]
["本页小计",{"$nulls":10},1920.45]
["表-09"]
["分部分项工程项目清单计价表"]
["工程名称：拆除工程",{"$nulls":8},"第  5  页  共  6  页"]
["序号","项目编码",null,"项目名称",null,"项目特征",null,"计量单位","工程量",null,"金额（元）"]
[{"$nulls":10},"综合单价","合价","其中:暂估价"]
[9,"011612001002",null,"原消防管道拆除",null,"[项目特征]\n1.管道种类、材质:根据现场实际情况综合考虑\n2.管道上的附着物种类:根据现场实际情况综合考虑\n3.场内运距:由投标人根据施工现场实际情况自行考虑决定报价\n4.其他:投标人应充分考虑满足招标文件、技术标准及要求，满足拆除方案、相关规范、验收规范、业主及相关主管部门的相关要求\n[工作内容]\n1.拆除\n2.控制扬尘\n3.清理\n4.场内运输",null,"m",206.78,null,18.3,3784.07]
[10,"011614001001",null,"室内消火栓箱拆除",null,"[项目特征]\n1.室内消火栓箱材质:根据现场实际情况综合考虑\n2.场内运距:由投标人根据施工现场实际情况自行考虑决定报价\n3.其他:投标人应充分考虑满足招标文件、技术标准及要求，满足拆除方案、相关规范、验收规范、业主及相关主管部门的相关要求\n[工作内容]\n1.拆除\n2.控制扬尘\n3.清理\n4.场内运输",null,"个",4,null,64.19,256.76]
["本页小计",{"$nulls":10},4040.83]
["表-09"]
["分部分项工程项目清单计价表"]
["工程名称：拆除工程",{"$nulls":8},"第  6  页  共  6  页"]
["序号","项目编码",null,"项目名称",null,"项目特征",null,"计量单位","工程量",null,"金额（元）"]
[{"$nulls":10},"综合单价","合价","其中:暂估价"]
[11,"011707B07001",null,"建筑垃圾清运 起运1km",null,"[项目特征]\n1.运输距离:1km\n[工作内容]\n1.运输\n2.弃渣",null,"m3",33.62,null,53.03,1782.87]
[12,"011707B07002",null,"建筑垃圾清运 增运4km",null,"[项目特征]\n1.运输距离:增运4km\n[工作内容]\n1.运输\n2.弃渣",null,"m3",33.62,null,5.57,187.26]
{"$rows_empty":17}
["本页小计",{"$nulls":10},1970.13]
["合   计",{"$nulls":10},12433.16]

{"sheet":"表-09 施工技术措施项目清单计价表【拆除工程】","index":9,"n_rows":32,"n_cols":13,"rows_kept":32,"merged":[[0,0,0,12],[1,0,1,12],[2,0,2,5],[2,6,2,8],[2,9,2,12],[3,0,4,0],[3,1,4,2],[3,3,4,4],[3,5,4,6],[3,7,4,7],[3,8,4,9],[3,10,3,12],[5,1,5,2],[5,3,5,4],[5,5,5,6],[5,8,5,9],[6,1,6,2],[6,3,6,4],[6,5,6,6],[6,8,6,9],[7,1,7,2],[7,3,7,4],[7,5,7,6],[7,8,7,9],[8,1,8,2],[8,3,8,4],[8,5,8,6],[8,8,8,9],[9,1,9,2],[9,3,9,4],[9,5,9,6],[9,8,9,9],[10,1,10,2],[10,3,10,4],[10,5,10,6],[10,8,10,9],[11,1,11,2],[11,3,11,4],[11,5,11,6],[11,8,11,9],[12,1,12,2],[12,3,12,4],[12,5,12,6],[12,8,12,9],[13,1,13,2],[13,3,13,4],[13,5,13,6],[13,8,13,9],[14,1,14,2],[14,3,14,4],[14,5,14,6],[14,8,14,9],[15,1,15,2],[15,3,15,4],[15,5,15,6],[15,8,15,9],[16,1,16,2],[16,3,16,4],[16,5,16,6],[16,8,16,9],[17,1,17,2],[17,3,17,4],[17,5,17,6],[17,8,17,9],[18,1,18,2],[18,3,18,4],[18,5,18,6],[18,8,18,9],[19,1,19,2],[19,3,19,4],[19,5,19,6],[19,8,19,9],[20,1,20,2],[20,3,20,4],[20,5,20,6],[20,8,20,9],[21,1,21,2],[21,3,21,4],[21,5,21,6],[21,8,21,9],[22,1,22,2],[22,3,22,4],[22,5,22,6],[22,8,22,9],[23,1,23,2],[23,3,23,4],[23,5,23,6],[23,8,23,9],[24,1,24,2],[24,3,24,4],[24,5,24,6],[24,8,24,9],[25,1,25,2],[25,3,25,4],[25,5,25,6],[25,8,25,9],[26,1,26,2],[26,3,26,4],[26,5,26,6],[26,8,26,9],[27,1,27,2],[27,3,27,4],[27,5,27,6],[27,8,27,9],[28,1,28,2],[28,3,28,4],[28,5,28,6],[28,8,28,9],[29,1,29,2],[29,3,29,4],[29,5,29,6],[29,8,29,9],[30,0,30,10],[31,0,31,10]]}
["表-09"]
["施工技术措施项目清单计价表"]
["工程名称：拆除工程",{"$nulls":8},"第  1  页  共  1  页"]
["序号","项目编码",null,"项目名称",null,"项目特征",null,"计量单位","工程量",null,"金额（元）"]
[{"$nulls":10},"综合单价","合价","其中:暂估价"]
{"$rows_empty":25}
["本页小计"]
["合   计"]

{"sheet":"表-10 施工组织措施项目清单计价表【拆除工程】","index":10,"n_rows":33,"n_cols":14,"rows_kept":33,"merged":[[0,0,0,10],[0,11,0,13],[1,0,1,13],[2,0,2,4],[2,5,2,10],[2,11,2,13],[3,1,3,2],[3,3,3,5],[3,8,3,9],[3,10,3,11],[4,1,4,2],[4,3,4,5],[4,8,4,9],[4,10,4,11],[5,1,5,2],[5,3,5,5],[5,8,5,9],[5,10,5,11],[6,1,6,2],[6,3,6,5],[6,8,6,9],[6,10,6,11],[7,0,7,13],[8,0,8,10],[8,11,8,13],[9,0,9,13],[10,0,10,4],[10,5,10,10],[10,11,10,13],[11,1,11,2],[11,3,11,5],[11,8,11,9],[11,10,11,11],[12,1,12,2],[12,3,12,5],[12,8,12,9],[12,10,12,11],[13,1,13,2],[13,3,13,5],[13,8,13,9],[13,10,13,11],[14,1,14,2],[14,3,14,5],[14,8,14,9],[14,10,14,11],[15,1,15,2],[15,3,15,5],[15,8,15,9],[15,10,15,11],[16,1,16,2],[16,3,16,5],[16,8,16,9],[16,10,16,11],[17,1,17,2],[17,3,17,5],[17,8,17,9],[17,10,17,11],[18,1,18,2],[18,3,18,5],[18,8,18,9],[18,10,18,11],[19,1,19,2],[19,3,19,5],[19,8,19,9],[19,10,19,11],[20,1,20,2],[20,3,20,5],[20,8,20,9],[20,10,20,11],[21,1,21,2],[21,3,21,5],[21,8,21,9],[21,10,21,11],[22,1,22,2],[22,3,22,5],[22,8,22,9],[22,10,22,11],[23,1,23,2],[23,3,23,5],[23,8,23,9],[23,10,23,11],[24,1,24,2],[24,3,24,5],[24,8,24,9],[24,10,24,11],[25,1,25,2],[25,3,25,5],[25,8,25,9],[25,10,25,11],[26,1,26,2],[26,3,26,5],[26,8,26,9],[26,10,26,11],[27,1,27,2],[27,3,27,5],[27,8,27,9],[27,10,27,11],[28,1,28,2],[28,3,28,5],[28,8,28,9],[28,10,28,11],[29,1,29,2],[29,3,29,5],[29,8,29,9],[29,10,29,11],[30,1,30,2],[30,3,30,5],[30,8,30,9],[30,10,30,11],[31,1,31,2],[31,3,31,5],[31,8,31,9],[31,10,31,11],[32,0,32,7],[32,8,32,9],[32,10,32,11],[33,0,33,13]]}
[{"$nulls":11},"表-10"]
["施工组织措施项目清单计价表"]
["工程名称：拆除工程",{"$nulls":10},"第  1  页  共  2  页"]
["序号","项目编码",null,"项目名称",null,null,"计算\n基础","费率\n(%)","金额\n(元)",null,"调整\n费率\n(%)",null,"调整后\n金额\n(元)","备注"]
[1,"011707B16001",null,"组织措施费",null,null,"(分部分项人工费+分部分项机械费+技术措施人工费+技术措施机械费-机械（爆破）土石方人工费-机械（爆破）土石方机械费-机械（爆破）土石方人工费-机械（爆破）土石方机械费-人工土石方人工费-人工土石方技术措施人工费-人工土石方机械费-人工土石方技术措施机械费)+(机械（爆破）土石方人工费+机械（爆破）土石方机械费+机械（爆破）土石方人工费+机械（爆破）土石方机械费)*0.048/费率+(人工土石方人工费+人工土石方技术措施人工费)*0.0222/费率","5.55",553.49]
[2,"011707001001",null,"安全文明施工费",null,null,"495.09","100",495.09]
[3,"011707B15001",null,"建设工程竣工档案编制费",null,null,"(分部分项人工费+分部分项机械费+技术措施人工费+技术措施机械费-机械（爆破）土石方人工费-机械（爆破）土石方机械费-机械（爆破）土石方人工费-机械（爆破）土石方机械费-人工土石方人工费-人工土石方技术措施人工费-人工土石方机械费-人工土石方技术措施机械费)+(机械（爆破）土石方人工费+机械（爆","0.24",23.93]
["注：1.计算基础和费用标准按本市有关费用定额或文件执行。\n    2.根据施工方案计算的措施费，可不填写“计算基础”和“费率”的数值，只填写“金额”数值，但应在备注栏说明施工\n    方案出处或计算方法。"]
[{"$nulls":11},"表-10"]
["施工组织措施项目清单计价表"]
["工程名称：拆除工程",{"$nulls":10},"第  2  页  共  2  页"]
["序号","项目编码",null,"项目名称",null,null,"计算\n基础","费率\n(%)","金额\n(元)",null,"调整\n费率\n(%)",null,"调整后\n金额\n(元)","备注"]
[{"$nulls":6},"破）土石方机械费+机械（爆破）土石方人工费+机械（爆破）土石方机械费)*0.002/费率+(人工土石方人工费+人工土石方技术措施人工费)*0.0019/费率"]
{"$rows_empty":19}
["合    计",{"$nulls":7},1072.51]

{"sheet":"表-12 规费、税金项目计价表【拆除工程】","index":11,"n_rows":26,"n_cols":10,"rows_kept":26,"merged":[[0,0,0,7],[0,8,0,9],[1,0,1,9],[2,0,2,3],[2,4,2,7],[2,8,2,9],[3,1,3,4],[3,5,3,6],[3,7,3,8],[4,1,4,4],[4,5,4,6],[4,7,4,8],[5,1,5,4],[5,5,5,6],[5,7,5,8],[6,1,6,4],[6,5,6,6],[6,7,6,8],[7,1,7,4],[7,5,7,6],[7,7,7,8],[8,1,8,4],[8,5,8,6],[8,7,8,8],[9,1,9,4],[9,5,9,6],[9,7,9,8],[10,1,10,4],[10,5,10,6],[10,7,10,8],[11,1,11,4],[11,5,11,6],[11,7,11,8],[12,1,12,4],[12,5,12,6],[12,7,12,8],[13,1,13,4],[13,5,13,6],[13,7,13,8],[14,1,14,4],[14,5,14,6],[14,7,14,8],[15,1,15,4],[15,5,15,6],[15,7,15,8],[16,1,16,4],[16,5,16,6],[16,7,16,8],[17,1,17,4],[17,5,17,6],[17,7,17,8],[18,1,18,4],[18,5,18,6],[18,7,18,8],[19,1,19,4],[19,5,19,6],[19,7,19,8],[20,1,20,4],[20,5,20,6],[20,7,20,8],[21,1,21,4],[21,5,21,6],[21,7,21,8],[22,1,22,4],[22,5,22,6],[22,7,22,8],[23,1,23,4],[23,5,23,6],[23,7,23,8],[24,1,24,4],[24,5,24,6],[24,7,24,8],[25,0,25,8]]}
[{"$nulls":8},"表-12"]
["规费、税金项目计价表"]
["工程名称：拆除工程",{"$nulls":7},"第  1  页  共  1  页"]
["序号","项目名称",{"$nulls":3},"计算基础",null,"费率(%)",null,"金额（元）"]
["1","规费",{"$nulls":3},"专业工程规费（人+机）+机械（爆破）土石方规费（人+机）*0.072/费率+人工土石方规费（人）*0.082/费率",null,"7.2",null,718.05]
["2","税金",{"$nulls":3},"2.1 + 2.2 + 2.3",{"$nulls":3},1408.14]
["2.1","增值税",{"$nulls":3},"分部分项工程费+措施项目费+其他项目费+规费-甲供材料费",null,"9",null,1280.13]
["2.2","附加税",{"$nulls":3},"增值税",null,"10",null,128.01]
["2.3","环境保护税",{"$nulls":3},"按实计算"]
{"$rows_empty":16}
["合计",{"$nulls":8},2126.19]

{"sheet":"表-04 单位工程招标控制价汇总表【建筑工程】","index":12,"n_rows":26,"n_cols":9,"rows_kept":26,"merged":[[0,0,0,6],[0,7,0,8],[1,0,1,8],[2,0,2,3],[2,4,2,6],[2,7,2,8],[3,0,3,1],[3,2,3,5],[3,6,3,7],[4,0,4,1],[4,2,4,5],[4,6,4,7],[5,0,5,1],[5,2,5,5],[5,6,5,7],[6,0,6,1],[6,2,6,5],[6,6,6,7],[7,0,7,1],[7,2,7,5],[7,6,7,7],[8,0,8,1],[8,2,8,5],[8,6,8,7],[9,0,9,1],[9,2,9,5],[9,6,9,7],[10,0,10,1],[10,2,10,5],[10,6,10,7],[11,0,11,1],[11,2,11,5],[11,6,11,7],[12,0,12,1],[12,2,12,5],[12,6,12,7],[13,0,13,1],[13,2,13,5],[13,6,13,7],[14,0,14,1],[14,2,14,5],[14,6,14,7],[15,0,15,1],[15,2,15,5],[15,6,15,7],[16,0,16,1],[16,2,16,5],[16,6,16,7],[17,0,17,1],[17,2,17,5],[17,6,17,7],[18,0,18,1],[18,2,18,5],[18,6,18,7],[19,0,19,1],[19,2,19,5],[19,6,19,7],[20,0,20,1],[20,2,20,5],[20,6,20,7],[21,0,21,1],[21,2,21,5],[21,6,21,7],[22,0,22,1],[22,2,22,5],[22,6,22,7],[23,0,23,1],[23,2,23,5],[23,6,23,7],[24,0,24,5],[24,6,24,7],[25,0,25,8]]}
[{"$nulls":7},"表-04"]
["单位工程招标控制价汇总表"]
["工程名称：建筑工程",{"$nulls":6},"第  1  页  共  1  页"]
["序号",null,"汇总内容",{"$nulls":3},"金额(元)",null,"其中：暂估价(元)"]
["1",null,"分部分项工程费",{"$nulls":3},261640.89]
["1.1",null,"A.5混凝土及钢筋混凝土工程",{"$nulls":3},101.61]
["1.2",null,"A.6金属结构工程",{"$nulls":3},76926.82]
["1.3",null,"A.8门窗工程",{"$nulls":3},5467.89]
["1.4",null,"A.9屋面及防水工程",{"$nulls":3},6762.16]
["1.5",null,"A.11楼地面装饰工程",{"$nulls":3},157407.26]
["1.6",null,"A.12墙、柱面装饰与隔断、幕墙工程",{"$nulls":3},6082.08]
["1.7",null,"A.14油漆、涂料、裱糊工程",{"$nulls":3},8893.07]
["2",null,"措施项目费",{"$nulls":3},81167.95]
["2.1",null,"其中：安全文明施工费",{"$nulls":3},21972.98]
["3",null,"其他项目费"]
["4",null,"规费",{"$nulls":3},21332.95,null,"－"]
["5",null,"税金",{"$nulls":3},36050.04,null,"－"]
{"$rows_empty":7}
["投标报价合计=1+2+3+4+5",{"$nulls":5},"400,191.83"]
["注：1.本表适用于单位工程招标控制价或投标报价的汇总，如无单位工程划分，单项工程也使用本表汇总。 \n    2.分部分项工程、措施项目中暂估价中应填写材料、工程设备暂估价，其他项目中暂估价应填写专业工程暂估价。"]

{"sheet":"表-08 措施项目汇总表【建筑工程】","index":13,"n_rows":26,"n_cols":6,"rows_kept":26,"merged":[[0,0,0,5],[1,0,1,5],[2,0,2,1],[2,2,2,3],[2,4,2,5],[3,0,4,0],[3,1,4,2],[3,3,3,5],[4,3,4,4],[5,1,5,2],[5,3,5,4],[6,1,6,2],[6,3,6,4],[7,1,7,2],[7,3,7,4],[8,1,8,2],[8,3,8,4],[9,1,9,2],[9,3,9,4],[10,1,10,2],[10,3,10,4],[11,1,11,2],[11,3,11,4],[12,1,12,2],[12,3,12,4],[13,1,13,2],[13,3,13,4],[14,1,14,2],[14,3,14,4],[15,1,15,2],[15,3,15,4],[16,1,16,2],[16,3,16,4],[17,1,17,2],[17,3,17,4],[18,1,18,2],[18,3,18,4],[19,1,19,2],[19,3,19,4],[20,1,20,2],[20,3,20,4],[21,1,21,2],[21,3,21,4],[22,1,22,2],[22,3,22,4],[23,1,23,2],[23,3,23,4],[24,1,24,2],[24,3,24,4],[25,0,25,2],[25,3,25,4]]}
["表-08"]
["措施项目汇总表"]
["工程名称：建筑工程",{"$nulls":3},"第 1 页  共 1 页"]
["序号","项目名称",null,"金额(元)"]
[{"$nulls":3},"合价",null,"其中：暂估价"]
["1","施工技术措施项目",null,41872.29]
["2","施工组织措施项目",null,39295.66]
["2.1","其中：安全文明施工费",null,21972.98]
["2.2","建设工程竣工档案编制费",null,992.23]
{"$rows_empty":16}
["措施项目费合计=1+2",null,null,81167.95]

{"sheet":"表-09 分部分项工程项目清单计价表【建筑工程】","index":14,"n_rows":81,"n_cols":13,"rows_kept":81,"merged":[[0,0,0,13],[1,0,1,13],[2,0,2,5],[2,6,2,8],[2,9,2,13],[3,0,4,0],[3,1,4,2],[3,3,4,4],[3,5,4,6],[3,7,4,7],[3,8,4,9],[3,10,3,12],[5,1,5,2],[5,3,5,6],[5,8,5,9],[6,1,6,2],[6,3,6,4],[6,5,6,6],[6,8,6,9],[7,1,7,2],[7,3,7,6],[7,8,7,9],[8,0,8,10],[9,0,9,13],[10,0,10,13],[11,0,11,5],[11,6,11,8],[11,9,11,13],[12,0,13,0],[12,1,13,2],[12,3,13,4],[12,5,13,6],[12,7,13,7],[12,8,13,9],[12,10,12,12],[14,1,14,2],[14,3,14,4],[14,5,14,6],[14,8,14,9],[15,0,15,10],[16,0,16,13],[17,0,17,13],[18,0,18,5],[18,6,18,8],[18,9,18,13],[19,0,20,0],[19,1,20,2],[19,3,20,4],[19,5,20,6],[19,7,20,7],[19,8,20,9],[19,10,19,12],[21,1,21,2],[21,3,21,4],[21,5,21,6],[21,8,21,9],[22,1,22,2],[22,3,22,4],[22,5,22,6],[22,8,22,9],[23,0,23,10],[24,0,24,13],[25,0,25,13],[26,0,26,5],[26,6,26,8],[26,9,26,13],[27,0,28,0],[27,1,28,2],[27,3,28,4],[27,5,28,6],[27,7,28,7],[27,8,28,9],[27,10,27,12],[29,1,29,2],[29,3,29,4],[29,5,29,6],[29,8,29,9],[30,1,30,2],[30,3,30,4],[30,5,30,6],[30,8,30,9],[31,1,31,2],[31,3,31,6],[31,8,31,9],[32,1,32,2],[32,3,32,4],[32,5,32,6],[32,8,32,9],[33,0,33,10],[34,0,34,13],[35,0,35,13],[36,0,36,5],[36,6,36,8],[36,9,36,13],[37,0,38,0],[37,1,38,2],[37,3,38,4],[37,5,38,6],[37,7,38,7],[37,8,38,9],[37,10,37,12],[39,1,39,2],[39,3,39,4],[39,5,39,6],[39,8,39,9],[40,1,40,2],[40,3,40,4],[40,5,40,6],[40,8,40,9],[41,1,41,2],[41,3,41,6],[41,8,41,9],[42,1,42,2],[42,3,42,4],[42,5,42,6],[42,8,42,9],[43,0,43,10],[44,0,44,13],[45,0,45,13],[46,0,46,5],[46,6,46,8],[46,9,46,13],[47,0,48,0],[47,1,48,2],[47,3,48,4],[47,5,48,6],[47,7,48,7],[47,8,48,9],[47,10,47,12],[49,1,49,2],[49,3,49,4],[49,5,49,6],[49,8,49,9],[50,1,50,2],[50,3,50,6],[50,8,50,9],[51,1,51,2],[51,3,51,4],[51,5,51,6],[51,8,51,9],[52,1,52,2],[52,3,52,4],[52,5,52,6],[52,8,52,9],[53,0,53,10],[54,0,54,13],[55,0,55,13],[56,0,56,5],[56,6,56,8],[56,9,56,13],[57,0,58,0],[57,1,58,2],[57,3,58,4],[57,5,58,6],[57,7,58,7],[57,8,58,9],[57,10,57,12],[59,1,59,2],[59,3,59,4],[59,5,59,6],[59,8,59,9],[60,1,60,2],[60,3,60,6],[60,8,60,9],[61,0,61,10],[62,0,62,13],[63,0,63,13],[64,0,64,5],[64,6,64,8],[64,9,64,13],[65,0,66,0],[65,1,66,2],[65,3,66,4],[65,5,66,6],[65,7,66,7],[65,8,66,9],[65,10,65,12],[67,1,67,2],[67,3,67,4],[67,5,67,6],[67,8,67,9],[68,1,68,2],[68,3,68,6],[68,8,68,9],[69,0,69,10],[70,0,70,13],[71,0,71,13],[72,0,72,5],[72,6,72,8],[72,9,72,13],[73,0,74,0],[73,1,74,2],[73,3,74,4],[73,5,74,6],[73,7,74,7],[73,8,74,9],[73,10,73,12],[75,1,75,2],[75,3,75,4],[75,5,75,6],[75,8,75,9],[76,1,76,2],[76,3,76,4],[76,5,76,6],[76,8,76,9],[77,1,77,2],[77,3,77,4],[77,5,77,6],[77,8,77,9],[78,1,78,2],[78,3,78,4],[78,5,78,6],[78,8,78,9],[79,0,79,10],[80,0,80,10]]}
["表-09"]
["分部分项工程项目清单计价表"]
["工程名称：建筑工程",{"$nulls":8},"第  1  页  共  9  页"]
["序号","项目编码",null,"项目名称",null,"项目特征",null,"计量单位","工程量",null,"金额（元）"]
[{"$nulls":10},"综合单价","合价","其中:暂估价"]
[null,"A.5",null,"混凝土及钢筋混凝土工程"]
[1,"010507001001",null,"C20砼坡道",null,"[项目特征]\n1.面层厚度:具体详设计\n2.混凝土种类:商品砼\n3.混凝土强度等级:C20\n4.变形缝填塞材料种类:满足设计及相关规范求\n5.泵送方式:综合考虑\n6.其他:满足设计﹑规范﹑招标文件、现场条件、达到使用功能等要求\n[工作内容]\n1.地基夯实\n2.铺设垫层\n3.模板及支撑制作、安装、拆除、堆放、运输及清理模内杂物、刷隔离剂等\n4.混凝土制作、运输、浇筑、振捣、养护\n5.变形缝填塞",null,"m2",3.3,null,30.79,101.61]
[null,"A.6",null,"金属结构工程"]
["本页小计",{"$nulls":10},101.61]
["表-09"]
["分部分项工程项目清单计价表"]
["工程名称：建筑工程",{"$nulls":8},"第  2  页  共  9  页"]
["序号","项目编码",null,"项目名称",null,"项目特征",null,"计量单位","工程量",null,"金额（元）"]
[{"$nulls":10},"综合单价","合价","其中:暂估价"]
[1,"010606002001",null,"钢檩条",null,"[项目特征]\n1.钢材品种、规格:综合,Q235B\n2.构件类型:综合考虑\n3.单根质量:具体详设计\n4.安装高度:具体详设计\n5.螺栓种类:满足设计及相关规范要求\n6.探伤要求:满足设计及相关规范要求\n7.运输距离:由投标人根据施工现场实际情况自行考虑决定报价\n8.其它:满足设计﹑规范﹑招标文件、现场条件、达到使用功能等要求\n[工作内容]\n1.制作\n2.运输\n3.拼装\n4.安装\n5.探伤",null,"t",1,null,2471.77,2471.77]
["本页小计",{"$nulls":10},2471.77]
["表-09"]
["分部分项工程项目清单计价表"]
["工程名称：建筑工程",{"$nulls":8},"第  3  页  共  9  页"]
["序号","项目编码",null,"项目名称",null,"项目特征",null,"计量单位","工程量",null,"金额（元）"]
[{"$nulls":10},"综合单价","合价","其中:暂估价"]
[2,"010607003001",null,"雨篷",null,"[项目特征]\n1.骨架材料品种、规格:Q345B，具体详设计\n2.面层材料品种、规格:0.5mm彩钢板\n3.防火要求:满足设计及相关规范要求\n4.探伤要求:满足设计及相关规范要求\n5.锚栓品种、规格:新植筋锚栓M30，具体详设计\n6.运输距离:由投标人根据施工现场实际情况自行考虑，决定报价\n7.其他:满足设计﹑规范﹑招标文件、现场条件、达到使用功能等要求\n[工作内容]\n1.制作\n2.运输\n3.拼装\n4.安装\n5.校正\n6.预埋铁件及安螺栓",null,"m2",13.77,null,40.07,551.76]
[3,"010606011001",null,"钢板天沟",null,"[项目特征]\n1.钢材品种、规格:0.5厚镀锌钢板\n2.探伤要求:满足设计及相关规范要求\n3.除锈要求:满足设计及相关规范要求\n4.防火要求:满足设计及相关规范要求\n[工作内容]\n1.制作\n2.运输\n3.拼装\n4.安装\n5.探伤\n6.油漆",null,"m",108.72,null,17.58,1911.3]
["本页小计",{"$nulls":10},2463.06]
["表-09"]
["分部分项工程项目清单计价表"]
["工程名称：建筑工程",{"$nulls":8},"第  4  页  共  9  页"]
["序号","项目编码",null,"项目名称",null,"项目特征",null,"计量单位","工程量",null,"金额（元）"]
[{"$nulls":10},"综合单价","合价","其中:暂估价"]
[4,"010901002001",null,"彩钢屋面板",null,"[项目特征]\n1.型材品种、规格:0.5彩钢屋面板\n2.其他:满足设计及规范要求\n[工作内容]\n1.檩条制作、运输、安装\n2.屋面型材安装\n3.接缝、嵌缝",null,"m2",1767.79,null,39.31,69491.82]
[5,"010606013001",null,"铝型槽压条",null,"[项目特征]\n1.构件名称:铝型槽压条\n2.材料品种、规格:U型铝型槽5mm，宽200mm\n3.位置:外墙彩钢板与砖墙裙交接处\n4.其他:满足设计及规范要求\n[工作内容]\n1.制作\n2.运输\n3.拼装\n4.安装\n5.探伤\n6.油漆",null,"m",157.64,null,15.86,2500.17]
[null,"A.8",null,"门窗工程"]
[1,"010802004001",null,"双扇成品钢制防盗门",null,"[项目特征]\n1.门代号及洞口尺寸:具体详设计\n2.门框、扇材质:钢制\n3.其它:满足设计﹑规范﹑招标文件、现场条件、达到使用功能等要求\n[工作内容]\n1.门安装\n2.五金安装",null,"m2",7.04,null,18.63,131.16]
["本页小计",{"$nulls":10},72123.15]
["表-09"]
["分部分项工程项目清单计价表"]
["工程名称：建筑工程",{"$nulls":8},"第  5  页  共  9  页"]
["序号","项目编码",null,"项目名称",null,"项目特征",null,"计量单位","工程量",null,"金额（元）"]
[{"$nulls":10},"综合单价","合价","其中:暂估价"]
[2,"010803001001",null,"电动铝合金卷帘门",null,"[项目特征]\n1.门代号及洞口尺寸:具体详设计\n2.门材质:铝合金\n3.启动装置品种、规格:满足设计及相关规范要求\n4.其它:满足设计﹑规范﹑招标文件、现场条件、达到使用功能等要求\n[工作内容]\n1.门运输、安装\n2.启动装置、活动小门、五金安装",null,"m2",40.5,null,97.02,3929.31]
[3,"010807001001",null,"铝合金防雨百叶窗",null,"[项目特征]\n1.窗代号及洞口尺寸:具体详设计\n2.框、扇材质:铝合金\n3.其它:满足设计﹑规范﹑招标文件、现场条件、达到使用功能等要求\n[工作内容]\n1.窗安装\n2.五金、玻璃安装",null,"m2",63,null,22.34,1407.42]
[null,"A.9",null,"屋面及防水工程"]
[1,"010902004001",null,"屋面排水管",null,"[项目特征]\n1.排水管品种、规格:PVCφ110\n2.雨水斗、山墙出水口品种、规格:满足设计及相关规范要求\n3.接缝、嵌缝材料种类:满足设计及相关规范要求\n[工作内容]\n1.排水管及配件安装、固定\n2.雨水斗、山墙出水口、雨水算子安装\n3.接缝、嵌缝\n4.刷漆",null,"m",107.04,null,15.08,1614.16]
["本页小计",{"$nulls":10},6950.89]
["表-09"]
["分部分项工程项目清单计价表"]
["工程名称：建筑工程",{"$nulls":8},"第  6  页  共  9  页"]
["序号","项目编码",null,"项目名称",null,"项目特征",null,"计量单位","工程量",null,"金额（元）"]
[{"$nulls":10},"综合单价","合价","其中:暂估价"]
[2,"010904001001",null,"丙纶布防水层",null,"[项目特征]\n1.卷材品种、规格、厚度:400克0.8mm厚丙纶布防水层\n2.反边高度:满足设计及相关规范要求\n3.其他:满足设计﹑规范﹑招标文件、现场条件、达到使用功能等要求\n[工作内容]\n1.基层处理\n2.刷粘结剂\n3.铺防水卷材\n4.接缝、嵌缝",null,"m2",1787.5,null,2.88,5148]
[null,"A.11",null,"楼地面装饰工程"]
[1,"011101003001",null,"100厚C20细石混凝土地面",null,"[项目特征]\n1.找平层厚度:100厚C20细石混凝土\n[工作内容]\n1.基层清理\n2.抹找平层\n3.面层铺设\n4.材料运输",null,"m2",1787.5,null,26.95,48173.13]
[2,"011101001001",null,"20厚1:2.5水泥砂浆保护层",null,"[项目特征]\n1.找平层厚度、砂浆配合比:20厚1:2.5水泥砂浆保护层\n2.素水泥浆遍数:满足设计及相关规范要求\n3.其他:满足设计﹑规范﹑招标文件、现场条件、达到使用功能等要求\n[工作内容]\n1.基层清理\n2.抹找平层\n3.材料运输",null,"m2",1787.5,null,14.79,26437.13]
["本页小计",{"$nulls":10},79758.26]
["表-09"]
["分部分项工程项目清单计价表"]
["工程名称：建筑工程",{"$nulls":8},"第  7  页  共  9  页"]
["序号","项目编码",null,"项目名称",null,"项目特征",null,"计量单位","工程量",null,"金额（元）"]
[{"$nulls":10},"综合单价","合价","其中:暂估价"]
[3,"011101005001",null,"环氧树脂地坪(B1级)",null,"[项目特征]\n1.找平层砂浆配合比、厚度:5mm厚水泥基自流平砂浆层\n2.界面剂材料种类:3mm厚环氧树脂自流平界面剂\n3.底层漆材料种类、厚度:环氧封闭底漆0.2mm厚\n4.中层漆材料种类、厚度:环氧中涂层1mm\n5.面层材料种类:0.8mm环氧树脂面层(或聚氨酯薄涂层) \n[工作内容]\n1.基层处理\n2.抹找平层\n3.涂界面剂\n4.涂刷底层漆、中层漆\n5.打磨、吸尘\n6.镘自流平面漆(浆)\n7.拌合自流平浆料\n8.铺面层",null,"m2",1787.5,null,46.32,82797]
[null,"A.12",null,"墙、柱面装饰与隔断、幕墙工程"]
["本页小计",{"$nulls":10},82797]
["表-09"]
["分部分项工程项目清单计价表"]
["工程名称：建筑工程",{"$nulls":8},"第  8  页  共  9  页"]
["序号","项目编码",null,"项目名称",null,"项目特征",null,"计量单位","工程量",null,"金额（元）"]
[{"$nulls":10},"综合单价","合价","其中:暂估价"]
[1,"011201001001",null,"墙面一般抹灰",null,"[项目特征]\n1.墙体类型:综合考虑\n2.厚度、砂浆配合比:20mm厚1:3水泥砂浆\n3.装饰面材料种类:满足设计及相关规范要求\n4.分格缝宽度、材料种类:满足设计及相关规范要求\n5.其它:满足设计﹑规范﹑招标文件、现场条件、达到使用功能等要求\n[工作内容]\n1.基层清理\n2.砂浆制作、运输\n3.底层抹灰\n4.抹面层\n5.抹装饰面\n6.勾分格缝",null,"m2",382.04,null,15.92,6082.08]
[null,"A.14",null,"油漆、涂料、裱糊工程"]
["本页小计",{"$nulls":10},6082.08]
["表-09"]
["分部分项工程项目清单计价表"]
["工程名称：建筑工程",{"$nulls":8},"第  9  页  共  9  页"]
["序号","项目编码",null,"项目名称",null,"项目特征",null,"计量单位","工程量",null,"金额（元）"]
[{"$nulls":10},"综合单价","合价","其中:暂估价"]
[1,"011405001001",null,"金属面除锈及油漆",null,"[项目特征]\n1.构件名称:综合考虑\n2.除锈要求:手工除锈\n3.防护材料种类:满足设计及相关规范要求\n4.防火要求:防火漆三遍,使钢柱耐火极限达到2.5小时,钢梁耐火极限达到1.5小时\n5.油漆品种、刷漆遍数:防锈底漆二道,云铁中间漆二道\n6.其它:满足设计﹑规范﹑招标文件、现场条件、达到使用功能等要求\n[工作内容]\n1.基层清理\n2.除锈\n3.刷防护材料、油漆",null,"t",1,null,1794.77,1794.77]
[2,"011407001001",null,"墙面喷刷涂料",null,"[项目特征]\n1.基层类型:综合考虑\n2.喷刷涂料部位:墙面\n3.腻子种类:普通腻子\n4.刮腻子要求:2遍\n5.涂料品种、喷刷遍数:白色无机涂料2遍\n6.其它:满足设计﹑规范﹑招标文件、现场条件、达到使用功能等要求\n[工作内容]\n1.基层清理\n2.刮腻子\n3.刷、喷涂料",null,"m2",382.04,null,18.58,7098.3]
[]
[]
["本页小计",{"$nulls":10},8893.07]
["合   计",{"$nulls":10},261640.89]

{"sheet":"表-09 施工技术措施项目清单计价表【建筑工程】","index":15,"n_rows":25,"n_cols":13,"rows_kept":25,"merged":[[0,0,0,12],[1,0,1,12],[2,0,2,5],[2,6,2,8],[2,9,2,12],[3,0,4,0],[3,1,4,2],[3,3,4,4],[3,5,4,6],[3,7,4,7],[3,8,4,9],[3,10,3,12],[5,1,5,2],[5,3,5,6],[5,8,5,9],[6,1,6,2],[6,3,6,4],[6,5,6,6],[6,8,6,9],[7,1,7,2],[7,3,7,4],[7,5,7,6],[7,8,7,9],[8,1,8,2],[8,3,8,4],[8,5,8,6],[8,8,8,9],[9,1,9,2],[9,3,9,4],[9,5,9,6],[9,8,9,9],[10,1,10,2],[10,3,10,4],[10,5,10,6],[10,8,10,9],[11,1,11,2],[11,3,11,4],[11,5,11,6],[11,8,11,9],[12,1,12,2],[12,3,12,4],[12,5,12,6],[12,8,12,9],[13,1,13,2],[13,3,13,4],[13,5,13,6],[13,8,13,9],[14,1,14,2],[14,3,14,4],[14,5,14,6],[14,8,14,9],[15,1,15,2],[15,3,15,4],[15,5,15,6],[15,8,15,9],[16,1,16,2],[16,3,16,4],[16,5,16,6],[16,8,16,9],[17,1,17,2],[17,3,17,4],[17,5,17,6],[17,8,17,9],[18,1,18,2],[18,3,18,4],[18,5,18,6],[18,8,18,9],[19,1,19,2],[19,3,19,4],[19,5,19,6],[19,8,19,9],[20,1,20,2],[20,3,20,4],[20,5,20,6],[20,8,20,9],[21,1,21,2],[21,3,21,4],[21,5,21,6],[21,8,21,9],[22,1,22,2],[22,3,22,4],[22,5,22,6],[22,8,22,9],[23,0,23,10],[24,0,24,10]]}
["表-09"]
["施工技术措施项目清单计价表"]
["工程名称：建筑工程",{"$nulls":8},"第  1  页  共  1  页"]
["序号","项目编码",null,"项目名称",null,"项目特征",null,"计量单位","工程量",null,"金额（元）"]
[{"$nulls":10},"综合单价","合价","其中:暂估价"]
[null,"一",null,"施工技术措施项目",{"$nulls":7},41872.29]
[1,"011701003001",null,"里脚手架",null,"[工作内容]\n1.场内、场外材料搬运\n2.搭、拆脚手架、斜道、上料平台\n3.安全网的铺设\n4.拆除脚手架后材料的堆放",null,"m2",1787.5,null,5.95,10635.63]
[2,"011703001001",null,"垂直运输",null,"[工作内容]\n1.在施工工期内完成全部工程项目所需要的垂直运输机械台班\n2.合同工期期间垂直运输机械的修理与保养",null,"m2",1333.76,null,23.42,31236.66]
{"$rows_empty":15}
["本页小计",{"$nulls":10},41872.29]
["合   计",{"$nulls":10},41872.29]

{"sheet":"表-10 施工组织措施项目清单计价表【建筑工程】","index":16,"n_rows":33,"n_cols":14,"rows_kept":33,"merged":[[0,0,0,10],[0,11,0,13],[1,0,1,13],[2,0,2,4],[2,5,2,10],[2,11,2,13],[3,1,3,2],[3,3,3,5],[3,8,3,9],[3,10,3,11],[4,1,4,2],[4,3,4,5],[4,8,4,9],[4,10,4,11],[5,1,5,2],[5,3,5,5],[5,8,5,9],[5,10,5,11],[6,1,6,2],[6,3,6,5],[6,8,6,9],[6,10,6,11],[7,0,7,13],[8,0,8,10],[8,11,8,13],[9,0,9,13],[10,0,10,4],[10,5,10,10],[10,11,10,13],[11,1,11,2],[11,3,11,5],[11,8,11,9],[11,10,11,11],[12,1,12,2],[12,3,12,5],[12,8,12,9],[12,10,12,11],[13,1,13,2],[13,3,13,5],[13,8,13,9],[13,10,13,11],[14,1,14,2],[14,3,14,5],[14,8,14,9],[14,10,14,11],[15,1,15,2],[15,3,15,5],[15,8,15,9],[15,10,15,11],[16,1,16,2],[16,3,16,5],[16,8,16,9],[16,10,16,11],[17,1,17,2],[17,3,17,5],[17,8,17,9],[17,10,17,11],[18,1,18,2],[18,3,18,5],[18,8,18,9],[18,10,18,11],[19,1,19,2],[19,3,19,5],[19,8,19,9],[19,10,19,11],[20,1,20,2],[20,3,20,5],[20,8,20,9],[20,10,20,11],[21,1,21,2],[21,3,21,5],[21,8,21,9],[21,10,21,11],[22,1,22,2],[22,3,22,5],[22,8,22,9],[22,10,22,11],[23,1,23,2],[23,3,23,5],[23,8,23,9],[23,10,23,11],[24,1,24,2],[24,3,24,5],[24,8,24,9],[24,10,24,11],[25,1,25,2],[25,3,25,5],[25,8,25,9],[25,10,25,11],[26,1,26,2],[26,3,26,5],[26,8,26,9],[26,10,26,11],[27,1,27,2],[27,3,27,5],[27,8,27,9],[27,10,27,11],[28,1,28,2],[28,3,28,5],[28,8,28,9],[28,10,28,11],[29,1,29,2],[29,3,29,5],[29,8,29,9],[29,10,29,11],[30,1,30,2],[30,3,30,5],[30,8,30,9],[30,10,30,11],[31,1,31,2],[31,3,31,5],[31,8,31,9],[31,10,31,11],[32,0,32,7],[32,8,32,9],[32,10,32,11],[33,0,33,13]]}
[{"$nulls":11},"表-10"]
["施工组织措施项目清单计价表"]
["工程名称：建筑工程",{"$nulls":10},"第  1  页  共  2  页"]
["序号","项目编码",null,"项目名称",null,null,"计算\n基础","费率\n(%)","金额\n(元)",null,"调整\n费率\n(%)",null,"调整后\n金额\n(元)","备注"]
[1,"011707B16001",null,"组织措施费",null,null,"(分部分项人工费+分部分项机械费+技术措施人工费+技术措施机械费-机械（爆破）土石方人工费-机械（爆破）土石方机械费-机械（爆破）土石方人工费-机械（爆破）土石方机械费-人工土石方人工费-人工土石方技术措施人工费-人工土石方机械费-人工土石方技术措施机械费)+(机械（爆破）土石方人工费+机械（爆破）土石方机械费+机械（爆破）土石方人工费+机械（爆破）土石方机械费)*0.048/费率+(人工土石方人工费+人工土石方技术措施人工费)*0.0222/费率","7.9",16330.45]
[2,"011707001001",null,"安全文明施工费",null,null,"21972.98","100",21972.98]
[3,"011707B15001",null,"建设工程竣工档案编制费",null,null,"(分部分项人工费+分部分项机械费+技术措施人工费+技术措施机械费-机械（爆破）土石方人工费-机械（爆破）土石方机械费-机械（爆破）土石方人工费-机械（爆破）土石方机械费-人工土石方人工费-人工土石方技术措施人工费-人工土石方机械费-人工土石方技术措施机械费)+(机械（爆破）土石方人工费+机械（爆","0.48",992.23]
["注：1.计算基础和费用标准按本市有关费用定额或文件执行。\n    2.根据施工方案计算的措施费，可不填写“计算基础”和“费率”的数值，只填写“金额”数值，但应在备注栏说明施工\n    方案出处或计算方法。"]
[{"$nulls":11},"表-10"]
["施工组织措施项目清单计价表"]
["工程名称：建筑工程",{"$nulls":10},"第  2  页  共  2  页"]
["序号","项目编码",null,"项目名称",null,null,"计算\n基础","费率\n(%)","金额\n(元)",null,"调整\n费率\n(%)",null,"调整后\n金额\n(元)","备注"]
[{"$nulls":6},"破）土石方机械费+机械（爆破）土石方人工费+机械（爆破）土石方机械费)*0.002/费率+(人工土石方人工费+人工土石方技术措施人工费)*0.0019/费率"]
{"$rows_empty":19}
["合    计",{"$nulls":7},39295.66]

{"sheet":"表-12 规费、税金项目计价表【建筑工程】","index":17,"n_rows":26,"n_cols":10,"rows_kept":26,"merged":[[0,0,0,7],[0,8,0,9],[1,0,1,9],[2,0,2,3],[2,4,2,7],[2,8,2,9],[3,1,3,4],[3,5,3,6],[3,7,3,8],[4,1,4,4],[4,5,4,6],[4,7,4,8],[5,1,5,4],[5,5,5,6],[5,7,5,8],[6,1,6,4],[6,5,6,6],[6,7,6,8],[7,1,7,4],[7,5,7,6],[7,7,7,8],[8,1,8,4],[8,5,8,6],[8,7,8,8],[9,1,9,4],[9,5,9,6],[9,7,9,8],[10,1,10,4],[10,5,10,6],[10,7,10,8],[11,1,11,4],[11,5,11,6],[11,7,11,8],[12,1,12,4],[12,5,12,6],[12,7,12,8],[13,1,13,4],[13,5,13,6],[13,7,13,8],[14,1,14,4],[14,5,14,6],[14,7,14,8],[15,1,15,4],[15,5,15,6],[15,7,15,8],[16,1,16,4],[16,5,16,6],[16,7,16,8],[17,1,17,4],[17,5,17,6],[17,7,17,8],[18,1,18,4],[18,5,18,6],[18,7,18,8],[19,1,19,4],[19,5,19,6],[19,7,19,8],[20,1,20,4],[20,5,20,6],[20,7,20,8],[21,1,21,4],[21,5,21,6],[21,7,21,8],[22,1,22,4],[22,5,22,6],[22,7,22,8],[23,1,23,4],[23,5,23,6],[23,7,23,8],[24,1,24,4],[24,5,24,6],[24,7,24,8],[25,0,25,8]]}
[{"$nulls":8},"表-12"]
["规费、税金项目计价表"]
["工程名称：建筑工程",{"$nulls":7},"第  1  页  共  1  页"]
["序号","项目名称",{"$nulls":3},"计算基础",null,"费率(%)",null,"金额（元）"]
["1","规费",{"$nulls":3},"专业工程规费（人+机）+机械（爆破）土石方规费（人+机）*0.072/费率+人工土石方规费（人）*0.082/费率",null,"10.32",null,21332.95]
["2","税金",{"$nulls":3},"2.1 + 2.2 + 2.3",{"$nulls":3},36050.04]
["2.1","增值税",{"$nulls":3},"分部分项工程费+措施项目费+其他项目费+规费-甲供材料费",null,"9",null,32772.76]
["2.2","附加税",{"$nulls":3},"增值税",null,"10",null,3277.28]
["2.3","环境保护税",{"$nulls":3},"按实计算"]
{"$rows_empty":16}
["合计",{"$nulls":8},57382.99]

{"sheet":"表-04 单位工程招标控制价汇总表【漏粉库房消防水工程】","index":18,"n_rows":26,"n_cols":9,"rows_kept":26,"merged":[[0,0,0,6],[0,7,0,8],[1,0,1,8],[2,0,2,3],[2,4,2,6],[2,7,2,8],[3,0,3,1],[3,2,3,5],[3,6,3,7],[4,0,4,1],[4,2,4,5],[4,6,4,7],[5,0,5,1],[5,2,5,5],[5,6,5,7],[6,0,6,1],[6,2,6,5],[6,6,6,7],[7,0,7,1],[7,2,7,5],[7,6,7,7],[8,0,8,1],[8,2,8,5],[8,6,8,7],[9,0,9,1],[9,2,9,5],[9,6,9,7],[10,0,10,1],[10,2,10,5],[10,6,10,7],[11,0,11,1],[11,2,11,5],[11,6,11,7],[12,0,12,1],[12,2,12,5],[12,6,12,7],[13,0,13,1],[13,2,13,5],[13,6,13,7],[14,0,14,1],[14,2,14,5],[14,6,14,7],[15,0,15,1],[15,2,15,5],[15,6,15,7],[16,0,16,1],[16,2,16,5],[16,6,16,7],[17,0,17,1],[17,2,17,5],[17,6,17,7],[18,0,18,1],[18,2,18,5],[18,6,18,7],[19,0,19,1],[19,2,19,5],[19,6,19,7],[20,0,20,1],[20,2,20,5],[20,6,20,7],[21,0,21,1],[21,2,21,5],[21,6,21,7],[22,0,22,1],[22,2,22,5],[22,6,22,7],[23,0,23,1],[23,2,23,5],[23,6,23,7],[24,0,24,5],[24,6,24,7],[25,0,25,8]]}
[{"$nulls":7},"表-04"]
["单位工程招标控制价汇总表"]
["工程名称：漏粉库房消防水工程",{"$nulls":6},"第  1  页  共  1  页"]
["序号",null,"汇总内容",{"$nulls":3},"金额(元)",null,"其中：暂估价(元)"]
["1",null,"分部分项工程费",{"$nulls":3},74475.95]
["1.1",null,"C拆除原有消防水系统",{"$nulls":3},7287.86]
["1.2",null,"消火栓系统安装",{"$nulls":3},11865.54]
["1.3",null,"喷淋系统安装",{"$nulls":3},35786.07]
["1.4",null,"其他项目",{"$nulls":3},19536.48]
["2",null,"措施项目费",{"$nulls":3},17840.57]
["2.1",null,"其中：安全文明施工费",{"$nulls":3},9629.8]
["3",null,"其他项目费"]
["4",null,"规费",{"$nulls":3},8197.02,null,"－"]
["5",null,"税金",{"$nulls":3},9950.84,null,"－"]
{"$rows_empty":10}
["投标报价合计=1+2+3+4+5",{"$nulls":5},"110,464.38"]
["注：1.本表适用于单位工程招标控制价或投标报价的汇总，如无单位工程划分，单项工程也使用本表汇总。 \n    2.分部分项工程、措施项目中暂估价中应填写材料、工程设备暂估价，其他项目中暂估价应填写专业工程暂估价。"]

{"sheet":"表-08 措施项目汇总表【漏粉库房消防水工程】","index":19,"n_rows":26,"n_cols":6,"rows_kept":26,"merged":[[0,0,0,5],[1,0,1,5],[2,0,2,1],[2,2,2,3],[2,4,2,5],[3,0,4,0],[3,1,4,2],[3,3,3,5],[4,3,4,4],[5,1,5,2],[5,3,5,4],[6,1,6,2],[6,3,6,4],[7,1,7,2],[7,3,7,4],[8,1,8,2],[8,3,8,4],[9,1,9,2],[9,3,9,4],[10,1,10,2],[10,3,10,4],[11,1,11,2],[11,3,11,4],[12,1,12,2],[12,3,12,4],[13,1,13,2],[13,3,13,4],[14,1,14,2],[14,3,14,4],[15,1,15,2],[15,3,15,4],[16,1,16,2],[16,3,16,4],[17,1,17,2],[17,3,17,4],[18,1,18,2],[18,3,18,4],[19,1,19,2],[19,3,19,4],[20,1,20,2],[20,3,20,4],[21,1,21,2],[21,3,21,4],[22,1,22,2],[22,3,22,4],[23,1,23,2],[23,3,23,4],[24,1,24,2],[24,3,24,4],[25,0,25,2],[25,3,25,4]]}
["表-08"]
["措施项目汇总表"]
["工程名称：漏粉库房消防水工程",{"$nulls":3},"第 1 页  共 1 页"]
["序号","项目名称",null,"金额(元)"]
[{"$nulls":3},"合价",null,"其中：暂估价"]
["1","施工技术措施项目",null,2308.91]
["2","施工组织措施项目",null,15531.66]
["2.1","其中：安全文明施工费",null,9629.8]
["2.2","建设工程竣工档案编制费",null,874.35]
{"$rows_empty":16}
["措施项目费合计=1+2",null,null,17840.57]

{"sheet":"表-09 分部分项工程项目清单计价表【漏粉库房消防水工程】","index":20,"n_rows":193,"n_cols":13,"rows_kept":193,"merged":[[0,0,0,13],[1,0,1,13],[2,0,2,5],[2,6,2,8],[2,9,2,13],[3,0,4,0],[3,1,4,2],[3,3,4,4],[3,5,4,6],[3,7,4,7],[3,8,4,9],[3,10,3,12],[5,1,5,2],[5,3,5,6],[5,8,5,9],[6,1,6,2],[6,3,6,4],[6,5,6,6],[6,8,6,9],[7,1,7,2],[7,3,7,4],[7,5,7,6],[7,8,7,9],[8,1,8,2],[8,3,8,4],[8,5,8,6],[8,8,8,9],[9,0,9,10],[10,0,10,13],[11,0,11,13],[12,0,12,5],[12,6,12,8],[12,9,12,13],[13,0,14,0],[13,1,14,2],[13,3,14,4],[13,5,14,6],[13,7,14,7],[13,8,14,9],[13,10,13,12],[15,1,15,2],[15,3,15,4],[15,5,15,6],[15,8,15,9],[16,1,16,2],[16,3,16,4],[16,5,16,6],[16,8,16,9],[17,1,17,2],[17,3,17,4],[17,5,17,6],[17,8,17,9],[18,0,18,10],[19,0,19,13],[20,0,20,13],[21,0,21,5],[21,6,21,8],[21,9,21,13],[22,0,23,0],[22,1,23,2],[22,3,23,4],[22,5,23,6],[22,7,23,7],[22,8,23,9],[22,10,22,12],[24,1,24,2],[24,3,24,4],[24,5,24,6],[24,8,24,9],[25,1,25,2],[25,3,25,4],[25,5,25,6],[25,8,25,9],[26,1,26,2],[26,3,26,4],[26,5,26,6],[26,8,26,9],[27,1,27,2],[27,3,27,4],[27,5,27,6],[27,8,27,9],[28,0,28,10],[29,0,29,13],[30,0,30,13],[31,0,31,5],[31,6,31,8],[31,9,31,13],[32,0,33,0],[32,1,33,2],[32,3,33,4],[32,5,33,6],[32,7,33,7],[32,8,33,9],[32,10,32,12],[34,1,34,2],[34,3,34,4],[34,5,34,6],[34,8,34,9],[35,1,35,2],[35,3,35,4],[35,5,35,6],[35,8,35,9],[36,1,36,2],[36,3,36,6],[36,8,36,9],[37,0,37,10],[38,0,38,13],[39,0,39,13],[40,0,40,5],[40,6,40,8],[40,9,40,13],[41,0,42,0],[41,1,42,2],[41,3,42,4],[41,5,42,6],[41,7,42,7],[41,8,42,9],[41,10,41,12],[43,1,43,2],[43,3,43,4],[43,5,43,6],[43,8,43,9],[44,0,44,10],[45,0,45,13],[46,0,46,13],[47,0,47,5],[47,6,47,8],[47,9,47,13],[48,0,49,0],[48,1,49,2],[48,3,49,4],[48,5,49,6],[48,7,49,7],[48,8,49,9],[48,10,48,12],[50,1,50,2],[50,3,50,4],[50,5,50,6],[50,8,50,9],[51,0,51,10],[52,0,52,13],[53,0,53,13],[54,0,54,5],[54,6,54,8],[54,9,54,13],[55,0,56,0],[55,1,56,2],[55,3,56,4],[55,5,56,6],[55,7,56,7],[55,8,56,9],[55,10,55,12],[57,1,57,2],[57,3,57,4],[57,5,57,6],[57,8,57,9],[58,0,58,10],[59,0,59,13],[60,0,60,13],[61,0,61,5],[61,6,61,8],[61,9,61,13],[62,0,63,0],[62,1,63,2],[62,3,63,4],[62,5,63,6],[62,7,63,7],[62,8,63,9],[62,10,62,12],[64,1,64,2],[64,3,64,4],[64,5,64,6],[64,8,64,9],[65,1,65,2],[65,3,65,4],[65,5,65,6],[65,8,65,9],[66,0,66,10],[67,0,67,13],[68,0,68,13],[69,0,69,5],[69,6,69,8],[69,9,69,13],[70,0,71,0],[70,1,71,2],[70,3,71,4],[70,5,71,6],[70,7,71,7],[70,8,71,9],[70,10,70,12],[72,1,72,2],[72,3,72,4],[72,5,72,6],[72,8,72,9],[73,1,73,2],[73,3,73,4],[73,5,73,6],[73,8,73,9],[74,1,74,2],[74,3,74,4],[74,5,74,6],[74,8,74,9],[75,0,75,10],[76,0,76,13],[77,0,77,13],[78,0,78,5],[78,6,78,8],[78,9,78,13],[79,0,80,0],[79,1,80,2],[79,3,80,4],[79,5,80,6],[79,7,80,7],[79,8,80,9],[79,10,79,12],[81,1,81,2],[81,3,81,4],[81,5,81,6],[81,8,81,9],[82,1,82,2],[82,3,82,6],[82,8,82,9],[83,1,83,2],[83,3,83,4],[83,5,83,6],[83,8,83,9],[84,0,84,10],[85,0,85,13],[86,0,86,13],[87,0,87,5],[87,6,87,8],[87,9,87,13],[88,0,89,0],[88,1,89,2],[88,3,89,4],[88,5,89,6],[88,7,89,7],[88,8,89,9],[88,10,88,12],[90,1,90,2],[90,3,90,4],[90,5,90,6],[90,8,90,9],[91,0,91,10],[92,0,92,13],[93,0,93,13],[94,0,94,5],[94,6,94,8],[94,9,94,13],[95,0,96,0],[95,1,96,2],[95,3,96,4],[95,5,96,6],[95,7,96,7],[95,8,96,9],[95,10,95,12],[97,1,97,2],[97,3,97,4],[97,5,97,6],[97,8,97,9],[98,0,98,10],[99,0,99,13],[100,0,100,13],[101,0,101,5],[101,6,101,8],[101,9,101,13],[102,0,103,0],[102,1,103,2],[102,3,103,4],[102,5,103,6],[102,7,103,7],[102,8,103,9],[102,10,102,12],[104,1,104,2],[104,3,104,4],[104,5,104,6],[104,8,104,9],[105,0,105,10],[106,0,106,13],[107,0,107,13],[108,0,108,5],[108,6,108,8],[108,9,108,13],[109,0,110,0],[109,1,110,2],[109,3,110,4],[109,5,110,6],[109,7,110,7],[109,8,110,9],[109,10,109,12],[111,1,111,2],[111,3,111,4],[111,5,111,6],[111,8,111,9],[112,0,112,10],[113,0,113,13],[114,0,114,13],[115,0,115,5],[115,6,115,8],[115,9,115,13],[116,0,117,0],[116,1,117,2],[116,3,117,4],[116,5,117,6],[116,7,117,7],[116,8,117,9],[116,10,116,12],[118,1,118,2],[118,3,118,4],[118,5,118,6],[118,8,118,9],[119,0,119,10],[120,0,120,13],[121,0,121,13],[122,0,122,5],[122,6,122,8],[122,9,122,13],[123,0,124,0],[123,1,124,2],[123,3,124,4],[123,5,124,6],[123,7,124,7],[123,8,124,9],[123,10,123,12],[125,1,125,2],[125,3,125,4],[125,5,125,6],[125,8,125,9],[126,1,126,2],[126,3,126,4],[126,5,126,6],[126,8,126,9],[127,0,127,10],[128,0,128,13],[129,0,129,13],[130,0,130,5],[130,6,130,8],[130,9,130,13],[131,0,132,0],[131,1,132,2],[131,3,132,4],[131,5,132,6],[131,7,132,7],[131,8,132,9],[131,10,131,12],[133,1,133,2],[133,3,133,4],[133,5,133,6],[133,8,133,9],[134,1,134,2],[134,3,134,4],[134,5,134,6],[134,8,134,9],[135,1,135,2],[135,3,135,4],[135,5,135,6],[135,8,135,9],[136,0,136,10],[137,0,137,13],[138,0,138,13],[139,0,139,5],[139,6,139,8],[139,9,139,13],[140,0,141,0],[140,1,141,2],[140,3,141,4],[140,5,141,6],[140,7,141,7],[140,8,141,9],[140,10,140,12],[142,1,142,2],[142,3,142,4],[142,5,142,6],[142,8,142,9],[143,1,143,2],[143,3,143,4],[143,5,143,6],[143,8,143,9],[144,1,144,2],[144,3,144,4],[144,5,144,6],[144,8,144,9],[145,1,145,2],[145,3,145,6],[145,8,145,9],[146,0,146,10],[147,0,147,13],[148,0,148,13],[149,0,149,5],[149,6,149,8],[149,9,149,13],[150,0,151,0],[150,1,151,2],[150,3,151,4],[150,5,151,6],[150,7,151,7],[150,8,151,9],[150,10,150,12],[152,1,152,2],[152,3,152,6],[152,8,152,9],[153,1,153,2],[153,3,153,4],[153,5,153,6],[153,8,153,9],[154,1,154,2],[154,3,154,4],[154,5,154,6],[154,8,154,9],[155,0,155,10],[156,0,156,13],[157,0,157,13],[158,0,158,5],[158,6,158,8],[158,9,158,13],[159,0,160,0],[159,1,160,2],[159,3,160,4],[159,5,160,6],[159,7,160,7],[159,8,160,9],[159,10,159,12],[161,1,161,2],[161,3,161,4],[161,5,161,6],[161,8,161,9],[162,1,162,2],[162,3,162,4],[162,5,162,6],[162,8,162,9],[163,1,163,2],[163,3,163,4],[163,5,163,6],[163,8,163,9],[164,0,164,10],[165,0,165,13],[166,0,166,13],[167,0,167,5],[167,6,167,8],[167,9,167,13],[168,0,169,0],[168,1,169,2],[168,3,169,4],[168,5,169,6],[168,7,169,7],[168,8,169,9],[168,10,168,12],[170,1,170,2],[170,3,170,4],[170,5,170,6],[170,8,170,9],[171,1,171,2],[171,3,171,4],[171,5,171,6],[171,8,171,9],[172,1,172,2],[172,3,172,4],[172,5,172,6],[172,8,172,9],[173,1,173,2],[173,3,173,4],[173,5,173,6],[173,8,173,9],[174,1,174,2],[174,3,174,4],[174,5,174,6],[174,8,174,9],[175,1,175,2],[175,3,175,4],[175,5,175,6],[175,8,175,9],[176,1,176,2],[176,3,176,4],[176,5,176,6],[176,8,176,9],[177,1,177,2],[177,3,177,4],[177,5,177,6],[177,8,177,9],[178,1,178,2],[178,3,178,4],[178,5,178,6],[178,8,178,9],[179,1,179,2],[179,3,179,4],[179,5,179,6],[179,8,179,9],[180,1,180,2],[180,3,180,4],[180,5,180,6],[180,8,180,9],[181,1,181,2],[181,3,181,4],[181,5,181,6],[181,8,181,9],[182,1,182,2],[182,3,182,4],[182,5,182,6],[182,8,182,9],[183,1,183,2],[183,3,183,4],[183,5,183,6],[183,8,183,9],[184,1,184,2],[184,3,184,4],[184,5,184,6],[184,8,184,9],[185,1,185,2],[185,3,185,4],[185,5,185,6],[185,8,185,9],[186,1,186,2],[186,3,186,4],[186,5,186,6],[186,8,186,9],[187,1,187,2],[187,3,187,4],[187,5,187,6],[187,8,187,9],[188,1,188,2],[188,3,188,4],[188,5,188,6],[188,8,188,9],[189,1,189,2],[189,3,189,4],[189,5,189,6],[189,8,189,9],[190,1,190,2],[190,3,190,4],[190,5,190,6],[190,8,190,9],[191,0,191,10],[192,0,192,10]]}
["表-09"]
["分部分项工程项目清单计价表"]
["工程名称：漏粉库房消防水工程",{"$nulls":8},"第  1  页  共  21  页"]
["序号","项目编码",null,"项目名称",null,"项目特征",null,"计量单位","工程量",null,"金额（元）"]
[{"$nulls":10},"综合单价","合价","其中:暂估价"]
[null,"C",null,"拆除原有消防水系统"]
[1,"030901002001",null,"拆除消防水钢管 DN150",null,"[项目特征]\n1.材质、规格:内外壁热浸锌镀锌钢管 DN150\n2.连接形式:具体详设计\n3.其它:满足设计﹑规范﹑招标文件、现场条件、达到使用功能等要求\n[工作内容]\n1.管道及管件拆除\n2.运输至业主指定位置堆放",null,"m",259.92,null,7.49,1946.8]
[2,"030901002002",null,"拆除消防水钢管 DN100",null,"[项目特征]\n1.材质、规格:内外壁热浸锌镀锌钢管 DN100\n2.连接形式:具体详设计\n3.其它:满足设计﹑规范﹑招标文件、现场条件、达到使用功能等要求\n[工作内容]\n1.管道及管件拆除\n2.运输至业主指定位置堆放",null,"m",2.68,null,6.49,17.39]
[3,"030901002003",null,"拆除消防水钢管 DN80",null,"[项目特征]\n1.材质、规格:内外壁热浸锌镀锌钢管 DN80\n2.连接形式:具体详设计\n3.其它:满足设计﹑规范﹑招标文件、现场条件、达到使用功能等要求\n[工作内容]\n1.管道及管件拆除\n2.运输至业主指定位置堆放",null,"m",2.65,null,5.35,14.18]
["本页小计",{"$nulls":10},1978.37]
["表-09"]
["分部分项工程项目清单计价表"]
["工程名称：漏粉库房消防水工程",{"$nulls":8},"第  2  页  共  21  页"]
["序号","项目编码",null,"项目名称",null,"项目特征",null,"计量单位","工程量",null,"金额（元）"]
[{"$nulls":10},"综合单价","合价","其中:暂估价"]
[4,"030901002004",null,"拆除消防水钢管 DN65",null,"[项目特征]\n1.材质、规格:内外壁热浸锌镀锌钢管 DN65\n2.连接形式:具体详设计\n3.其它:满足设计﹑规范﹑招标文件、现场条件、达到使用功能等要求\n[工作内容]\n1.管道及管件拆除\n2.运输至业主指定位置堆放",null,"m",38.51,null,5.26,202.56]
[5,"030901002005",null,"拆除消防水钢管 DN50",null,"[项目特征]\n1.材质、规格:内外壁热浸锌镀锌钢管 DN50\n2.连接形式:具体详设计\n3.其它:满足设计﹑规范﹑招标文件、现场条件、达到使用功能等要求\n[工作内容]\n1.管道及管件拆除\n2.运输至业主指定位置堆放",null,"m",174.3,null,5.26,916.82]
[6,"030901002006",null,"拆除消防水钢管 DN40",null,"[项目特征]\n1.材质、规格:内外壁热浸锌镀锌钢管 DN40\n2.连接形式:具体详设计\n3.其它:满足设计﹑规范﹑招标文件、现场条件、达到使用功能等要求\n[工作内容]\n1.管道及管件拆除\n2.运输至业主指定位置堆放",null,"m",348.8,null,5.26,1834.69]
["本页小计",{"$nulls":10},2954.07]
["表-09"]
["分部分项工程项目清单计价表"]
["工程名称：漏粉库房消防水工程",{"$nulls":8},"第  3  页  共  21  页"]
["序号","项目编码",null,"项目名称",null,"项目特征",null,"计量单位","工程量",null,"金额（元）"]
[{"$nulls":10},"综合单价","合价","其中:暂估价"]
[7,"030901002007",null,"拆除消防水钢管 DN25",null,"[项目特征]\n1.材质、规格:内外壁热浸锌镀锌钢管 DN25\n2.连接形式:具体详设计\n3.其它:满足设计﹑规范﹑招标文件、现场条件、达到使用功能等要求\n[工作内容]\n1.管道及管件拆除\n2.运输至业主指定位置堆放",null,"m",420,null,4.43,1860.6]
[8,"031003003001",null,"拆除蝶阀 DN150",null,"[项目特征]\n1.类型:蝶阀 \n2.材质:不锈钢\n3.规格、压力等级:DN150，1.6MPa\n4.连接形式:具体详设计\n[工作内容]\n1.拆除\n2.运输至业主指定位置堆放",null,"个",7,null,11.44,80.08]
[9,"031003003002",null,"拆除蝶阀 DN65",null,"[项目特征]\n1.类型:蝶阀\n2.材质:不锈钢\n3.规格、压力等级:DN65，1.6MPa\n4.连接形式:具体详设计\n[工作内容]\n1.拆除\n2.运输至业主指定位置堆放",null,"个",1,null,5.73,5.73]
[10,"031003002001",null,"拆除自动排气阀",null,"[项目特征]\n1.材质:钢制\n2.连接形式:具体详设计\n[工作内容]\n1.拆除\n2.运输至业主指定位置堆放",null,"个",1,null,9.82,9.82]
["本页小计",{"$nulls":10},1956.23]
["表-09"]
["分部分项工程项目清单计价表"]
["工程名称：漏粉库房消防水工程",{"$nulls":8},"第  4  页  共  21  页"]
["序号","项目编码",null,"项目名称",null,"项目特征",null,"计量单位","工程量",null,"金额（元）"]
[{"$nulls":10},"综合单价","合价","其中:暂估价"]
[11,"030601002001",null,"拆除压力仪表",null,"[项目特征]\n1.名称:压力仪表\n2.型号:具体详设计\n3.规格:DN65\n4.压力表弯材质、规格:DN65、具体详设计\n5.挠性管材质、规格:DN65、具体详设计\n6.支架形式、材质:满足设计及相关规范要求\n[工作内容]\n1.本体拆除\n2.运输至业主指定位置堆放",null,"台",1,null,32.34,32.34]
[12,"030901010001",null,"拆除室内消防栓",null,"[项目特征]\n1.名称:室内消防栓箱\n2.安装方式:暗装\n3.规格:1000x700x200\n4.附件材质、规格:消火栓为单栓消火栓,消火栓箱内设:SNZ65(或SNW65)消火栓一支;QZ19/Φ19型直流喷雾喷枪一只;DN65mm衬胶水带一根(长25m),消防报警按钮和指示灯各一只,消防卷盘1套;消防软管卷盘应配置内径不小于ф19 的消防软管,其长度宜为30m。\n5.其它:满足设计﹑规范﹑招标文件、现场条件、达到使用功能等要求\n[工作内容]\n1.消火栓（带卷盘）拆除\n2.运输至业主指定位置堆放",null,"套",5,null,73.37,366.85]
[{"$nulls":3},"消火栓系统安装"]
["本页小计",{"$nulls":10},399.19]
["表-09"]
["分部分项工程项目清单计价表"]
["工程名称：漏粉库房消防水工程",{"$nulls":8},"第  5  页  共  21  页"]
["序号","项目编码",null,"项目名称",null,"项目特征",null,"计量单位","工程量",null,"金额（元）"]
[{"$nulls":10},"综合单价","合价","其中:暂估价"]
[1,"030901002008",null,"消火栓管道 DN65",null,"[项目特征]\n1.名称:消火栓管道\n2.安装部位:室内\n3.材质:内外壁热浸锌镀锌钢管\n4.规格及厚度:DN65\n5.连接形式:沟槽式卡箍连接\n6.刷漆:红色调和漆2遍\n7.压力试验及冲洗设计要求:满足设计及规范要求\n8.安装高度:综合考虑\n9.其它:满足设计﹑规范﹑招标文件、现场条件、达到使用功能等要求\n[工作内容]\n1.管道及管件安装\n2.钢管镀锌\n3.压力试验\n4.冲洗\n5.刷红色面漆\n6.管道标识",null,"m",35.86,null,27.84,998.34]
["本页小计",{"$nulls":10},998.34]
["表-09"]
["分部分项工程项目清单计价表"]
["工程名称：漏粉库房消防水工程",{"$nulls":8},"第  6  页  共  21  页"]
["序号","项目编码",null,"项目名称",null,"项目特征",null,"计量单位","工程量",null,"金额（元）"]
[{"$nulls":10},"综合单价","合价","其中:暂估价"]
[2,"030901002009",null,"消火栓管道 DN100",null,"[项目特征]\n1.名称:消火栓管道\n2.安装部位:室内\n3.材质:内外壁热浸锌镀锌钢管\n4.规格及厚度:DN100\n5.连接形式:沟槽式卡箍连接\n6.刷漆:红色调和漆2遍\n7.压力试验及冲洗设计要求:满足设计及规范要求\n8.安装高度:综合考虑\n9.其它:满足设计﹑规范﹑招标文件、现场条件、达到使用功能等要求\n[工作内容]\n1.管道及管件安装\n2.钢管镀锌\n3.压力试验\n4.冲洗\n5.刷红色面漆\n6.管道标识",null,"m",1,null,32.44,32.44]
["本页小计",{"$nulls":10},32.44]
["表-09"]
["分部分项工程项目清单计价表"]
["工程名称：漏粉库房消防水工程",{"$nulls":8},"第  7  页  共  21  页"]
["序号","项目编码",null,"项目名称",null,"项目特征",null,"计量单位","工程量",null,"金额（元）"]
[{"$nulls":10},"综合单价","合价","其中:暂估价"]
[3,"030901002010",null,"消火栓管道 DN150",null,"[项目特征]\n1.名称:消火栓管道\n2.安装部位:室内\n3.材质:内外壁热浸锌镀锌钢管\n4.规格及厚度:DN150\n5.连接形式:沟槽式卡箍连接\n6.刷漆:红色调和漆2遍\n7.压力试验及冲洗设计要求:满足设计及规范要求\n8.安装高度:综合考虑\n9.其它:满足设计﹑规范﹑招标文件、现场条件、达到使用功能等要求\n[工作内容]\n1.管道及管件安装\n2.钢管镀锌\n3.压力试验\n4.冲洗\n5.刷红色面漆\n6.管道标识",null,"m",186.78,null,44.03,8223.92]
["本页小计",{"$nulls":10},8223.92]
["表-09"]
["分部分项工程项目清单计价表"]
["工程名称：漏粉库房消防水工程",{"$nulls":8},"第  8  页  共  21  页"]
["序号","项目编码",null,"项目名称",null,"项目特征",null,"计量单位","工程量",null,"金额（元）"]
[{"$nulls":10},"综合单价","合价","其中:暂估价"]
[4,"030901010002",null,"室内消防栓",null,"[项目特征]\n1.名称:室内消防栓\n2.型号及尺寸:1000*700*200\n3.附件材质、规格:消火栓为单栓消火栓,消火栓箱内设:SNZ65(或SNW65)消火栓一支;QZ19/Φ19型直流喷雾喷枪一只;DN65mm衬胶水带一根(长25m)，消防卷盘1套;消防软管卷盘应配置内径不小于ф19 的消防软管,其长度宜为30m。\n4.安装方式:挂墙明装\n5.其它:满足设计﹑规范﹑招标文件、现场条件、达到使用功能等要求\n[工作内容]\n1.箱体及消火栓安装\n2.卷盘阀门安装\n3.配件安装",null,"套",4,null,144.16,576.64]
[5,"030901010003",null,"试验消火栓",null,"[项目特征]\n1.名称:试验消火栓\n2.型号及尺寸:1000*700*200\n3.附件材质、规格:消火栓为单栓消火栓,消火栓箱内设:SNZ65(或SNW65)消火栓一支;QZ19/Φ19型直流喷雾喷枪一只;DN65mm衬胶水带一根(长25m)，消防卷盘1套;消防软管卷盘应配置内径不小于ф19 的消防软管,其长度宜为30m。\n4.压力表:满足设计及规范要求\n5.其它:满足设计﹑规范﹑招标文件、现场条件、达到使用功能等要求\n[工作内容]\n1.预留孔洞\n2.箱体及消火栓安装\n3.配件安装",null,"套",1,null,111.88,111.88]
["本页小计",{"$nulls":10},688.52]
["表-09"]
["分部分项工程项目清单计价表"]
["工程名称：漏粉库房消防水工程",{"$nulls":8},"第  9  页  共  21  页"]
["序号","项目编码",null,"项目名称",null,"项目特征",null,"计量单位","工程量",null,"金额（元）"]
[{"$nulls":10},"综合单价","合价","其中:暂估价"]
[6,"030901013001",null,"灭火器",null,"[项目特征]\n1.形式:放置式\n2.规格、型号:MF/ABC4型手提式磷酸铵盐干粉灭火器\n3.其它:满足设计﹑规范﹑招标文件、现场条件、达到使用功能等要求\n[工作内容]\n1.灭火器安装\n2.灭火器箱安装",null,"具",12,null,28.65,343.8]
[7,"031003001001",null,"自动排气阀 DN20",null,"[项目特征]\n1.类型:自动排气阀\n2.材质:不锈钢\n3.规格、压力等级:ARSX-0020,DN20,1.6MPa\n4.连接形式:螺纹连接\n5.附件:自动排气阀前加装同管径的截止阀\n6.其它:满足设计﹑规范﹑招标文件、现场条件、达到使用功能等要求\n[工作内容]\n1.安装\n2.调试",null,"个",1,null,19.37,19.37]
[8,"031003003003",null,"蝶阀 DN150",null,"[项目特征]\n1.名称:蝶阀\n2.材质:球墨铸铁\n3.规格:DN150\n4.连接形式:沟槽法兰连接\n5.安装高度:综合考虑\n6.其它:满足设计﹑规范﹑招标文件、现场条件、达到使用功能等要求\n[工作内容]\n1.安装（含法兰）\n2.调试",null,"个",7,null,212.26,1485.82]
["本页小计",{"$nulls":10},1848.99]
["表-09"]
["分部分项工程项目清单计价表"]
["工程名称：漏粉库房消防水工程",{"$nulls":8},"第  10  页  共  21  页"]
["序号","项目编码",null,"项目名称",null,"项目特征",null,"计量单位","工程量",null,"金额（元）"]
[{"$nulls":10},"综合单价","合价","其中:暂估价"]
[9,"031003003004",null,"蝶阀 DN65",null,"[项目特征]\n1.名称:带自锁装置蝶阀\n2.材质:球墨铸铁\n3.规格:DN65，1.6MPa\n4.连接形式:沟槽法兰连接\n5.安装高度:综合考虑\n6.其它:满足设计﹑规范﹑招标文件、现场条件、达到使用功能等要求\n[工作内容]\n1.安装（含法兰）\n2.调试",null,"个",1,null,73.33,73.33]
[{"$nulls":3},"喷淋系统安装"]
[1,"030901001001",null,"热镀锌喷淋钢管 DN25",null,"[项目特征]\n1.名称:喷淋管道\n2.安装部位:室内\n3.材质:内外壁热镀锌钢管 \n4.规格及厚度:DN25\n5.连接形式:螺纹连接\n6.刷漆:刷红色环漆\n7.压力试验及冲洗设计要求:满足设计及规范要求\n8.管道标识设计要求:满足设计及规范要求\n9.其它:满足设计﹑规范﹑招标文件、现场条件、达到使用功能等要求\n[工作内容]\n1.管道及管件安装\n2.压力试验\n3.冲洗\n4.刷红色环漆\n5.管道标识",null,"m",420,null,20.61,8656.2]
["本页小计",{"$nulls":10},8729.53]
["表-09"]
["分部分项工程项目清单计价表"]
["工程名称：漏粉库房消防水工程",{"$nulls":8},"第  11  页  共  21  页"]
["序号","项目编码",null,"项目名称",null,"项目特征",null,"计量单位","工程量",null,"金额（元）"]
[{"$nulls":10},"综合单价","合价","其中:暂估价"]
[2,"030901001002",null,"热镀锌喷淋钢管 DN40",null,"[项目特征]\n1.名称:喷淋管道\n2.安装部位:室内\n3.材质:内外壁热镀锌钢管 \n4.规格及厚度:DN40\n5.连接形式:螺纹连接\n6.刷漆:刷红色环漆\n7.压力试验及冲洗设计要求:满足设计及规范要求\n8.管道标识设计要求:满足设计及规范要求\n9.其它:满足设计﹑规范﹑招标文件、现场条件、达到使用功能等要求\n[工作内容]\n1.管道及管件安装\n2.压力试验\n3.冲洗\n4.刷红色环漆\n5.管道标识",null,"m",348.18,null,32.12,11183.54]
["本页小计",{"$nulls":10},11183.54]
["表-09"]
["分部分项工程项目清单计价表"]
["工程名称：漏粉库房消防水工程",{"$nulls":8},"第  12  页  共  21  页"]
["序号","项目编码",null,"项目名称",null,"项目特征",null,"计量单位","工程量",null,"金额（元）"]
[{"$nulls":10},"综合单价","合价","其中:暂估价"]
[3,"030901001003",null,"热镀锌喷淋钢管 DN50",null,"[项目特征]\n1.名称:喷淋管道\n2.安装部位:室内\n3.材质:内外壁热镀锌钢管 \n4.规格及厚度:DN50\n5.连接形式:螺纹连接\n6.刷漆:刷红色环漆\n7.压力试验及冲洗设计要求:满足设计及规范要求\n8.管道标识设计要求:满足设计及规范要求\n9.其它:满足设计﹑规范﹑招标文件、现场条件、达到使用功能等要求\n[工作内容]\n1.管道及管件安装\n2.压力试验\n3.冲洗\n4.刷红色环漆\n5.管道标识",null,"m",174.3,null,33.86,5901.8]
["本页小计",{"$nulls":10},5901.8]
["表-09"]
["分部分项工程项目清单计价表"]
["工程名称：漏粉库房消防水工程",{"$nulls":8},"第  13  页  共  21  页"]
["序号","项目编码",null,"项目名称",null,"项目特征",null,"计量单位","工程量",null,"金额（元）"]
[{"$nulls":10},"综合单价","合价","其中:暂估价"]
[4,"030901001004",null,"热镀锌喷淋钢管 DN65",null,"[项目特征]\n1.名称:喷淋管道\n2.安装部位:室内\n3.材质:内外壁热镀锌钢管 \n4.规格及厚度:DN65\n5.连接形式:沟槽式卡箍连接\n6.刷漆:刷红色环漆\n7.压力试验及冲洗设计要求:满足设计及规范要求\n8.管道标识设计要求:满足设计及规范要求\n9.其它:满足设计﹑规范﹑招标文件、现场条件、达到使用功能等要求\n[工作内容]\n1.管道及管件安装\n2.压力试验\n3.冲洗\n4.刷红色环漆\n5.管道标识",null,"m",2.65,null,25.73,68.18]
["本页小计",{"$nulls":10},68.18]
["表-09"]
["分部分项工程项目清单计价表"]
["工程名称：漏粉库房消防水工程",{"$nulls":8},"第  14  页  共  21  页"]
["序号","项目编码",null,"项目名称",null,"项目特征",null,"计量单位","工程量",null,"金额（元）"]
[{"$nulls":10},"综合单价","合价","其中:暂估价"]
[5,"030901001005",null,"热镀锌喷淋钢管 DN80",null,"[项目特征]\n1.名称:喷淋管道\n2.安装部位:室内\n3.材质:内外壁热镀锌钢管 \n4.规格及厚度:DN80\n5.连接形式:沟槽式卡箍连接\n6.刷漆:刷红色环漆\n7.压力试验及冲洗设计要求:满足设计及规范要求\n8.管道标识设计要求:满足设计及规范要求\n9.其它:满足设计﹑规范﹑招标文件、现场条件、达到使用功能等要求\n[工作内容]\n1.管道及管件安装\n2.压力试验\n3.冲洗\n4.刷红色环漆\n5.管道标识",null,"m",2.65,null,31.59,83.71]
["本页小计",{"$nulls":10},83.71]
["表-09"]
["分部分项工程项目清单计价表"]
["工程名称：漏粉库房消防水工程",{"$nulls":8},"第  15  页  共  21  页"]
["序号","项目编码",null,"项目名称",null,"项目特征",null,"计量单位","工程量",null,"金额（元）"]
[{"$nulls":10},"综合单价","合价","其中:暂估价"]
[6,"030901001006",null,"热镀锌喷淋钢管 DN100",null,"[项目特征]\n1.名称:喷淋管道\n2.安装部位:室内\n3.材质:内外壁热镀锌钢管 \n4.规格及厚度:DN100\n5.连接形式:沟槽式卡箍连接\n6.刷漆:刷红色环漆\n7.压力试验及冲洗设计要求:满足设计及规范要求\n8.管道标识设计要求:满足设计及规范要求\n9.其它:满足设计﹑规范﹑招标文件、现场条件、达到使用功能等要求\n[工作内容]\n1.管道及管件安装\n2.压力试验\n3.冲洗\n4.刷红色环漆\n5.管道标识",null,"m",2.68,null,34.9,93.53]
["本页小计",{"$nulls":10},93.53]
["表-09"]
["分部分项工程项目清单计价表"]
["工程名称：漏粉库房消防水工程",{"$nulls":8},"第  16  页  共  21  页"]
["序号","项目编码",null,"项目名称",null,"项目特征",null,"计量单位","工程量",null,"金额（元）"]
[{"$nulls":10},"综合单价","合价","其中:暂估价"]
[7,"030901001007",null,"热镀锌喷淋钢管 DN150",null,"[项目特征]\n1.名称:喷淋管道\n2.安装部位:室内\n3.材质:内外壁热镀锌钢管\n4.规格及厚度:DN150\n5.连接形式:沟槽式卡箍连接\n6.刷漆:刷红色环漆\n7.压力试验及冲洗设计要求:满足设计及规范要求\n8.管道标识设计要求:满足设计及规范要求\n9.其它:满足设计﹑规范﹑招标文件、现场条件、达到使用功能等要求\n[工作内容]\n1.管道及管件安装\n2.压力试验\n3.冲洗\n4.刷红色环漆\n5.管道标识",null,"m",73.14,null,48.22,3526.81]
[8,"030901004001",null,"湿式报警阀组 ZSFZ150",null,"[项目特征]\n1.名称:湿式报警阀组\n2.型号、规格:ZSFZ150\n3.附件:包含供水压力表、装置压力表、试验阀、泄放试验阀、试验管流量计、过滤器、延时器、水力警铃、报警截止阀、漏斗、压力开关等\n4.其它:满足设计﹑规范﹑招标文件、现场条件、达到使用功能等要求\n[工作内容]\n1.安装\n2.电气接线\n3.调试",null,"组",1,null,558.15,558.15]
["本页小计",{"$nulls":10},4084.96]
["表-09"]
["分部分项工程项目清单计价表"]
["工程名称：漏粉库房消防水工程",{"$nulls":8},"第  17  页  共  21  页"]
["序号","项目编码",null,"项目名称",null,"项目特征",null,"计量单位","工程量",null,"金额（元）"]
[{"$nulls":10},"综合单价","合价","其中:暂估价"]
[9,"030901008001",null,"末端试水装置",null,"[项目特征]\n1.名称:末端试水装置 \n2.规格:DN25\n3.参考图集:20S206-65\n4.组装形式:截止阀、压力表、试水接头、排水漏斗\n5.其它:满足设计﹑规范﹑招标文件、现场条件、达到使用功能等要求\n[工作内容]\n1.安装\n2.调试",null,"组",1,null,64.27,64.27]
[10,"030901003001",null,"68℃玻璃球喷头",null,"[项目特征]\n1.安装部位:具体详设计\n2.材质、型号、规格:喷头为K80型喷头,采用68℃玻璃球喷头,直立型洒水喷头\n3.连接形式:满足设计及相关规范要求\n4.装饰盘设计要求:满足设计及相关规范要求\n5.其它:满足设计﹑规范﹑招标文件、现场条件、达到使用功能等要求\n[工作内容]\n1.安装\n2.装饰盘安装\n3.严密性试验",null,"个",252,null,14.53,3661.56]
[11,"030901012001",null,"地上式喷淋水泵接合器",null,"[项目特征]\n1.安装部位:室外，地上式\n2.型号、规格:SQS150-A\n3.附件材质、规格:满足设计及规范要求\n[工作内容]\n1.安装\n2.附件安装",null,"套",3,null,330.96,992.88]
["本页小计",{"$nulls":10},4718.71]
["表-09"]
["分部分项工程项目清单计价表"]
["工程名称：漏粉库房消防水工程",{"$nulls":8},"第  18  页  共  21  页"]
["序号","项目编码",null,"项目名称",null,"项目特征",null,"计量单位","工程量",null,"金额（元）"]
[{"$nulls":10},"综合单价","合价","其中:暂估价"]
[12,"031003001002",null,"安全信号阀 DN150",null,"[项目特征]\n1.类型:安全信号阀\n2.材质:球墨铸铁\n3.规格、压力等级:DN150\n4.连接形式:法兰连接\n5.其他:满足设计﹑规范﹑招标文件、现场条件、达到使用功能等要求\n[工作内容]\n1.安装（含法兰片）\n2.检查接线\n3.调试",null,"个",3,null,263.83,791.49]
[13,"030901006001",null,"水流指示器 ZSJZ150",null,"[项目特征]\n1.名称:水流指示器\n2.规格、型号:ZSJZ150，1.6MPa\n3.连接形式:法兰连接\n4.其它:满足设计及施工规范验收要求\n[工作内容]\n1.安装（含法兰）\n2.调试",null,"个",1,null,181.43,181.43]
[14,"031003001003",null,"自动排气阀 DN20",null,"[项目特征]\n1.类型:自动排气阀\n2.材质:不锈钢\n3.规格、压力等级:ARSX-0020,DN20,1.6MPa\n4.连接形式:螺纹连接\n5.附件:自动排气阀前加装同管径的截止阀\n6.其它:满足设计﹑规范﹑招标文件、现场条件、达到使用功能等要求\n[工作内容]\n1.安装\n2.调试",null,"个",1,null,22.52,22.52]
[{"$nulls":3},"其他项"]
["本页小计",{"$nulls":10},995.44]
["表-09"]
["分部分项工程项目清单计价表"]
["工程名称：漏粉库房消防水工程",{"$nulls":8},"第  19  页  共  21  页"]
["序号","项目编码",null,"项目名称",null,"项目特征",null,"计量单位","工程量",null,"金额（元）"]
[{"$nulls":10},"综合单价","合价","其中:暂估价"]
[{"$nulls":3},"目"]
[1,"030906001001",null,"消防管道支吊架制作及安装",null,"[项目特征]\n1.名称:消防管道支吊架\n2.材质:型钢\n3.管架形式:综合考虑\n4.支架除锈刷油要求:手工除轻锈，先刷防锈漆二道后，再刷灰色调和漆二道\n5.安装高度:综合考虑\n6.其它:满足设计﹑规范﹑招标文件、现场条件、达到使用功能等要求\n[工作内容]\n1.制作、安装\n2.除锈、刷漆",null,"kg",1220,null,13.22,16128.4]
[2,"031002003001",null,"柔性防水套管 DN150",null,"[项目特征]\n1.名称:柔性防水套管\n2.材质:焊接钢管\n3.套管规格:Φ250\n4.穿管管径:DN150\n5.填料材质:满足设计及规范要求\n6.其他:满足设计﹑规范﹑招标文件、现场条件、达到使用功能等要求\n[工作内容]\n1.制作\n2.安装\n3.除锈、刷油\n4.材料运输",null,"个",4,null,556.32,2225.28]
["本页小计",{"$nulls":10},18353.68]
["表-09"]
["分部分项工程项目清单计价表"]
["工程名称：漏粉库房消防水工程",{"$nulls":8},"第  20  页  共  21  页"]
["序号","项目编码",null,"项目名称",null,"项目特征",null,"计量单位","工程量",null,"金额（元）"]
[{"$nulls":10},"综合单价","合价","其中:暂估价"]
[3,"031201001001",null,"埋地管道防腐",null,"[项目特征]\n1.刷漆部位:埋地管道\n2.油漆品种、遍数:两布三油、外裹牛皮纸\n3.其他:满足设计﹑规范﹑招标文件、现场条件、达到使用功能等要求\n[工作内容]\n1.除锈\n2.调配、涂刷",null,"m2",12.91,null,30.9,398.92]
[4,"031201001002",null,"原有消防管道刷漆",null,"[项目特征]\n1.刷漆部位:室内架空消防管道\n2.除锈要求:手工除锈\n3.油漆品种、遍数:防锈漆2道，防火漆2道\n4.其他:满足设计﹑规范﹑招标文件、现场条件、达到使用功能等要求\n[工作内容]\n1.除锈\n2.调配、涂刷",null,"m2",4.81,null,23.84,114.67]
[5,"031201003001",null,"原有消火栓箱刷漆",null,"[项目特征]\n1.除锈要求:手工除锈\n2.油漆品种、遍数:防锈漆2道，防火漆2道\n3.结构类型:消火栓箱\n4.其他:满足设计﹑规范﹑招标文件、现场条件、达到使用功能等要求\n[工作内容]\n1.除锈\n2.调配、涂刷",null,"m2",5.52,null,18.89,104.27]
["本页小计",{"$nulls":10},617.86]
["表-09"]
["分部分项工程项目清单计价表"]
["工程名称：漏粉库房消防水工程",{"$nulls":8},"第  21  页  共  21  页"]
["序号","项目编码",null,"项目名称",null,"项目特征",null,"计量单位","工程量",null,"金额（元）"]
[{"$nulls":10},"综合单价","合价","其中:暂估价"]
[6,"030905002001",null,"消火栓水灭火系统控制装置调试",null,"[项目特征]\n1.点数:9\n[工作内容]\n1.系统装置调试",null,"点",9,null,36.1,324.9]
[7,"030905002002",null,"自动喷淋系统控制装置调试",null,"[项目特征]\n1.点数:1\n[工作内容]\n1.系统装置调试",null,"点",1,null,240.04,240.04]
{"$rows_empty":19}
["本页小计",{"$nulls":10},564.94]
["合   计",{"$nulls":10},74475.95]

{"sheet":"表-09 施工技术措施项目清单计价表【漏粉库房消防水工程】","index":21,"n_rows":32,"n_cols":13,"rows_kept":32,"merged":[[0,0,0,12],[1,0,1,12],[2,0,2,5],[2,6,2,8],[2,9,2,12],[3,0,4,0],[3,1,4,2],[3,3,4,4],[3,5,4,6],[3,7,4,7],[3,8,4,9],[3,10,3,12],[5,1,5,2],[5,3,5,6],[5,8,5,9],[6,1,6,2],[6,3,6,4],[6,5,6,6],[6,8,6,9],[7,1,7,2],[7,3,7,4],[7,5,7,6],[7,8,7,9],[8,1,8,2],[8,3,8,4],[8,5,8,6],[8,8,8,9],[9,1,9,2],[9,3,9,4],[9,5,9,6],[9,8,9,9],[10,1,10,2],[10,3,10,4],[10,5,10,6],[10,8,10,9],[11,1,11,2],[11,3,11,4],[11,5,11,6],[11,8,11,9],[12,1,12,2],[12,3,12,4],[12,5,12,6],[12,8,12,9],[13,1,13,2],[13,3,13,4],[13,5,13,6],[13,8,13,9],[14,1,14,2],[14,3,14,4],[14,5,14,6],[14,8,14,9],[15,1,15,2],[15,3,15,4],[15,5,15,6],[15,8,15,9],[16,1,16,2],[16,3,16,4],[16,5,16,6],[16,8,16,9],[17,1,17,2],[17,3,17,4],[17,5,17,6],[17,8,17,9],[18,1,18,2],[18,3,18,4],[18,5,18,6],[18,8,18,9],[19,1,19,2],[19,3,19,4],[19,5,19,6],[19,8,19,9],[20,1,20,2],[20,3,20,4],[20,5,20,6],[20,8,20,9],[21,1,21,2],[21,3,21,4],[21,5,21,6],[21,8,21,9],[22,1,22,2],[22,3,22,4],[22,5,22,6],[22,8,22,9],[23,1,23,2],[23,3,23,4],[23,5,23,6],[23,8,23,9],[24,1,24,2],[24,3,24,4],[24,5,24,6],[24,8,24,9],[25,1,25,2],[25,3,25,4],[25,5,25,6],[25,8,25,9],[26,1,26,2],[26,3,26,4],[26,5,26,6],[26,8,26,9],[27,1,27,2],[27,3,27,4],[27,5,27,6],[27,8,27,9],[28,1,28,2],[28,3,28,4],[28,5,28,6],[28,8,28,9],[29,1,29,2],[29,3,29,4],[29,5,29,6],[29,8,29,9],[30,0,30,10],[31,0,31,10]]}
["表-09"]
["施工技术措施项目清单计价表"]
["工程名称：漏粉库房消防水工程",{"$nulls":8},"第  1  页  共  1  页"]
["序号","项目编码",null,"项目名称",null,"项目特征",null,"计量单位","工程量",null,"金额（元）"]
[{"$nulls":10},"综合单价","合价","其中:暂估价"]
[null,"一",null,"施工技术措施项目",{"$nulls":7},2308.91]
[1,"031301017001",null,"脚手架搭拆",{"$nulls":3},"项",1,null,2308.91,2308.91]
{"$rows_empty":23}
["本页小计",{"$nulls":10},2308.91]
["合   计",{"$nulls":10},2308.91]

{"sheet":"表-10 施工组织措施项目清单计价表【漏粉库房消防水工程】","index":22,"n_rows":11,"n_cols":14,"rows_kept":11,"merged":[[0,0,0,10],[0,11,0,13],[1,0,1,13],[2,0,2,4],[2,5,2,10],[2,11,2,13],[3,1,3,2],[3,3,3,5],[3,8,3,9],[3,10,3,11],[4,1,4,2],[4,3,4,5],[4,8,4,9],[4,10,4,11],[5,1,5,2],[5,3,5,5],[5,8,5,9],[5,10,5,11],[6,1,6,2],[6,3,6,5],[6,8,6,9],[6,10,6,11],[7,1,7,2],[7,3,7,5],[7,8,7,9],[7,10,7,11],[8,1,8,2],[8,3,8,5],[8,8,8,9],[8,10,8,11],[9,0,9,7],[9,8,9,9],[9,10,9,11],[10,0,10,13]]}
[{"$nulls":11},"表-10"]
["施工组织措施项目清单计价表"]
["工程名称：漏粉库房消防水工程",{"$nulls":10},"第  1  页  共  1  页"]
["序号","项目编码",null,"项目名称",null,null,"计算\n基础","费率\n(%)","金额\n(元)",null,"调整\n费率\n(%)",null,"调整后\n金额\n(元)","备注"]
[1,"031302B02001",null,"组织措施费",null,null,"(分部分项人工费+技术措施人工费-机械（爆破）土石方人工费-机械（爆破）土石方人工费-人工土石方人工费-人工土石方技术措施人工费)+(机械（爆破）土石方人工费+机械（爆破）土石方机械费+机械（爆破）土石方人工费+机械（爆破）土石方机械费)*0.048/费率+(人工土石方人工费+人工土石方技术措施人工费)*0.0222/费率","11.04",5027.51]
[2,"031302001001",null,"安全文明施工费",null,null,"9629.8","100",9629.8]
[3,"031302B03001",null,"建设工程竣工档案编制费",null,null,"(分部分项人工费+技术措施人工费-机械（爆破）土石方人工费-机械（爆破）土石方人工费-人工土石方人工费-人工土石方技术措施人工费)+(机械（爆破）土石方人工费+机械（爆破）土石方机械费+机械（爆破）土石方人工费+机械（爆破）土石方机械费)*0.002/费率+(人工土石方人工费+人工土石方技术措施人工费)*0.0019/费率","1.92",874.35]
[]
[]
["合    计",{"$nulls":7},15531.66]
["注：1.计算基础和费用标准按本市有关费用定额或文件执行。\n    2.根据施工方案计算的措施费，可不填写“计算基础”和“费率”的数值，只填写“金额”数值，但应在备注栏说明施工\n    方案出处或计算方法。"]

{"sheet":"表-12 规费、税金项目计价表【漏粉库房消防水工程】","index":23,"n_rows":26,"n_cols":10,"rows_kept":26,"merged":[[0,0,0,7],[0,8,0,9],[1,0,1,9],[2,0,2,3],[2,4,2,7],[2,8,2,9],[3,1,3,4],[3,5,3,6],[3,7,3,8],[4,1,4,4],[4,5,4,6],[4,7,4,8],[5,1,5,4],[5,5,5,6],[5,7,5,8],[6,1,6,4],[6,5,6,6],[6,7,6,8],[7,1,7,4],[7,5,7,6],[7,7,7,8],[8,1,8,4],[8,5,8,6],[8,7,8,8],[9,1,9,4],[9,5,9,6],[9,7,9,8],[10,1,10,4],[10,5,10,6],[10,7,10,8],[11,1,11,4],[11,5,11,6],[11,7,11,8],[12,1,12,4],[12,5,12,6],[12,7,12,8],[13,1,13,4],[13,5,13,6],[13,7,13,8],[14,1,14,4],[14,5,14,6],[14,7,14,8],[15,1,15,4],[15,5,15,6],[15,7,15,8],[16,1,16,4],[16,5,16,6],[16,7,16,8],[17,1,17,4],[17,5,17,6],[17,7,17,8],[18,1,18,4],[18,5,18,6],[18,7,18,8],[19,1,19,4],[19,5,19,6],[19,7,19,8],[20,1,20,4],[20,5,20,6],[20,7,20,8],[21,1,21,4],[21,5,21,6],[21,7,21,8],[22,1,22,4],[22,5,22,6],[22,7,22,8],[23,1,23,4],[23,5,23,6],[23,7,23,8],[24,1,24,4],[24,5,24,6],[24,7,24,8],[25,0,25,8]]}
[{"$nulls":8},"表-12"]
["规费、税金项目计价表"]
["工程名称：漏粉库房消防水工程",{"$nulls":7},"第  1  页  共  1  页"]
["序号","项目名称",{"$nulls":3},"计算基础",null,"费率(%)",null,"金额（元）"]
["1","规费",{"$nulls":3},"专业工程规费（人）+机械（爆破）土石方规费（人+机）*0.072/费率+人工土石方规费（人）*0.082/费率",null,"18",null,8197.02]
["2","税金",{"$nulls":3},"2.1 + 2.2 + 2.3",{"$nulls":3},9950.84]
["2.1","增值税",{"$nulls":3},"分部分项工程费+措施项目费+其他项目费+规费-甲供材料费",null,"9",null,9046.22]
["2.2","附加税",{"$nulls":3},"增值税",null,"10",null,904.62]
["2.3","环境保护税",{"$nulls":3},"按实计算"]
{"$rows_empty":16}
["合计",{"$nulls":8},18147.86]

{"sheet":"表-04 单位工程招标控制价汇总表【漏粉库房电气工程】","index":24,"n_rows":26,"n_cols":9,"rows_kept":26,"merged":[[0,0,0,6],[0,7,0,8],[1,0,1,8],[2,0,2,3],[2,4,2,6],[2,7,2,8],[3,0,3,1],[3,2,3,5],[3,6,3,7],[4,0,4,1],[4,2,4,5],[4,6,4,7],[5,0,5,1],[5,2,5,5],[5,6,5,7],[6,0,6,1],[6,2,6,5],[6,6,6,7],[7,0,7,1],[7,2,7,5],[7,6,7,7],[8,0,8,1],[8,2,8,5],[8,6,8,7],[9,0,9,1],[9,2,9,5],[9,6,9,7],[10,0,10,1],[10,2,10,5],[10,6,10,7],[11,0,11,1],[11,2,11,5],[11,6,11,7],[12,0,12,1],[12,2,12,5],[12,6,12,7],[13,0,13,1],[13,2,13,5],[13,6,13,7],[14,0,14,1],[14,2,14,5],[14,6,14,7],[15,0,15,1],[15,2,15,5],[15,6,15,7],[16,0,16,1],[16,2,16,5],[16,6,16,7],[17,0,17,1],[17,2,17,5],[17,6,17,7],[18,0,18,1],[18,2,18,5],[18,6,18,7],[19,0,19,1],[19,2,19,5],[19,6,19,7],[20,0,20,1],[20,2,20,5],[20,6,20,7],[21,0,21,1],[21,2,21,5],[21,6,21,7],[22,0,22,1],[22,2,22,5],[22,6,22,7],[23,0,23,1],[23,2,23,5],[23,6,23,7],[24,0,24,5],[24,6,24,7],[25,0,25,8]]}
[{"$nulls":7},"表-04"]
["单位工程招标控制价汇总表"]
["工程名称：漏粉库房电气工程",{"$nulls":6},"第  1  页  共  1  页"]
["序号",null,"汇总内容",{"$nulls":3},"金额(元)",null,"其中：暂估价(元)"]
["1",null,"分部分项工程费",{"$nulls":3},24327.79]
["1.1",null,"配电箱安装",{"$nulls":3},1275.38]
["1.2",null,"末端器具安装",{"$nulls":3},2684.2]
["1.3",null,"桥架安装",{"$nulls":3},4182.37]
["1.4",null,"管线安装",{"$nulls":3},12955.48]
["1.5",null,"电缆安装",{"$nulls":3},3230.36]
["2",null,"措施项目费",{"$nulls":3},6330.71]
["2.1",null,"其中：安全文明施工费",{"$nulls":3},2975.79]
["3",null,"其他项目费"]
["4",null,"规费",{"$nulls":3},2526.85,null,"－"]
["5",null,"税金",{"$nulls":3},3285.35,null,"－"]
{"$rows_empty":9}
["投标报价合计=1+2+3+4+5",{"$nulls":5},"36,470.70"]
["注：1.本表适用于单位工程招标控制价或投标报价的汇总，如无单位工程划分，单项工程也使用本表汇总。 \n    2.分部分项工程、措施项目中暂估价中应填写材料、工程设备暂估价，其他项目中暂估价应填写专业工程暂估价。"]

{"sheet":"表-08 措施项目汇总表【漏粉库房电气工程】","index":25,"n_rows":26,"n_cols":6,"rows_kept":26,"merged":[[0,0,0,5],[1,0,1,5],[2,0,2,1],[2,2,2,3],[2,4,2,5],[3,0,4,0],[3,1,4,2],[3,3,3,5],[4,3,4,4],[5,1,5,2],[5,3,5,4],[6,1,6,2],[6,3,6,4],[7,1,7,2],[7,3,7,4],[8,1,8,2],[8,3,8,4],[9,1,9,2],[9,3,9,4],[10,1,10,2],[10,3,10,4],[11,1,11,2],[11,3,11,4],[12,1,12,2],[12,3,12,4],[13,1,13,2],[13,3,13,4],[14,1,14,2],[14,3,14,4],[15,1,15,2],[15,3,15,4],[16,1,16,2],[16,3,16,4],[17,1,17,2],[17,3,17,4],[18,1,18,2],[18,3,18,4],[19,1,19,2],[19,3,19,4],[20,1,20,2],[20,3,20,4],[21,1,21,2],[21,3,21,4],[22,1,22,2],[22,3,22,4],[23,1,23,2],[23,3,23,4],[24,1,24,2],[24,3,24,4],[25,0,25,2],[25,3,25,4]]}
["表-08"]
["措施项目汇总表"]
["工程名称：漏粉库房电气工程",{"$nulls":3},"第 1 页  共 1 页"]
["序号","项目名称",null,"金额(元)"]
[{"$nulls":3},"合价",null,"其中：暂估价"]
["1","施工技术措施项目",null,781.74]
["2","施工组织措施项目",null,5548.97]
["2.1","其中：安全文明施工费",null,2975.79]
["2.2","建设工程竣工档案编制费",null,272.34]
{"$rows_empty":16}
["措施项目费合计=1+2",null,null,6330.71]

{"sheet":"表-09 分部分项工程项目清单计价表【漏粉库房电气工程】","index":26,"n_rows":128,"n_cols":13,"rows_kept":128,"merged":[[0,0,0,13],[1,0,1,13],[2,0,2,5],[2,6,2,8],[2,9,2,13],[3,0,4,0],[3,1,4,2],[3,3,4,4],[3,5,4,6],[3,7,4,7],[3,8,4,9],[3,10,3,12],[5,1,5,2],[5,3,5,6],[5,8,5,9],[6,1,6,2],[6,3,6,4],[6,5,6,6],[6,8,6,9],[7,0,7,10],[8,0,8,13],[9,0,9,13],[10,0,10,5],[10,6,10,8],[10,9,10,13],[11,0,12,0],[11,1,12,2],[11,3,12,4],[11,5,12,6],[11,7,12,7],[11,8,12,9],[11,10,11,12],[13,1,13,2],[13,3,13,4],[13,5,13,6],[13,8,13,9],[14,0,14,10],[15,0,15,13],[16,0,16,13],[17,0,17,5],[17,6,17,8],[17,9,17,13],[18,0,19,0],[18,1,19,2],[18,3,19,4],[18,5,19,6],[18,7,19,7],[18,8,19,9],[18,10,18,12],[20,1,20,2],[20,3,20,4],[20,5,20,6],[20,8,20,9],[21,1,21,2],[21,3,21,4],[21,5,21,6],[21,8,21,9],[22,1,22,2],[22,3,22,6],[22,8,22,9],[23,0,23,10],[24,0,24,13],[25,0,25,13],[26,0,26,5],[26,6,26,8],[26,9,26,13],[27,0,28,0],[27,1,28,2],[27,3,28,4],[27,5,28,6],[27,7,28,7],[27,8,28,9],[27,10,27,12],[29,1,29,2],[29,3,29,4],[29,5,29,6],[29,8,29,9],[30,1,30,2],[30,3,30,4],[30,5,30,6],[30,8,30,9],[31,1,31,2],[31,3,31,4],[31,5,31,6],[31,8,31,9],[32,0,32,10],[33,0,33,13],[34,0,34,13],[35,0,35,5],[35,6,35,8],[35,9,35,13],[36,0,37,0],[36,1,37,2],[36,3,37,4],[36,5,37,6],[36,7,37,7],[36,8,37,9],[36,10,36,12],[38,1,38,2],[38,3,38,4],[38,5,38,6],[38,8,38,9],[39,1,39,2],[39,3,39,4],[39,5,39,6],[39,8,39,9],[40,1,40,2],[40,3,40,4],[40,5,40,6],[40,8,40,9],[41,0,41,10],[42,0,42,13],[43,0,43,13],[44,0,44,5],[44,6,44,8],[44,9,44,13],[45,0,46,0],[45,1,46,2],[45,3,46,4],[45,5,46,6],[45,7,46,7],[45,8,46,9],[45,10,45,12],[47,1,47,2],[47,3,47,4],[47,5,47,6],[47,8,47,9],[48,1,48,2],[48,3,48,6],[48,8,48,9],[49,1,49,2],[49,3,49,4],[49,5,49,6],[49,8,49,9],[50,1,50,2],[50,3,50,4],[50,5,50,6],[50,8,50,9],[51,1,51,2],[51,3,51,6],[51,8,51,9],[52,0,52,10],[53,0,53,13],[54,0,54,13],[55,0,55,5],[55,6,55,8],[55,9,55,13],[56,0,57,0],[56,1,57,2],[56,3,57,4],[56,5,57,6],[56,7,57,7],[56,8,57,9],[56,10,56,12],[58,1,58,2],[58,3,58,4],[58,5,58,6],[58,8,58,9],[59,1,59,2],[59,3,59,4],[59,5,59,6],[59,8,59,9],[60,1,60,2],[60,3,60,4],[60,5,60,6],[60,8,60,9],[61,0,61,10],[62,0,62,13],[63,0,63,13],[64,0,64,5],[64,6,64,8],[64,9,64,13],[65,0,66,0],[65,1,66,2],[65,3,66,4],[65,5,66,6],[65,7,66,7],[65,8,66,9],[65,10,65,12],[67,1,67,2],[67,3,67,4],[67,5,67,6],[67,8,67,9],[68,1,68,2],[68,3,68,4],[68,5,68,6],[68,8,68,9],[69,1,69,2],[69,3,69,4],[69,5,69,6],[69,8,69,9],[70,0,70,10],[71,0,71,13],[72,0,72,13],[73,0,73,5],[73,6,73,8],[73,9,73,13],[74,0,75,0],[74,1,75,2],[74,3,75,4],[74,5,75,6],[74,7,75,7],[74,8,75,9],[74,10,74,12],[76,1,76,2],[76,3,76,4],[76,5,76,6],[76,8,76,9],[77,1,77,2],[77,3,77,4],[77,5,77,6],[77,8,77,9],[78,0,78,10],[79,0,79,13],[80,0,80,13],[81,0,81,5],[81,6,81,8],[81,9,81,13],[82,0,83,0],[82,1,83,2],[82,3,83,4],[82,5,83,6],[82,7,83,7],[82,8,83,9],[82,10,82,12],[84,1,84,2],[84,3,84,4],[84,5,84,6],[84,8,84,9],[85,1,85,2],[85,3,85,4],[85,5,85,6],[85,8,85,9],[86,0,86,10],[87,0,87,13],[88,0,88,13],[89,0,89,5],[89,6,89,8],[89,9,89,13],[90,0,91,0],[90,1,91,2],[90,3,91,4],[90,5,91,6],[90,7,91,7],[90,8,91,9],[90,10,90,12],[92,1,92,2],[92,3,92,4],[92,5,92,6],[92,8,92,9],[93,1,93,2],[93,3,93,6],[93,8,93,9],[94,1,94,2],[94,3,94,4],[94,5,94,6],[94,8,94,9],[95,0,95,10],[96,0,96,13],[97,0,97,13],[98,0,98,5],[98,6,98,8],[98,9,98,13],[99,0,100,0],[99,1,100,2],[99,3,100,4],[99,5,100,6],[99,7,100,7],[99,8,100,9],[99,10,99,12],[101,1,101,2],[101,3,101,4],[101,5,101,6],[101,8,101,9],[102,1,102,2],[102,3,102,4],[102,5,102,6],[102,8,102,9],[103,0,103,10],[104,0,104,13],[105,0,105,13],[106,0,106,5],[106,6,106,8],[106,9,106,13],[107,0,108,0],[107,1,108,2],[107,3,108,4],[107,5,108,6],[107,7,108,7],[107,8,108,9],[107,10,107,12],[109,1,109,2],[109,3,109,4],[109,5,109,6],[109,8,109,9],[110,1,110,2],[110,3,110,4],[110,5,110,6],[110,8,110,9],[111,1,111,2],[111,3,111,4],[111,5,111,6],[111,8,111,9],[112,1,112,2],[112,3,112,4],[112,5,112,6],[112,8,112,9],[113,1,113,2],[113,3,113,4],[113,5,113,6],[113,8,113,9],[114,1,114,2],[114,3,114,4],[114,5,114,6],[114,8,114,9],[115,1,115,2],[115,3,115,4],[115,5,115,6],[115,8,115,9],[116,1,116,2],[116,3,116,4],[116,5,116,6],[116,8,116,9],[117,1,117,2],[117,3,117,4],[117,5,117,6],[117,8,117,9],[118,1,118,2],[118,3,118,4],[118,5,118,6],[118,8,118,9],[119,1,119,2],[119,3,119,4],[119,5,119,6],[119,8,119,9],[120,1,120,2],[120,3,120,4],[120,5,120,6],[120,8,120,9],[121,1,121,2],[121,3,121,4],[121,5,121,6],[121,8,121,9],[122,1,122,2],[122,3,122,4],[122,5,122,6],[122,8,122,9],[123,1,123,2],[123,3,123,4],[123,5,123,6],[123,8,123,9],[124,1,124,2],[124,3,124,4],[124,5,124,6],[124,8,124,9],[125,1,125,2],[125,3,125,4],[125,5,125,6],[125,8,125,9],[126,0,126,10],[127,0,127,10]]}
["表-09"]
["分部分项工程项目清单计价表"]
["工程名称：漏粉库房电气工程",{"$nulls":8},"第  1  页  共  13  页"]
["序号","项目编码",null,"项目名称",null,"项目特征",null,"计量单位","工程量",null,"金额（元）"]
[{"$nulls":10},"综合单价","合价","其中:暂估价"]
[{"$nulls":3},"配电箱安装"]
[1,"030404017001",null,"漏粉库房照明配电箱",null,"[项目特征]\n1.名称:配电箱\n2.编号:AL1\n3.安装方式:综合考虑\n4.规格:满足设计及规范要求\n5.箱内元器件:满足设计及规范要求\n6.基础形式、材质、规格:满足设计及规范要求\n7.接线端子材质、规格:满足设计及规范要求\n8.端子板外部接线材质、规格:满足设计及规范要求\n9.其他:满足设计﹑规范﹑招标文件、现场条件、达到使用功能等要求\n[工作内容]\n1.本体安装\n2.基础型钢制作、安装\n3.焊、压接线端子\n4.补刷(喷)油漆\n5.接地",null,"台",1,null,247.43,247.43]
["本页小计",{"$nulls":10},247.43]
["表-09"]
["分部分项工程项目清单计价表"]
["工程名称：漏粉库房电气工程",{"$nulls":8},"第  2  页  共  13  页"]
["序号","项目编码",null,"项目名称",null,"项目特征",null,"计量单位","工程量",null,"金额（元）"]
[{"$nulls":10},"综合单价","合价","其中:暂估价"]
[2,"030404017002",null,"漏粉库房消防电源切换箱",null,"[项目特征]\n1.名称:消防电源切换箱\n2.编号:ALE\n3.安装方式:综合考虑\n4.规格:满足设计及规范要求\n5.箱内元器件:满足设计及规范要求\n6.基础形式、材质、规格:满足设计及规范要求\n7.接线端子材质、规格:满足设计及规范要求\n8.端子板外部接线材质、规格:满足设计及规范要求\n9.其他:满足设计﹑规范﹑招标文件、现场条件、达到使用功能等要求\n[工作内容]\n1.本体安装\n2.基础型钢制作、安装\n3.焊、压接线端子\n4.补刷(喷)油漆\n5.接地",null,"台",1,null,284.27,284.27]
["本页小计",{"$nulls":10},284.27]
["表-09"]
["分部分项工程项目清单计价表"]
["工程名称：漏粉库房电气工程",{"$nulls":8},"第  3  页  共  13  页"]
["序号","项目编码",null,"项目名称",null,"项目特征",null,"计量单位","工程量",null,"金额（元）"]
[{"$nulls":10},"综合单价","合价","其中:暂估价"]
[3,"030404017003",null,"漏粉库房应急照明集中电源",null,"[项目特征]\n1.名称:应急照明集中电源\n2.编号:PD\n3.安装方式:综合考虑\n4.规格:满足设计及规范要求\n5.箱内元器件:满足设计及规范要求\n6.基础形式、材质、规格:满足设计及规范要求\n7.接线端子材质、规格:满足设计及规范要求\n8.端子板外部接线材质、规格:满足设计及规范要求\n9.其他:满足设计﹑规范﹑招标文件、现场条件、达到使用功能等要求\n[工作内容]\n1.本体安装\n2.基础型钢制作、安装\n3.焊、压接线端子\n4.补刷(喷)油漆\n5.接地",null,"台",1,null,247.35,247.35]
[4,"030414004001",null,"双电源配电箱用电切换调试",null,"[项目特征]\n1.名称:双电源配电箱用电切换调试\n2.其它:满足设计及施工规范验收要求\n[工作内容]\n1.调试",null,"台",1,null,496.33,496.33]
[{"$nulls":3},"末端器具安装"]
["本页小计",{"$nulls":10},743.68]
["表-09"]
["分部分项工程项目清单计价表"]
["工程名称：漏粉库房电气工程",{"$nulls":8},"第  4  页  共  13  页"]
["序号","项目编码",null,"项目名称",null,"项目特征",null,"计量单位","工程量",null,"金额（元）"]
[{"$nulls":10},"综合单价","合价","其中:暂估价"]
[1,"030412002001",null,"LED工矿灯(防爆型) 120W",null,"[项目特征]\n1.名称:LED工矿灯(防爆型)\n2.型号:1x120W\n3.安装形式:吊装\n4.其他:满足设计﹑规范﹑招标文件、现场条件、达到使用功能等要求\n[工作内容]\n1.本体安装",null,"套",28,null,22.62,633.36]
[2,"030412004001",null,"安全出口标志灯 3W",null,"[项目特征]\n1.名称:安全出口标志灯\n2.型号、规格:1x3W，DC36V,色温5000K,面板外罩材质铁皮 IP34。光通量≥300lm\n3.安装形式:吸璧式\n4.其他:满足设计﹑规范﹑招标文件、现场条件、达到使用功能等要求\n[工作内容]\n1.本体安装",null,"套",2,null,28.47,56.94]
[3,"030412004002",null,"多信息复核标志灯 3W",null,"[项目特征]\n1.名称:多信息复核标志灯\n2.型号、规格:1x3W，DC36V,色温5000K,面板外罩材质铁皮 IP34\n3.安装形式:吊装\n4.其他:满足设计﹑规范﹑招标文件、现场条件、达到使用功能等要求\n[工作内容]\n1.本体安装",null,"套",2,null,24.58,49.16]
["本页小计",{"$nulls":10},739.46]
["表-09"]
["分部分项工程项目清单计价表"]
["工程名称：漏粉库房电气工程",{"$nulls":8},"第  5  页  共  13  页"]
["序号","项目编码",null,"项目名称",null,"项目特征",null,"计量单位","工程量",null,"金额（元）"]
[{"$nulls":10},"综合单价","合价","其中:暂估价"]
[4,"030412004003",null,"单面方向标志灯(壁装) 3W",null,"[项目特征]\n1.名称:单面方向标志灯\n2.型号、规格:1x3W，DC36V,色温5000K,面板外罩材质铁皮 IP34，带不锈钢防护网。光通量≥300lm\n3.安装形式:吸璧式\n4.其他:满足设计﹑规范﹑招标文件、现场条件、达到使用功能等要求\n[工作内容]\n1.本体安装",null,"套",21,null,17.62,370.02]
[5,"030412004004",null,"非持续型应急灯 6W",null,"[项目特征]\n1.名称:非持续型应急灯\n2.型号、规格:1x6W，η≥55%，DC36V,色温5000K,面板外罩材质阻燃塑料 IP34。光通量≥600lm\n3.安装形式:吸顶或嵌入吊顶安装\n4.其他:满足设计﹑规范﹑招标文件、现场条件、达到使用功能等要求\n[工作内容]\n1.本体安装",null,"套",31,null,28.28,876.68]
[6,"030411006001",null,"钢制接线盒",null,"[项目特征]\n1.名称:接线盒\n2.材质:钢制\n3.规格:86型\n4.安装形式:综合考虑\n5.其他:满足设计﹑规范﹑招标文件、现场条件、达到使用功能等要求\n[工作内容]\n1.本体安装",null,"个",56,null,5.01,280.56]
["本页小计",{"$nulls":10},1527.26]
["表-09"]
["分部分项工程项目清单计价表"]
["工程名称：漏粉库房电气工程",{"$nulls":8},"第  6  页  共  13  页"]
["序号","项目编码",null,"项目名称",null,"项目特征",null,"计量单位","工程量",null,"金额（元）"]
[{"$nulls":10},"综合单价","合价","其中:暂估价"]
[7,"030411006002",null,"防爆接线盒",null,"[项目特征]\n1.名称:防爆接线盒\n2.材质:钢制\n3.规格:86型\n4.安装形式:综合考虑\n5.其他:满足设计﹑规范﹑招标文件、现场条件、达到使用功能等要求\n[工作内容]\n1.本体安装",null,"个",28,null,14.91,417.48]
[{"$nulls":3},"桥架安装"]
[1,"030411003001",null,"桥架 200*100mm",null,"[项目特征]\n1.名称:桥架\n2.型号:CT\n3.规格:200*100\n4.材质:钢制，侧板厚度≥1.2mm,底板厚度≥0.7mm,盖板厚度≥0.5mm\n5.类型:槽式\n6.隔板、盖板:1/2处设防火隔板,配盖板\n7.附件:含盖板、三通、弯头、连接件等\n8.接地方式:满足设计与规范要求\n[工作内容]\n1.本体安装\n2.接地",null,"m",56.28,null,29.88,1681.65]
[2,"030408008001",null,"防火堵洞",null,"[项目特征]\n1.名称:防火堵洞\n2.材质:具体详设计\n3.方式:满足设计及相关规范要求\n4.其他:满足设计﹑规范﹑招标文件、现场条件、达到使用功能等要求\n[工作内容]\n1.安装",null,"m3",0.3,null,8335.73,2500.72]
[{"$nulls":3},"管线安装"]
["本页小计",{"$nulls":10},4599.85]
["表-09"]
["分部分项工程项目清单计价表"]
["工程名称：漏粉库房电气工程",{"$nulls":8},"第  7  页  共  13  页"]
["序号","项目编码",null,"项目名称",null,"项目特征",null,"计量单位","工程量",null,"金额（元）"]
[{"$nulls":10},"综合单价","合价","其中:暂估价"]
[1,"030411001001",null,"配管 SC50 暗配",null,"[项目特征]\n1.名称:配管\n2.材质:镀锌钢管\n3.规格:SC50mm\n4.敷设方式:暗配\n5.接地要求:满足设计及规范要求\n6.其他:满足设计﹑规范﹑招标文件、现场条件、达到使用功能等要求\n[工作内容]\n1.电线管路敷设\n2.接地",null,"m",5,null,18.04,90.2]
[2,"030411001002",null,"配管 SC32 暗配",null,"[项目特征]\n1.名称:配管\n2.材质:镀锌钢管\n3.规格:SC32mm\n4.敷设方式:暗配\n5.接地要求:满足设计及规范要求\n6.其他:满足设计﹑规范﹑招标文件、现场条件、达到使用功能等要求\n[工作内容]\n1.电线管路敷设\n2.接地",null,"m",10,null,8.89,88.9]
[3,"030411001003",null,"配管 JDG20 沿钢构",null,"[项目特征]\n1.名称:配管\n2.材质:国标扣压式导线管\n3.规格:JDG20mm\n4.敷设方式:沿钢构\n5.接地要求:满足设计及规范要求\n6.其他:满足设计﹑规范﹑招标文件、现场条件、达到使用功能等要求\n[工作内容]\n1.电线管路敷设\n2.接地",null,"m",634.5,null,7.94,5037.93]
["本页小计",{"$nulls":10},5217.03]
["表-09"]
["分部分项工程项目清单计价表"]
["工程名称：漏粉库房电气工程",{"$nulls":8},"第  8  页  共  13  页"]
["序号","项目编码",null,"项目名称",null,"项目特征",null,"计量单位","工程量",null,"金额（元）"]
[{"$nulls":10},"综合单价","合价","其中:暂估价"]
[4,"030411001004",null,"配管 PC20 明敷",null,"[项目特征]\n1.名称:配管\n2.材质:硬质聚氯乙烯管\n3.规格:PC20mm\n4.敷设方式:明配\n5.接地要求:满足设计及规范要求\n6.其他:满足设计﹑规范﹑招标文件、现场条件、达到使用功能等要求\n[工作内容]\n1.电线管路敷设\n2.接地",null,"m",238.37,null,12.01,2862.82]
[5,"030411001005",null,"金属软管 Φ15",null,"[项目特征]\n1.名称:金属软管\n2.规格:Φ15\n3.敷设方式:明敷\n4.接地要求:符合设计及规范要求\n5.其它:满足设计﹑规范﹑招标文件、现场条件、达到使用功能等要求\n[工作内容]\n1.电线管路敷设\n2.接地",null,"m",60,null,21.68,1300.8]
[6,"030906003001",null,"剔堵槽、沟",null,"[项目特征]\n1.名称:剔堵槽、沟\n2.尺寸:综合考虑\n3.其他:满足设计﹑规范﹑招标文件、现场条件、达到使用功能等要求\n[工作内容]\n1.画线\n2.剔槽\n3.堵抹找平\n4.调运砂浆\n5.清理",null,"m",15,null,13.75,206.25]
["本页小计",{"$nulls":10},4369.87]
["表-09"]
["分部分项工程项目清单计价表"]
["工程名称：漏粉库房电气工程",{"$nulls":8},"第  9  页  共  13  页"]
["序号","项目编码",null,"项目名称",null,"项目特征",null,"计量单位","工程量",null,"金额（元）"]
[{"$nulls":10},"综合单价","合价","其中:暂估价"]
[7,"030411004001",null,"管内穿线 WDUZC-BYJ-2.5mm2",null,"[项目特征]\n1.名称:配线\n2.配线形式:管内穿线\n3.型号:WDUZC-BYJ\n4.规格:2.5mm2\n5.材质:铜质\n6.配线部位:综合\n7.配线线制:综合\n8.其他:满足设计﹑规范﹑招标文件、现场条件、达到使用功能等要求\n[工作内容]\n1.配线",null,"m",715.1,null,1.13,808.06]
[8,"030411004002",null,"桥架内穿线 WDUZC-BYJ-2.5mm2",null,"[项目特征]\n1.名称:配线\n2.配线形式:桥架内穿线\n3.型号:WDUZC-BYJ\n4.规格:2.5mm2\n5.材质:铜质\n6.配线部位:综合\n7.配线线制:综合\n8.其他:满足设计﹑规范﹑招标文件、现场条件、达到使用功能等要求\n[工作内容]\n1.配线",null,"m",663.47,null,1.16,769.63]
["本页小计",{"$nulls":10},1577.69]
["表-09"]
["分部分项工程项目清单计价表"]
["工程名称：漏粉库房电气工程",{"$nulls":8},"第  10  页  共  13  页"]
["序号","项目编码",null,"项目名称",null,"项目特征",null,"计量单位","工程量",null,"金额（元）"]
[{"$nulls":10},"综合单价","合价","其中:暂估价"]
[9,"030411004003",null,"管内穿线 WDUZBN-BYJ-B1-2.5mm2",null,"[项目特征]\n1.名称:配线\n2.配线形式:管内穿线\n3.型号:WDUZBN-BYJ-B1\n4.规格:2.5mm2\n5.材质:铜质\n6.配线部位:综合\n7.配线线制:综合\n8.其他:满足设计﹑规范﹑招标文件、现场条件、达到使用功能等要求\n[工作内容]\n1.配线",null,"m",1194.46,null,1.13,1349.74]
[10,"030411004004",null,"管内穿线 WDUZBN-RYDS-B1-2*1.0mm2",null,"[项目特征]\n1.名称:配线\n2.配线形式:管内穿线\n3.型号:WDUZBN-RYDS-B1\n4.规格:2*1.0mm2\n5.材质:铜质\n6.配线部位:综合\n7.配线线制:综合\n8.其他:满足设计﹑规范﹑招标文件、现场条件、达到使用功能等要求\n[工作内容]\n1.配线",null,"m",11.03,null,0.83,9.15]
["本页小计",{"$nulls":10},1358.89]
["表-09"]
["分部分项工程项目清单计价表"]
["工程名称：漏粉库房电气工程",{"$nulls":8},"第  11  页  共  13  页"]
["序号","项目编码",null,"项目名称",null,"项目特征",null,"计量单位","工程量",null,"金额（元）"]
[{"$nulls":10},"综合单价","合价","其中:暂估价"]
[11,"030411004005",null,"管内穿线 WDUZBN-RYJSP-B1-2*1.5mm2",null,"[项目特征]\n1.名称:配线\n2.配线形式:管内穿线\n3.型号:WDUZBN-RYJSP-B1\n4.规格:2*1.5mm2\n5.材质:铜质\n6.配线部位:综合\n7.配线线制:综合\n8.其他:满足设计﹑规范﹑招标文件、现场条件、达到使用功能等要求\n[工作内容]\n1.配线",null,"m",400,null,1.08,432]
[{"$nulls":3},"电缆安装"]
[1,"030408001001",null,"电缆 WDUZB-YJY-0.6/1kV-5*16mm2",null,"[项目特征]\n1.名称:电力电缆\n2.型号:WDUZB-YJY\n3.规格:5*16mm2\n4.材质:铜质\n5.敷设方式、部位:综合考虑\n6.电压等级(kV):1kV以下\n7.其他:满足设计﹑规范﹑招标文件、现场条件、达到使用功能等要求\n[工作内容]\n1.电缆敷设\n2.揭(盖)盖板",null,"m",150,null,11.15,1672.5]
["本页小计",{"$nulls":10},2104.5]
["表-09"]
["分部分项工程项目清单计价表"]
["工程名称：漏粉库房电气工程",{"$nulls":8},"第  12  页  共  13  页"]
["序号","项目编码",null,"项目名称",null,"项目特征",null,"计量单位","工程量",null,"金额（元）"]
[{"$nulls":10},"综合单价","合价","其中:暂估价"]
[2,"030408006001",null,"电力电缆头 5*16mm2",null,"[项目特征]\n1.名称:电力电缆头\n2.规格:5*16mm2\n3.材质、类型:铜质\n4.安装部位:综合考虑\n5.电压等级(kV):1kV以下\n6.其他:满足设计﹑规范﹑招标文件、现场条件、达到使用功能等要求\n[工作内容]\n1.电力电缆头制作\n2.电力电缆头安装\n3.接地",null,"个",2,null,62.11,124.22]
[3,"030408001002",null,"电缆 NW-BTTZ-B1-5*6mm2",null,"[项目特征]\n1.名称:矿物绝缘电缆\n2.型号:NW-BTTZ-B1\n3.规格:5*6mm2\n4.材质:铜质\n5.敷设方式、部位:综合考虑\n6.电压等级(kV):1kV以下\n7.其他:满足设计﹑规范﹑招标文件、现场条件、达到使用功能等要求\n[工作内容]\n1.电缆敷设\n2.揭(盖)盖板",null,"m",300,null,4.24,1272]
["本页小计",{"$nulls":10},1396.22]
["表-09"]
["分部分项工程项目清单计价表"]
["工程名称：漏粉库房电气工程",{"$nulls":8},"第  13  页  共  13  页"]
["序号","项目编码",null,"项目名称",null,"项目特征",null,"计量单位","工程量",null,"金额（元）"]
[{"$nulls":10},"综合单价","合价","其中:暂估价"]
[4,"030408006002",null,"矿物绝缘电缆头 5*6mm2",null,"[项目特征]\n1.名称:矿物绝缘电缆\n2.规格:5*6mm2\n3.材质、类型:铜质\n4.安装部位:综合考虑\n5.电压等级(kV):1kV以下\n6.其他:满足设计﹑规范﹑招标文件、现场条件、达到使用功能等要求\n[工作内容]\n1.电力电缆头制作\n2.电力电缆头安装\n3.接地",null,"个",4,null,40.41,161.64]
{"$rows_empty":16}
["本页小计",{"$nulls":10},161.64]
["合   计",{"$nulls":10},24327.79]

{"sheet":"表-09 施工技术措施项目清单计价表【漏粉库房电气工程】","index":27,"n_rows":26,"n_cols":13,"rows_kept":26,"merged":[[0,0,0,12],[1,0,1,12],[2,0,2,5],[2,6,2,8],[2,9,2,12],[3,0,4,0],[3,1,4,2],[3,3,4,4],[3,5,4,6],[3,7,4,7],[3,8,4,9],[3,10,3,12],[5,1,5,2],[5,3,5,6],[5,8,5,9],[6,1,6,2],[6,3,6,4],[6,5,6,6],[6,8,6,9],[7,1,7,2],[7,3,7,4],[7,5,7,6],[7,8,7,9],[8,1,8,2],[8,3,8,4],[8,5,8,6],[8,8,8,9],[9,1,9,2],[9,3,9,4],[9,5,9,6],[9,8,9,9],[10,1,10,2],[10,3,10,4],[10,5,10,6],[10,8,10,9],[11,1,11,2],[11,3,11,4],[11,5,11,6],[11,8,11,9],[12,1,12,2],[12,3,12,4],[12,5,12,6],[12,8,12,9],[13,1,13,2],[13,3,13,4],[13,5,13,6],[13,8,13,9],[14,1,14,2],[14,3,14,4],[14,5,14,6],[14,8,14,9],[15,1,15,2],[15,3,15,4],[15,5,15,6],[15,8,15,9],[16,1,16,2],[16,3,16,4],[16,5,16,6],[16,8,16,9],[17,1,17,2],[17,3,17,4],[17,5,17,6],[17,8,17,9],[18,1,18,2],[18,3,18,4],[18,5,18,6],[18,8,18,9],[19,1,19,2],[19,3,19,4],[19,5,19,6],[19,8,19,9],[20,1,20,2],[20,3,20,4],[20,5,20,6],[20,8,20,9],[21,1,21,2],[21,3,21,4],[21,5,21,6],[21,8,21,9],[22,1,22,2],[22,3,22,4],[22,5,22,6],[22,8,22,9],[23,1,23,2],[23,3,23,4],[23,5,23,6],[23,8,23,9],[24,0,24,10],[25,0,25,10]]}
["表-09"]
["施工技术措施项目清单计价表"]
["工程名称：漏粉库房电气工程",{"$nulls":8},"第  1  页  共  1  页"]
["序号","项目编码",null,"项目名称",null,"项目特征",null,"计量单位","工程量",null,"金额（元）"]
[{"$nulls":10},"综合单价","合价","其中:暂估价"]
[null,"一",null,"施工技术措施项目",{"$nulls":7},781.74]
[1,"031301017002",null,"脚手架搭拆",null,"[项目特征]\n1.搭设方式:综合考虑\n2.搭设高度:综合考虑\n3.脚手架材质:综合考虑\n[工作内容]\n1.场内、场外材料搬运\n2.搭、拆脚手架\n3.拆除脚手架后材料的堆放",null,"项",1,null,781.74,781.74]
{"$rows_empty":17}
["本页小计",{"$nulls":10},781.74]
["合   计",{"$nulls":10},781.74]

{"sheet":"表-10 施工组织措施项目清单计价表【漏粉库房电气工程】","index":28,"n_rows":11,"n_cols":14,"rows_kept":11,"merged":[[0,0,0,10],[0,11,0,13],[1,0,1,13],[2,0,2,4],[2,5,2,10],[2,11,2,13],[3,1,3,2],[3,3,3,5],[3,8,3,9],[3,10,3,11],[4,1,4,2],[4,3,4,5],[4,8,4,9],[4,10,4,11],[5,1,5,2],[5,3,5,5],[5,8,5,9],[5,10,5,11],[6,1,6,2],[6,3,6,5],[6,8,6,9],[6,10,6,11],[7,1,7,2],[7,3,7,5],[7,8,7,9],[7,10,7,11],[8,1,8,2],[8,3,8,5],[8,8,8,9],[8,10,8,11],[9,0,9,7],[9,8,9,9],[9,10,9,11],[10,0,10,13]]}
[{"$nulls":11},"表-10"]
["施工组织措施项目清单计价表"]
["工程名称：漏粉库房电气工程",{"$nulls":10},"第  1  页  共  1  页"]
["序号","项目编码",null,"项目名称",null,null,"计算\n基础","费率\n(%)","金额\n(元)",null,"调整\n费率\n(%)",null,"调整后\n金额\n(元)","备注"]
[1,"031302B02001",null,"组织措施费",null,null,"(分部分项人工费+技术措施人工费-机械（爆破）土石方人工费-机械（爆破）土石方人工费-人工土石方人工费-人工土石方技术措施人工费)+(机械（爆破）土石方人工费+机械（爆破）土石方机械费+机械（爆破）土石方人工费+机械（爆破）土石方机械费)*0.048/费率+(人工土石方人工费+人工土石方技术措施人工费)*0.0222/费率","16.39",2300.84]
[2,"031302001001",null,"安全文明施工费",null,null,"2975.79","100",2975.79]
[3,"031302B03001",null,"建设工程竣工档案编制费",null,null,"(分部分项人工费+技术措施人工费-机械（爆破）土石方人工费-机械（爆破）土石方人工费-人工土石方人工费-人工土石方技术措施人工费)+(机械（爆破）土石方人工费+机械（爆破）土石方机械费+机械（爆破）土石方人工费+机械（爆破）土石方机械费)*0.002/费率+(人工土石方人工费+人工土石方技术措施人工费)*0.0019/费率","1.94",272.34]
[]
[]
["合    计",{"$nulls":7},5548.97]
["注：1.计算基础和费用标准按本市有关费用定额或文件执行。\n    2.根据施工方案计算的措施费，可不填写“计算基础”和“费率”的数值，只填写“金额”数值，但应在备注栏说明施工\n    方案出处或计算方法。"]

{"sheet":"表-12 规费、税金项目计价表【漏粉库房电气工程】","index":29,"n_rows":26,"n_cols":10,"rows_kept":26,"merged":[[0,0,0,7],[0,8,0,9],[1,0,1,9],[2,0,2,3],[2,4,2,7],[2,8,2,9],[3,1,3,4],[3,5,3,6],[3,7,3,8],[4,1,4,4],[4,5,4,6],[4,7,4,8],[5,1,5,4],[5,5,5,6],[5,7,5,8],[6,1,6,4],[6,5,6,6],[6,7,6,8],[7,1,7,4],[7,5,7,6],[7,7,7,8],[8,1,8,4],[8,5,8,6],[8,7,8,8],[9,1,9,4],[9,5,9,6],[9,7,9,8],[10,1,10,4],[10,5,10,6],[10,7,10,8],[11,1,11,4],[11,5,11,6],[11,7,11,8],[12,1,12,4],[12,5,12,6],[12,7,12,8],[13,1,13,4],[13,5,13,6],[13,7,13,8],[14,1,14,4],[14,5,14,6],[14,7,14,8],[15,1,15,4],[15,5,15,6],[15,7,15,8],[16,1,16,4],[16,5,16,6],[16,7,16,8],[17,1,17,4],[17,5,17,6],[17,7,17,8],[18,1,18,4],[18,5,18,6],[18,7,18,8],[19,1,19,4],[19,5,19,6],[19,7,19,8],[20,1,20,4],[20,5,20,6],[20,7,20,8],[21,1,21,4],[21,5,21,6],[21,7,21,8],[22,1,22,4],[22,5,22,6],[22,7,22,8],[23,1,23,4],[23,5,23,6],[23,7,23,8],[24,1,24,4],[24,5,24,6],[24,7,24,8],[25,0,25,8]]}
[{"$nulls":8},"表-12"]
["规费、税金项目计价表"]
["工程名称：漏粉库房电气工程",{"$nulls":7},"第  1  页  共  1  页"]
["序号","项目名称",{"$nulls":3},"计算基础",null,"费率(%)",null,"金额（元）"]
["1","规费",{"$nulls":3},"专业工程规费（人）+机械（爆破）土石方规费（人+机）*0.072/费率+人工土石方规费（人）*0.082/费率",null,"18",null,2526.85]
["2","税金",{"$nulls":3},"2.1 + 2.2 + 2.3",{"$nulls":3},3285.35]
["2.1","增值税",{"$nulls":3},"分部分项工程费+措施项目费+其他项目费+规费-甲供材料费",null,"9",null,2986.68]
["2.2","附加税",{"$nulls":3},"增值税",null,"10",null,298.67]
["2.3","环境保护税",{"$nulls":3},"按实计算"]
{"$rows_empty":16}
["合计",{"$nulls":8},5812.2]

{"sheet":"表-04 单位工程招标控制价汇总表【漏粉库房消防电气工程】","index":30,"n_rows":26,"n_cols":9,"rows_kept":26,"merged":[[0,0,0,6],[0,7,0,8],[1,0,1,8],[2,0,2,3],[2,4,2,6],[2,7,2,8],[3,0,3,1],[3,2,3,5],[3,6,3,7],[4,0,4,1],[4,2,4,5],[4,6,4,7],[5,0,5,1],[5,2,5,5],[5,6,5,7],[6,0,6,1],[6,2,6,5],[6,6,6,7],[7,0,7,1],[7,2,7,5],[7,6,7,7],[8,0,8,1],[8,2,8,5],[8,6,8,7],[9,0,9,1],[9,2,9,5],[9,6,9,7],[10,0,10,1],[10,2,10,5],[10,6,10,7],[11,0,11,1],[11,2,11,5],[11,6,11,7],[12,0,12,1],[12,2,12,5],[12,6,12,7],[13,0,13,1],[13,2,13,5],[13,6,13,7],[14,0,14,1],[14,2,14,5],[14,6,14,7],[15,0,15,1],[15,2,15,5],[15,6,15,7],[16,0,16,1],[16,2,16,5],[16,6,16,7],[17,0,17,1],[17,2,17,5],[17,6,17,7],[18,0,18,1],[18,2,18,5],[18,6,18,7],[19,0,19,1],[19,2,19,5],[19,6,19,7],[20,0,20,1],[20,2,20,5],[20,6,20,7],[21,0,21,1],[21,2,21,5],[21,6,21,7],[22,0,22,1],[22,2,22,5],[22,6,22,7],[23,0,23,1],[23,2,23,5],[23,6,23,7],[24,0,24,5],[24,6,24,7],[25,0,25,8]]}
[{"$nulls":7},"表-04"]
["单位工程招标控制价汇总表"]
["工程名称：漏粉库房消防电气工程",{"$nulls":6},"第  1  页  共  1  页"]
["序号",null,"汇总内容",{"$nulls":3},"金额(元)",null,"其中：暂估价(元)"]
["1",null,"分部分项工程费",{"$nulls":3},16854.36]
["1.1",null,"末端设备安装",{"$nulls":3},4214.6]
["1.2",null,"管线安装",{"$nulls":3},9268.55]
["1.3",null,"调试",{"$nulls":3},3371.21]
["2",null,"措施项目费",{"$nulls":3},4095.26]
["2.1",null,"其中：安全文明施工费",{"$nulls":3},2159.06]
["3",null,"其他项目费"]
["4",null,"规费",{"$nulls":3},1848.51,null,"－"]
["5",null,"税金",{"$nulls":3},2257.01,null,"－"]
{"$rows_empty":11}
["投标报价合计=1+2+3+4+5",{"$nulls":5},"25,055.14"]
["注：1.本表适用于单位工程招标控制价或投标报价的汇总，如无单位工程划分，单项工程也使用本表汇总。 \n    2.分部分项工程、措施项目中暂估价中应填写材料、工程设备暂估价，其他项目中暂估价应填写专业工程暂估价。"]

{"sheet":"表-08 措施项目汇总表【漏粉库房消防电气工程】","index":31,"n_rows":26,"n_cols":6,"rows_kept":26,"merged":[[0,0,0,5],[1,0,1,5],[2,0,2,1],[2,2,2,3],[2,4,2,5],[3,0,4,0],[3,1,4,2],[3,3,3,5],[4,3,4,4],[5,1,5,2],[5,3,5,4],[6,1,6,2],[6,3,6,4],[7,1,7,2],[7,3,7,4],[8,1,8,2],[8,3,8,4],[9,1,9,2],[9,3,9,4],[10,1,10,2],[10,3,10,4],[11,1,11,2],[11,3,11,4],[12,1,12,2],[12,3,12,4],[13,1,13,2],[13,3,13,4],[14,1,14,2],[14,3,14,4],[15,1,15,2],[15,3,15,4],[16,1,16,2],[16,3,16,4],[17,1,17,2],[17,3,17,4],[18,1,18,2],[18,3,18,4],[19,1,19,2],[19,3,19,4],[20,1,20,2],[20,3,20,4],[21,1,21,2],[21,3,21,4],[22,1,22,2],[22,3,22,4],[23,1,23,2],[23,3,23,4],[24,1,24,2],[24,3,24,4],[25,0,25,2],[25,3,25,4]]}
["表-08"]
["措施项目汇总表"]
["工程名称：漏粉库房消防电气工程",{"$nulls":3},"第 1 页  共 1 页"]
["序号","项目名称",null,"金额(元)"]
[{"$nulls":3},"合价",null,"其中：暂估价"]
["1","施工技术措施项目",null,605.28]
["2","施工组织措施项目",null,3489.98]
["2.1","其中：安全文明施工费",null,2159.06]
["2.2","建设工程竣工档案编制费",null,197.17]
{"$rows_empty":16}
["措施项目费合计=1+2",null,null,4095.26]

{"sheet":"表-09 分部分项工程项目清单计价表【漏粉库房消防电气工程】","index":32,"n_rows":91,"n_cols":13,"rows_kept":91,"merged":[[0,0,0,13],[1,0,1,13],[2,0,2,5],[2,6,2,8],[2,9,2,13],[3,0,4,0],[3,1,4,2],[3,3,4,4],[3,5,4,6],[3,7,4,7],[3,8,4,9],[3,10,3,12],[5,1,5,2],[5,3,5,6],[5,8,5,9],[6,1,6,2],[6,3,6,4],[6,5,6,6],[6,8,6,9],[7,1,7,2],[7,3,7,4],[7,5,7,6],[7,8,7,9],[8,0,8,10],[9,0,9,13],[10,0,10,13],[11,0,11,5],[11,6,11,8],[11,9,11,13],[12,0,13,0],[12,1,13,2],[12,3,13,4],[12,5,13,6],[12,7,13,7],[12,8,13,9],[12,10,12,12],[14,1,14,2],[14,3,14,4],[14,5,14,6],[14,8,14,9],[15,1,15,2],[15,3,15,4],[15,5,15,6],[15,8,15,9],[16,1,16,2],[16,3,16,4],[16,5,16,6],[16,8,16,9],[17,0,17,10],[18,0,18,13],[19,0,19,13],[20,0,20,5],[20,6,20,8],[20,9,20,13],[21,0,22,0],[21,1,22,2],[21,3,22,4],[21,5,22,6],[21,7,22,7],[21,8,22,9],[21,10,21,12],[23,1,23,2],[23,3,23,4],[23,5,23,6],[23,8,23,9],[24,1,24,2],[24,3,24,4],[24,5,24,6],[24,8,24,9],[25,1,25,2],[25,3,25,4],[25,5,25,6],[25,8,25,9],[26,0,26,10],[27,0,27,13],[28,0,28,13],[29,0,29,5],[29,6,29,8],[29,9,29,13],[30,0,31,0],[30,1,31,2],[30,3,31,4],[30,5,31,6],[30,7,31,7],[30,8,31,9],[30,10,30,12],[32,1,32,2],[32,3,32,4],[32,5,32,6],[32,8,32,9],[33,1,33,2],[33,3,33,4],[33,5,33,6],[33,8,33,9],[34,1,34,2],[34,3,34,6],[34,8,34,9],[35,0,35,10],[36,0,36,13],[37,0,37,13],[38,0,38,5],[38,6,38,8],[38,9,38,13],[39,0,40,0],[39,1,40,2],[39,3,40,4],[39,5,40,6],[39,7,40,7],[39,8,40,9],[39,10,39,12],[41,1,41,2],[41,3,41,4],[41,5,41,6],[41,8,41,9],[42,1,42,2],[42,3,42,4],[42,5,42,6],[42,8,42,9],[43,0,43,10],[44,0,44,13],[45,0,45,13],[46,0,46,5],[46,6,46,8],[46,9,46,13],[47,0,48,0],[47,1,48,2],[47,3,48,4],[47,5,48,6],[47,7,48,7],[47,8,48,9],[47,10,47,12],[49,1,49,2],[49,3,49,4],[49,5,49,6],[49,8,49,9],[50,1,50,2],[50,3,50,4],[50,5,50,6],[50,8,50,9],[51,0,51,10],[52,0,52,13],[53,0,53,13],[54,0,54,5],[54,6,54,8],[54,9,54,13],[55,0,56,0],[55,1,56,2],[55,3,56,4],[55,5,56,6],[55,7,56,7],[55,8,56,9],[55,10,55,12],[57,1,57,2],[57,3,57,4],[57,5,57,6],[57,8,57,9],[58,1,58,2],[58,3,58,4],[58,5,58,6],[58,8,58,9],[59,1,59,2],[59,3,59,6],[59,8,59,9],[60,1,60,2],[60,3,60,4],[60,5,60,6],[60,8,60,9],[61,0,61,10],[62,0,62,13],[63,0,63,13],[64,0,64,5],[64,6,64,8],[64,9,64,13],[65,0,66,0],[65,1,66,2],[65,3,66,4],[65,5,66,6],[65,7,66,7],[65,8,66,9],[65,10,65,12],[67,1,67,2],[67,3,67,4],[67,5,67,6],[67,8,67,9],[68,1,68,2],[68,3,68,4],[68,5,68,6],[68,8,68,9],[69,1,69,2],[69,3,69,4],[69,5,69,6],[69,8,69,9],[70,1,70,2],[70,3,70,4],[70,5,70,6],[70,8,70,9],[71,1,71,2],[71,3,71,4],[71,5,71,6],[71,8,71,9],[72,1,72,2],[72,3,72,4],[72,5,72,6],[72,8,72,9],[73,1,73,2],[73,3,73,4],[73,5,73,6],[73,8,73,9],[74,1,74,2],[74,3,74,4],[74,5,74,6],[74,8,74,9],[75,1,75,2],[75,3,75,4],[75,5,75,6],[75,8,75,9],[76,1,76,2],[76,3,76,4],[76,5,76,6],[76,8,76,9],[77,1,77,2],[77,3,77,4],[77,5,77,6],[77,8,77,9],[78,1,78,2],[78,3,78,4],[78,5,78,6],[78,8,78,9],[79,1,79,2],[79,3,79,4],[79,5,79,6],[79,8,79,9],[80,1,80,2],[80,3,80,4],[80,5,80,6],[80,8,80,9],[81,1,81,2],[81,3,81,4],[81,5,81,6],[81,8,81,9],[82,1,82,2],[82,3,82,4],[82,5,82,6],[82,8,82,9],[83,1,83,2],[83,3,83,4],[83,5,83,6],[83,8,83,9],[84,1,84,2],[84,3,84,4],[84,5,84,6],[84,8,84,9],[85,1,85,2],[85,3,85,4],[85,5,85,6],[85,8,85,9],[86,1,86,2],[86,3,86,4],[86,5,86,6],[86,8,86,9],[87,1,87,2],[87,3,87,4],[87,5,87,6],[87,8,87,9],[88,1,88,2],[88,3,88,4],[88,5,88,6],[88,8,88,9],[89,0,89,10],[90,0,90,10]]}
["表-09"]
["分部分项工程项目清单计价表"]
["工程名称：漏粉库房消防电气工程",{"$nulls":8},"第  1  页  共  8  页"]
["序号","项目编码",null,"项目名称",null,"项目特征",null,"计量单位","工程量",null,"金额（元）"]
[{"$nulls":10},"综合单价","合价","其中:暂估价"]
[{"$nulls":3},"末端设备安装"]
[1,"030904008001",null,"接线端子箱",null,"[项目特征]\n1.名称:接线端子箱\n2.规格:JBF-11A/X\n3.类型:满足设计及规范要求\n4.其他:满足设计﹑规范﹑招标文件、现场条件、达到使用功能等要求\n[工作内容]\n1.安装\n2.校接线",null,"个",1,null,42.89,42.89]
[2,"030904001001",null,"编码型感烟探测器（含底座）",null,"[项目特征]\n1.名称:编码型感烟探测器（含底座）\n2.规格、型号:JBF4101\n3.线制:满足设计及规范要求\n4.类型:点型\n5.其他:满足设计﹑规范﹑招标文件、现场条件、达到使用功能等要求\n[工作内容]\n1.底座安装\n2.探头安装\n3.校接线\n4.编码\n5.探测器调试",null,"个",28,null,46.22,1294.16]
["本页小计",{"$nulls":10},1337.05]
["表-09"]
["分部分项工程项目清单计价表"]
["工程名称：漏粉库房消防电气工程",{"$nulls":8},"第  2  页  共  8  页"]
["序号","项目编码",null,"项目名称",null,"项目特征",null,"计量单位","工程量",null,"金额（元）"]
[{"$nulls":10},"综合单价","合价","其中:暂估价"]
[3,"030904003001",null,"手动报警按钮带插孔（含底座）",null,"[项目特征]\n1.名称:手动报警按钮带插孔（含底座）\n2.规格、型号:J-SAP-JBF-301-EX\n3.其他:满足设计﹑规范﹑招标文件、现场条件、达到使用功能等要求\n[工作内容]\n1.安装\n2.校接线\n3.编码\n4.调试",null,"个",4,null,39.06,156.24]
[4,"030904003002",null,"消火栓按钮（含底座）",null,"[项目特征]\n1.名称:消火栓按钮（含底座）\n2.规格、型号:JBF4123\n3.安装方式:消火栓箱内\n[工作内容]\n1.安装\n2.校接线\n3.编码\n4.调试",null,"个",10,null,74.82,748.2]
[5,"030904005001",null,"声光报警装置（含底座）",null,"[项目特征]\n1.名称:声光报警装置（含底座）\n2.规格、规格:JBF4372E\n3.其他:满足设计﹑规范﹑招标文件、现场条件、达到使用功能等要求\n[工作内容]\n1.安装\n2.校接线\n3.编码\n4.调试",null,"个",4,null,51.39,205.56]
["本页小计",{"$nulls":10},1110]
["表-09"]
["分部分项工程项目清单计价表"]
["工程名称：漏粉库房消防电气工程",{"$nulls":8},"第  3  页  共  8  页"]
["序号","项目编码",null,"项目名称",null,"项目特征",null,"计量单位","工程量",null,"金额（元）"]
[{"$nulls":10},"综合单价","合价","其中:暂估价"]
[6,"030904007001",null,"火灾警报扬声器",null,"[项目特征]\n1.名称:火灾警报扬声器\n2.规格:WY-XD5-6\n3.其他:满足设计﹑规范﹑招标文件、现场条件、达到使用功能等要求\n[工作内容]\n1.安装\n2.校接线\n3.编码\n4.调试",null,"个",6,null,45.66,273.96]
[7,"030904008002",null,"总线隔离模块（含底座）",null,"[项目特征]\n1.名称:总线隔离模块（含底座）\n2.规格、型号:JBF4171\n3.输出形式:满足设计及规范要求\n4.其他:满足设计﹑规范﹑招标文件、现场条件、达到使用功能等要求\n[工作内容]\n1.安装\n2.校接线\n3.编码\n4.调试",null,"个",3,null,187.15,561.45]
[8,"030904008003",null,"单输入/单输出模块（含底座）",null,"[项目特征]\n1.名称:单输入/单输出模块（含底座）\n2.规格、型号:JBF4141\n3.输出形式:满足设计及规范要求\n4.其他:满足设计﹑规范﹑招标文件、现场条件、达到使用功能等要求\n[工作内容]\n1.安装\n2.校接线\n3.编码\n4.调试",null,"个",2,null,187.09,374.18]
["本页小计",{"$nulls":10},1209.59]
["表-09"]
["分部分项工程项目清单计价表"]
["工程名称：漏粉库房消防电气工程",{"$nulls":8},"第  4  页  共  8  页"]
["序号","项目编码",null,"项目名称",null,"项目特征",null,"计量单位","工程量",null,"金额（元）"]
[{"$nulls":10},"综合单价","合价","其中:暂估价"]
[9,"030904008004",null,"单输入模块（含底座）",null,"[项目特征]\n1.名称:单输入模块（含底座）\n2.规格、型号:JBF4141\n3.输出形式:满足设计及规范要求\n4.其他:满足设计﹑规范﹑招标文件、现场条件、达到使用功能等要求\n[工作内容]\n1.安装\n2.校接线\n3.编码\n4.调试",null,"个",1,null,197.16,197.16]
[10,"030411006003",null,"钢制接线盒",null,"[项目特征]\n1.名称:接线盒\n2.材质:钢制\n3.规格:86型\n4.安装形式:综合考虑\n5.其他:满足设计﹑规范﹑招标文件、现场条件、达到使用功能等要求\n[工作内容]\n1.本体安装",null,"个",55,null,6.56,360.8]
[{"$nulls":3},"管线安装"]
["本页小计",{"$nulls":10},557.96]
["表-09"]
["分部分项工程项目清单计价表"]
["工程名称：漏粉库房消防电气工程",{"$nulls":8},"第  5  页  共  8  页"]
["序号","项目编码",null,"项目名称",null,"项目特征",null,"计量单位","工程量",null,"金额（元）"]
[{"$nulls":10},"综合单价","合价","其中:暂估价"]
[1,"030411001006",null,"配管SC20，沿钢构",null,"[项目特征]\n1.名称:配管\n2.材质:镀锌钢管\n3.规格:SC20mm\n4.最小公称壁厚:2.2mm\n5.敷设方式:沿钢构\n6.接地要求:满足设计及规范要求\n7.其他:满足设计﹑规范﹑招标文件、现场条件、达到使用功能等要求\n[工作内容]\n1.电线管路敷设\n2.接地",null,"m",788.56,null,10.1,7964.46]
[2,"030411004006",null,"管内穿线 WDUZBN-BYJ-B1-2.5mm2",null,"[项目特征]\n1.名称:配线\n2.配线形式:管内穿线\n3.型号:WDUZBN-BYJ-B1\n4.规格:2.5mm2\n5.材质:铜质\n6.配线部位:综合\n7.配线线制:综合\n8.其他:满足设计﹑规范﹑招标文件、现场条件、达到使用功能等要求\n[工作内容]\n1.配线",null,"m",256.36,null,1.13,289.69]
["本页小计",{"$nulls":10},8254.15]
["表-09"]
["分部分项工程项目清单计价表"]
["工程名称：漏粉库房消防电气工程",{"$nulls":8},"第  6  页  共  8  页"]
["序号","项目编码",null,"项目名称",null,"项目特征",null,"计量单位","工程量",null,"金额（元）"]
[{"$nulls":10},"综合单价","合价","其中:暂估价"]
[3,"030411004007",null,"管内穿线 WDUZBN-RYJS-2*1.5mm2",null,"[项目特征]\n1.名称:配线\n2.配线形式:管内穿线\n3.型号:WDUZBN-RYJS\n4.规格:2*1.5mm2\n5.材质:铜质\n6.配线部位:综合\n7.配线线制:综合\n8.其他:满足设计﹑规范﹑招标文件、现场条件、达到使用功能等要求\n[工作内容]\n1.配线",null,"m",412.21,null,1.51,622.44]
[4,"030411004008",null,"管内穿线 WDUZBN-RYSP-2*1.0mm2",null,"[项目特征]\n1.名称:配线\n2.配线形式:管内穿线\n3.型号:WDUZBN-RYSP\n4.规格:2*1.0mm2\n5.材质:铜质\n6.配线部位:综合\n7.配线线制:综合\n8.其他:满足设计﹑规范﹑招标文件、现场条件、达到使用功能等要求\n[工作内容]\n1.配线",null,"m",103.96,null,0.94,97.72]
["本页小计",{"$nulls":10},720.16]
["表-09"]
["分部分项工程项目清单计价表"]
["工程名称：漏粉库房消防电气工程",{"$nulls":8},"第  7  页  共  8  页"]
["序号","项目编码",null,"项目名称",null,"项目特征",null,"计量单位","工程量",null,"金额（元）"]
[{"$nulls":10},"综合单价","合价","其中:暂估价"]
[5,"030411004009",null,"管内穿线 WDUZBN-RYY-2*1.5mm2",null,"[项目特征]\n1.名称:配线\n2.配线形式:管内穿线\n3.型号:WDUZBN-RYY\n4.规格:2*1.5mm2\n5.材质:铜质\n6.配线部位:综合\n7.配线线制:综合\n8.其他:满足设计﹑规范﹑招标文件、现场条件、达到使用功能等要求\n[工作内容]\n1.配线",null,"m",109.18,null,1.02,111.36]
[6,"030408002001",null,"控制电缆 WDUZBN-KYJY-B1-10*1.5mm2",null,"[项目特征]\n1.名称:控制电缆\n2.型号:WDUZBN-KYJY-B1\n3.规格:10*1.5mm2\n4.材质:铜芯\n5.敷设方式、部位:满足设计及相关规范要求\n6.电压等级(kV):0.6/1kv\n7.其他:满足设计﹑规范﹑招标文件、现场条件、达到使用功能等要求\n[工作内容]\n1.电缆敷设\n2.揭(盖)盖板",null,"m",37.02,null,4.94,182.88]
[{"$nulls":3},"调试"]
[1,"030905001001",null,"自动报警系统调试",null,"[项目特征]\n1.调试部位:漏粉库房\n[工作内容]\n1.系统调试",null,"系统",1,null,3095.21,3095.21]
["本页小计",{"$nulls":10},3389.45]
["表-09"]
["分部分项工程项目清单计价表"]
["工程名称：漏粉库房消防电气工程",{"$nulls":8},"第  8  页  共  8  页"]
["序号","项目编码",null,"项目名称",null,"项目特征",null,"计量单位","工程量",null,"金额（元）"]
[{"$nulls":10},"综合单价","合价","其中:暂估价"]
[2,"030905003001",null,"消防广播及电话插孔调试",null,"[项目特征]\n1.名称:消防广播及电话插孔调试\n2.类型:满足设计及规范要求\n[工作内容]\n1.调试",null,"个",10,null,27.6,276]
{"$rows_empty":21}
["本页小计",{"$nulls":10},276]
["合   计",{"$nulls":10},16854.36]

{"sheet":"表-09 施工技术措施项目清单计价表【漏粉库房消防电气工程】","index":33,"n_rows":32,"n_cols":13,"rows_kept":32,"merged":[[0,0,0,12],[1,0,1,12],[2,0,2,5],[2,6,2,8],[2,9,2,12],[3,0,4,0],[3,1,4,2],[3,3,4,4],[3,5,4,6],[3,7,4,7],[3,8,4,9],[3,10,3,12],[5,1,5,2],[5,3,5,6],[5,8,5,9],[6,1,6,2],[6,3,6,4],[6,5,6,6],[6,8,6,9],[7,1,7,2],[7,3,7,4],[7,5,7,6],[7,8,7,9],[8,1,8,2],[8,3,8,4],[8,5,8,6],[8,8,8,9],[9,1,9,2],[9,3,9,4],[9,5,9,6],[9,8,9,9],[10,1,10,2],[10,3,10,4],[10,5,10,6],[10,8,10,9],[11,1,11,2],[11,3,11,4],[11,5,11,6],[11,8,11,9],[12,1,12,2],[12,3,12,4],[12,5,12,6],[12,8,12,9],[13,1,13,2],[13,3,13,4],[13,5,13,6],[13,8,13,9],[14,1,14,2],[14,3,14,4],[14,5,14,6],[14,8,14,9],[15,1,15,2],[15,3,15,4],[15,5,15,6],[15,8,15,9],[16,1,16,2],[16,3,16,4],[16,5,16,6],[16,8,16,9],[17,1,17,2],[17,3,17,4],[17,5,17,6],[17,8,17,9],[18,1,18,2],[18,3,18,4],[18,5,18,6],[18,8,18,9],[19,1,19,2],[19,3,19,4],[19,5,19,6],[19,8,19,9],[20,1,20,2],[20,3,20,4],[20,5,20,6],[20,8,20,9],[21,1,21,2],[21,3,21,4],[21,5,21,6],[21,8,21,9],[22,1,22,2],[22,3,22,4],[22,5,22,6],[22,8,22,9],[23,1,23,2],[23,3,23,4],[23,5,23,6],[23,8,23,9],[24,1,24,2],[24,3,24,4],[24,5,24,6],[24,8,24,9],[25,1,25,2],[25,3,25,4],[25,5,25,6],[25,8,25,9],[26,1,26,2],[26,3,26,4],[26,5,26,6],[26,8,26,9],[27,1,27,2],[27,3,27,4],[27,5,27,6],[27,8,27,9],[28,1,28,2],[28,3,28,4],[28,5,28,6],[28,8,28,9],[29,1,29,2],[29,3,29,4],[29,5,29,6],[29,8,29,9],[30,0,30,10],[31,0,31,10]]}
["表-09"]
["施工技术措施项目清单计价表"]
["工程名称：漏粉库房消防电气工程",{"$nulls":8},"第  1  页  共  1  页"]
["序号","项目编码",null,"项目名称",null,"项目特征",null,"计量单位","工程量",null,"金额（元）"]
[{"$nulls":10},"综合单价","合价","其中:暂估价"]
[null,"一",null,"施工技术措施项目",{"$nulls":7},605.28]
[1,"031301017003",null,"脚手架搭拆",{"$nulls":3},"项",1,null,605.28,605.28]
{"$rows_empty":23}
["本页小计",{"$nulls":10},605.28]
["合   计",{"$nulls":10},605.28]

{"sheet":"表-10 施工组织措施项目清单计价表【漏粉库房消防电气工程】","index":34,"n_rows":11,"n_cols":14,"rows_kept":11,"merged":[[0,0,0,10],[0,11,0,13],[1,0,1,13],[2,0,2,4],[2,5,2,10],[2,11,2,13],[3,1,3,2],[3,3,3,5],[3,8,3,9],[3,10,3,11],[4,1,4,2],[4,3,4,5],[4,8,4,9],[4,10,4,11],[5,1,5,2],[5,3,5,5],[5,8,5,9],[5,10,5,11],[6,1,6,2],[6,3,6,5],[6,8,6,9],[6,10,6,11],[7,1,7,2],[7,3,7,5],[7,8,7,9],[7,10,7,11],[8,1,8,2],[8,3,8,5],[8,8,8,9],[8,10,8,11],[9,0,9,7],[9,8,9,9],[9,10,9,11],[10,0,10,13]]}
[{"$nulls":11},"表-10"]
["施工组织措施项目清单计价表"]
["工程名称：漏粉库房消防电气工程",{"$nulls":10},"第  1  页  共  1  页"]
["序号","项目编码",null,"项目名称",null,null,"计算\n基础","费率\n(%)","金额\n(元)",null,"调整\n费率\n(%)",null,"调整后\n金额\n(元)","备注"]
[1,"031302B02001",null,"组织措施费",null,null,"(分部分项人工费+技术措施人工费-机械（爆破）土石方人工费-机械（爆破）土石方人工费-人工土石方人工费-人工土石方技术措施人工费)+(机械（爆破）土石方人工费+机械（爆破）土石方机械费+机械（爆破）土石方人工费+机械（爆破）土石方机械费)*0.048/费率+(人工土石方人工费+人工土石方技术措施人工费)*0.0222/费率","11.04",1133.75]
[2,"031302001001",null,"安全文明施工费",null,null,"2159.06","100",2159.06]
[3,"031302B03001",null,"建设工程竣工档案编制费",null,null,"(分部分项人工费+技术措施人工费-机械（爆破）土石方人工费-机械（爆破）土石方人工费-人工土石方人工费-人工土石方技术措施人工费)+(机械（爆破）土石方人工费+机械（爆破）土石方机械费+机械（爆破）土石方人工费+机械（爆破）土石方机械费)*0.002/费率+(人工土石方人工费+人工土石方技术措施人工费)*0.0019/费率","1.92",197.17]
[]
[]
["合    计",{"$nulls":7},3489.98]
["注：1.计算基础和费用标准按本市有关费用定额或文件执行。\n    2.根据施工方案计算的措施费，可不填写“计算基础”和“费率”的数值，只填写“金额”数值，但应在备注栏说明施工\n    方案出处或计算方法。"]

{"sheet":"表-12 规费、税金项目计价表【漏粉库房消防电气工程】","index":35,"n_rows":26,"n_cols":10,"rows_kept":26,"merged":[[0,0,0,7],[0,8,0,9],[1,0,1,9],[2,0,2,3],[2,4,2,7],[2,8,2,9],[3,1,3,4],[3,5,3,6],[3,7,3,8],[4,1,4,4],[4,5,4,6],[4,7,4,8],[5,1,5,4],[5,5,5,6],[5,7,5,8],[6,1,6,4],[6,5,6,6],[6,7,6,8],[7,1,7,4],[7,5,7,6],[7,7,7,8],[8,1,8,4],[8,5,8,6],[8,7,8,8],[9,1,9,4],[9,5,9,6],[9,7,9,8],[10,1,10,4],[10,5,10,6],[10,7,10,8],[11,1,11,4],[11,5,11,6],[11,7,11,8],[12,1,12,4],[12,5,12,6],[12,7,12,8],[13,1,13,4],[13,5,13,6],[13,7,13,8],[14,1,14,4],[14,5,14,6],[14,7,14,8],[15,1,15,4],[15,5,15,6],[15,7,15,8],[16,1,16,4],[16,5,16,6],[16,7,16,8],[17,1,17,4],[17,5,17,6],[17,7,17,8],[18,1,18,4],[18,5,18,6],[18,7,18,8],[19,1,19,4],[19,5,19,6],[19,7,19,8],[20,1,20,4],[20,5,20,6],[20,7,20,8],[21,1,21,4],[21,5,21,6],[21,7,21,8],[22,1,22,4],[22,5,22,6],[22,7,22,8],[23,1,23,4],[23,5,23,6],[23,7,23,8],[24,1,24,4],[24,5,24,6],[24,7,24,8],[25,0,25,8]]}
[{"$nulls":8},"表-12"]
["规费、税金项目计价表"]
["工程名称：漏粉库房消防电气工程",{"$nulls":7},"第  1  页  共  1  页"]
["序号","项目名称",{"$nulls":3},"计算基础",null,"费率(%)",null,"金额（元）"]
["1","规费",{"$nulls":3},"专业工程规费（人）+机械（爆破）土石方规费（人+机）*0.072/费率+人工土石方规费（人）*0.082/费率",null,"18",null,1848.51]
["2","税金",{"$nulls":3},"2.1 + 2.2 + 2.3",{"$nulls":3},2257.01]
["2.1","增值税",{"$nulls":3},"分部分项工程费+措施项目费+其他项目费+规费-甲供材料费",null,"9",null,2051.83]
["2.2","附加税",{"$nulls":3},"增值税",null,"10",null,205.18]
["2.3","环境保护税",{"$nulls":3},"按实计算"]
{"$rows_empty":16}
["合计",{"$nulls":8},4105.52]

{"sheet":"表-04 单位工程招标控制价汇总表【拆除工程】_1","index":36,"n_rows":26,"n_cols":9,"rows_kept":26,"merged":[[0,0,0,6],[0,7,0,8],[1,0,1,8],[2,0,2,3],[2,4,2,6],[2,7,2,8],[3,0,3,1],[3,2,3,5],[3,6,3,7],[4,0,4,1],[4,2,4,5],[4,6,4,7],[5,0,5,1],[5,2,5,5],[5,6,5,7],[6,0,6,1],[6,2,6,5],[6,6,6,7],[7,0,7,1],[7,2,7,5],[7,6,7,7],[8,0,8,1],[8,2,8,5],[8,6,8,7],[9,0,9,1],[9,2,9,5],[9,6,9,7],[10,0,10,1],[10,2,10,5],[10,6,10,7],[11,0,11,1],[11,2,11,5],[11,6,11,7],[12,0,12,1],[12,2,12,5],[12,6,12,7],[13,0,13,1],[13,2,13,5],[13,6,13,7],[14,0,14,1],[14,2,14,5],[14,6,14,7],[15,0,15,1],[15,2,15,5],[15,6,15,7],[16,0,16,1],[16,2,16,5],[16,6,16,7],[17,0,17,1],[17,2,17,5],[17,6,17,7],[18,0,18,1],[18,2,18,5],[18,6,18,7],[19,0,19,1],[19,2,19,5],[19,6,19,7],[20,0,20,1],[20,2,20,5],[20,6,20,7],[21,0,21,1],[21,2,21,5],[21,6,21,7],[22,0,22,1],[22,2,22,5],[22,6,22,7],[23,0,23,1],[23,2,23,5],[23,6,23,7],[24,0,24,5],[24,6,24,7],[25,0,25,8]]}
[{"$nulls":7},"表-04"]
["单位工程招标控制价汇总表"]
["工程名称：拆除工程",{"$nulls":6},"第  1  页  共  1  页"]
["序号",null,"汇总内容",{"$nulls":3},"金额(元)",null,"其中：暂估价(元)"]
["1",null,"分部分项工程费",{"$nulls":3},13209.15]
["1.1",null,"拆除工程",{"$nulls":3},13209.15]
["2",null,"措施项目费",{"$nulls":3},1149.32]
["2.1",null,"其中：安全文明施工费",{"$nulls":3},508.67]
["3",null,"其他项目费"]
["4",null,"规费",{"$nulls":3},796.66,null,"－"]
["5",null,"税金",{"$nulls":3},1500.36,null,"－"]
{"$rows_empty":13}
["投标报价合计=1+2+3+4+5",{"$nulls":5},"16,655.49"]
["注：1.本表适用于单位工程招标控制价或投标报价的汇总，如无单位工程划分，单项工程也使用本表汇总。 \n    2.分部分项工程、措施项目中暂估价中应填写材料、工程设备暂估价，其他项目中暂估价应填写专业工程暂估价。"]

{"sheet":"表-08 措施项目汇总表【拆除工程】_1","index":37,"n_rows":26,"n_cols":6,"rows_kept":26,"merged":[[0,0,0,5],[1,0,1,5],[2,0,2,1],[2,2,2,3],[2,4,2,5],[3,0,4,0],[3,1,4,2],[3,3,3,5],[4,3,4,4],[5,1,5,2],[5,3,5,4],[6,1,6,2],[6,3,6,4],[7,1,7,2],[7,3,7,4],[8,1,8,2],[8,3,8,4],[9,1,9,2],[9,3,9,4],[10,1,10,2],[10,3,10,4],[11,1,11,2],[11,3,11,4],[12,1,12,2],[12,3,12,4],[13,1,13,2],[13,3,13,4],[14,1,14,2],[14,3,14,4],[15,1,15,2],[15,3,15,4],[16,1,16,2],[16,3,16,4],[17,1,17,2],[17,3,17,4],[18,1,18,2],[18,3,18,4],[19,1,19,2],[19,3,19,4],[20,1,20,2],[20,3,20,4],[21,1,21,2],[21,3,21,4],[22,1,22,2],[22,3,22,4],[23,1,23,2],[23,3,23,4],[24,1,24,2],[24,3,24,4],[25,0,25,2],[25,3,25,4]]}
["表-08"]
["措施项目汇总表"]
["工程名称：拆除工程",{"$nulls":3},"第 1 页  共 1 页"]
["序号","项目名称",null,"金额(元)"]
[{"$nulls":3},"合价",null,"其中：暂估价"]
["2","施工组织措施项目",null,1149.32]
["2.1","其中：安全文明施工费",null,508.67]
["2.2","建设工程竣工档案编制费",null,26.56]
{"$rows_empty":17}
["措施项目费合计=1+2",null,null,1149.32]

{"sheet":"表-09 分部分项工程项目清单计价表【拆除工程】_1","index":38,"n_rows":47,"n_cols":13,"rows_kept":47,"merged":[[0,0,0,13],[1,0,1,13],[2,0,2,5],[2,6,2,8],[2,9,2,13],[3,0,4,0],[3,1,4,2],[3,3,4,4],[3,5,4,6],[3,7,4,7],[3,8,4,9],[3,10,3,12],[5,1,5,2],[5,3,5,6],[5,8,5,9],[6,1,6,2],[6,3,6,4],[6,5,6,6],[6,8,6,9],[7,1,7,2],[7,3,7,4],[7,5,7,6],[7,8,7,9],[8,0,8,10],[9,0,9,13],[10,0,10,13],[11,0,11,5],[11,6,11,8],[11,9,11,13],[12,0,13,0],[12,1,13,2],[12,3,13,4],[12,5,13,6],[12,7,13,7],[12,8,13,9],[12,10,12,12],[14,1,14,2],[14,3,14,4],[14,5,14,6],[14,8,14,9],[15,0,15,10],[16,0,16,13],[17,0,17,13],[18,0,18,5],[18,6,18,8],[18,9,18,13],[19,0,20,0],[19,1,20,2],[19,3,20,4],[19,5,20,6],[19,7,20,7],[19,8,20,9],[19,10,19,12],[21,1,21,2],[21,3,21,4],[21,5,21,6],[21,8,21,9],[22,1,22,2],[22,3,22,4],[22,5,22,6],[22,8,22,9],[23,0,23,10],[24,0,24,13],[25,0,25,13],[26,0,26,5],[26,6,26,8],[26,9,26,13],[27,0,28,0],[27,1,28,2],[27,3,28,4],[27,5,28,6],[27,7,28,7],[27,8,28,9],[27,10,27,12],[29,1,29,2],[29,3,29,4],[29,5,29,6],[29,8,29,9],[30,1,30,2],[30,3,30,4],[30,5,30,6],[30,8,30,9],[31,0,31,10],[32,0,32,13],[33,0,33,13],[34,0,34,5],[34,6,34,8],[34,9,34,13],[35,0,36,0],[35,1,36,2],[35,3,36,4],[35,5,36,6],[35,7,36,7],[35,8,36,9],[35,10,35,12],[37,1,37,2],[37,3,37,4],[37,5,37,6],[37,8,37,9],[38,1,38,2],[38,3,38,4],[38,5,38,6],[38,8,38,9],[39,1,39,2],[39,3,39,4],[39,5,39,6],[39,8,39,9],[40,1,40,2],[40,3,40,4],[40,5,40,6],[40,8,40,9],[41,1,41,2],[41,3,41,4],[41,5,41,6],[41,8,41,9],[42,1,42,2],[42,3,42,4],[42,5,42,6],[42,8,42,9],[43,1,43,2],[43,3,43,4],[43,5,43,6],[43,8,43,9],[44,1,44,2],[44,3,44,4],[44,5,44,6],[44,8,44,9],[45,0,45,10],[46,0,46,10]]}
["表-09"]
["分部分项工程项目清单计价表"]
["工程名称：拆除工程",{"$nulls":8},"第  1  页  共  5  页"]
["序号","项目编码",null,"项目名称",null,"项目特征",null,"计量单位","工程量",null,"金额（元）"]
[{"$nulls":10},"综合单价","合价","其中:暂估价"]
[{"$nulls":3},"拆除工程"]
[1,"011610002003",null,"原有卷帘门拆除",null,"[项目特征]\n1.室内高度:根据现场实际情况综合考虑\n2.门窗洞口尺寸:根据现场实际情况综合考虑\n3.场内运距:由投标人根据施工现场实际情况自行考虑决定报价\n4.其他:投标人应充分考虑满足招标文件、技术标准及要求，满足拆除方案、相关规范、验收规范、业主及相关主管部门的相关要求\n[工作内容]\n1.拆除\n2.控制扬尘\n3.清理\n4.场内运输",null,"m2",121.5,null,10.98,1334.07]
[2,"011610002004",null,"原有窗拆除",null,"[项目特征]\n1.室内高度:根据现场实际情况综合考虑\n2.门窗洞口尺寸:根据现场实际情况综合考虑\n3.场内运距:由投标人根据施工现场实际情况自行考虑决定报价\n4.其他:投标人应充分考虑满足招标文件、技术标准及要求，满足拆除方案、相关规范、验收规范、业主及相关主管部门的相关要求\n[工作内容]\n1.拆除\n2.控制扬尘\n3.清理\n4.场内运输",null,"m2",115.2,null,16.59,1911.17]
["本页小计",{"$nulls":10},3245.24]
["表-09"]
["分部分项工程项目清单计价表"]
["工程名称：拆除工程",{"$nulls":8},"第  2  页  共  5  页"]
["序号","项目编码",null,"项目名称",null,"项目特征",null,"计量单位","工程量",null,"金额（元）"]
[{"$nulls":10},"综合单价","合价","其中:暂估价"]
[3,"011601001002",null,"砖砌体拆除",null,"[项目特征]\n1.砌体名称:根据现场实际情况综合考虑\n2.砌体材质:根据现场实际情况综合考虑\n3.拆除高度:根据现场实际情况综合考虑\n4.拆除砌体的截面尺寸:根据现场实际情况综合考虑\n5.砌体表面的附着物种类:根据现场实际情况综合考虑\n6.场内运距:由投标人根据施工现场实际情况自行考虑决定报价\n7.其他:投标人应充分考虑满足招标文件、技术标准及要求，满足拆除方案、相关规范、验收规范、业主及相关主管部门的相关要求\n[工作内容]\n1.拆除\n2.控制扬尘\n3.清理\n4.场内运输",null,"m3",2.07,null,42.12,87.19]
["本页小计",{"$nulls":10},87.19]
["表-09"]
["分部分项工程项目清单计价表"]
["工程名称：拆除工程",{"$nulls":8},"第  3  页  共  5  页"]
["序号","项目编码",null,"项目名称",null,"项目特征",null,"计量单位","工程量",null,"金额（元）"]
[{"$nulls":10},"综合单价","合价","其中:暂估价"]
[4,"011606002002",null,"原有墙板及龙骨拆除",null,"[项目特征]\n1.拆除的基层类型:根据现场实际情况综合考虑\n2.龙骨及饰面种类:根据现场实际情况综合考虑\n3.场内运距:由投标人根据施工现场实际情况自行考虑决定报价\n4.其他:投标人应充分考虑满足招标文件、技术标准及要求，满足拆除方案、相关规范、验收规范、业主及相关主管部门的相关要求\n[工作内容]\n1.拆除\n2.控制扬尘\n3.清理\n4.场内运输",null,"m2",39,null,2.87,111.93]
[5,"011606002003",null,"原有墙板拆除",null,"[项目特征]\n1.拆除的基层类型:根据现场实际情况综合考虑\n2.龙骨及饰面种类:根据现场实际情况综合考虑\n3.场内运距:由投标人根据施工现场实际情况自行考虑决定报价\n4.其他:投标人应充分考虑满足招标文件、技术标准及要求，满足拆除方案、相关规范、验收规范、业主及相关主管部门的相关要求\n[工作内容]\n1.拆除\n2.控制扬尘\n3.清理\n4.场内运输",null,"m2",1384.86,null,3.14,4348.46]
["本页小计",{"$nulls":10},4460.39]
["表-09"]
["分部分项工程项目清单计价表"]
["工程名称：拆除工程",{"$nulls":8},"第  4  页  共  5  页"]
["序号","项目编码",null,"项目名称",null,"项目特征",null,"计量单位","工程量",null,"金额（元）"]
[{"$nulls":10},"综合单价","合价","其中:暂估价"]
[6,"011612001003",null,"原落水管拆除",null,"[项目特征]\n1.管道种类、材质:根据现场实际情况综合考虑\n2.管道上的附着物种类:根据现场实际情况综合考虑\n3.场内运距:由投标人根据施工现场实际情况自行考虑决定报价\n4.其他:投标人应充分考虑满足招标文件、技术标准及要求，满足拆除方案、相关规范、验收规范、业主及相关主管部门的相关要求\n[工作内容]\n1.拆除\n2.控制扬尘\n3.清理\n4.场内运输",null,"m",32,null,2.5,80]
[7,"011611005003",null,"钢檩条拆除",null,"[项目特征]\n1.构件名称:钢檩条\n2.拆除构件的规格尺寸:根据现场实际情况综合考虑\n3.场内运距:由投标人根据施工现场实际情况自行考虑决定报价\n4.其他:投标人应充分考虑满足招标文件、技术标准及要求，满足拆除方案、相关规范、验收规范、业主及相关主管部门的相关要求\n[工作内容]\n1.拆除\n2.控制扬尘\n3.清理\n4.场内运输",null,"t",5,null,421.49,2107.45]
["本页小计",{"$nulls":10},2187.45]
["表-09"]
["分部分项工程项目清单计价表"]
["工程名称：拆除工程",{"$nulls":8},"第  5  页  共  5  页"]
["序号","项目编码",null,"项目名称",null,"项目特征",null,"计量单位","工程量",null,"金额（元）"]
[{"$nulls":10},"综合单价","合价","其中:暂估价"]
[8,"011604002002",null,"墙面漆及抹灰层拆除",null,"[项目特征]\n1.拆除部位:墙面\n2.抹灰层种类及厚度:根据现场实际情况综合考虑\n3.场内运距:由投标人根据施工现场实际情况自行考虑决定报价\n4.其他:投标人应充分考虑满足招标文件、技术标准及要求，满足拆除方案、相关规范、验收规范、业主及相关主管部门的相关要求\n[工作内容]\n1.拆除\n2.控制扬尘\n3.清理\n4.场内运输",null,"m2",297.49,null,3.42,1017.42]
[9,"011707B07003",null,"建筑垃圾清运 起运1km",null,"[项目特征]\n1.运输距离:1km\n[工作内容]\n1.运输\n2.弃渣",null,"m3",30.6,null,66.7,2041.02]
[10,"011707B07004",null,"建筑垃圾清运 增运4km",null,"[项目特征]\n1.运输距离:增运4km\n[工作内容]\n1.运输\n2.弃渣",null,"m3",30.6,null,5.57,170.44]
[]
[]
[]
[]
[]
["本页小计",{"$nulls":10},3228.88]
["合   计",{"$nulls":10},13209.15]

{"sheet":"表-09 施工技术措施项目清单计价表【拆除工程】_1","index":39,"n_rows":32,"n_cols":13,"rows_kept":32,"merged":[[0,0,0,12],[1,0,1,12],[2,0,2,5],[2,6,2,8],[2,9,2,12],[3,0,4,0],[3,1,4,2],[3,3,4,4],[3,5,4,6],[3,7,4,7],[3,8,4,9],[3,10,3,12],[5,1,5,2],[5,3,5,4],[5,5,5,6],[5,8,5,9],[6,1,6,2],[6,3,6,4],[6,5,6,6],[6,8,6,9],[7,1,7,2],[7,3,7,4],[7,5,7,6],[7,8,7,9],[8,1,8,2],[8,3,8,4],[8,5,8,6],[8,8,8,9],[9,1,9,2],[9,3,9,4],[9,5,9,6],[9,8,9,9],[10,1,10,2],[10,3,10,4],[10,5,10,6],[10,8,10,9],[11,1,11,2],[11,3,11,4],[11,5,11,6],[11,8,11,9],[12,1,12,2],[12,3,12,4],[12,5,12,6],[12,8,12,9],[13,1,13,2],[13,3,13,4],[13,5,13,6],[13,8,13,9],[14,1,14,2],[14,3,14,4],[14,5,14,6],[14,8,14,9],[15,1,15,2],[15,3,15,4],[15,5,15,6],[15,8,15,9],[16,1,16,2],[16,3,16,4],[16,5,16,6],[16,8,16,9],[17,1,17,2],[17,3,17,4],[17,5,17,6],[17,8,17,9],[18,1,18,2],[18,3,18,4],[18,5,18,6],[18,8,18,9],[19,1,19,2],[19,3,19,4],[19,5,19,6],[19,8,19,9],[20,1,20,2],[20,3,20,4],[20,5,20,6],[20,8,20,9],[21,1,21,2],[21,3,21,4],[21,5,21,6],[21,8,21,9],[22,1,22,2],[22,3,22,4],[22,5,22,6],[22,8,22,9],[23,1,23,2],[23,3,23,4],[23,5,23,6],[23,8,23,9],[24,1,24,2],[24,3,24,4],[24,5,24,6],[24,8,24,9],[25,1,25,2],[25,3,25,4],[25,5,25,6],[25,8,25,9],[26,1,26,2],[26,3,26,4],[26,5,26,6],[26,8,26,9],[27,1,27,2],[27,3,27,4],[27,5,27,6],[27,8,27,9],[28,1,28,2],[28,3,28,4],[28,5,28,6],[28,8,28,9],[29,1,29,2],[29,3,29,4],[29,5,29,6],[29,8,29,9],[30,0,30,10],[31,0,31,10]]}
["表-09"]
["施工技术措施项目清单计价表"]
["工程名称：拆除工程",{"$nulls":8},"第  1  页  共  1  页"]
["序号","项目编码",null,"项目名称",null,"项目特征",null,"计量单位","工程量",null,"金额（元）"]
[{"$nulls":10},"综合单价","合价","其中:暂估价"]
{"$rows_empty":25}
["本页小计"]
["合   计"]

{"sheet":"表-10 施工组织措施项目清单计价表【拆除工程】_1","index":40,"n_rows":33,"n_cols":14,"rows_kept":33,"merged":[[0,0,0,10],[0,11,0,13],[1,0,1,13],[2,0,2,4],[2,5,2,10],[2,11,2,13],[3,1,3,2],[3,3,3,5],[3,8,3,9],[3,10,3,11],[4,1,4,2],[4,3,4,5],[4,8,4,9],[4,10,4,11],[5,1,5,2],[5,3,5,5],[5,8,5,9],[5,10,5,11],[6,1,6,2],[6,3,6,5],[6,8,6,9],[6,10,6,11],[7,0,7,13],[8,0,8,10],[8,11,8,13],[9,0,9,13],[10,0,10,4],[10,5,10,10],[10,11,10,13],[11,1,11,2],[11,3,11,5],[11,8,11,9],[11,10,11,11],[12,1,12,2],[12,3,12,5],[12,8,12,9],[12,10,12,11],[13,1,13,2],[13,3,13,5],[13,8,13,9],[13,10,13,11],[14,1,14,2],[14,3,14,5],[14,8,14,9],[14,10,14,11],[15,1,15,2],[15,3,15,5],[15,8,15,9],[15,10,15,11],[16,1,16,2],[16,3,16,5],[16,8,16,9],[16,10,16,11],[17,1,17,2],[17,3,17,5],[17,8,17,9],[17,10,17,11],[18,1,18,2],[18,3,18,5],[18,8,18,9],[18,10,18,11],[19,1,19,2],[19,3,19,5],[19,8,19,9],[19,10,19,11],[20,1,20,2],[20,3,20,5],[20,8,20,9],[20,10,20,11],[21,1,21,2],[21,3,21,5],[21,8,21,9],[21,10,21,11],[22,1,22,2],[22,3,22,5],[22,8,22,9],[22,10,22,11],[23,1,23,2],[23,3,23,5],[23,8,23,9],[23,10,23,11],[24,1,24,2],[24,3,24,5],[24,8,24,9],[24,10,24,11],[25,1,25,2],[25,3,25,5],[25,8,25,9],[25,10,25,11],[26,1,26,2],[26,3,26,5],[26,8,26,9],[26,10,26,11],[27,1,27,2],[27,3,27,5],[27,8,27,9],[27,10,27,11],[28,1,28,2],[28,3,28,5],[28,8,28,9],[28,10,28,11],[29,1,29,2],[29,3,29,5],[29,8,29,9],[29,10,29,11],[30,1,30,2],[30,3,30,5],[30,8,30,9],[30,10,30,11],[31,1,31,2],[31,3,31,5],[31,8,31,9],[31,10,31,11],[32,0,32,7],[32,8,32,9],[32,10,32,11],[33,0,33,13]]}
[{"$nulls":11},"表-10"]
["施工组织措施项目清单计价表"]
["工程名称：拆除工程",{"$nulls":10},"第  1  页  共  2  页"]
["序号","项目编码",null,"项目名称",null,null,"计算\n基础","费率\n(%)","金额\n(元)",null,"调整\n费率\n(%)",null,"调整后\n金额\n(元)","备注"]
[1,"011707B16001",null,"组织措施费",null,null,"(分部分项人工费+分部分项机械费+技术措施人工费+技术措施机械费-机械（爆破）土石方人工费-机械（爆破）土石方机械费-机械（爆破）土石方人工费-机械（爆破）土石方机械费-人工土石方人工费-人工土石方技术措施人工费-人工土石方机械费-人工土石方技术措施机械费)+(机械（爆破）土石方人工费+机械（爆破）土石方机械费+机械（爆破）土石方人工费+机械（爆破）土石方机械费)*0.048/费率+(人工土石方人工费+人工土石方技术措施人工费)*0.0222/费率","5.55",614.09]
[2,"011707001001",null,"安全文明施工费",null,null,"508.67","100",508.67]
[3,"011707B15001",null,"建设工程竣工档案编制费",null,null,"(分部分项人工费+分部分项机械费+技术措施人工费+技术措施机械费-机械（爆破）土石方人工费-机械（爆破）土石方机械费-机械（爆破）土石方人工费-机械（爆破）土石方机械费-人工土石方人工费-人工土石方技术措施人工费-人工土石方机械费-人工土石方技术措施机械费)+(机械（爆破）土石方人工费+机械（爆","0.24",26.56]
["注：1.计算基础和费用标准按本市有关费用定额或文件执行。\n    2.根据施工方案计算的措施费，可不填写“计算基础”和“费率”的数值，只填写“金额”数值，但应在备注栏说明施工\n    方案出处或计算方法。"]
[{"$nulls":11},"表-10"]
["施工组织措施项目清单计价表"]
["工程名称：拆除工程",{"$nulls":10},"第  2  页  共  2  页"]
["序号","项目编码",null,"项目名称",null,null,"计算\n基础","费率\n(%)","金额\n(元)",null,"调整\n费率\n(%)",null,"调整后\n金额\n(元)","备注"]
[{"$nulls":6},"破）土石方机械费+机械（爆破）土石方人工费+机械（爆破）土石方机械费)*0.002/费率+(人工土石方人工费+人工土石方技术措施人工费)*0.0019/费率"]
{"$rows_empty":19}
["合    计",{"$nulls":7},1149.32]

{"sheet":"表-12 规费、税金项目计价表【拆除工程】_1","index":41,"n_rows":26,"n_cols":10,"rows_kept":26,"merged":[[0,0,0,7],[0,8,0,9],[1,0,1,9],[2,0,2,3],[2,4,2,7],[2,8,2,9],[3,1,3,4],[3,5,3,6],[3,7,3,8],[4,1,4,4],[4,5,4,6],[4,7,4,8],[5,1,5,4],[5,5,5,6],[5,7,5,8],[6,1,6,4],[6,5,6,6],[6,7,6,8],[7,1,7,4],[7,5,7,6],[7,7,7,8],[8,1,8,4],[8,5,8,6],[8,7,8,8],[9,1,9,4],[9,5,9,6],[9,7,9,8],[10,1,10,4],[10,5,10,6],[10,7,10,8],[11,1,11,4],[11,5,11,6],[11,7,11,8],[12,1,12,4],[12,5,12,6],[12,7,12,8],[13,1,13,4],[13,5,13,6],[13,7,13,8],[14,1,14,4],[14,5,14,6],[14,7,14,8],[15,1,15,4],[15,5,15,6],[15,7,15,8],[16,1,16,4],[16,5,16,6],[16,7,16,8],[17,1,17,4],[17,5,17,6],[17,7,17,8],[18,1,18,4],[18,5,18,6],[18,7,18,8],[19,1,19,4],[19,5,19,6],[19,7,19,8],[20,1,20,4],[20,5,20,6],[20,7,20,8],[21,1,21,4],[21,5,21,6],[21,7,21,8],[22,1,22,4],[22,5,22,6],[22,7,22,8],[23,1,23,4],[23,5,23,6],[23,7,23,8],[24,1,24,4],[24,5,24,6],[24,7,24,8],[25,0,25,8]]}
[{"$nulls":8},"表-12"]
["规费、税金项目计价表"]
["工程名称：拆除工程",{"$nulls":7},"第  1  页  共  1  页"]
["序号","项目名称",{"$nulls":3},"计算基础",null,"费率(%)",null,"金额（元）"]
["1","规费",{"$nulls":3},"专业工程规费（人+机）+机械（爆破）土石方规费（人+机）*0.072/费率+人工土石方规费（人）*0.082/费率",null,"7.2",null,796.66]
["2","税金",{"$nulls":3},"2.1 + 2.2 + 2.3",{"$nulls":3},1500.36]
["2.1","增值税",{"$nulls":3},"分部分项工程费+措施项目费+其他项目费+规费-甲供材料费",null,"9",null,1363.96]
["2.2","附加税",{"$nulls":3},"增值税",null,"10",null,136.4]
["2.3","环境保护税",{"$nulls":3},"按实计算"]
{"$rows_empty":16}
["合计",{"$nulls":8},2297.02]

{"sheet":"表-04 单位工程招标控制价汇总表【建筑工程】_1","index":42,"n_rows":26,"n_cols":9,"rows_kept":26,"merged":[[0,0,0,6],[0,7,0,8],[1,0,1,8],[2,0,2,3],[2,4,2,6],[2,7,2,8],[3,0,3,1],[3,2,3,5],[3,6,3,7],[4,0,4,1],[4,2,4,5],[4,6,4,7],[5,0,5,1],[5,2,5,5],[5,6,5,7],[6,0,6,1],[6,2,6,5],[6,6,6,7],[7,0,7,1],[7,2,7,5],[7,6,7,7],[8,0,8,1],[8,2,8,5],[8,6,8,7],[9,0,9,1],[9,2,9,5],[9,6,9,7],[10,0,10,1],[10,2,10,5],[10,6,10,7],[11,0,11,1],[11,2,11,5],[11,6,11,7],[12,0,12,1],[12,2,12,5],[12,6,12,7],[13,0,13,1],[13,2,13,5],[13,6,13,7],[14,0,14,1],[14,2,14,5],[14,6,14,7],[15,0,15,1],[15,2,15,5],[15,6,15,7],[16,0,16,1],[16,2,16,5],[16,6,16,7],[17,0,17,1],[17,2,17,5],[17,6,17,7],[18,0,18,1],[18,2,18,5],[18,6,18,7],[19,0,19,1],[19,2,19,5],[19,6,19,7],[20,0,20,1],[20,2,20,5],[20,6,20,7],[21,0,21,1],[21,2,21,5],[21,6,21,7],[22,0,22,1],[22,2,22,5],[22,6,22,7],[23,0,23,1],[23,2,23,5],[23,6,23,7],[24,0,24,5],[24,6,24,7],[25,0,25,8]]}
[{"$nulls":7},"表-04"]
["单位工程招标控制价汇总表"]
["工程名称：建筑工程",{"$nulls":6},"第  1  页  共  1  页"]
["序号",null,"汇总内容",{"$nulls":3},"金额(元)",null,"其中：暂估价(元)"]
["1",null,"分部分项工程费",{"$nulls":3},585688.25]
["1.1",null,"A.1土石方工程",{"$nulls":3},6230.2]
["1.2",null,"A.5混凝土及钢筋混凝土工程",{"$nulls":3},132769.85]
["1.3",null,"A.6金属结构工程",{"$nulls":3},115752.2]
["1.4",null,"A.8门窗工程",{"$nulls":3},12198.61]
["1.5",null,"A.9屋面及防水工程",{"$nulls":3},1677.89]
["1.6",null,"A.11楼地面装饰工程",{"$nulls":3},246955.59]
["1.7",null,"A.12墙、柱面装饰与隔断、幕墙工程",{"$nulls":3},4792.56]
["1.8",null,"A.14油漆、涂料、裱糊工程",{"$nulls":3},65311.35]
["2",null,"措施项目费",{"$nulls":3},137609.85]
["2.1",null,"其中：安全文明施工费",{"$nulls":3},48142.89]
["3",null,"其他项目费"]
["4",null,"规费",{"$nulls":3},41944.66,null,"－"]
["5",null,"税金",{"$nulls":3},75759.04,null,"－"]
[]
[]
[]
[]
[]
[]
["投标报价合计=1+2+3+4+5",{"$nulls":5},"841,001.80"]
["注：1.本表适用于单位工程招标控制价或投标报价的汇总，如无单位工程划分，单项工程也使用本表汇总。 \n    2.分部分项工程、措施项目中暂估价中应填写材料、工程设备暂估价，其他项目中暂估价应填写专业工程暂估价。"]

{"sheet":"表-08 措施项目汇总表【建筑工程】_1","index":43,"n_rows":26,"n_cols":6,"rows_kept":26,"merged":[[0,0,0,5],[1,0,1,5],[2,0,2,1],[2,2,2,3],[2,4,2,5],[3,0,4,0],[3,1,4,2],[3,3,3,5],[4,3,4,4],[5,1,5,2],[5,3,5,4],[6,1,6,2],[6,3,6,4],[7,1,7,2],[7,3,7,4],[8,1,8,2],[8,3,8,4],[9,1,9,2],[9,3,9,4],[10,1,10,2],[10,3,10,4],[11,1,11,2],[11,3,11,4],[12,1,12,2],[12,3,12,4],[13,1,13,2],[13,3,13,4],[14,1,14,2],[14,3,14,4],[15,1,15,2],[15,3,15,4],[16,1,16,2],[16,3,16,4],[17,1,17,2],[17,3,17,4],[18,1,18,2],[18,3,18,4],[19,1,19,2],[19,3,19,4],[20,1,20,2],[20,3,20,4],[21,1,21,2],[21,3,21,4],[22,1,22,2],[22,3,22,4],[23,1,23,2],[23,3,23,4],[24,1,24,2],[24,3,24,4],[25,0,25,2],[25,3,25,4]]}
["表-08"]
["措施项目汇总表"]
["工程名称：建筑工程",{"$nulls":3},"第 1 页  共 1 页"]
["序号","项目名称",null,"金额(元)"]
[{"$nulls":3},"合价",null,"其中：暂估价"]
["1","施工技术措施项目",null,55578.45]
["2","施工组织措施项目",null,82031.4]
["2.1","其中：安全文明施工费",null,48142.89]
["2.2","建设工程竣工档案编制费",null,1941.93]
{"$rows_empty":16}
["措施项目费合计=1+2",null,null,137609.85]

{"sheet":"表-09 分部分项工程项目清单计价表【建筑工程】_1","index":44,"n_rows":157,"n_cols":13,"rows_kept":157,"merged":[[0,0,0,13],[1,0,1,13],[2,0,2,5],[2,6,2,8],[2,9,2,13],[3,0,4,0],[3,1,4,2],[3,3,4,4],[3,5,4,6],[3,7,4,7],[3,8,4,9],[3,10,3,12],[5,1,5,2],[5,3,5,6],[5,8,5,9],[6,1,6,2],[6,3,6,4],[6,5,6,6],[6,8,6,9],[7,1,7,2],[7,3,7,4],[7,5,7,6],[7,8,7,9],[8,0,8,10],[9,0,9,13],[10,0,10,13],[11,0,11,5],[11,6,11,8],[11,9,11,13],[12,0,13,0],[12,1,13,2],[12,3,13,4],[12,5,13,6],[12,7,13,7],[12,8,13,9],[12,10,12,12],[14,1,14,2],[14,3,14,4],[14,5,14,6],[14,8,14,9],[15,1,15,2],[15,3,15,4],[15,5,15,6],[15,8,15,9],[16,1,16,2],[16,3,16,4],[16,5,16,6],[16,8,16,9],[17,0,17,10],[18,0,18,13],[19,0,19,13],[20,0,20,5],[20,6,20,8],[20,9,20,13],[21,0,22,0],[21,1,22,2],[21,3,22,4],[21,5,22,6],[21,7,22,7],[21,8,22,9],[21,10,21,12],[23,1,23,2],[23,3,23,6],[23,8,23,9],[24,1,24,2],[24,3,24,4],[24,5,24,6],[24,8,24,9],[25,1,25,2],[25,3,25,4],[25,5,25,6],[25,8,25,9],[26,0,26,10],[27,0,27,13],[28,0,28,13],[29,0,29,5],[29,6,29,8],[29,9,29,13],[30,0,31,0],[30,1,31,2],[30,3,31,4],[30,5,31,6],[30,7,31,7],[30,8,31,9],[30,10,30,12],[32,1,32,2],[32,3,32,4],[32,5,32,6],[32,8,32,9],[33,1,33,2],[33,3,33,4],[33,5,33,6],[33,8,33,9],[34,0,34,10],[35,0,35,13],[36,0,36,13],[37,0,37,5],[37,6,37,8],[37,9,37,13],[38,0,39,0],[38,1,39,2],[38,3,39,4],[38,5,39,6],[38,7,39,7],[38,8,39,9],[38,10,38,12],[40,1,40,2],[40,3,40,4],[40,5,40,6],[40,8,40,9],[41,1,41,2],[41,3,41,4],[41,5,41,6],[41,8,41,9],[42,0,42,10],[43,0,43,13],[44,0,44,13],[45,0,45,5],[45,6,45,8],[45,9,45,13],[46,0,47,0],[46,1,47,2],[46,3,47,4],[46,5,47,6],[46,7,47,7],[46,8,47,9],[46,10,46,12],[48,1,48,2],[48,3,48,4],[48,5,48,6],[48,8,48,9],[49,1,49,2],[49,3,49,4],[49,5,49,6],[49,8,49,9],[50,1,50,2],[50,3,50,6],[50,8,50,9],[51,0,51,10],[52,0,52,13],[53,0,53,13],[54,0,54,5],[54,6,54,8],[54,9,54,13],[55,0,56,0],[55,1,56,2],[55,3,56,4],[55,5,56,6],[55,7,56,7],[55,8,56,9],[55,10,55,12],[57,1,57,2],[57,3,57,4],[57,5,57,6],[57,8,57,9],[58,1,58,2],[58,3,58,4],[58,5,58,6],[58,8,58,9],[59,0,59,10],[60,0,60,13],[61,0,61,13],[62,0,62,5],[62,6,62,8],[62,9,62,13],[63,0,64,0],[63,1,64,2],[63,3,64,4],[63,5,64,6],[63,7,64,7],[63,8,64,9],[63,10,63,12],[65,1,65,2],[65,3,65,4],[65,5,65,6],[65,8,65,9],[66,0,66,10],[67,0,67,13],[68,0,68,13],[69,0,69,5],[69,6,69,8],[69,9,69,13],[70,0,71,0],[70,1,71,2],[70,3,71,4],[70,5,71,6],[70,7,71,7],[70,8,71,9],[70,10,70,12],[72,1,72,2],[72,3,72,4],[72,5,72,6],[72,8,72,9],[73,0,73,10],[74,0,74,13],[75,0,75,13],[76,0,76,5],[76,6,76,8],[76,9,76,13],[77,0,78,0],[77,1,78,2],[77,3,78,4],[77,5,78,6],[77,7,78,7],[77,8,78,9],[77,10,77,12],[79,1,79,2],[79,3,79,4],[79,5,79,6],[79,8,79,9],[80,0,80,10],[81,0,81,13],[82,0,82,13],[83,0,83,5],[83,6,83,8],[83,9,83,13],[84,0,85,0],[84,1,85,2],[84,3,85,4],[84,5,85,6],[84,7,85,7],[84,8,85,9],[84,10,84,12],[86,1,86,2],[86,3,86,4],[86,5,86,6],[86,8,86,9],[87,1,87,2],[87,3,87,4],[87,5,87,6],[87,8,87,9],[88,1,88,2],[88,3,88,6],[88,8,88,9],[89,0,89,10],[90,0,90,13],[91,0,91,13],[92,0,92,5],[92,6,92,8],[92,9,92,13],[93,0,94,0],[93,1,94,2],[93,3,94,4],[93,5,94,6],[93,7,94,7],[93,8,94,9],[93,10,93,12],[95,1,95,2],[95,3,95,4],[95,5,95,6],[95,8,95,9],[96,1,96,2],[96,3,96,4],[96,5,96,6],[96,8,96,9],[97,1,97,2],[97,3,97,4],[97,5,97,6],[97,8,97,9],[98,1,98,2],[98,3,98,6],[98,8,98,9],[99,0,99,10],[100,0,100,13],[101,0,101,13],[102,0,102,5],[102,6,102,8],[102,9,102,13],[103,0,104,0],[103,1,104,2],[103,3,104,4],[103,5,104,6],[103,7,104,7],[103,8,104,9],[103,10,103,12],[105,1,105,2],[105,3,105,4],[105,5,105,6],[105,8,105,9],[106,1,106,2],[106,3,106,4],[106,5,106,6],[106,8,106,9],[107,1,107,2],[107,3,107,6],[107,8,107,9],[108,0,108,10],[109,0,109,13],[110,0,110,13],[111,0,111,5],[111,6,111,8],[111,9,111,13],[112,0,113,0],[112,1,113,2],[112,3,113,4],[112,5,113,6],[112,7,113,7],[112,8,113,9],[112,10,112,12],[114,1,114,2],[114,3,114,4],[114,5,114,6],[114,8,114,9],[115,1,115,2],[115,3,115,4],[115,5,115,6],[115,8,115,9],[116,0,116,10],[117,0,117,13],[118,0,118,13],[119,0,119,5],[119,6,119,8],[119,9,119,13],[120,0,121,0],[120,1,121,2],[120,3,121,4],[120,5,121,6],[120,7,121,7],[120,8,121,9],[120,10,120,12],[122,1,122,2],[122,3,122,4],[122,5,122,6],[122,8,122,9],[123,1,123,2],[123,3,123,6],[123,8,123,9],[124,0,124,10],[125,0,125,13],[126,0,126,13],[127,0,127,5],[127,6,127,8],[127,9,127,13],[128,0,129,0],[128,1,129,2],[128,3,129,4],[128,5,129,6],[128,7,129,7],[128,8,129,9],[128,10,128,12],[130,1,130,2],[130,3,130,4],[130,5,130,6],[130,8,130,9],[131,1,131,2],[131,3,131,6],[131,8,131,9],[132,1,132,2],[132,3,132,4],[132,5,132,6],[132,8,132,9],[133,0,133,10],[134,0,134,13],[135,0,135,13],[136,0,136,5],[136,6,136,8],[136,9,136,13],[137,0,138,0],[137,1,138,2],[137,3,138,4],[137,5,138,6],[137,7,138,7],[137,8,138,9],[137,10,137,12],[139,1,139,2],[139,3,139,4],[139,5,139,6],[139,8,139,9],[140,1,140,2],[140,3,140,4],[140,5,140,6],[140,8,140,9],[141,1,141,2],[141,3,141,4],[141,5,141,6],[141,8,141,9],[142,1,142,2],[142,3,142,4],[142,5,142,6],[142,8,142,9],[143,1,143,2],[143,3,143,4],[143,5,143,6],[143,8,143,9],[144,1,144,2],[144,3,144,4],[144,5,144,6],[144,8,144,9],[145,1,145,2],[145,3,145,4],[145,5,145,6],[145,8,145,9],[146,1,146,2],[146,3,146,4],[146,5,146,6],[146,8,146,9],[147,1,147,2],[147,3,147,4],[147,5,147,6],[147,8,147,9],[148,1,148,2],[148,3,148,4],[148,5,148,6],[148,8,148,9],[149,1,149,2],[149,3,149,4],[149,5,149,6],[149,8,149,9],[150,1,150,2],[150,3,150,4],[150,5,150,6],[150,8,150,9],[151,1,151,2],[151,3,151,4],[151,5,151,6],[151,8,151,9],[152,1,152,2],[152,3,152,4],[152,5,152,6],[152,8,152,9],[153,1,153,2],[153,3,153,4],[153,5,153,6],[153,8,153,9],[154,1,154,2],[154,3,154,4],[154,5,154,6],[154,8,154,9],[155,0,155,10],[156,0,156,10]]}
["表-09"]
["分部分项工程项目清单计价表"]
["工程名称：建筑工程",{"$nulls":8},"第  1  页  共  17  页"]
["序号","项目编码",null,"项目名称",null,"项目特征",null,"计量单位","工程量",null,"金额（元）"]
[{"$nulls":10},"综合单价","合价","其中:暂估价"]
[null,"A.1",null,"土石方工程"]
[1,"010101003001",null,"挖沟槽土石方",null,"[项目特征]\n1.土石类别:综合，由投标人根据地勘报告决定报价\n2.开挖方式:综合考虑\n3.挖方深度:综合考虑\n4.场内运距:由投标人根据施工现场实际情况自行考虑，决定报价\n5.其他:满足设计﹑规范﹑招标文件、现场条件、达到使用功能等要求\n[工作内容]\n1.排地表水\n2.土石方开挖\n3.围护(挡土板)及拆除\n4.基底钎探\n5.场内运输",null,"m3",51.06,null,12.37,631.61]
[2,"010101004001",null,"挖基坑土方",null,"[项目特征]\n1.土石类别:综合，由投标人根据地勘报告决定报价\n2.开挖方式:综合考虑\n3.挖方深度:综合考虑\n4.场内运距:由投标人根据施工现场实际情况自行考虑，决定报价\n5.其他:满足设计﹑规范﹑招标文件、现场条件、达到使用功能等要求\n[工作内容]\n1.排地表水\n2.土石方开挖\n3.围护(挡土板)及拆除\n4.基底钎探\n5.场内运输",null,"m3",91.22,null,13,1185.86]
["本页小计",{"$nulls":10},1817.47]
["表-09"]
["分部分项工程项目清单计价表"]
["工程名称：建筑工程",{"$nulls":8},"第  2  页  共  17  页"]
["序号","项目编码",null,"项目名称",null,"项目特征",null,"计量单位","工程量",null,"金额（元）"]
[{"$nulls":10},"综合单价","合价","其中:暂估价"]
[3,"010103001001",null,"坑槽回填",null,"[项目特征]\n1.密实度要求:满足设计及相关规范的要求\n2.填方材料品种:由投标人根据设计要求验方后方可填人，并符合相关工程的质量规范要求\n3.填方来源、运距:由投标人根据施工现场实际情况自行考虑决定报价\n4.其他:满足设计﹑规范﹑招标文件、现场条件、达到使用功能等要求\n[工作内容]\n1.运输\n2.回填\n3.压实",null,"m3",88.39,null,41.15,3637.25]
[4,"010103002001",null,"余方弃置（起运1km)",null,"[项目特征]\n1.废弃料品种:土石综合（另应包含但不限于表土、建筑垃圾、地上构附着物、需要拆除的管网、淤泥等）\n2.运距:1km\n3.其他:满足设计﹑规范﹑招标文件、现场条件、达到使用功能等要求\n[工作内容]\n1.起运",null,"m3",53.89,null,8.5,458.07]
[5,"010103002002",null,"余方弃置(增运4km)",null,"[项目特征]\n1.废弃料品种:土石综合（另应包含但不限于表土、建筑垃圾、地上构附着物、需要拆除的管网、淤泥等）\n2.运距:增运4km,实际运距不同时,按比例调整\n3.其他:满足设计﹑规范﹑招标文件、现场条件、达到使用功能等要求\n[工作内容]\n1.增运至弃置点",null,"m3",53.89,null,5.89,317.41]
["本页小计",{"$nulls":10},4412.73]
["表-09"]
["分部分项工程项目清单计价表"]
["工程名称：建筑工程",{"$nulls":8},"第  3  页  共  17  页"]
["序号","项目编码",null,"项目名称",null,"项目特征",null,"计量单位","工程量",null,"金额（元）"]
[{"$nulls":10},"综合单价","合价","其中:暂估价"]
[null,"A.5",null,"混凝土及钢筋混凝土工程"]
[1,"010501001001",null,"垫层",null,"[项目特征]\n1.混凝土种类:商品砼\n2.混凝土强度等级:C15\n3.泵送方式:综合考虑\n4.其他:满足设计﹑规范﹑招标文件、现场条件、达到使用功能等要求\n[工作内容]\n1.模板及支撑制作、安装、拆除、堆放、运输及清理模内杂物、刷隔离剂等\n2.混凝土制作、运输、浇筑、振捣、养护",null,"m3",9.8,null,72.68,712.26]
[2,"010501002001",null,"带形基础",null,"[项目特征]\n1.混凝土种类:商品砼\n2.混凝土强度等级:C25\n3.泵送方式:综合考虑\n4.其他:满足设计﹑规范﹑招标文件、现场条件、达到使用功能等要求\n[工作内容]\n1.模板及支撑制作、安装、拆除、堆放、运输及清理模内杂物、刷隔离剂等\n2.混凝土制作、运输、浇筑、振捣、养护",null,"m3",22.93,null,193.49,4436.73]
["本页小计",{"$nulls":10},5148.99]
["表-09"]
["分部分项工程项目清单计价表"]
["工程名称：建筑工程",{"$nulls":8},"第  4  页  共  17  页"]
["序号","项目编码",null,"项目名称",null,"项目特征",null,"计量单位","工程量",null,"金额（元）"]
[{"$nulls":10},"综合单价","合价","其中:暂估价"]
[3,"010501003001",null,"独立基础",null,"[项目特征]\n1.混凝土种类:商品砼\n2.混凝土强度等级:C25\n3.泵送方式:综合考虑\n4.其他:满足设计﹑规范﹑招标文件、现场条件、达到使用功能等要求\n[工作内容]\n1.模板及支撑制作、安装、拆除、堆放、运输及清理模内杂物、刷隔离剂等\n2.混凝土制作、运输、浇筑、振捣、养护",null,"m3",20.86,null,243.29,5075.03]
[4,"010502001001",null,"矩形柱",null,"[项目特征]\n1.混凝土种类:商品砼\n2.混凝土强度等级:C25\n3.泵送方式:综合考虑\n4.其他:满足设计﹑规范﹑招标文件、现场条件、达到使用功能等要求\n[工作内容]\n1.模板及支架(撑)制作、安装、拆除、堆放、运输及清理模内杂物、刷隔离剂等\n2.混凝土制作、运输、浇筑、振捣、养护",null,"m3",2.56,null,738.04,1889.38]
["本页小计",{"$nulls":10},6964.41]
["表-09"]
["分部分项工程项目清单计价表"]
["工程名称：建筑工程",{"$nulls":8},"第  5  页  共  17  页"]
["序号","项目编码",null,"项目名称",null,"项目特征",null,"计量单位","工程量",null,"金额（元）"]
[{"$nulls":10},"综合单价","合价","其中:暂估价"]
[5,"010504001001",null,"直形墙",null,"[项目特征]\n1.混凝土种类:商品砼\n2.混凝土强度等级:C25\n3.泵送方式:综合考虑\n4.其他:满足设计﹑规范﹑招标文件、现场条件、达到使用功能等要求\n[工作内容]\n1.模板及支架(撑)制作、安装、拆除、堆放、运输及清理模内杂物、刷隔离剂等\n2.混凝土制作、运输、浇筑、振捣、养护",null,"m3",146.41,null,599.54,87778.65]
[6,"010507007001",null,"C30细石混凝土加微膨胀剂二次浇灌",null,"[项目特征]\n1.构件规格:具体详设计\n2.部位:钢柱柱脚\n3.混凝土种类:C30细石混凝土加微膨胀剂二次浇灌\n4.泵送方式:综合考虑\n5.其他:满足设计﹑规范﹑招标文件、现场条件、达到使用功能等要求\n[工作内容]\n1.模板及支架(撑)制作、安装、拆除、堆放、运输及清理模内杂物、刷隔离剂等\n2.混凝土制作、运输、浇筑、振捣、养护",null,"m3",2.11,null,1191.69,2514.47]
["本页小计",{"$nulls":10},90293.12]
["表-09"]
["分部分项工程项目清单计价表"]
["工程名称：建筑工程",{"$nulls":8},"第  6  页  共  17  页"]
["序号","项目编码",null,"项目名称",null,"项目特征",null,"计量单位","工程量",null,"金额（元）"]
[{"$nulls":10},"综合单价","合价","其中:暂估价"]
[7,"010507007002",null,"C20砼包裹",null,"[项目特征]\n1.构件规格:具体详设计\n2.部位:钢柱柱脚\n3.混凝土种类:商品砼\n4.混凝土强度等级:C20\n5.泵送方式:综合考虑\n6.其他:满足设计﹑规范﹑招标文件、现场条件、达到使用功能等要求\n[工作内容]\n1.模板及支架(撑)制作、安装、拆除、堆放、运输及清理模内杂物、刷隔离剂等\n2.混凝土制作、运输、浇筑、振捣、养护",null,"m3",5.28,null,1322.15,6980.95]
[8,"010515001001",null,"现浇构件钢筋",null,"[项目特征]\n1.钢筋种类、规格:综合考虑\n2.连接方式:综合考虑\n3.其他:满足设计﹑规范﹑招标文件、现场条件、达到使用功能等要求\n[工作内容]\n1.钢筋制作、运输\n2.钢筋安装\n3.焊接(绑扎)",null,"t",13.531,null,1728.06,23382.38]
[null,"A.6",null,"金属结构工程"]
["本页小计",{"$nulls":10},30363.33]
["表-09"]
["分部分项工程项目清单计价表"]
["工程名称：建筑工程",{"$nulls":8},"第  7  页  共  17  页"]
["序号","项目编码",null,"项目名称",null,"项目特征",null,"计量单位","工程量",null,"金额（元）"]
[{"$nulls":10},"综合单价","合价","其中:暂估价"]
[1,"010603001001",null,"钢柱",null,"[项目特征]\n1.钢材品种、规格:Q345B，具体详设计\n2.螺栓种类:满足设计及相关规范要求\n3.探伤要求:满足设计及相关规范要求\n4.防火要求:满足设计及相关规范要求\n5.运输距离:由投标人根据施工现场实际情况自行考虑，决定报价\n6.其他:满足设计﹑规范﹑招标文件、现场条件、达到使用功能等要求\n[工作内容]\n1.制作\n2.运输\n3.拼装\n4.安装\n5.探伤",null,"t",9.942,null,3737.63,37159.52]
[2,"010604001001",null,"钢梁",null,"[项目特征]\n1.梁类型:GL-1\n2.钢材品种、规格:国标热轧轻型H型钢：250x125x6x9；材质为Q345B。\n3.螺栓种类:满足设计及相关规范要求\n4.安装高度:满足设计及相关规范要求\n5.探伤要求:满足设计及相关规范要求\n6.防火要求:满足设计及相关规范要求\n7.运输距离:由投标人根据施工现场实际情况自行考虑，决定报价\n8.其他:满足设计﹑规范﹑招标文件、现场条件、达到使用功能等要求\n[工作内容]\n1.制作\n2.运输\n3.拼装\n4.安装\n5.探伤",null,"t",7.17,null,4261.71,30556.46]
["本页小计",{"$nulls":10},67715.98]
["表-09"]
["分部分项工程项目清单计价表"]
["工程名称：建筑工程",{"$nulls":8},"第  8  页  共  17  页"]
["序号","项目编码",null,"项目名称",null,"项目特征",null,"计量单位","工程量",null,"金额（元）"]
[{"$nulls":10},"综合单价","合价","其中:暂估价"]
[3,"010606002002",null,"钢檩条",null,"[项目特征]\n1.钢材品种、规格:2L150X50X20X3.0,镀锌L折件、镀锌C型钢;材质采用:Q355-B，镀锌量不小于275g/m\n2.构件类型:增强檩条\n3.安装高度:具体详设计\n4.螺栓种类:满足设计及相关规范要求\n5.探伤要求:满足设计及相关规范要求\n6.防火要求:满足设计及相关规范要求\n7.运输距离:由投标人根据施工现场实际情况自行考虑，决定报价\n8.檩条增强用的螺栓采用C级螺栓(4.8级)、螺帽和垫圈,采用Q235-B钢,螺栓,螺母,垫圈的尺寸及技术条件须符合《紧固件机械性能,螺钉螺钉和螺栓》GB/T3098.1-2000的规定。\n9.檩条增强时,先采取必要措施临时固定原檩条与檩托连接处,然后再拆卸、安装原支座处的螺栓,最后再安装增强的螺栓\n10.原屋面拉条、螺栓及撑杆应重新张紧拧紧处理\n11.其他:满足设计﹑规范﹑招标文件、现场条件、达到使用功能等要求\n[工作内容]\n1.制作\n2.运输\n3.拼装\n4.安装\n5.探伤\n6.油漆",null,"t",5,null,1723.86,8619.3]
["本页小计",{"$nulls":10},8619.3]
["表-09"]
["分部分项工程项目清单计价表"]
["工程名称：建筑工程",{"$nulls":8},"第  9  页  共  17  页"]
["序号","项目编码",null,"项目名称",null,"项目特征",null,"计量单位","工程量",null,"金额（元）"]
[{"$nulls":10},"综合单价","合价","其中:暂估价"]
[4,"010606005001",null,"钢墙架",null,"[项目特征]\n1.钢材品种、规格:Q345B，具体详设计\n2.螺栓种类:满足设计及相关规范要求\n3.探伤要求:满足设计及相关规范要求\n4.防火要求:满足设计及相关规范要求\n5.运输距离:由投标人根据施工现场实际情况自行考虑，决定报价\n6.其他:满足设计﹑规范﹑招标文件、现场条件、达到使用功能等要求\n[工作内容]\n1.制作\n2.运输\n3.拼装\n4.安装\n5.探伤\n6.油漆",null,"t",1,null,4669.5,4669.5]
["本页小计",{"$nulls":10},4669.5]
["表-09"]
["分部分项工程项目清单计价表"]
["工程名称：建筑工程",{"$nulls":8},"第  10  页  共  17  页"]
["序号","项目编码",null,"项目名称",null,"项目特征",null,"计量单位","工程量",null,"金额（元）"]
[{"$nulls":10},"综合单价","合价","其中:暂估价"]
[5,"010607003002",null,"雨篷",null,"[项目特征]\n1.骨架材料品种、规格:Q345B，具体详设计\n2.面层材料品种、规格:0.5mm彩钢板\n3.防火要求:满足设计及相关规范要求\n4.探伤要求:满足设计及相关规范要求\n5.锚栓品种、规格:新植筋锚栓M30，具体详设计\n6.运输距离:由投标人根据施工现场实际情况自行考虑，决定报价\n7.其他:满足设计﹑规范﹑招标文件、现场条件、达到使用功能等要求\n[工作内容]\n1.制作\n2.运输\n3.拼装\n4.安装\n5.校正\n6.预埋铁件及安螺栓",null,"m2",7.56,null,72.34,546.89]
["本页小计",{"$nulls":10},546.89]
["表-09"]
["分部分项工程项目清单计价表"]
["工程名称：建筑工程",{"$nulls":8},"第  11  页  共  17  页"]
["序号","项目编码",null,"项目名称",null,"项目特征",null,"计量单位","工程量",null,"金额（元）"]
[{"$nulls":10},"综合单价","合价","其中:暂估价"]
[6,"010605002002",null,"灰白色单层钢板墙面",null,"[项目特征]\n1.钢板厚度:0.426mm灰白色单层钢板\n2.螺栓种类:满足设计及相关规范要求\n3.除锈要求:满足设计及相关规范要求\n4.探伤要求:满足设计及相关规范要求\n5.防火要求:满足设计及相关规范要求\n6.运输距离:由投标人根据施工现场实际情况自行考虑，决定报价\n7.其他:满足设计﹑规范﹑招标文件、现场条件、达到使用功能等要求\n[工作内容]\n1.制作\n2.运输\n3.拼装\n4.安装\n5.探伤\n6.油漆",null,"m2",1277.18,null,25.1,32057.22]
[7,"010606013002",null,"铝型槽压条",null,"[项目特征]\n1.构件名称:铝型槽压条\n2.材料品种、规格:U型铝型槽5mm，宽200mm\n3.位置:外墙彩钢板与砖墙裙交接处\n4.其他:满足设计及规范要求\n[工作内容]\n1.制作\n2.运输\n3.拼装\n4.安装\n5.探伤\n6.油漆",null,"m",187.68,null,11.42,2143.31]
[null,"A.8",null,"门窗工程"]
["本页小计",{"$nulls":10},34200.53]
["表-09"]
["分部分项工程项目清单计价表"]
["工程名称：建筑工程",{"$nulls":8},"第  12  页  共  17  页"]
["序号","项目编码",null,"项目名称",null,"项目特征",null,"计量单位","工程量",null,"金额（元）"]
[{"$nulls":10},"综合单价","合价","其中:暂估价"]
[1,"010802004002",null,"双扇成品钢制防盗门",null,"[项目特征]\n1.门代号及洞口尺寸:具体详设计\n2.门框、扇材质:钢制\n3.其它:满足设计﹑规范﹑招标文件、现场条件、达到使用功能等要求\n[工作内容]\n1.门安装\n2.五金安装",null,"m2",14.08,null,0.48,6.76]
[2,"010803001002",null,"电动铝合金卷帘门",null,"[项目特征]\n1.门代号及洞口尺寸:具体详设计\n2.门材质:铝合金\n3.启动装置品种、规格:满足设计及相关规范要求\n4.其它:满足设计﹑规范﹑招标文件、现场条件、达到使用功能等要求\n[工作内容]\n1.门运输、安装\n2.启动装置、活动小门、五金安装",null,"m2",121.5,null,97.02,11787.93]
[3,"010807001002",null,"铝合金防雨百叶",null,"[项目特征]\n1.窗代号及洞口尺寸:具体详设计\n2.框、扇材质:铝合金\n3.其它:满足设计﹑规范﹑招标文件、现场条件、达到使用功能等要求\n[工作内容]\n1.窗安装\n2.五金、玻璃安装",null,"m2",183.6,null,2.2,403.92]
[null,"A.9",null,"屋面及防水工程"]
["本页小计",{"$nulls":10},12198.61]
["表-09"]
["分部分项工程项目清单计价表"]
["工程名称：建筑工程",{"$nulls":8},"第  13  页  共  17  页"]
["序号","项目编码",null,"项目名称",null,"项目特征",null,"计量单位","工程量",null,"金额（元）"]
[{"$nulls":10},"综合单价","合价","其中:暂估价"]
[1,"010902004002",null,"屋面排水管",null,"[项目特征]\n1.排水管品种、规格:PVCφ110\n2.雨水斗、山墙出水口品种、规格:满足设计及相关规范要求\n3.接缝、嵌缝材料种类:满足设计及相关规范要求\n[工作内容]\n1.排水管及配件安装、固定\n2.雨水斗、山墙出水口、雨水算子安装\n3.接缝、嵌缝\n4.刷漆",null,"m",32,null,15.08,482.56]
[2,"010904001002",null,"丙纶布防水层",null,"[项目特征]\n1.卷材品种、规格、厚度:400克0.8mm厚丙纶布防水层\n2.反边高度:满足设计及相关规范要求\n3.其他:满足设计﹑规范﹑招标文件、现场条件、达到使用功能等要求\n[工作内容]\n1.基层处理\n2.刷粘结剂\n3.铺防水卷材\n4.接缝、嵌缝",null,"m2",2988.33,null,0.4,1195.33]
[null,"A.11",null,"楼地面装饰工程"]
["本页小计",{"$nulls":10},1677.89]
["表-09"]
["分部分项工程项目清单计价表"]
["工程名称：建筑工程",{"$nulls":8},"第  14  页  共  17  页"]
["序号","项目编码",null,"项目名称",null,"项目特征",null,"计量单位","工程量",null,"金额（元）"]
[{"$nulls":10},"综合单价","合价","其中:暂估价"]
[1,"011101003002",null,"80厚C20细石混凝土找平面",null,"[项目特征]\n1.找平层厚度、砂浆配合比:80mm厚C20细石混凝土\n2.其他:满足设计﹑规范﹑招标文件、现场条件、达到使用功能等要求\n[工作内容]\n1.基层清理\n2.抹找平层\n3.面层铺设\n4.材料运输",null,"m2",2988.33,null,21.53,64338.74]
[2,"011101001002",null,"20厚1:2.5水泥砂浆保护层",null,"[项目特征]\n1.找平层厚度、砂浆配合比:20厚1:2.5水泥砂浆保护层\n2.素水泥浆遍数:满足设计及相关规范要求\n3.其他:满足设计﹑规范﹑招标文件、现场条件、达到使用功能等要求\n[工作内容]\n1.基层清理\n2.抹找平层\n3.材料运输",null,"m2",2988.33,null,14.79,44197.4]
["本页小计",{"$nulls":10},108536.14]
["表-09"]
["分部分项工程项目清单计价表"]
["工程名称：建筑工程",{"$nulls":8},"第  15  页  共  17  页"]
["序号","项目编码",null,"项目名称",null,"项目特征",null,"计量单位","工程量",null,"金额（元）"]
[{"$nulls":10},"综合单价","合价","其中:暂估价"]
[3,"011101005002",null,"环氧树脂地坪(B1级)",null,"[项目特征]\n1.找平层砂浆配合比、厚度:5mm厚水泥基自流平砂浆层\n2.界面剂材料种类:3mm厚环氧树脂自流平界面剂\n3.底层漆材料种类、厚度:环氧封闭底漆0.2mm厚\n4.中层漆材料种类、厚度:环氧中涂层1mm\n5.面层材料种类:0.8mm环氧树脂面层(或聚氨酯薄涂层) \n[工作内容]\n1.基层处理\n2.抹找平层\n3.涂界面剂\n4.涂刷底层漆、中层漆\n5.打磨、吸尘\n6.镘自流平面漆(浆)\n7.拌合自流平浆料\n8.铺面层",null,"m2",2988.33,null,46.32,138419.45]
[null,"A.12",null,"墙、柱面装饰与隔断、幕墙工程"]
["本页小计",{"$nulls":10},138419.45]
["表-09"]
["分部分项工程项目清单计价表"]
["工程名称：建筑工程",{"$nulls":8},"第  16  页  共  17  页"]
["序号","项目编码",null,"项目名称",null,"项目特征",null,"计量单位","工程量",null,"金额（元）"]
[{"$nulls":10},"综合单价","合价","其中:暂估价"]
[1,"011201001002",null,"墙面一般抹灰",null,"[项目特征]\n1.墙体类型:综合考虑\n2.厚度、砂浆配合比:20mm厚水泥砂浆\n3.装饰面材料种类:满足设计及相关规范要求\n4.分格缝宽度、材料种类:满足设计及相关规范要求\n5.其它:满足设计﹑规范﹑招标文件、现场条件、达到使用功能等要求\n[工作内容]\n1.基层清理\n2.砂浆制作、运输\n3.底层抹灰\n4.抹面层\n5.抹装饰面\n6.勾分格缝",null,"m2",297.49,null,16.11,4792.56]
[null,"A.14",null,"油漆、涂料、裱糊工程"]
[1,"011405001002",null,"金属面除锈及油漆",null,"[项目特征]\n1.构件名称:综合考虑\n2.除锈要求:手工除锈\n3.防护材料种类:满足设计及相关规范要求\n4.防火要求:防火漆三遍,使钢柱耐火极限达到2.5小时,钢梁耐火极限达到1.5小时\n5.油漆品种、刷漆遍数:防锈底漆二道,云铁中间漆二道\n6.其它:满足设计﹑规范﹑招标文件、现场条件、达到使用功能等要求\n[工作内容]\n1.基层清理\n2.除锈\n3.刷防护材料、油漆",null,"t",33.309,null,1794.83,59783.99]
["本页小计",{"$nulls":10},64576.55]
["表-09"]
["分部分项工程项目清单计价表"]
["工程名称：建筑工程",{"$nulls":8},"第  17  页  共  17  页"]
["序号","项目编码",null,"项目名称",null,"项目特征",null,"计量单位","工程量",null,"金额（元）"]
[{"$nulls":10},"综合单价","合价","其中:暂估价"]
[2,"011407001002",null,"墙面喷刷涂料",null,"[项目特征]\n1.基层类型:综合考虑\n2.喷刷涂料部位:墙面\n3.腻子种类:普通腻子\n4.刮腻子要求:2遍\n5.涂料品种、喷刷遍数:白色无机涂料2遍\n6.其它:满足设计﹑规范﹑招标文件、现场条件、达到使用功能等要求\n[工作内容]\n1.基层清理\n2.刮腻子\n3.刷、喷涂料",null,"m2",297.49,null,18.58,5527.36]
{"$rows_empty":15}
["本页小计",{"$nulls":10},5527.36]
["合   计",{"$nulls":10},585688.25]

{"sheet":"表-09 施工技术措施项目清单计价表【建筑工程】_1","index":45,"n_rows":25,"n_cols":13,"rows_kept":25,"merged":[[0,0,0,12],[1,0,1,12],[2,0,2,5],[2,6,2,8],[2,9,2,12],[3,0,4,0],[3,1,4,2],[3,3,4,4],[3,5,4,6],[3,7,4,7],[3,8,4,9],[3,10,3,12],[5,1,5,2],[5,3,5,6],[5,8,5,9],[6,1,6,2],[6,3,6,4],[6,5,6,6],[6,8,6,9],[7,1,7,2],[7,3,7,4],[7,5,7,6],[7,8,7,9],[8,1,8,2],[8,3,8,4],[8,5,8,6],[8,8,8,9],[9,1,9,2],[9,3,9,4],[9,5,9,6],[9,8,9,9],[10,1,10,2],[10,3,10,4],[10,5,10,6],[10,8,10,9],[11,1,11,2],[11,3,11,4],[11,5,11,6],[11,8,11,9],[12,1,12,2],[12,3,12,4],[12,5,12,6],[12,8,12,9],[13,1,13,2],[13,3,13,4],[13,5,13,6],[13,8,13,9],[14,1,14,2],[14,3,14,4],[14,5,14,6],[14,8,14,9],[15,1,15,2],[15,3,15,4],[15,5,15,6],[15,8,15,9],[16,1,16,2],[16,3,16,4],[16,5,16,6],[16,8,16,9],[17,1,17,2],[17,3,17,4],[17,5,17,6],[17,8,17,9],[18,1,18,2],[18,3,18,4],[18,5,18,6],[18,8,18,9],[19,1,19,2],[19,3,19,4],[19,5,19,6],[19,8,19,9],[20,1,20,2],[20,3,20,4],[20,5,20,6],[20,8,20,9],[21,1,21,2],[21,3,21,4],[21,5,21,6],[21,8,21,9],[22,1,22,2],[22,3,22,4],[22,5,22,6],[22,8,22,9],[23,0,23,10],[24,0,24,10]]}
["表-09"]
["施工技术措施项目清单计价表"]
["工程名称：建筑工程",{"$nulls":8},"第  1  页  共  1  页"]
["序号","项目编码",null,"项目名称",null,"项目特征",null,"计量单位","工程量",null,"金额（元）"]
[{"$nulls":10},"综合单价","合价","其中:暂估价"]
[null,"一",null,"施工技术措施项目",{"$nulls":7},55578.45]
[1,"011701003002",null,"里脚手架",null,"[工作内容]\n1.场内、场外材料搬运\n2.搭、拆脚手架、斜道、上料平台\n3.安全网的铺设\n4.拆除脚手架后材料的堆放",null,"m2",3008.52,null,5.94,17870.61]
[2,"011703001002",null,"垂直运输",null,"[工作内容]\n1.在施工工期内完成全部工程项目所需要的垂直运输机械台班\n2.合同工期期间垂直运输机械的修理与保养",null,"m2",1610.07,null,23.42,37707.84]
{"$rows_empty":15}
["本页小计",{"$nulls":10},55578.45]
["合   计",{"$nulls":10},55578.45]

{"sheet":"表-10 施工组织措施项目清单计价表【建筑工程】_1","index":46,"n_rows":33,"n_cols":14,"rows_kept":33,"merged":[[0,0,0,10],[0,11,0,13],[1,0,1,13],[2,0,2,4],[2,5,2,10],[2,11,2,13],[3,1,3,2],[3,3,3,5],[3,8,3,9],[3,10,3,11],[4,1,4,2],[4,3,4,5],[4,8,4,9],[4,10,4,11],[5,1,5,2],[5,3,5,5],[5,8,5,9],[5,10,5,11],[6,1,6,2],[6,3,6,5],[6,8,6,9],[6,10,6,11],[7,0,7,13],[8,0,8,10],[8,11,8,13],[9,0,9,13],[10,0,10,4],[10,5,10,10],[10,11,10,13],[11,1,11,2],[11,3,11,5],[11,8,11,9],[11,10,11,11],[12,1,12,2],[12,3,12,5],[12,8,12,9],[12,10,12,11],[13,1,13,2],[13,3,13,5],[13,8,13,9],[13,10,13,11],[14,1,14,2],[14,3,14,5],[14,8,14,9],[14,10,14,11],[15,1,15,2],[15,3,15,5],[15,8,15,9],[15,10,15,11],[16,1,16,2],[16,3,16,5],[16,8,16,9],[16,10,16,11],[17,1,17,2],[17,3,17,5],[17,8,17,9],[17,10,17,11],[18,1,18,2],[18,3,18,5],[18,8,18,9],[18,10,18,11],[19,1,19,2],[19,3,19,5],[19,8,19,9],[19,10,19,11],[20,1,20,2],[20,3,20,5],[20,8,20,9],[20,10,20,11],[21,1,21,2],[21,3,21,5],[21,8,21,9],[21,10,21,11],[22,1,22,2],[22,3,22,5],[22,8,22,9],[22,10,22,11],[23,1,23,2],[23,3,23,5],[23,8,23,9],[23,10,23,11],[24,1,24,2],[24,3,24,5],[24,8,24,9],[24,10,24,11],[25,1,25,2],[25,3,25,5],[25,8,25,9],[25,10,25,11],[26,1,26,2],[26,3,26,5],[26,8,26,9],[26,10,26,11],[27,1,27,2],[27,3,27,5],[27,8,27,9],[27,10,27,11],[28,1,28,2],[28,3,28,5],[28,8,28,9],[28,10,28,11],[29,1,29,2],[29,3,29,5],[29,8,29,9],[29,10,29,11],[30,1,30,2],[30,3,30,5],[30,8,30,9],[30,10,30,11],[31,1,31,2],[31,3,31,5],[31,8,31,9],[31,10,31,11],[32,0,32,7],[32,8,32,9],[32,10,32,11],[33,0,33,13]]}
[{"$nulls":11},"表-10"]
["施工组织措施项目清单计价表"]
["工程名称：建筑工程",{"$nulls":10},"第  1  页  共  2  页"]
["序号","项目编码",null,"项目名称",null,null,"计算\n基础","费率\n(%)","金额\n(元)",null,"调整\n费率\n(%)",null,"调整后\n金额\n(元)","备注"]
[1,"011707B16001",null,"组织措施费",null,null,"(分部分项人工费+分部分项机械费+技术措施人工费+技术措施机械费-机械（爆破）土石方人工费-机械（爆破）土石方机械费-机械（爆破）土石方人工费-机械（爆破）土石方机械费-人工土石方人工费-人工土石方技术措施人工费-人工土石方机械费-人工土石方技术措施机械费)+(机械（爆破）土石方人工费+机械（爆破）土石方机械费+机械（爆破）土石方人工费+机械（爆破）土石方机械费)*0.048/费率+(人工土石方人工费+人工土石方技术措施人工费)*0.0222/费率","7.9",31946.58]
[2,"011707001001",null,"安全文明施工费",null,null,"48142.89","100",48142.89]
[3,"011707B15001",null,"建设工程竣工档案编制费",null,null,"(分部分项人工费+分部分项机械费+技术措施人工费+技术措施机械费-机械（爆破）土石方人工费-机械（爆破）土石方机械费-机械（爆破）土石方人工费-机械（爆破）土石方机械费-人工土石方人工费-人工土石方技术措施人工费-人工土石方机械费-人工土石方技术措施机械费)+(机械（爆破）土石方人工费+机械（爆","0.48",1941.93]
["注：1.计算基础和费用标准按本市有关费用定额或文件执行。\n    2.根据施工方案计算的措施费，可不填写“计算基础”和“费率”的数值，只填写“金额”数值，但应在备注栏说明施工\n    方案出处或计算方法。"]
[{"$nulls":11},"表-10"]
["施工组织措施项目清单计价表"]
["工程名称：建筑工程",{"$nulls":10},"第  2  页  共  2  页"]
["序号","项目编码",null,"项目名称",null,null,"计算\n基础","费率\n(%)","金额\n(元)",null,"调整\n费率\n(%)",null,"调整后\n金额\n(元)","备注"]
[{"$nulls":6},"破）土石方机械费+机械（爆破）土石方人工费+机械（爆破）土石方机械费)*0.002/费率+(人工土石方人工费+人工土石方技术措施人工费)*0.0019/费率"]
{"$rows_empty":19}
["合    计",{"$nulls":7},82031.4]

{"sheet":"表-12 规费、税金项目计价表【建筑工程】_1","index":47,"n_rows":26,"n_cols":10,"rows_kept":26,"merged":[[0,0,0,7],[0,8,0,9],[1,0,1,9],[2,0,2,3],[2,4,2,7],[2,8,2,9],[3,1,3,4],[3,5,3,6],[3,7,3,8],[4,1,4,4],[4,5,4,6],[4,7,4,8],[5,1,5,4],[5,5,5,6],[5,7,5,8],[6,1,6,4],[6,5,6,6],[6,7,6,8],[7,1,7,4],[7,5,7,6],[7,7,7,8],[8,1,8,4],[8,5,8,6],[8,7,8,8],[9,1,9,4],[9,5,9,6],[9,7,9,8],[10,1,10,4],[10,5,10,6],[10,7,10,8],[11,1,11,4],[11,5,11,6],[11,7,11,8],[12,1,12,4],[12,5,12,6],[12,7,12,8],[13,1,13,4],[13,5,13,6],[13,7,13,8],[14,1,14,4],[14,5,14,6],[14,7,14,8],[15,1,15,4],[15,5,15,6],[15,7,15,8],[16,1,16,4],[16,5,16,6],[16,7,16,8],[17,1,17,4],[17,5,17,6],[17,7,17,8],[18,1,18,4],[18,5,18,6],[18,7,18,8],[19,1,19,4],[19,5,19,6],[19,7,19,8],[20,1,20,4],[20,5,20,6],[20,7,20,8],[21,1,21,4],[21,5,21,6],[21,7,21,8],[22,1,22,4],[22,5,22,6],[22,7,22,8],[23,1,23,4],[23,5,23,6],[23,7,23,8],[24,1,24,4],[24,5,24,6],[24,7,24,8],[25,0,25,8]]}
[{"$nulls":8},"表-12"]
["规费、税金项目计价表"]
["工程名称：建筑工程",{"$nulls":7},"第  1  页  共  1  页"]
["序号","项目名称",{"$nulls":3},"计算基础",null,"费率(%)",null,"金额（元）"]
["1","规费",{"$nulls":3},"专业工程规费（人+机）+机械（爆破）土石方规费（人+机）*0.072/费率+人工土石方规费（人）*0.082/费率",null,"10.32",null,41944.66]
["2","税金",{"$nulls":3},"2.1 + 2.2 + 2.3",{"$nulls":3},75759.04]
["2.1","增值税",{"$nulls":3},"分部分项工程费+措施项目费+其他项目费+规费-甲供材料费",null,"9",null,68871.85]
["2.2","附加税",{"$nulls":3},"增值税",null,"10",null,6887.19]
["2.3","环境保护税",{"$nulls":3},"按实计算"]
{"$rows_empty":16}
["合计",{"$nulls":8},117703.7]

{"sheet":"表-04 单位工程招标控制价汇总表【酸辣粉、淀粉库房消防水","index":48,"n_rows":26,"n_cols":9,"rows_kept":26,"merged":[[0,0,0,6],[0,7,0,8],[1,0,1,8],[2,0,2,3],[2,4,2,6],[2,7,2,8],[3,0,3,1],[3,2,3,5],[3,6,3,7],[4,0,4,1],[4,2,4,5],[4,6,4,7],[5,0,5,1],[5,2,5,5],[5,6,5,7],[6,0,6,1],[6,2,6,5],[6,6,6,7],[7,0,7,1],[7,2,7,5],[7,6,7,7],[8,0,8,1],[8,2,8,5],[8,6,8,7],[9,0,9,1],[9,2,9,5],[9,6,9,7],[10,0,10,1],[10,2,10,5],[10,6,10,7],[11,0,11,1],[11,2,11,5],[11,6,11,7],[12,0,12,1],[12,2,12,5],[12,6,12,7],[13,0,13,1],[13,2,13,5],[13,6,13,7],[14,0,14,1],[14,2,14,5],[14,6,14,7],[15,0,15,1],[15,2,15,5],[15,6,15,7],[16,0,16,1],[16,2,16,5],[16,6,16,7],[17,0,17,1],[17,2,17,5],[17,6,17,7],[18,0,18,1],[18,2,18,5],[18,6,18,7],[19,0,19,1],[19,2,19,5],[19,6,19,7],[20,0,20,1],[20,2,20,5],[20,6,20,7],[21,0,21,1],[21,2,21,5],[21,6,21,7],[22,0,22,1],[22,2,22,5],[22,6,22,7],[23,0,23,1],[23,2,23,5],[23,6,23,7],[24,0,24,5],[24,6,24,7],[25,0,25,8]]}
[{"$nulls":7},"表-04"]
["单位工程招标控制价汇总表"]
["工程名称：酸辣粉、淀粉库房消防水工程",{"$nulls":6},"第  1  页  共  1  页"]
["序号",null,"汇总内容",{"$nulls":3},"金额(元)",null,"其中：暂估价(元)"]
["1",null,"分部分项工程费",{"$nulls":3},112025.09]
["1.1",null,"C拆除原有消防水系统",{"$nulls":3},13126.47]
["1.2",null,"消火栓系统安装",{"$nulls":3},18836.36]
["1.3",null,"喷淋系统安装",{"$nulls":3},67511]
["1.4",null,"其他项目",{"$nulls":3},12551.26]
["2",null,"措施项目费",{"$nulls":3},27312.76]
["2.1",null,"其中：安全文明施工费",{"$nulls":3},14781.45]
["3",null,"其他项目费"]
["4",null,"规费",{"$nulls":3},12611.64,null,"－"]
["5",null,"税金",{"$nulls":3},15043,null,"－"]
{"$rows_empty":10}
["投标报价合计=1+2+3+4+5",{"$nulls":5},"166,992.49"]
["注：1.本表适用于单位工程招标控制价或投标报价的汇总，如无单位工程划分，单项工程也使用本表汇总。 \n    2.分部分项工程、措施项目中暂估价中应填写材料、工程设备暂估价，其他项目中暂估价应填写专业工程暂估价。"]

{"sheet":"表-08 措施项目汇总表【酸辣粉、淀粉库房消防水工程】","index":49,"n_rows":26,"n_cols":6,"rows_kept":26,"merged":[[0,0,0,5],[1,0,1,5],[2,0,2,1],[2,2,2,3],[2,4,2,5],[3,0,4,0],[3,1,4,2],[3,3,3,5],[4,3,4,4],[5,1,5,2],[5,3,5,4],[6,1,6,2],[6,3,6,4],[7,1,7,2],[7,3,7,4],[8,1,8,2],[8,3,8,4],[9,1,9,2],[9,3,9,4],[10,1,10,2],[10,3,10,4],[11,1,11,2],[11,3,11,4],[12,1,12,2],[12,3,12,4],[13,1,13,2],[13,3,13,4],[14,1,14,2],[14,3,14,4],[15,1,15,2],[15,3,15,4],[16,1,16,2],[16,3,16,4],[17,1,17,2],[17,3,17,4],[18,1,18,2],[18,3,18,4],[19,1,19,2],[19,3,19,4],[20,1,20,2],[20,3,20,4],[21,1,21,2],[21,3,21,4],[22,1,22,2],[22,3,22,4],[23,1,23,2],[23,3,23,4],[24,1,24,2],[24,3,24,4],[25,0,25,2],[25,3,25,4]]}
["表-08"]
["措施项目汇总表"]
["工程名称：酸辣粉、淀粉库房消防水工程",{"$nulls":3},"第 1 页  共 1 页"]
["序号","项目名称",null,"金额(元)"]
[{"$nulls":3},"合价",null,"其中：暂估价"]
["1","施工技术措施项目",null,3450.93]
["2","施工组织措施项目",null,23861.83]
["2.1","其中：安全文明施工费",null,14781.45]
["2.2","建设工程竣工档案编制费",null,1345.24]
{"$rows_empty":16}
["措施项目费合计=1+2",null,null,27312.76]

{"sheet":"表-09 分部分项工程项目清单计价表【酸辣粉、淀粉库房消防","index":50,"n_rows":197,"n_cols":13,"rows_kept":197,"merged":[[0,0,0,13],[1,0,1,13],[2,0,2,5],[2,6,2,8],[2,9,2,13],[3,0,4,0],[3,1,4,2],[3,3,4,4],[3,5,4,6],[3,7,4,7],[3,8,4,9],[3,10,3,12],[5,1,5,2],[5,3,5,6],[5,8,5,9],[6,1,6,2],[6,3,6,4],[6,5,6,6],[6,8,6,9],[7,1,7,2],[7,3,7,4],[7,5,7,6],[7,8,7,9],[8,1,8,2],[8,3,8,4],[8,5,8,6],[8,8,8,9],[9,0,9,10],[10,0,10,13],[11,0,11,13],[12,0,12,5],[12,6,12,8],[12,9,12,13],[13,0,14,0],[13,1,14,2],[13,3,14,4],[13,5,14,6],[13,7,14,7],[13,8,14,9],[13,10,13,12],[15,1,15,2],[15,3,15,4],[15,5,15,6],[15,8,15,9],[16,1,16,2],[16,3,16,4],[16,5,16,6],[16,8,16,9],[17,1,17,2],[17,3,17,4],[17,5,17,6],[17,8,17,9],[18,0,18,10],[19,0,19,13],[20,0,20,13],[21,0,21,5],[21,6,21,8],[21,9,21,13],[22,0,23,0],[22,1,23,2],[22,3,23,4],[22,5,23,6],[22,7,23,7],[22,8,23,9],[22,10,22,12],[24,1,24,2],[24,3,24,4],[24,5,24,6],[24,8,24,9],[25,1,25,2],[25,3,25,4],[25,5,25,6],[25,8,25,9],[26,1,26,2],[26,3,26,4],[26,5,26,6],[26,8,26,9],[27,1,27,2],[27,3,27,4],[27,5,27,6],[27,8,27,9],[28,0,28,10],[29,0,29,13],[30,0,30,13],[31,0,31,5],[31,6,31,8],[31,9,31,13],[32,0,33,0],[32,1,33,2],[32,3,33,4],[32,5,33,6],[32,7,33,7],[32,8,33,9],[32,10,32,12],[34,1,34,2],[34,3,34,4],[34,5,34,6],[34,8,34,9],[35,1,35,2],[35,3,35,6],[35,8,35,9],[36,0,36,10],[37,0,37,13],[38,0,38,13],[39,0,39,5],[39,6,39,8],[39,9,39,13],[40,0,41,0],[40,1,41,2],[40,3,41,4],[40,5,41,6],[40,7,41,7],[40,8,41,9],[40,10,40,12],[42,1,42,2],[42,3,42,4],[42,5,42,6],[42,8,42,9],[43,0,43,10],[44,0,44,13],[45,0,45,13],[46,0,46,5],[46,6,46,8],[46,9,46,13],[47,0,48,0],[47,1,48,2],[47,3,48,4],[47,5,48,6],[47,7,48,7],[47,8,48,9],[47,10,47,12],[49,1,49,2],[49,3,49,4],[49,5,49,6],[49,8,49,9],[50,0,50,10],[51,0,51,13],[52,0,52,13],[53,0,53,5],[53,6,53,8],[53,9,53,13],[54,0,55,0],[54,1,55,2],[54,3,55,4],[54,5,55,6],[54,7,55,7],[54,8,55,9],[54,10,54,12],[56,1,56,2],[56,3,56,4],[56,5,56,6],[56,8,56,9],[57,0,57,10],[58,0,58,13],[59,0,59,13],[60,0,60,5],[60,6,60,8],[60,9,60,13],[61,0,62,0],[61,1,62,2],[61,3,62,4],[61,5,62,6],[61,7,62,7],[61,8,62,9],[61,10,61,12],[63,1,63,2],[63,3,63,4],[63,5,63,6],[63,8,63,9],[64,1,64,2],[64,3,64,4],[64,5,64,6],[64,8,64,9],[65,0,65,10],[66,0,66,13],[67,0,67,13],[68,0,68,5],[68,6,68,8],[68,9,68,13],[69,0,70,0],[69,1,70,2],[69,3,70,4],[69,5,70,6],[69,7,70,7],[69,8,70,9],[69,10,69,12],[71,1,71,2],[71,3,71,4],[71,5,71,6],[71,8,71,9],[72,1,72,2],[72,3,72,4],[72,5,72,6],[72,8,72,9],[73,0,73,10],[74,0,74,13],[75,0,75,13],[76,0,76,5],[76,6,76,8],[76,9,76,13],[77,0,78,0],[77,1,78,2],[77,3,78,4],[77,5,78,6],[77,7,78,7],[77,8,78,9],[77,10,77,12],[79,1,79,2],[79,3,79,4],[79,5,79,6],[79,8,79,9],[80,1,80,2],[80,3,80,6],[80,8,80,9],[81,1,81,2],[81,3,81,4],[81,5,81,6],[81,8,81,9],[82,0,82,10],[83,0,83,13],[84,0,84,13],[85,0,85,5],[85,6,85,8],[85,9,85,13],[86,0,87,0],[86,1,87,2],[86,3,87,4],[86,5,87,6],[86,7,87,7],[86,8,87,9],[86,10,86,12],[88,1,88,2],[88,3,88,4],[88,5,88,6],[88,8,88,9],[89,0,89,10],[90,0,90,13],[91,0,91,13],[92,0,92,5],[92,6,92,8],[92,9,92,13],[93,0,94,0],[93,1,94,2],[93,3,94,4],[93,5,94,6],[93,7,94,7],[93,8,94,9],[93,10,93,12],[95,1,95,2],[95,3,95,4],[95,5,95,6],[95,8,95,9],[96,0,96,10],[97,0,97,13],[98,0,98,13],[99,0,99,5],[99,6,99,8],[99,9,99,13],[100,0,101,0],[100,1,101,2],[100,3,101,4],[100,5,101,6],[100,7,101,7],[100,8,101,9],[100,10,100,12],[102,1,102,2],[102,3,102,4],[102,5,102,6],[102,8,102,9],[103,0,103,10],[104,0,104,13],[105,0,105,13],[106,0,106,5],[106,6,106,8],[106,9,106,13],[107,0,108,0],[107,1,108,2],[107,3,108,4],[107,5,108,6],[107,7,108,7],[107,8,108,9],[107,10,107,12],[109,1,109,2],[109,3,109,4],[109,5,109,6],[109,8,109,9],[110,0,110,10],[111,0,111,13],[112,0,112,13],[113,0,113,5],[113,6,113,8],[113,9,113,13],[114,0,115,0],[114,1,115,2],[114,3,115,4],[114,5,115,6],[114,7,115,7],[114,8,115,9],[114,10,114,12],[116,1,116,2],[116,3,116,4],[116,5,116,6],[116,8,116,9],[117,0,117,10],[118,0,118,13],[119,0,119,13],[120,0,120,5],[120,6,120,8],[120,9,120,13],[121,0,122,0],[121,1,122,2],[121,3,122,4],[121,5,122,6],[121,7,122,7],[121,8,122,9],[121,10,121,12],[123,1,123,2],[123,3,123,4],[123,5,123,6],[123,8,123,9],[124,1,124,2],[124,3,124,4],[124,5,124,6],[124,8,124,9],[125,0,125,10],[126,0,126,13],[127,0,127,13],[128,0,128,5],[128,6,128,8],[128,9,128,13],[129,0,130,0],[129,1,130,2],[129,3,130,4],[129,5,130,6],[129,7,130,7],[129,8,130,9],[129,10,129,12],[131,1,131,2],[131,3,131,4],[131,5,131,6],[131,8,131,9],[132,1,132,2],[132,3,132,4],[132,5,132,6],[132,8,132,9],[133,0,133,10],[134,0,134,13],[135,0,135,13],[136,0,136,5],[136,6,136,8],[136,9,136,13],[137,0,138,0],[137,1,138,2],[137,3,138,4],[137,5,138,6],[137,7,138,7],[137,8,138,9],[137,10,137,12],[139,1,139,2],[139,3,139,4],[139,5,139,6],[139,8,139,9],[140,1,140,2],[140,3,140,4],[140,5,140,6],[140,8,140,9],[141,1,141,2],[141,3,141,4],[141,5,141,6],[141,8,141,9],[142,0,142,10],[143,0,143,13],[144,0,144,13],[145,0,145,5],[145,6,145,8],[145,9,145,13],[146,0,147,0],[146,1,147,2],[146,3,147,4],[146,5,147,6],[146,7,147,7],[146,8,147,9],[146,10,146,12],[148,1,148,2],[148,3,148,4],[148,5,148,6],[148,8,148,9],[149,1,149,2],[149,3,149,4],[149,5,149,6],[149,8,149,9],[150,1,150,2],[150,3,150,6],[150,8,150,9],[151,0,151,10],[152,0,152,13],[153,0,153,13],[154,0,154,5],[154,6,154,8],[154,9,154,13],[155,0,156,0],[155,1,156,2],[155,3,156,4],[155,5,156,6],[155,7,156,7],[155,8,156,9],[155,10,155,12],[157,1,157,2],[157,3,157,4],[157,5,157,6],[157,8,157,9],[158,1,158,2],[158,3,158,4],[158,5,158,6],[158,8,158,9],[159,0,159,10],[160,0,160,13],[161,0,161,13],[162,0,162,5],[162,6,162,8],[162,9,162,13],[163,0,164,0],[163,1,164,2],[163,3,164,4],[163,5,164,6],[163,7,164,7],[163,8,164,9],[163,10,163,12],[165,1,165,2],[165,3,165,4],[165,5,165,6],[165,8,165,9],[166,1,166,2],[166,3,166,4],[166,5,166,6],[166,8,166,9],[167,1,167,2],[167,3,167,4],[167,5,167,6],[167,8,167,9],[168,0,168,10],[169,0,169,13],[170,0,170,13],[171,0,171,5],[171,6,171,8],[171,9,171,13],[172,0,173,0],[172,1,173,2],[172,3,173,4],[172,5,173,6],[172,7,173,7],[172,8,173,9],[172,10,172,12],[174,1,174,2],[174,3,174,4],[174,5,174,6],[174,8,174,9],[175,1,175,2],[175,3,175,4],[175,5,175,6],[175,8,175,9],[176,1,176,2],[176,3,176,4],[176,5,176,6],[176,8,176,9],[177,1,177,2],[177,3,177,4],[177,5,177,6],[177,8,177,9],[178,1,178,2],[178,3,178,4],[178,5,178,6],[178,8,178,9],[179,1,179,2],[179,3,179,4],[179,5,179,6],[179,8,179,9],[180,1,180,2],[180,3,180,4],[180,5,180,6],[180,8,180,9],[181,1,181,2],[181,3,181,4],[181,5,181,6],[181,8,181,9],[182,1,182,2],[182,3,182,4],[182,5,182,6],[182,8,182,9],[183,1,183,2],[183,3,183,4],[183,5,183,6],[183,8,183,9],[184,1,184,2],[184,3,184,4],[184,5,184,6],[184,8,184,9],[185,1,185,2],[185,3,185,4],[185,5,185,6],[185,8,185,9],[186,1,186,2],[186,3,186,4],[186,5,186,6],[186,8,186,9],[187,1,187,2],[187,3,187,4],[187,5,187,6],[187,8,187,9],[188,1,188,2],[188,3,188,4],[188,5,188,6],[188,8,188,9],[189,1,189,2],[189,3,189,4],[189,5,189,6],[189,8,189,9],[190,1,190,2],[190,3,190,4],[190,5,190,6],[190,8,190,9],[191,1,191,2],[191,3,191,4],[191,5,191,6],[191,8,191,9],[192,1,192,2],[192,3,192,4],[192,5,192,6],[192,8,192,9],[193,1,193,2],[193,3,193,4],[193,5,193,6],[193,8,193,9],[194,1,194,2],[194,3,194,4],[194,5,194,6],[194,8,194,9],[195,0,195,10],[196,0,196,10]]}
["表-09"]
["分部分项工程项目清单计价表"]
["工程名称：酸辣粉、淀粉库房消防水工程",{"$nulls":8},"第  1  页  共  22  页"]
["序号","项目编码",null,"项目名称",null,"项目特征",null,"计量单位","工程量",null,"金额（元）"]
[{"$nulls":10},"综合单价","合价","其中:暂估价"]
[null,"C",null,"拆除原有消防水系统"]
[1,"030901002011",null,"拆除消防水钢管 DN150",null,"[项目特征]\n1.材质、规格:内外壁热浸锌镀锌钢管 DN150\n2.连接形式:具体详设计\n3.其它:满足设计﹑规范﹑招标文件、现场条件、达到使用功能等要求\n[工作内容]\n1.管道及管件拆除\n2.运输至业主指定位置堆放",null,"m",385.03,null,7.49,2883.87]
[2,"030901002012",null,"拆除消防水钢管 DN100",null,"[项目特征]\n1.材质、规格:内外壁热浸锌镀锌钢管 DN100\n2.连接形式:具体详设计\n3.其它:满足设计﹑规范﹑招标文件、现场条件、达到使用功能等要求\n[工作内容]\n1.管道及管件拆除\n2.运输至业主指定位置堆放",null,"m",13,null,6.49,84.37]
[3,"030901002013",null,"拆除消防水钢管 DN80",null,"[项目特征]\n1.材质、规格:内外壁热浸锌镀锌钢管 DN80\n2.连接形式:具体详设计\n3.其它:满足设计﹑规范﹑招标文件、现场条件、达到使用功能等要求\n[工作内容]\n1.管道及管件拆除\n2.运输至业主指定位置堆放",null,"m",7.95,null,5.35,42.53]
["本页小计",{"$nulls":10},3010.77]
["表-09"]
["分部分项工程项目清单计价表"]
["工程名称：酸辣粉、淀粉库房消防水工程",{"$nulls":8},"第  2  页  共  22  页"]
["序号","项目编码",null,"项目名称",null,"项目特征",null,"计量单位","工程量",null,"金额（元）"]
[{"$nulls":10},"综合单价","合价","其中:暂估价"]
[4,"030901002014",null,"拆除消防水钢管 DN65",null,"[项目特征]\n1.材质、规格:内外壁热浸锌镀锌钢管 DN65\n2.连接形式:具体详设计\n3.其它:满足设计﹑规范﹑招标文件、现场条件、达到使用功能等要求\n[工作内容]\n1.管道及管件拆除\n2.运输至业主指定位置堆放",null,"m",121.21,null,5.26,637.56]
[5,"030901002015",null,"拆除消防水钢管 DN50",null,"[项目特征]\n1.材质、规格:内外壁热浸锌镀锌钢管 DN50\n2.连接形式:具体详设计\n3.其它:满足设计﹑规范﹑招标文件、现场条件、达到使用功能等要求\n[工作内容]\n1.管道及管件拆除\n2.运输至业主指定位置堆放",null,"m",293.93,null,5.26,1546.07]
[6,"030901002016",null,"拆除消防水钢管 DN40",null,"[项目特征]\n1.材质、规格:内外壁热浸锌镀锌钢管 DN40\n2.连接形式:具体详设计\n3.其它:满足设计﹑规范﹑招标文件、现场条件、达到使用功能等要求\n[工作内容]\n1.管道及管件拆除\n2.运输至业主指定位置堆放",null,"m",608.65,null,5.26,3201.5]
["本页小计",{"$nulls":10},5385.13]
["表-09"]
["分部分项工程项目清单计价表"]
["工程名称：酸辣粉、淀粉库房消防水工程",{"$nulls":8},"第  3  页  共  22  页"]
["序号","项目编码",null,"项目名称",null,"项目特征",null,"计量单位","工程量",null,"金额（元）"]
[{"$nulls":10},"综合单价","合价","其中:暂估价"]
[7,"030901002017",null,"拆除消防水钢管 DN25",null,"[项目特征]\n1.材质、规格:内外壁热浸锌镀锌钢管 DN25\n2.连接形式:具体详设计\n3.其它:满足设计﹑规范﹑招标文件、现场条件、达到使用功能等要求\n[工作内容]\n1.管道及管件拆除\n2.运输至业主指定位置堆放",null,"m",898.27,null,4.43,3979.34]
[8,"031003003005",null,"拆除蝶阀 DN150",null,"[项目特征]\n1.类型:蝶阀 \n2.材质:不锈钢\n3.规格、压力等级:DN150，1.6MPa\n4.连接形式:具体详设计\n[工作内容]\n1.拆除\n2.运输至业主指定位置堆放",null,"个",13,null,11.44,148.72]
[9,"031003003006",null,"拆除蝶阀 DN65",null,"[项目特征]\n1.类型:蝶阀\n2.材质:不锈钢\n3.规格、压力等级:DN65，1.6MPa\n4.连接形式:具体详设计\n[工作内容]\n1.拆除\n2.运输至业主指定位置堆放",null,"个",1,null,5.73,5.73]
[10,"031003002002",null,"拆除自动排气阀",null,"[项目特征]\n1.材质:钢制\n2.连接形式:具体详设计\n[工作内容]\n1.拆除\n2.运输至业主指定位置堆放",null,"个",1,null,9.82,9.82]
["本页小计",{"$nulls":10},4143.61]
["表-09"]
["分部分项工程项目清单计价表"]
["工程名称：酸辣粉、淀粉库房消防水工程",{"$nulls":8},"第  4  页  共  22  页"]
["序号","项目编码",null,"项目名称",null,"项目特征",null,"计量单位","工程量",null,"金额（元）"]
[{"$nulls":10},"综合单价","合价","其中:暂估价"]
[11,"030901010004",null,"拆除室内消防栓",null,"[项目特征]\n1.名称:室内消防栓箱\n2.安装方式:暗装\n3.规格:1000x700x200\n4.附件材质、规格:消火栓为单栓消火栓,消火栓箱内设:SNZ65(或SNW65)消火栓一支;QZ19/Φ19型直流喷雾喷枪一只;DN65mm衬胶水带一根(长25m),消防报警按钮和指示灯各一只,消防卷盘1套;消防软管卷盘应配置内径不小于ф19 的消防软管,其长度宜为30m。\n5.其它:满足设计﹑规范﹑招标文件、现场条件、达到使用功能等要求\n[工作内容]\n1.消火栓（带卷盘）拆除\n2.运输至业主指定位置堆放",null,"套",8,null,73.37,586.96]
[{"$nulls":3},"消火栓系统安装"]
["本页小计",{"$nulls":10},586.96]
["表-09"]
["分部分项工程项目清单计价表"]
["工程名称：酸辣粉、淀粉库房消防水工程",{"$nulls":8},"第  5  页  共  22  页"]
["序号","项目编码",null,"项目名称",null,"项目特征",null,"计量单位","工程量",null,"金额（元）"]
[{"$nulls":10},"综合单价","合价","其中:暂估价"]
[1,"030901002018",null,"消火栓管道 DN65",null,"[项目特征]\n1.名称:消火栓管道\n2.安装部位:室内\n3.材质:内外壁热浸锌镀锌钢管\n4.规格及厚度:DN65\n5.连接形式:沟槽式卡箍连接\n6.刷漆:红色调和漆2遍\n7.压力试验及冲洗设计要求:满足设计及规范要求\n8.安装高度:综合考虑\n9.其它:满足设计﹑规范﹑招标文件、现场条件、达到使用功能等要求\n[工作内容]\n1.管道及管件安装\n2.钢管镀锌\n3.压力试验\n4.冲洗\n5.刷红色面漆\n6.管道标识",null,"m",118.56,null,28.25,3349.32]
["本页小计",{"$nulls":10},3349.32]
["表-09"]
["分部分项工程项目清单计价表"]
["工程名称：酸辣粉、淀粉库房消防水工程",{"$nulls":8},"第  6  页  共  22  页"]
["序号","项目编码",null,"项目名称",null,"项目特征",null,"计量单位","工程量",null,"金额（元）"]
[{"$nulls":10},"综合单价","合价","其中:暂估价"]
[2,"030901002019",null,"消火栓管道 DN100",null,"[项目特征]\n1.名称:消火栓管道\n2.安装部位:室内\n3.材质:内外壁热浸锌镀锌钢管\n4.规格及厚度:DN100\n5.连接形式:沟槽式卡箍连接\n6.刷漆:红色调和漆2遍\n7.压力试验及冲洗设计要求:满足设计及规范要求\n8.安装高度:综合考虑\n9.其它:满足设计﹑规范﹑招标文件、现场条件、达到使用功能等要求\n[工作内容]\n1.管道及管件安装\n2.钢管镀锌\n3.压力试验\n4.冲洗\n5.刷红色面漆\n6.管道标识",null,"m",1,null,33.25,33.25]
["本页小计",{"$nulls":10},33.25]
["表-09"]
["分部分项工程项目清单计价表"]
["工程名称：酸辣粉、淀粉库房消防水工程",{"$nulls":8},"第  7  页  共  22  页"]
["序号","项目编码",null,"项目名称",null,"项目特征",null,"计量单位","工程量",null,"金额（元）"]
[{"$nulls":10},"综合单价","合价","其中:暂估价"]
[3,"030901002020",null,"消火栓管道 DN150",null,"[项目特征]\n1.名称:消火栓管道\n2.安装部位:室内\n3.材质:内外壁热浸锌镀锌钢管\n4.规格及厚度:DN150\n5.连接形式:沟槽式卡箍连接\n6.刷漆:红色调和漆2遍\n7.压力试验及冲洗设计要求:满足设计及规范要求\n8.安装高度:综合考虑\n9.其它:满足设计﹑规范﹑招标文件、现场条件、达到使用功能等要求\n[工作内容]\n1.管道及管件安装\n2.钢管镀锌\n3.压力试验\n4.冲洗\n5.刷红色面漆\n6.管道标识",null,"m",232.36,null,43.98,10219.19]
["本页小计",{"$nulls":10},10219.19]
["表-09"]
["分部分项工程项目清单计价表"]
["工程名称：酸辣粉、淀粉库房消防水工程",{"$nulls":8},"第  8  页  共  22  页"]
["序号","项目编码",null,"项目名称",null,"项目特征",null,"计量单位","工程量",null,"金额（元）"]
[{"$nulls":10},"综合单价","合价","其中:暂估价"]
[4,"030901010005",null,"室内消防栓",null,"[项目特征]\n1.名称:室内消防栓\n2.型号及尺寸:1000*700*200\n3.附件材质、规格:消火栓为单栓消火栓,消火栓箱内设:SNZ65(或SNW65)消火栓一支;QZ19/Φ19型直流喷雾喷枪一只;DN65mm衬胶水带一根(长25m)，消防卷盘1套;消防软管卷盘应配置内径不小于ф19 的消防软管,其长度宜为30m。\n4.安装方式:挂墙明装\n5.其它:满足设计﹑规范﹑招标文件、现场条件、达到使用功能等要求\n[工作内容]\n1.箱体及消火栓安装\n2.卷盘阀门安装\n3.配件安装",null,"套",8,null,145.32,1162.56]
[5,"030901013002",null,"灭火器",null,"[项目特征]\n1.形式:放置式\n2.规格、型号:MF/ABC4型手提式磷酸铵盐干粉灭火器\n3.其它:满足设计﹑规范﹑招标文件、现场条件、达到使用功能等要求\n[工作内容]\n1.灭火器安装\n2.灭火器箱安装",null,"具",28,null,43.57,1219.96]
["本页小计",{"$nulls":10},2382.52]
["表-09"]
["分部分项工程项目清单计价表"]
["工程名称：酸辣粉、淀粉库房消防水工程",{"$nulls":8},"第  9  页  共  22  页"]
["序号","项目编码",null,"项目名称",null,"项目特征",null,"计量单位","工程量",null,"金额（元）"]
[{"$nulls":10},"综合单价","合价","其中:暂估价"]
[6,"031003001004",null,"自动排气阀 DN20",null,"[项目特征]\n1.类型:自动排气阀\n2.材质:不锈钢\n3.规格、压力等级:ARSX-0020,DN20,1.6MPa\n4.连接形式:螺纹连接\n5.附件:自动排气阀前加装同管径的截止阀\n6.其它:满足设计﹑规范﹑招标文件、现场条件、达到使用功能等要求\n[工作内容]\n1.安装\n2.调试",null,"个",1,null,19.37,19.37]
[7,"031003003007",null,"蝶阀 DN150",null,"[项目特征]\n1.名称:蝶阀\n2.材质:球墨铸铁\n3.规格:DN150\n4.连接形式:沟槽法兰连接\n5.安装高度:综合考虑\n6.其它:满足设计﹑规范﹑招标文件、现场条件、达到使用功能等要求\n[工作内容]\n1.安装（含法兰）\n2.调试",null,"个",13,null,212.26,2759.38]
["本页小计",{"$nulls":10},2778.75]
["表-09"]
["分部分项工程项目清单计价表"]
["工程名称：酸辣粉、淀粉库房消防水工程",{"$nulls":8},"第  10  页  共  22  页"]
["序号","项目编码",null,"项目名称",null,"项目特征",null,"计量单位","工程量",null,"金额（元）"]
[{"$nulls":10},"综合单价","合价","其中:暂估价"]
[8,"031003003008",null,"蝶阀 DN65",null,"[项目特征]\n1.名称:带自锁装置蝶阀\n2.材质:球墨铸铁\n3.规格:DN65，1.6MPa\n4.连接形式:沟槽法兰连接\n5.安装高度:综合考虑\n6.其它:满足设计﹑规范﹑招标文件、现场条件、达到使用功能等要求\n[工作内容]\n1.安装（含法兰）\n2.调试",null,"个",1,null,73.33,73.33]
[{"$nulls":3},"喷淋系统安装"]
[1,"030901001008",null,"热镀锌喷淋钢管 DN25",null,"[项目特征]\n1.名称:喷淋管道\n2.安装部位:室内\n3.材质:内外壁热镀锌钢管 \n4.规格及厚度:DN25\n5.连接形式:螺纹连接\n6.刷漆:刷红色环漆\n7.压力试验及冲洗设计要求:满足设计及规范要求\n8.管道标识设计要求:满足设计及规范要求\n9.其它:满足设计﹑规范﹑招标文件、现场条件、达到使用功能等要求\n[工作内容]\n1.管道及管件安装\n2.压力试验\n3.冲洗\n4.刷红色环漆\n5.管道标识",null,"m",898.27,null,20.67,18567.24]
["本页小计",{"$nulls":10},18640.57]
["表-09"]
["分部分项工程项目清单计价表"]
["工程名称：酸辣粉、淀粉库房消防水工程",{"$nulls":8},"第  11  页  共  22  页"]
["序号","项目编码",null,"项目名称",null,"项目特征",null,"计量单位","工程量",null,"金额（元）"]
[{"$nulls":10},"综合单价","合价","其中:暂估价"]
[2,"030901001009",null,"热镀锌喷淋钢管 DN40",null,"[项目特征]\n1.名称:喷淋管道\n2.安装部位:室内\n3.材质:内外壁热镀锌钢管 \n4.规格及厚度:DN40\n5.连接形式:螺纹连接\n6.刷漆:刷红色环漆\n7.压力试验及冲洗设计要求:满足设计及规范要求\n8.管道标识设计要求:满足设计及规范要求\n9.其它:满足设计﹑规范﹑招标文件、现场条件、达到使用功能等要求\n[工作内容]\n1.管道及管件安装\n2.压力试验\n3.冲洗\n4.刷红色环漆\n5.管道标识",null,"m",608.65,null,32.12,19549.84]
["本页小计",{"$nulls":10},19549.84]
["表-09"]
["分部分项工程项目清单计价表"]
["工程名称：酸辣粉、淀粉库房消防水工程",{"$nulls":8},"第  12  页  共  22  页"]
["序号","项目编码",null,"项目名称",null,"项目特征",null,"计量单位","工程量",null,"金额（元）"]
[{"$nulls":10},"综合单价","合价","其中:暂估价"]
[3,"030901001010",null,"热镀锌喷淋钢管 DN50",null,"[项目特征]\n1.名称:喷淋管道\n2.安装部位:室内\n3.材质:内外壁热镀锌钢管 \n4.规格及厚度:DN50\n5.连接形式:螺纹连接\n6.刷漆:刷红色环漆\n7.压力试验及冲洗设计要求:满足设计及规范要求\n8.管道标识设计要求:满足设计及规范要求\n9.其它:满足设计﹑规范﹑招标文件、现场条件、达到使用功能等要求\n[工作内容]\n1.管道及管件安装\n2.压力试验\n3.冲洗\n4.刷红色环漆\n5.管道标识",null,"m",293.93,null,33.86,9952.47]
["本页小计",{"$nulls":10},9952.47]
["表-09"]
["分部分项工程项目清单计价表"]
["工程名称：酸辣粉、淀粉库房消防水工程",{"$nulls":8},"第  13  页  共  22  页"]
["序号","项目编码",null,"项目名称",null,"项目特征",null,"计量单位","工程量",null,"金额（元）"]
[{"$nulls":10},"综合单价","合价","其中:暂估价"]
[4,"030901001011",null,"热镀锌喷淋钢管 DN65",null,"[项目特征]\n1.名称:喷淋管道\n2.安装部位:室内\n3.材质:内外壁热镀锌钢管 \n4.规格及厚度:DN65\n5.连接形式:沟槽式卡箍连接\n6.刷漆:刷红色环漆\n7.压力试验及冲洗设计要求:满足设计及规范要求\n8.管道标识设计要求:满足设计及规范要求\n9.其它:满足设计﹑规范﹑招标文件、现场条件、达到使用功能等要求\n[工作内容]\n1.管道及管件安装\n2.压力试验\n3.冲洗\n4.刷红色环漆\n5.管道标识",null,"m",2.75,null,25.73,70.76]
["本页小计",{"$nulls":10},70.76]
["表-09"]
["分部分项工程项目清单计价表"]
["工程名称：酸辣粉、淀粉库房消防水工程",{"$nulls":8},"第  14  页  共  22  页"]
["序号","项目编码",null,"项目名称",null,"项目特征",null,"计量单位","工程量",null,"金额（元）"]
[{"$nulls":10},"综合单价","合价","其中:暂估价"]
[5,"030901001012",null,"热镀锌喷淋钢管 DN80",null,"[项目特征]\n1.名称:喷淋管道\n2.安装部位:室内\n3.材质:内外壁热镀锌钢管 \n4.规格及厚度:DN80\n5.连接形式:沟槽式卡箍连接\n6.刷漆:刷红色环漆\n7.压力试验及冲洗设计要求:满足设计及规范要求\n8.管道标识设计要求:满足设计及规范要求\n9.其它:满足设计﹑规范﹑招标文件、现场条件、达到使用功能等要求\n[工作内容]\n1.管道及管件安装\n2.压力试验\n3.冲洗\n4.刷红色环漆\n5.管道标识",null,"m",7.95,null,31.6,251.22]
["本页小计",{"$nulls":10},251.22]
["表-09"]
["分部分项工程项目清单计价表"]
["工程名称：酸辣粉、淀粉库房消防水工程",{"$nulls":8},"第  15  页  共  22  页"]
["序号","项目编码",null,"项目名称",null,"项目特征",null,"计量单位","工程量",null,"金额（元）"]
[{"$nulls":10},"综合单价","合价","其中:暂估价"]
[6,"030901001013",null,"热镀锌喷淋钢管 DN100",null,"[项目特征]\n1.名称:喷淋管道\n2.安装部位:室内\n3.材质:内外壁热镀锌钢管 \n4.规格及厚度:DN100\n5.连接形式:沟槽式卡箍连接\n6.刷漆:刷红色环漆\n7.压力试验及冲洗设计要求:满足设计及规范要求\n8.管道标识设计要求:满足设计及规范要求\n9.其它:满足设计﹑规范﹑招标文件、现场条件、达到使用功能等要求\n[工作内容]\n1.管道及管件安装\n2.压力试验\n3.冲洗\n4.刷红色环漆\n5.管道标识",null,"m",13,null,34.9,453.7]
["本页小计",{"$nulls":10},453.7]
["表-09"]
["分部分项工程项目清单计价表"]
["工程名称：酸辣粉、淀粉库房消防水工程",{"$nulls":8},"第  16  页  共  22  页"]
["序号","项目编码",null,"项目名称",null,"项目特征",null,"计量单位","工程量",null,"金额（元）"]
[{"$nulls":10},"综合单价","合价","其中:暂估价"]
[7,"030901001014",null,"热镀锌喷淋钢管 DN150",null,"[项目特征]\n1.名称:喷淋管道\n2.安装部位:室内\n3.材质:内外壁热镀锌钢管\n4.规格及厚度:DN150\n5.连接形式:沟槽式卡箍连接\n6.刷漆:刷红色环漆\n7.压力试验及冲洗设计要求:满足设计及规范要求\n8.管道标识设计要求:满足设计及规范要求\n9.其它:满足设计﹑规范﹑招标文件、现场条件、达到使用功能等要求\n[工作内容]\n1.管道及管件安装\n2.压力试验\n3.冲洗\n4.刷红色环漆\n5.管道标识",null,"m",152.67,null,48.22,7361.75]
[8,"031001006001",null,"实壁硬聚氯乙烯(PVC-U)水管 De75",null,"[项目特征]\n1.安装部位:室内\n2.介质:污、废水\n3.材质、规格:实壁硬聚氯乙烯(PVC-U)水管 De75\n4.连接形式:粘接\n5.通球灌水试验:满足设计及规范要求\n6.其他:满足设计﹑规范﹑招标文件、现场条件、达到使用功能等要求\n[工作内容]\n1.管道安装\n2.管件安装\n3.塑料卡固定\n4.通球灌水试验",null,"m",2.4,null,21.82,52.37]
["本页小计",{"$nulls":10},7414.12]
["表-09"]
["分部分项工程项目清单计价表"]
["工程名称：酸辣粉、淀粉库房消防水工程",{"$nulls":8},"第  17  页  共  22  页"]
["序号","项目编码",null,"项目名称",null,"项目特征",null,"计量单位","工程量",null,"金额（元）"]
[{"$nulls":10},"综合单价","合价","其中:暂估价"]
[9,"030901004002",null,"湿式报警阀组 ZSFZ150",null,"[项目特征]\n1.名称:湿式报警阀组\n2.型号、规格:ZSFZ150\n3.附件:包含供水压力表、装置压力表、试验阀、泄放试验阀、试验管流量计、过滤器、延时器、水力警铃、报警截止阀、漏斗、压力开关等\n4.其它:满足设计﹑规范﹑招标文件、现场条件、达到使用功能等要求\n[工作内容]\n1.安装\n2.电气接线\n3.调试",null,"组",1,null,558.22,558.22]
[10,"030901008002",null,"末端试水装置",null,"[项目特征]\n1.名称:末端试水装置 \n2.规格:DN25\n3.参考图集:20S206-65\n4.组装形式:截止阀、压力表、试水接头、排水漏斗\n5.其它:满足设计﹑规范﹑招标文件、现场条件、达到使用功能等要求\n[工作内容]\n1.安装\n2.调试",null,"组",2,null,64.28,128.56]
["本页小计",{"$nulls":10},686.78]
["表-09"]
["分部分项工程项目清单计价表"]
["工程名称：酸辣粉、淀粉库房消防水工程",{"$nulls":8},"第  18  页  共  22  页"]
["序号","项目编码",null,"项目名称",null,"项目特征",null,"计量单位","工程量",null,"金额（元）"]
[{"$nulls":10},"综合单价","合价","其中:暂估价"]
[11,"030901003002",null,"68℃玻璃球喷头",null,"[项目特征]\n1.安装部位:具体详设计\n2.材质、型号、规格:喷头为K80型喷头,采用68℃玻璃球喷头,直立型洒水喷头\n3.连接形式:满足设计及相关规范要求\n4.装饰盘设计要求:满足设计及相关规范要求\n5.其它:满足设计﹑规范﹑招标文件、现场条件、达到使用功能等要求\n[工作内容]\n1.安装\n2.装饰盘安装\n3.严密性试验",null,"个",572,null,14.53,8311.16]
[12,"030901012002",null,"地上式喷淋水泵接合器",null,"[项目特征]\n1.安装部位:室外，地上式\n2.型号、规格:SQS150-A\n3.附件材质、规格:满足设计及规范要求\n[工作内容]\n1.安装\n2.附件安装",null,"套",3,null,330.97,992.91]
[13,"031003001005",null,"安全信号阀 DN150",null,"[项目特征]\n1.类型:安全信号阀\n2.材质:球墨铸铁\n3.规格、压力等级:DN150\n4.连接形式:法兰连接\n5.其他:满足设计﹑规范﹑招标文件、现场条件、达到使用功能等要求\n[工作内容]\n1.安装（含法兰片）\n2.检查接线\n3.调试",null,"个",4,null,214.79,859.16]
["本页小计",{"$nulls":10},10163.23]
["表-09"]
["分部分项工程项目清单计价表"]
["工程名称：酸辣粉、淀粉库房消防水工程",{"$nulls":8},"第  19  页  共  22  页"]
["序号","项目编码",null,"项目名称",null,"项目特征",null,"计量单位","工程量",null,"金额（元）"]
[{"$nulls":10},"综合单价","合价","其中:暂估价"]
[14,"030901006002",null,"水流指示器 ZSJZ150",null,"[项目特征]\n1.名称:水流指示器\n2.规格、型号:ZSJZ150，1.6MPa\n3.连接形式:法兰连接\n4.其它:满足设计及施工规范验收要求\n[工作内容]\n1.安装（含法兰）\n2.调试",null,"个",2,null,181.45,362.9]
[15,"031003001006",null,"自动排气阀 DN20",null,"[项目特征]\n1.类型:自动排气阀\n2.材质:不锈钢\n3.规格、压力等级:ARSX-0020,DN20,1.6MPa\n4.连接形式:螺纹连接\n5.附件:自动排气阀前加装同管径的截止阀\n6.其它:满足设计﹑规范﹑招标文件、现场条件、达到使用功能等要求\n[工作内容]\n1.安装\n2.调试",null,"个",2,null,19.37,38.74]
[{"$nulls":3},"其他项目"]
["本页小计",{"$nulls":10},401.64]
["表-09"]
["分部分项工程项目清单计价表"]
["工程名称：酸辣粉、淀粉库房消防水工程",{"$nulls":8},"第  20  页  共  22  页"]
["序号","项目编码",null,"项目名称",null,"项目特征",null,"计量单位","工程量",null,"金额（元）"]
[{"$nulls":10},"综合单价","合价","其中:暂估价"]
[1,"030906001002",null,"消防管道支吊架制作及安装",null,"[项目特征]\n1.名称:消防管道支吊架\n2.材质:型钢\n3.管架形式:综合考虑\n4.支架除锈刷油要求:手工除轻锈，先刷防锈漆二道后，再刷灰色调和漆二道\n5.安装高度:综合考虑\n6.其它:满足设计﹑规范﹑招标文件、现场条件、达到使用功能等要求\n[工作内容]\n1.制作、安装\n2.除锈、刷漆",null,"kg",590,null,13.13,7746.7]
[2,"031002003002",null,"柔性防水套管 DN150",null,"[项目特征]\n1.名称:柔性防水套管\n2.材质:焊接钢管\n3.套管规格:Φ250\n4.穿管管径:DN150\n5.填料材质:满足设计及规范要求\n6.其他:满足设计﹑规范﹑招标文件、现场条件、达到使用功能等要求\n[工作内容]\n1.制作\n2.安装\n3.除锈、刷油\n4.材料运输",null,"个",4,null,556.34,2225.36]
["本页小计",{"$nulls":10},9972.06]
["表-09"]
["分部分项工程项目清单计价表"]
["工程名称：酸辣粉、淀粉库房消防水工程",{"$nulls":8},"第  21  页  共  22  页"]
["序号","项目编码",null,"项目名称",null,"项目特征",null,"计量单位","工程量",null,"金额（元）"]
[{"$nulls":10},"综合单价","合价","其中:暂估价"]
[3,"031201001003",null,"埋地管道防腐",null,"[项目特征]\n1.刷漆部位:埋地管道\n2.油漆品种、遍数:两布三油、外裹牛皮纸\n3.其他:满足设计﹑规范﹑招标文件、现场条件、达到使用功能等要求\n[工作内容]\n1.除锈\n2.调配、涂刷",null,"m2",25.64,null,30.9,792.28]
[4,"031201001004",null,"原有消防管道刷漆",null,"[项目特征]\n1.刷漆部位:室内架空消防管道\n2.除锈要求:手工除锈\n3.油漆品种、遍数:防锈漆2道，防火漆2道\n4.其他:满足设计﹑规范﹑招标文件、现场条件、达到使用功能等要求\n[工作内容]\n1.除锈\n2.调配、涂刷",null,"m2",11.29,null,23.84,269.15]
[5,"031201003002",null,"原有消火栓箱刷漆",null,"[项目特征]\n1.除锈要求:手工除锈\n2.油漆品种、遍数:防锈漆2道，防火漆2道\n3.结构类型:消火栓箱\n4.其他:满足设计﹑规范﹑招标文件、现场条件、达到使用功能等要求\n[工作内容]\n1.除锈\n2.调配、涂刷",null,"m2",16.56,null,19.06,315.63]
["本页小计",{"$nulls":10},1377.06]
["表-09"]
["分部分项工程项目清单计价表"]
["工程名称：酸辣粉、淀粉库房消防水工程",{"$nulls":8},"第  22  页  共  22  页"]
["序号","项目编码",null,"项目名称",null,"项目特征",null,"计量单位","工程量",null,"金额（元）"]
[{"$nulls":10},"综合单价","合价","其中:暂估价"]
[6,"030905002003",null,"消火栓水灭火系统控制装置调试",null,"[项目特征]\n1.点数:9\n[工作内容]\n1.系统装置调试",null,"点",20,null,36.1,722]
[7,"030905002004",null,"自动喷淋系统控制装置调试",null,"[项目特征]\n1.点数:1\n[工作内容]\n1.系统装置调试",null,"点",2,null,240.07,480.14]
{"$rows_empty":19}
["本页小计",{"$nulls":10},1202.14]
["合   计",{"$nulls":10},112025.09]

{"sheet":"表-09 施工技术措施项目清单计价表【酸辣粉、淀粉库房消防","index":51,"n_rows":32,"n_cols":13,"rows_kept":32,"merged":[[0,0,0,12],[1,0,1,12],[2,0,2,5],[2,6,2,8],[2,9,2,12],[3,0,4,0],[3,1,4,2],[3,3,4,4],[3,5,4,6],[3,7,4,7],[3,8,4,9],[3,10,3,12],[5,1,5,2],[5,3,5,6],[5,8,5,9],[6,1,6,2],[6,3,6,4],[6,5,6,6],[6,8,6,9],[7,1,7,2],[7,3,7,4],[7,5,7,6],[7,8,7,9],[8,1,8,2],[8,3,8,4],[8,5,8,6],[8,8,8,9],[9,1,9,2],[9,3,9,4],[9,5,9,6],[9,8,9,9],[10,1,10,2],[10,3,10,4],[10,5,10,6],[10,8,10,9],[11,1,11,2],[11,3,11,4],[11,5,11,6],[11,8,11,9],[12,1,12,2],[12,3,12,4],[12,5,12,6],[12,8,12,9],[13,1,13,2],[13,3,13,4],[13,5,13,6],[13,8,13,9],[14,1,14,2],[14,3,14,4],[14,5,14,6],[14,8,14,9],[15,1,15,2],[15,3,15,4],[15,5,15,6],[15,8,15,9],[16,1,16,2],[16,3,16,4],[16,5,16,6],[16,8,16,9],[17,1,17,2],[17,3,17,4],[17,5,17,6],[17,8,17,9],[18,1,18,2],[18,3,18,4],[18,5,18,6],[18,8,18,9],[19,1,19,2],[19,3,19,4],[19,5,19,6],[19,8,19,9],[20,1,20,2],[20,3,20,4],[20,5,20,6],[20,8,20,9],[21,1,21,2],[21,3,21,4],[21,5,21,6],[21,8,21,9],[22,1,22,2],[22,3,22,4],[22,5,22,6],[22,8,22,9],[23,1,23,2],[23,3,23,4],[23,5,23,6],[23,8,23,9],[24,1,24,2],[24,3,24,4],[24,5,24,6],[24,8,24,9],[25,1,25,2],[25,3,25,4],[25,5,25,6],[25,8,25,9],[26,1,26,2],[26,3,26,4],[26,5,26,6],[26,8,26,9],[27,1,27,2],[27,3,27,4],[27,5,27,6],[27,8,27,9],[28,1,28,2],[28,3,28,4],[28,5,28,6],[28,8,28,9],[29,1,29,2],[29,3,29,4],[29,5,29,6],[29,8,29,9],[30,0,30,10],[31,0,31,10]]}
["表-09"]
["施工技术措施项目清单计价表"]
["工程名称：酸辣粉、淀粉库房消防水工程",{"$nulls":8},"第  1  页  共  1  页"]
["序号","项目编码",null,"项目名称",null,"项目特征",null,"计量单位","工程量",null,"金额（元）"]
[{"$nulls":10},"综合单价","合价","其中:暂估价"]
[null,"一",null,"施工技术措施项目",{"$nulls":7},3450.93]
[1,"031301017004",null,"脚手架搭拆",{"$nulls":3},"项",1,null,3450.93,3450.93]
{"$rows_empty":23}
["本页小计",{"$nulls":10},3450.93]
["合   计",{"$nulls":10},3450.93]

{"sheet":"表-10 施工组织措施项目清单计价表【酸辣粉、淀粉库房消防","index":52,"n_rows":11,"n_cols":14,"rows_kept":11,"merged":[[0,0,0,10],[0,11,0,13],[1,0,1,13],[2,0,2,4],[2,5,2,10],[2,11,2,13],[3,1,3,2],[3,3,3,5],[3,8,3,9],[3,10,3,11],[4,1,4,2],[4,3,4,5],[4,8,4,9],[4,10,4,11],[5,1,5,2],[5,3,5,5],[5,8,5,9],[5,10,5,11],[6,1,6,2],[6,3,6,5],[6,8,6,9],[6,10,6,11],[7,1,7,2],[7,3,7,5],[7,8,7,9],[7,10,7,11],[8,1,8,2],[8,3,8,5],[8,8,8,9],[8,10,8,11],[9,0,9,7],[9,8,9,9],[9,10,9,11],[10,0,10,13]]}
[{"$nulls":11},"表-10"]
["施工组织措施项目清单计价表"]
["工程名称：酸辣粉、淀粉库房消防水工程",{"$nulls":10},"第  1  页  共  1  页"]
["序号","项目编码",null,"项目名称",null,null,"计算\n基础","费率\n(%)","金额\n(元)",null,"调整\n费率\n(%)",null,"调整后\n金额\n(元)","备注"]
[1,"031302B02001",null,"组织措施费",null,null,"(分部分项人工费+技术措施人工费-机械（爆破）土石方人工费-机械（爆破）土石方人工费-人工土石方人工费-人工土石方技术措施人工费)+(机械（爆破）土石方人工费+机械（爆破）土石方机械费+机械（爆破）土石方人工费+机械（爆破）土石方机械费)*0.048/费率+(人工土石方人工费+人工土石方技术措施人工费)*0.0222/费率","11.04",7735.14]
[2,"031302001001",null,"安全文明施工费",null,null,"14781.45","100",14781.45]
[3,"031302B03001",null,"建设工程竣工档案编制费",null,null,"(分部分项人工费+技术措施人工费-机械（爆破）土石方人工费-机械（爆破）土石方人工费-人工土石方人工费-人工土石方技术措施人工费)+(机械（爆破）土石方人工费+机械（爆破）土石方机械费+机械（爆破）土石方人工费+机械（爆破）土石方机械费)*0.002/费率+(人工土石方人工费+人工土石方技术措施人工费)*0.0019/费率","1.92",1345.24]
[]
[]
["合    计",{"$nulls":7},23861.83]
["注：1.计算基础和费用标准按本市有关费用定额或文件执行。\n    2.根据施工方案计算的措施费，可不填写“计算基础”和“费率”的数值，只填写“金额”数值，但应在备注栏说明施工\n    方案出处或计算方法。"]

{"sheet":"表-12 规费、税金项目计价表【酸辣粉、淀粉库房消防水工程】","index":53,"n_rows":26,"n_cols":10,"rows_kept":26,"merged":[[0,0,0,7],[0,8,0,9],[1,0,1,9],[2,0,2,3],[2,4,2,7],[2,8,2,9],[3,1,3,4],[3,5,3,6],[3,7,3,8],[4,1,4,4],[4,5,4,6],[4,7,4,8],[5,1,5,4],[5,5,5,6],[5,7,5,8],[6,1,6,4],[6,5,6,6],[6,7,6,8],[7,1,7,4],[7,5,7,6],[7,7,7,8],[8,1,8,4],[8,5,8,6],[8,7,8,8],[9,1,9,4],[9,5,9,6],[9,7,9,8],[10,1,10,4],[10,5,10,6],[10,7,10,8],[11,1,11,4],[11,5,11,6],[11,7,11,8],[12,1,12,4],[12,5,12,6],[12,7,12,8],[13,1,13,4],[13,5,13,6],[13,7,13,8],[14,1,14,4],[14,5,14,6],[14,7,14,8],[15,1,15,4],[15,5,15,6],[15,7,15,8],[16,1,16,4],[16,5,16,6],[16,7,16,8],[17,1,17,4],[17,5,17,6],[17,7,17,8],[18,1,18,4],[18,5,18,6],[18,7,18,8],[19,1,19,4],[19,5,19,6],[19,7,19,8],[20,1,20,4],[20,5,20,6],[20,7,20,8],[21,1,21,4],[21,5,21,6],[21,7,21,8],[22,1,22,4],[22,5,22,6],[22,7,22,8],[23,1,23,4],[23,5,23,6],[23,7,23,8],[24,1,24,4],[24,5,24,6],[24,7,24,8],[25,0,25,8]]}
[{"$nulls":8},"表-12"]
["规费、税金项目计价表"]
["工程名称：酸辣粉、淀粉库房消防水工程",{"$nulls":7},"第  1  页  共  1  页"]
["序号","项目名称",{"$nulls":3},"计算基础",null,"费率(%)",null,"金额（元）"]
["1","规费",{"$nulls":3},"专业工程规费（人）+机械（爆破）土石方规费（人+机）*0.072/费率+人工土石方规费（人）*0.082/费率",null,"18",null,12611.64]
["2","税金",{"$nulls":3},"2.1 + 2.2 + 2.3",{"$nulls":3},15043]
["2.1","增值税",{"$nulls":3},"分部分项工程费+措施项目费+其他项目费+规费-甲供材料费",null,"9",null,13675.45]
["2.2","附加税",{"$nulls":3},"增值税",null,"10",null,1367.55]
["2.3","环境保护税",{"$nulls":3},"按实计算"]
{"$rows_empty":16}
["合计",{"$nulls":8},27654.64]

{"sheet":"表-04 单位工程招标控制价汇总表【酸辣粉、淀粉库房电气工","index":54,"n_rows":26,"n_cols":9,"rows_kept":26,"merged":[[0,0,0,6],[0,7,0,8],[1,0,1,8],[2,0,2,3],[2,4,2,6],[2,7,2,8],[3,0,3,1],[3,2,3,5],[3,6,3,7],[4,0,4,1],[4,2,4,5],[4,6,4,7],[5,0,5,1],[5,2,5,5],[5,6,5,7],[6,0,6,1],[6,2,6,5],[6,6,6,7],[7,0,7,1],[7,2,7,5],[7,6,7,7],[8,0,8,1],[8,2,8,5],[8,6,8,7],[9,0,9,1],[9,2,9,5],[9,6,9,7],[10,0,10,1],[10,2,10,5],[10,6,10,7],[11,0,11,1],[11,2,11,5],[11,6,11,7],[12,0,12,1],[12,2,12,5],[12,6,12,7],[13,0,13,1],[13,2,13,5],[13,6,13,7],[14,0,14,1],[14,2,14,5],[14,6,14,7],[15,0,15,1],[15,2,15,5],[15,6,15,7],[16,0,16,1],[16,2,16,5],[16,6,16,7],[17,0,17,1],[17,2,17,5],[17,6,17,7],[18,0,18,1],[18,2,18,5],[18,6,18,7],[19,0,19,1],[19,2,19,5],[19,6,19,7],[20,0,20,1],[20,2,20,5],[20,6,20,7],[21,0,21,1],[21,2,21,5],[21,6,21,7],[22,0,22,1],[22,2,22,5],[22,6,22,7],[23,0,23,1],[23,2,23,5],[23,6,23,7],[24,0,24,5],[24,6,24,7],[25,0,25,8]]}
[{"$nulls":7},"表-04"]
["单位工程招标控制价汇总表"]
["工程名称：酸辣粉、淀粉库房电气工程",{"$nulls":6},"第  1  页  共  1  页"]
["序号",null,"汇总内容",{"$nulls":3},"金额(元)",null,"其中：暂估价(元)"]
["1",null,"分部分项工程费",{"$nulls":3},43371.52]
["1.1",null,"配电箱安装",{"$nulls":3},2801.44]
["1.2",null,"末端器具安装",{"$nulls":3},6001.58]
["1.3",null,"桥架安装",{"$nulls":3},8787.38]
["1.4",null,"管线安装",{"$nulls":3},21016.03]
["1.5",null,"电缆安装",{"$nulls":3},4765.09]
["2",null,"措施项目费",{"$nulls":3},11253.55]
["2.1",null,"其中：安全文明施工费",{"$nulls":3},5272.74]
["3",null,"其他项目费"]
["4",null,"规费",{"$nulls":3},4507.62,null,"－"]
["5",null,"税金",{"$nulls":3},5854.13,null,"－"]
{"$rows_empty":9}
["投标报价合计=1+2+3+4+5",{"$nulls":5},"64,986.82"]
["注：1.本表适用于单位工程招标控制价或投标报价的汇总，如无单位工程划分，单项工程也使用本表汇总。 \n    2.分部分项工程、措施项目中暂估价中应填写材料、工程设备暂估价，其他项目中暂估价应填写专业工程暂估价。"]

{"sheet":"表-08 措施项目汇总表【酸辣粉、淀粉库房电气工程】","index":55,"n_rows":26,"n_cols":6,"rows_kept":26,"merged":[[0,0,0,5],[1,0,1,5],[2,0,2,1],[2,2,2,3],[2,4,2,5],[3,0,4,0],[3,1,4,2],[3,3,3,5],[4,3,4,4],[5,1,5,2],[5,3,5,4],[6,1,6,2],[6,3,6,4],[7,1,7,2],[7,3,7,4],[8,1,8,2],[8,3,8,4],[9,1,9,2],[9,3,9,4],[10,1,10,2],[10,3,10,4],[11,1,11,2],[11,3,11,4],[12,1,12,2],[12,3,12,4],[13,1,13,2],[13,3,13,4],[14,1,14,2],[14,3,14,4],[15,1,15,2],[15,3,15,4],[16,1,16,2],[16,3,16,4],[17,1,17,2],[17,3,17,4],[18,1,18,2],[18,3,18,4],[19,1,19,2],[19,3,19,4],[20,1,20,2],[20,3,20,4],[21,1,21,2],[21,3,21,4],[22,1,22,2],[22,3,22,4],[23,1,23,2],[23,3,23,4],[24,1,24,2],[24,3,24,4],[25,0,25,2],[25,3,25,4]]}
["表-08"]
["措施项目汇总表"]
["工程名称：酸辣粉、淀粉库房电气工程",{"$nulls":3},"第 1 页  共 1 页"]
["序号","项目名称",null,"金额(元)"]
[{"$nulls":3},"合价",null,"其中：暂估价"]
["1","施工技术措施项目",null,1390.55]
["2","施工组织措施项目",null,9863]
["2.1","其中：安全文明施工费",null,5272.74]
["2.2","建设工程竣工档案编制费",null,485.82]
{"$rows_empty":16}
["措施项目费合计=1+2",null,null,11253.55]

{"sheet":"表-09 分部分项工程项目清单计价表【酸辣粉、淀粉库房电气","index":56,"n_rows":157,"n_cols":13,"rows_kept":157,"merged":[[0,0,0,13],[1,0,1,13],[2,0,2,5],[2,6,2,8],[2,9,2,13],[3,0,4,0],[3,1,4,2],[3,3,4,4],[3,5,4,6],[3,7,4,7],[3,8,4,9],[3,10,3,12],[5,1,5,2],[5,3,5,6],[5,8,5,9],[6,1,6,2],[6,3,6,4],[6,5,6,6],[6,8,6,9],[7,0,7,10],[8,0,8,13],[9,0,9,13],[10,0,10,5],[10,6,10,8],[10,9,10,13],[11,0,12,0],[11,1,12,2],[11,3,12,4],[11,5,12,6],[11,7,12,7],[11,8,12,9],[11,10,11,12],[13,1,13,2],[13,3,13,4],[13,5,13,6],[13,8,13,9],[14,0,14,10],[15,0,15,13],[16,0,16,13],[17,0,17,5],[17,6,17,8],[17,9,17,13],[18,0,19,0],[18,1,19,2],[18,3,19,4],[18,5,19,6],[18,7,19,7],[18,8,19,9],[18,10,18,12],[20,1,20,2],[20,3,20,4],[20,5,20,6],[20,8,20,9],[21,0,21,10],[22,0,22,13],[23,0,23,13],[24,0,24,5],[24,6,24,8],[24,9,24,13],[25,0,26,0],[25,1,26,2],[25,3,26,4],[25,5,26,6],[25,7,26,7],[25,8,26,9],[25,10,25,12],[27,1,27,2],[27,3,27,4],[27,5,27,6],[27,8,27,9],[28,0,28,10],[29,0,29,13],[30,0,30,13],[31,0,31,5],[31,6,31,8],[31,9,31,13],[32,0,33,0],[32,1,33,2],[32,3,33,4],[32,5,33,6],[32,7,33,7],[32,8,33,9],[32,10,32,12],[34,1,34,2],[34,3,34,4],[34,5,34,6],[34,8,34,9],[35,1,35,2],[35,3,35,4],[35,5,35,6],[35,8,35,9],[36,1,36,2],[36,3,36,6],[36,8,36,9],[37,0,37,10],[38,0,38,13],[39,0,39,13],[40,0,40,5],[40,6,40,8],[40,9,40,13],[41,0,42,0],[41,1,42,2],[41,3,42,4],[41,5,42,6],[41,7,42,7],[41,8,42,9],[41,10,41,12],[43,1,43,2],[43,3,43,4],[43,5,43,6],[43,8,43,9],[44,1,44,2],[44,3,44,4],[44,5,44,6],[44,8,44,9],[45,1,45,2],[45,3,45,4],[45,5,45,6],[45,8,45,9],[46,0,46,10],[47,0,47,13],[48,0,48,13],[49,0,49,5],[49,6,49,8],[49,9,49,13],[50,0,51,0],[50,1,51,2],[50,3,51,4],[50,5,51,6],[50,7,51,7],[50,8,51,9],[50,10,50,12],[52,1,52,2],[52,3,52,4],[52,5,52,6],[52,8,52,9],[53,1,53,2],[53,3,53,4],[53,5,53,6],[53,8,53,9],[54,1,54,2],[54,3,54,4],[54,5,54,6],[54,8,54,9],[55,0,55,10],[56,0,56,13],[57,0,57,13],[58,0,58,5],[58,6,58,8],[58,9,58,13],[59,0,60,0],[59,1,60,2],[59,3,60,4],[59,5,60,6],[59,7,60,7],[59,8,60,9],[59,10,59,12],[61,1,61,2],[61,3,61,4],[61,5,61,6],[61,8,61,9],[62,1,62,2],[62,3,62,4],[62,5,62,6],[62,8,62,9],[63,1,63,2],[63,3,63,6],[63,8,63,9],[64,1,64,2],[64,3,64,4],[64,5,64,6],[64,8,64,9],[65,0,65,10],[66,0,66,13],[67,0,67,13],[68,0,68,5],[68,6,68,8],[68,9,68,13],[69,0,70,0],[69,1,70,2],[69,3,70,4],[69,5,70,6],[69,7,70,7],[69,8,70,9],[69,10,69,12],[71,1,71,2],[71,3,71,4],[71,5,71,6],[71,8,71,9],[72,1,72,2],[72,3,72,6],[72,8,72,9],[73,1,73,2],[73,3,73,4],[73,5,73,6],[73,8,73,9],[74,1,74,2],[74,3,74,4],[74,5,74,6],[74,8,74,9],[75,0,75,10],[76,0,76,13],[77,0,77,13],[78,0,78,5],[78,6,78,8],[78,9,78,13],[79,0,80,0],[79,1,80,2],[79,3,80,4],[79,5,80,6],[79,7,80,7],[79,8,80,9],[79,10,79,12],[81,1,81,2],[81,3,81,4],[81,5,81,6],[81,8,81,9],[82,1,82,2],[82,3,82,4],[82,5,82,6],[82,8,82,9],[83,1,83,2],[83,3,83,4],[83,5,83,6],[83,8,83,9],[84,0,84,10],[85,0,85,13],[86,0,86,13],[87,0,87,5],[87,6,87,8],[87,9,87,13],[88,0,89,0],[88,1,89,2],[88,3,89,4],[88,5,89,6],[88,7,89,7],[88,8,89,9],[88,10,88,12],[90,1,90,2],[90,3,90,4],[90,5,90,6],[90,8,90,9],[91,1,91,2],[91,3,91,4],[91,5,91,6],[91,8,91,9],[92,0,92,10],[93,0,93,13],[94,0,94,13],[95,0,95,5],[95,6,95,8],[95,9,95,13],[96,0,97,0],[96,1,97,2],[96,3,97,4],[96,5,97,6],[96,7,97,7],[96,8,97,9],[96,10,96,12],[98,1,98,2],[98,3,98,4],[98,5,98,6],[98,8,98,9],[99,1,99,2],[99,3,99,4],[99,5,99,6],[99,8,99,9],[100,0,100,10],[101,0,101,13],[102,0,102,13],[103,0,103,5],[103,6,103,8],[103,9,103,13],[104,0,105,0],[104,1,105,2],[104,3,105,4],[104,5,105,6],[104,7,105,7],[104,8,105,9],[104,10,104,12],[106,1,106,2],[106,3,106,4],[106,5,106,6],[106,8,106,9],[107,1,107,2],[107,3,107,4],[107,5,107,6],[107,8,107,9],[108,0,108,10],[109,0,109,13],[110,0,110,13],[111,0,111,5],[111,6,111,8],[111,9,111,13],[112,0,113,0],[112,1,113,2],[112,3,113,4],[112,5,113,6],[112,7,113,7],[112,8,113,9],[112,10,112,12],[114,1,114,2],[114,3,114,4],[114,5,114,6],[114,8,114,9],[115,1,115,2],[115,3,115,4],[115,5,115,6],[115,8,115,9],[116,0,116,10],[117,0,117,13],[118,0,118,13],[119,0,119,5],[119,6,119,8],[119,9,119,13],[120,0,121,0],[120,1,121,2],[120,3,121,4],[120,5,121,6],[120,7,121,7],[120,8,121,9],[120,10,120,12],[122,1,122,2],[122,3,122,4],[122,5,122,6],[122,8,122,9],[123,1,123,2],[123,3,123,6],[123,8,123,9],[124,1,124,2],[124,3,124,4],[124,5,124,6],[124,8,124,9],[125,0,125,10],[126,0,126,13],[127,0,127,13],[128,0,128,5],[128,6,128,8],[128,9,128,13],[129,0,130,0],[129,1,130,2],[129,3,130,4],[129,5,130,6],[129,7,130,7],[129,8,130,9],[129,10,129,12],[131,1,131,2],[131,3,131,4],[131,5,131,6],[131,8,131,9],[132,1,132,2],[132,3,132,4],[132,5,132,6],[132,8,132,9],[133,0,133,10],[134,0,134,13],[135,0,135,13],[136,0,136,5],[136,6,136,8],[136,9,136,13],[137,0,138,0],[137,1,138,2],[137,3,138,4],[137,5,138,6],[137,7,138,7],[137,8,138,9],[137,10,137,12],[139,1,139,2],[139,3,139,4],[139,5,139,6],[139,8,139,9],[140,1,140,2],[140,3,140,4],[140,5,140,6],[140,8,140,9],[141,0,141,10],[142,0,142,13],[143,0,143,13],[144,0,144,5],[144,6,144,8],[144,9,144,13],[145,0,146,0],[145,1,146,2],[145,3,146,4],[145,5,146,6],[145,7,146,7],[145,8,146,9],[145,10,145,12],[147,1,147,2],[147,3,147,4],[147,5,147,6],[147,8,147,9],[148,1,148,2],[148,3,148,4],[148,5,148,6],[148,8,148,9],[149,1,149,2],[149,3,149,4],[149,5,149,6],[149,8,149,9],[150,1,150,2],[150,3,150,4],[150,5,150,6],[150,8,150,9],[151,1,151,2],[151,3,151,4],[151,5,151,6],[151,8,151,9],[152,1,152,2],[152,3,152,4],[152,5,152,6],[152,8,152,9],[153,1,153,2],[153,3,153,4],[153,5,153,6],[153,8,153,9],[154,1,154,2],[154,3,154,4],[154,5,154,6],[154,8,154,9],[155,0,155,10],[156,0,156,10]]}
["表-09"]
["分部分项工程项目清单计价表"]
["工程名称：酸辣粉、淀粉库房电气工程",{"$nulls":8},"第  1  页  共  18  页"]
["序号","项目编码",null,"项目名称",null,"项目特征",null,"计量单位","工程量",null,"金额（元）"]
[{"$nulls":10},"综合单价","合价","其中:暂估价"]
[{"$nulls":3},"配电箱安装"]
[1,"030404017004",null,"酸辣粉、淀粉库房照明配电总箱",null,"[项目特征]\n1.名称:配电箱\n2.编号:ALZ\n3.安装方式:综合考虑\n4.规格:满足设计及规范要求\n5.箱内元器件:满足设计及规范要求\n6.基础形式、材质、规格:满足设计及规范要求\n7.接线端子材质、规格:满足设计及规范要求\n8.端子板外部接线材质、规格:满足设计及规范要求\n9.其他:满足设计﹑规范﹑招标文件、现场条件、达到使用功能等要求\n[工作内容]\n1.本体安装\n2.基础型钢制作、安装\n3.焊、压接线端子\n4.补刷(喷)油漆\n5.接地",null,"台",1,null,247.43,247.43]
["本页小计",{"$nulls":10},247.43]
["表-09"]
["分部分项工程项目清单计价表"]
["工程名称：酸辣粉、淀粉库房电气工程",{"$nulls":8},"第  2  页  共  18  页"]
["序号","项目编码",null,"项目名称",null,"项目特征",null,"计量单位","工程量",null,"金额（元）"]
[{"$nulls":10},"综合单价","合价","其中:暂估价"]
[2,"030404017005",null,"酸辣粉、淀粉库房照明配电箱",null,"[项目特征]\n1.名称:配电箱\n2.编号:AL1\n3.安装方式:综合考虑\n4.规格:满足设计及规范要求\n5.箱内元器件:满足设计及规范要求\n6.基础形式、材质、规格:满足设计及规范要求\n7.接线端子材质、规格:满足设计及规范要求\n8.端子板外部接线材质、规格:满足设计及规范要求\n9.其他:满足设计﹑规范﹑招标文件、现场条件、达到使用功能等要求\n[工作内容]\n1.本体安装\n2.基础型钢制作、安装\n3.焊、压接线端子\n4.补刷(喷)油漆\n5.接地",null,"台",1,null,249.04,249.04]
["本页小计",{"$nulls":10},249.04]
["表-09"]
["分部分项工程项目清单计价表"]
["工程名称：酸辣粉、淀粉库房电气工程",{"$nulls":8},"第  3  页  共  18  页"]
["序号","项目编码",null,"项目名称",null,"项目特征",null,"计量单位","工程量",null,"金额（元）"]
[{"$nulls":10},"综合单价","合价","其中:暂估价"]
[3,"030404017006",null,"酸辣粉、淀粉库房照明配电箱",null,"[项目特征]\n1.名称:配电箱\n2.编号:AL2\n3.安装方式:综合考虑\n4.规格:满足设计及规范要求\n5.箱内元器件:满足设计及规范要求\n6.基础形式、材质、规格:满足设计及规范要求\n7.接线端子材质、规格:满足设计及规范要求\n8.端子板外部接线材质、规格:满足设计及规范要求\n9.其他:满足设计﹑规范﹑招标文件、现场条件、达到使用功能等要求\n[工作内容]\n1.本体安装\n2.基础型钢制作、安装\n3.焊、压接线端子\n4.补刷(喷)油漆\n5.接地",null,"台",1,null,249.15,249.15]
["本页小计",{"$nulls":10},249.15]
["表-09"]
["分部分项工程项目清单计价表"]
["工程名称：酸辣粉、淀粉库房电气工程",{"$nulls":8},"第  4  页  共  18  页"]
["序号","项目编码",null,"项目名称",null,"项目特征",null,"计量单位","工程量",null,"金额（元）"]
[{"$nulls":10},"综合单价","合价","其中:暂估价"]
[4,"030404017007",null,"酸辣粉、淀粉库房消防电源切换箱",null,"[项目特征]\n1.名称:消防电源切换箱\n2.编号:ALE1、ALE2\n3.安装方式:综合考虑\n4.规格:满足设计及规范要求\n5.箱内元器件:满足设计及规范要求\n6.基础形式、材质、规格:满足设计及规范要求\n7.接线端子材质、规格:满足设计及规范要求\n8.端子板外部接线材质、规格:满足设计及规范要求\n9.其他:满足设计﹑规范﹑招标文件、现场条件、达到使用功能等要求\n[工作内容]\n1.本体安装\n2.基础型钢制作、安装\n3.焊、压接线端子\n4.补刷(喷)油漆\n5.接地",null,"台",2,null,284.19,568.38]
["本页小计",{"$nulls":10},568.38]
["表-09"]
["分部分项工程项目清单计价表"]
["工程名称：酸辣粉、淀粉库房电气工程",{"$nulls":8},"第  5  页  共  18  页"]
["序号","项目编码",null,"项目名称",null,"项目特征",null,"计量单位","工程量",null,"金额（元）"]
[{"$nulls":10},"综合单价","合价","其中:暂估价"]
[5,"030404017008",null,"酸辣粉、淀粉库房应急照明集中电源",null,"[项目特征]\n1.名称:应急照明集中电源\n2.编号:PD\n3.安装方式:综合考虑\n4.规格:满足设计及规范要求\n5.箱内元器件:满足设计及规范要求\n6.基础形式、材质、规格:满足设计及规范要求\n7.接线端子材质、规格:满足设计及规范要求\n8.端子板外部接线材质、规格:满足设计及规范要求\n9.其他:满足设计﹑规范﹑招标文件、现场条件、达到使用功能等要求\n[工作内容]\n1.本体安装\n2.基础型钢制作、安装\n3.焊、压接线端子\n4.补刷(喷)油漆\n5.接地",null,"台",2,null,247.35,494.7]
[6,"030414004002",null,"双电源配电箱用电切换调试",null,"[项目特征]\n1.名称:双电源配电箱用电切换调试\n2.其它:满足设计及施工规范验收要求\n[工作内容]\n1.调试",null,"台",2,null,496.37,992.74]
[{"$nulls":3},"末端器具安装"]
["本页小计",{"$nulls":10},1487.44]
["表-09"]
["分部分项工程项目清单计价表"]
["工程名称：酸辣粉、淀粉库房电气工程",{"$nulls":8},"第  6  页  共  18  页"]
["序号","项目编码",null,"项目名称",null,"项目特征",null,"计量单位","工程量",null,"金额（元）"]
[{"$nulls":10},"综合单价","合价","其中:暂估价"]
[1,"030412002002",null,"LED工矿灯(防爆型) 120W",null,"[项目特征]\n1.名称:LED工矿灯(防爆型)\n2.型号:1x120W\n3.安装形式:吊装\n4.其他:满足设计﹑规范﹑招标文件、现场条件、达到使用功能等要求\n[工作内容]\n1.本体安装",null,"套",80,null,22.35,1788]
[2,"030412004005",null,"安全出口标志灯 3W",null,"[项目特征]\n1.名称:安全出口标志灯\n2.型号、规格:1x3W，DC36V,色温5000K,面板外罩材质铁皮 IP34。光通量≥300lm\n3.安装形式:吸璧式\n4.其他:满足设计﹑规范﹑招标文件、现场条件、达到使用功能等要求\n[工作内容]\n1.本体安装",null,"套",4,null,18.39,73.56]
[3,"030412004006",null,"多信息复核标志灯 3W",null,"[项目特征]\n1.名称:多信息复核标志灯\n2.型号、规格:1x3W，DC36V,色温5000K,面板外罩材质铁皮 IP34\n3.安装形式:吊装\n4.其他:满足设计﹑规范﹑招标文件、现场条件、达到使用功能等要求\n[工作内容]\n1.本体安装",null,"套",4,null,24.84,99.36]
["本页小计",{"$nulls":10},1960.92]
["表-09"]
["分部分项工程项目清单计价表"]
["工程名称：酸辣粉、淀粉库房电气工程",{"$nulls":8},"第  7  页  共  18  页"]
["序号","项目编码",null,"项目名称",null,"项目特征",null,"计量单位","工程量",null,"金额（元）"]
[{"$nulls":10},"综合单价","合价","其中:暂估价"]
[4,"030412004007",null,"单面方向标志灯(壁装) 3W",null,"[项目特征]\n1.名称:单面方向标志灯\n2.型号、规格:1x3W，DC36V,色温5000K,面板外罩材质铁皮 IP34，带不锈钢防护网。光通量≥300lm\n3.安装形式:吸璧式\n4.其他:满足设计﹑规范﹑招标文件、现场条件、达到使用功能等要求\n[工作内容]\n1.本体安装",null,"套",28,null,17.62,493.36]
[5,"030412004008",null,"非持续型应急灯 6W",null,"[项目特征]\n1.名称:非持续型应急灯\n2.型号、规格:1x6W，η≥55%，DC36V,色温5000K,面板外罩材质阻燃塑料 IP34。光通量≥600lm\n3.安装形式:吸顶或嵌入吊顶安装\n4.其他:满足设计﹑规范﹑招标文件、现场条件、达到使用功能等要求\n[工作内容]\n1.本体安装",null,"套",54,null,28.28,1527.12]
[6,"030404031001",null,"排风机按钮",null,"[项目特征]\n1.名称:排风机按钮\n2.型号:满足设计及相关规范要求\n3.规格:满足设计及相关规范要求\n4.接线端子材质、规格:满足设计及相关规范要求\n5.其他:满足设计﹑规范﹑招标文件、现场条件、达到使用功能等要求\n[工作内容]\n1.本体安装\n2.焊、压接线端子\n3.接线",null,"个",8,null,32.85,262.8]
["本页小计",{"$nulls":10},2283.28]
["表-09"]
["分部分项工程项目清单计价表"]
["工程名称：酸辣粉、淀粉库房电气工程",{"$nulls":8},"第  8  页  共  18  页"]
["序号","项目编码",null,"项目名称",null,"项目特征",null,"计量单位","工程量",null,"金额（元）"]
[{"$nulls":10},"综合单价","合价","其中:暂估价"]
[7,"030411006004",null,"钢制接线盒",null,"[项目特征]\n1.名称:接线盒\n2.材质:钢制\n3.规格:86型\n4.安装形式:综合考虑\n5.其他:满足设计﹑规范﹑招标文件、现场条件、达到使用功能等要求\n[工作内容]\n1.本体安装",null,"个",154,null,6.57,1011.78]
[8,"030411006005",null,"防爆接线盒",null,"[项目特征]\n1.名称:防爆接线盒\n2.材质:钢制\n3.规格:86型\n4.安装形式:综合考虑\n5.其他:满足设计﹑规范﹑招标文件、现场条件、达到使用功能等要求\n[工作内容]\n1.本体安装",null,"个",80,null,9.32,745.6]
[{"$nulls":3},"桥架安装"]
[1,"030411003002",null,"桥架 200*100mm",null,"[项目特征]\n1.名称:桥架\n2.型号:CT\n3.规格:200*100\n4.材质:钢制，侧板厚度≥1.2mm,底板厚度≥0.7mm,盖板厚度≥0.5mm\n5.类型:槽式\n6.隔板、盖板:1/2处设防火隔板,配盖板\n7.附件:含盖板、三通、弯头、连接件等\n8.接地方式:满足设计与规范要求\n[工作内容]\n1.本体安装\n2.接地",null,"m",173.9,null,36.15,6286.49]
["本页小计",{"$nulls":10},8043.87]
["表-09"]
["分部分项工程项目清单计价表"]
["工程名称：酸辣粉、淀粉库房电气工程",{"$nulls":8},"第  9  页  共  18  页"]
["序号","项目编码",null,"项目名称",null,"项目特征",null,"计量单位","工程量",null,"金额（元）"]
[{"$nulls":10},"综合单价","合价","其中:暂估价"]
[2,"030408008002",null,"防火堵洞",null,"[项目特征]\n1.名称:防火堵洞\n2.材质:具体详设计\n3.方式:满足设计及相关规范要求\n4.其他:满足设计﹑规范﹑招标文件、现场条件、达到使用功能等要求\n[工作内容]\n1.安装",null,"m3",0.3,null,8336.29,2500.89]
[{"$nulls":3},"管线安装"]
[1,"030411001007",null,"配管 SC65 明配",null,"[项目特征]\n1.名称:配管\n2.材质:镀锌钢管\n3.规格:SC65mm\n4.敷设方式:明配\n5.接地要求:满足设计及规范要求\n6.其他:满足设计﹑规范﹑招标文件、现场条件、达到使用功能等要求\n[工作内容]\n1.电线管路敷设\n2.接地",null,"m",5,null,24.92,124.6]
[2,"030411001008",null,"配管 SC32 暗配",null,"[项目特征]\n1.名称:配管\n2.材质:镀锌钢管\n3.规格:SC32mm\n4.敷设方式:暗配\n5.接地要求:满足设计及规范要求\n6.其他:满足设计﹑规范﹑招标文件、现场条件、达到使用功能等要求\n[工作内容]\n1.电线管路敷设\n2.接地",null,"m",32.84,null,8.89,291.95]
["本页小计",{"$nulls":10},2917.44]
["表-09"]
["分部分项工程项目清单计价表"]
["工程名称：酸辣粉、淀粉库房电气工程",{"$nulls":8},"第  10  页  共  18  页"]
["序号","项目编码",null,"项目名称",null,"项目特征",null,"计量单位","工程量",null,"金额（元）"]
[{"$nulls":10},"综合单价","合价","其中:暂估价"]
[3,"030411001009",null,"配管 JDG20 沿钢构",null,"[项目特征]\n1.名称:配管\n2.材质:国标扣压式导线管\n3.规格:JDG20mm\n4.敷设方式:沿钢构\n5.接地要求:满足设计及规范要求\n6.其他:满足设计﹑规范﹑招标文件、现场条件、达到使用功能等要求\n[工作内容]\n1.电线管路敷设\n2.接地",null,"m",786.39,null,7.94,6243.94]
[4,"030411001010",null,"配管 PC20 明敷",null,"[项目特征]\n1.名称:配管\n2.材质:硬质聚氯乙烯管\n3.规格:PC20mm\n4.敷设方式:明配\n5.接地要求:满足设计及规范要求\n6.其他:满足设计﹑规范﹑招标文件、现场条件、达到使用功能等要求\n[工作内容]\n1.电线管路敷设\n2.接地",null,"m",378.76,null,12,4545.12]
[5,"030411001011",null,"金属软管 Φ15",null,"[项目特征]\n1.名称:金属软管\n2.规格:Φ15\n3.敷设方式:明敷\n4.接地要求:符合设计及规范要求\n5.其它:满足设计﹑规范﹑招标文件、现场条件、达到使用功能等要求\n[工作内容]\n1.电线管路敷设\n2.接地",null,"m",120,null,19.19,2302.8]
["本页小计",{"$nulls":10},13091.86]
["表-09"]
["分部分项工程项目清单计价表"]
["工程名称：酸辣粉、淀粉库房电气工程",{"$nulls":8},"第  11  页  共  18  页"]
["序号","项目编码",null,"项目名称",null,"项目特征",null,"计量单位","工程量",null,"金额（元）"]
[{"$nulls":10},"综合单价","合价","其中:暂估价"]
[6,"030906003002",null,"剔堵槽、沟",null,"[项目特征]\n1.名称:剔堵槽、沟\n2.尺寸:综合考虑\n3.其他:满足设计﹑规范﹑招标文件、现场条件、达到使用功能等要求\n[工作内容]\n1.画线\n2.剔槽\n3.堵抹找平\n4.调运砂浆\n5.清理",null,"m",21.6,null,13.69,295.7]
[7,"030411004010",null,"管内穿线 WDUZC-BYJ-2.5mm2",null,"[项目特征]\n1.名称:配线\n2.配线形式:管内穿线\n3.型号:WDUZC-BYJ\n4.规格:2.5mm2\n5.材质:铜质\n6.配线部位:综合\n7.配线线制:综合\n8.其他:满足设计﹑规范﹑招标文件、现场条件、达到使用功能等要求\n[工作内容]\n1.配线",null,"m",1496.29,null,1.13,1690.81]
["本页小计",{"$nulls":10},1986.51]
["表-09"]
["分部分项工程项目清单计价表"]
["工程名称：酸辣粉、淀粉库房电气工程",{"$nulls":8},"第  12  页  共  18  页"]
["序号","项目编码",null,"项目名称",null,"项目特征",null,"计量单位","工程量",null,"金额（元）"]
[{"$nulls":10},"综合单价","合价","其中:暂估价"]
[8,"030411004011",null,"桥架内穿线 WDUZC-BYJ-2.5mm2",null,"[项目特征]\n1.名称:配线\n2.配线形式:桥架内穿线\n3.型号:WDUZC-BYJ\n4.规格:2.5mm2\n5.材质:铜质\n6.配线部位:综合\n7.配线线制:综合\n8.其他:满足设计﹑规范﹑招标文件、现场条件、达到使用功能等要求\n[工作内容]\n1.配线",null,"m",1923.73,null,1.17,2250.76]
[9,"030411004012",null,"管内穿线 WDUZC-BYJ-4.0mm2",null,"[项目特征]\n1.名称:配线\n2.配线形式:管内穿线\n3.型号:WDUZC-BYJ\n4.规格:4.0mm2\n5.材质:铜质\n6.配线部位:综合\n7.配线线制:综合\n8.其他:满足设计﹑规范﹑招标文件、现场条件、达到使用功能等要求\n[工作内容]\n1.配线",null,"m",206.15,null,0.81,166.98]
["本页小计",{"$nulls":10},2417.74]
["表-09"]
["分部分项工程项目清单计价表"]
["工程名称：酸辣粉、淀粉库房电气工程",{"$nulls":8},"第  13  页  共  18  页"]
["序号","项目编码",null,"项目名称",null,"项目特征",null,"计量单位","工程量",null,"金额（元）"]
[{"$nulls":10},"综合单价","合价","其中:暂估价"]
[10,"030411004013",null,"桥架内穿线 WDUZC-BYJ-4.0mm2",null,"[项目特征]\n1.名称:配线\n2.配线形式:桥架内穿线\n3.型号:WDUZC-BYJ\n4.规格:4.0mm2\n5.材质:铜质\n6.配线部位:综合\n7.配线线制:综合\n8.其他:满足设计﹑规范﹑招标文件、现场条件、达到使用功能等要求\n[工作内容]\n1.配线",null,"m",491.88,null,1.32,649.28]
[11,"030411004014",null,"管内穿线 WDUZBN-BYJ-B1-2.5mm2",null,"[项目特征]\n1.名称:配线\n2.配线形式:管内穿线\n3.型号:WDUZBN-BYJ-B1\n4.规格:2.5mm2\n5.材质:铜质\n6.配线部位:综合\n7.配线线制:综合\n8.其他:满足设计﹑规范﹑招标文件、现场条件、达到使用功能等要求\n[工作内容]\n1.配线",null,"m",1612.47,null,1.13,1822.09]
["本页小计",{"$nulls":10},2471.37]
["表-09"]
["分部分项工程项目清单计价表"]
["工程名称：酸辣粉、淀粉库房电气工程",{"$nulls":8},"第  14  页  共  18  页"]
["序号","项目编码",null,"项目名称",null,"项目特征",null,"计量单位","工程量",null,"金额（元）"]
[{"$nulls":10},"综合单价","合价","其中:暂估价"]
[12,"030411004015",null,"管内穿线 WDUZBN-RYDS-B1-2*1.5mm2",null,"[项目特征]\n1.名称:配线\n2.配线形式:管内穿线\n3.型号:WDUZBN-RYDS-B1\n4.规格:2*1.5mm2\n5.材质:铜质\n6.配线部位:综合\n7.配线线制:综合\n8.其他:满足设计﹑规范﹑招标文件、现场条件、达到使用功能等要求\n[工作内容]\n1.配线",null,"m",400,null,0.86,344]
[13,"030411004016",null,"管内穿线 WDUZBN-RYJS-B1-2*1.5mm2",null,"[项目特征]\n1.名称:配线\n2.配线形式:管内穿线\n3.型号:WDUZBN-RYJS-B1\n4.规格:2*1.5mm2\n5.材质:铜质\n6.配线部位:综合\n7.配线线制:综合\n8.其他:满足设计﹑规范﹑招标文件、现场条件、达到使用功能等要求\n[工作内容]\n1.配线",null,"m",100,null,1.08,108]
["本页小计",{"$nulls":10},452]
["表-09"]
["分部分项工程项目清单计价表"]
["工程名称：酸辣粉、淀粉库房电气工程",{"$nulls":8},"第  15  页  共  18  页"]
["序号","项目编码",null,"项目名称",null,"项目特征",null,"计量单位","工程量",null,"金额（元）"]
[{"$nulls":10},"综合单价","合价","其中:暂估价"]
[14,"030411004017",null,"管内穿线 WDUZBN-RYJSP-B1-2*1.5mm2",null,"[项目特征]\n1.名称:配线\n2.配线形式:管内穿线\n3.型号:WDUZBN-RYJSP-B1\n4.规格:2*1.5mm2\n5.材质:铜质\n6.配线部位:综合\n7.配线线制:综合\n8.其他:满足设计﹑规范﹑招标文件、现场条件、达到使用功能等要求\n[工作内容]\n1.配线",null,"m",200,null,0.9,180]
[{"$nulls":3},"电缆安装"]
[1,"030408001003",null,"电缆 WDUZB-YJY-B1-5*10mm2",null,"[项目特征]\n1.名称:电力电缆\n2.型号:WDUZB-YJY-B1\n3.规格:5*10mm2\n4.材质:铜质\n5.敷设方式、部位:综合考虑\n6.电压等级(kV):1kV以下\n7.其他:满足设计﹑规范﹑招标文件、现场条件、达到使用功能等要求\n[工作内容]\n1.电缆敷设\n2.电缆头制作、安装\n3.揭(盖)盖板",null,"m",37.56,null,15.8,593.45]
["本页小计",{"$nulls":10},773.45]
["表-09"]
["分部分项工程项目清单计价表"]
["工程名称：酸辣粉、淀粉库房电气工程",{"$nulls":8},"第  16  页  共  18  页"]
["序号","项目编码",null,"项目名称",null,"项目特征",null,"计量单位","工程量",null,"金额（元）"]
[{"$nulls":10},"综合单价","合价","其中:暂估价"]
[2,"030408001004",null,"电缆 WDUZB-YJY-0.6/1kV-5*16mm2",null,"[项目特征]\n1.名称:电力电缆\n2.型号:WDUZB-YJY\n3.规格:5*16mm2\n4.材质:铜质\n5.敷设方式、部位:综合考虑\n6.电压等级(kV):1kV以下\n7.其他:满足设计﹑规范﹑招标文件、现场条件、达到使用功能等要求\n[工作内容]\n1.电缆敷设\n2.揭(盖)盖板",null,"m",34.95,null,8.11,283.44]
[3,"030408006003",null,"电力电缆头 5*16mm2",null,"[项目特征]\n1.名称:电力电缆头\n2.规格:5*16mm2\n3.材质、类型:铜质\n4.安装部位:综合考虑\n5.电压等级(kV):1kV以下\n6.其他:满足设计﹑规范﹑招标文件、现场条件、达到使用功能等要求\n[工作内容]\n1.电力电缆头制作\n2.电力电缆头安装\n3.接地",null,"个",2,null,62.18,124.36]
["本页小计",{"$nulls":10},407.8]
["表-09"]
["分部分项工程项目清单计价表"]
["工程名称：酸辣粉、淀粉库房电气工程",{"$nulls":8},"第  17  页  共  18  页"]
["序号","项目编码",null,"项目名称",null,"项目特征",null,"计量单位","工程量",null,"金额（元）"]
[{"$nulls":10},"综合单价","合价","其中:暂估价"]
[4,"030408001005",null,"电缆 WDUZB-YJY-0.6/1kV-4*25+1*16mm2",null,"[项目特征]\n1.名称:电力电缆\n2.型号:WDUZB-YJY\n3.规格:4*25+1*16mm2\n4.材质:铜质\n5.敷设方式、部位:综合考虑\n6.电压等级(kV):1kV以下\n7.其他:满足设计﹑规范﹑招标文件、现场条件、达到使用功能等要求\n[工作内容]\n1.电缆敷设\n2.揭(盖)盖板",null,"m",107.81,null,16.83,1814.44]
[5,"030408006004",null,"电力电缆头 4*25+1*16mm2",null,"[项目特征]\n1.名称:电力电缆头\n2.规格:4*25+1*16mm2\n3.材质、类型:铜质\n4.安装部位:综合考虑\n5.电压等级(kV):1kV以下\n6.其他:满足设计﹑规范﹑招标文件、现场条件、达到使用功能等要求\n[工作内容]\n1.电力电缆头制作\n2.电力电缆头安装\n3.接地",null,"个",2,null,94.84,189.68]
["本页小计",{"$nulls":10},2004.12]
["表-09"]
["分部分项工程项目清单计价表"]
["工程名称：酸辣粉、淀粉库房电气工程",{"$nulls":8},"第  18  页  共  18  页"]
["序号","项目编码",null,"项目名称",null,"项目特征",null,"计量单位","工程量",null,"金额（元）"]
[{"$nulls":10},"综合单价","合价","其中:暂估价"]
[6,"030408001006",null,"电缆 NW-BTTZ-B1-5*6mm2",null,"[项目特征]\n1.名称:矿物绝缘电缆\n2.型号:NW-BTTZ-B1\n3.规格:5*6mm2\n4.材质:铜质\n5.敷设方式、部位:综合考虑\n6.电压等级(kV):1kV以下\n7.其他:满足设计﹑规范﹑招标文件、现场条件、达到使用功能等要求\n[工作内容]\n1.电缆敷设\n2.揭(盖)盖板",null,"m",376.82,null,4.24,1597.72]
[7,"030408006005",null,"矿物绝缘电缆头 5*6mm2",null,"[项目特征]\n1.名称:矿物绝缘电缆\n2.规格:5*6mm2\n3.材质、类型:铜质\n4.安装部位:综合考虑\n5.电压等级(kV):1kV以下\n6.其他:满足设计﹑规范﹑招标文件、现场条件、达到使用功能等要求\n[工作内容]\n1.电力电缆头制作\n2.电力电缆头安装\n3.接地",null,"个",4,null,40.5,162]
[]
[]
[]
[]
[]
[]
["本页小计",{"$nulls":10},1759.72]
["合   计",{"$nulls":10},43371.52]

{"sheet":"表-09 施工技术措施项目清单计价表【酸辣粉、淀粉库房电气","index":57,"n_rows":26,"n_cols":13,"rows_kept":26,"merged":[[0,0,0,12],[1,0,1,12],[2,0,2,5],[2,6,2,8],[2,9,2,12],[3,0,4,0],[3,1,4,2],[3,3,4,4],[3,5,4,6],[3,7,4,7],[3,8,4,9],[3,10,3,12],[5,1,5,2],[5,3,5,6],[5,8,5,9],[6,1,6,2],[6,3,6,4],[6,5,6,6],[6,8,6,9],[7,1,7,2],[7,3,7,4],[7,5,7,6],[7,8,7,9],[8,1,8,2],[8,3,8,4],[8,5,8,6],[8,8,8,9],[9,1,9,2],[9,3,9,4],[9,5,9,6],[9,8,9,9],[10,1,10,2],[10,3,10,4],[10,5,10,6],[10,8,10,9],[11,1,11,2],[11,3,11,4],[11,5,11,6],[11,8,11,9],[12,1,12,2],[12,3,12,4],[12,5,12,6],[12,8,12,9],[13,1,13,2],[13,3,13,4],[13,5,13,6],[13,8,13,9],[14,1,14,2],[14,3,14,4],[14,5,14,6],[14,8,14,9],[15,1,15,2],[15,3,15,4],[15,5,15,6],[15,8,15,9],[16,1,16,2],[16,3,16,4],[16,5,16,6],[16,8,16,9],[17,1,17,2],[17,3,17,4],[17,5,17,6],[17,8,17,9],[18,1,18,2],[18,3,18,4],[18,5,18,6],[18,8,18,9],[19,1,19,2],[19,3,19,4],[19,5,19,6],[19,8,19,9],[20,1,20,2],[20,3,20,4],[20,5,20,6],[20,8,20,9],[21,1,21,2],[21,3,21,4],[21,5,21,6],[21,8,21,9],[22,1,22,2],[22,3,22,4],[22,5,22,6],[22,8,22,9],[23,1,23,2],[23,3,23,4],[23,5,23,6],[23,8,23,9],[24,0,24,10],[25,0,25,10]]}
["表-09"]
["施工技术措施项目清单计价表"]
["工程名称：酸辣粉、淀粉库房电气工程",{"$nulls":8},"第  1  页  共  1  页"]
["序号","项目编码",null,"项目名称",null,"项目特征",null,"计量单位","工程量",null,"金额（元）"]
[{"$nulls":10},"综合单价","合价","其中:暂估价"]
[null,"一",null,"施工技术措施项目",{"$nulls":7},1390.55]
[1,"031301017005",null,"脚手架搭拆",null,"[项目特征]\n1.搭设方式:综合考虑\n2.搭设高度:综合考虑\n3.脚手架材质:综合考虑\n[工作内容]\n1.场内、场外材料搬运\n2.搭、拆脚手架\n3.拆除脚手架后材料的堆放",null,"项",1,null,1390.55,1390.55]
{"$rows_empty":17}
["本页小计",{"$nulls":10},1390.55]
["合   计",{"$nulls":10},1390.55]

{"sheet":"表-10 施工组织措施项目清单计价表【酸辣粉、淀粉库房电气","index":58,"n_rows":11,"n_cols":14,"rows_kept":11,"merged":[[0,0,0,10],[0,11,0,13],[1,0,1,13],[2,0,2,4],[2,5,2,10],[2,11,2,13],[3,1,3,2],[3,3,3,5],[3,8,3,9],[3,10,3,11],[4,1,4,2],[4,3,4,5],[4,8,4,9],[4,10,4,11],[5,1,5,2],[5,3,5,5],[5,8,5,9],[5,10,5,11],[6,1,6,2],[6,3,6,5],[6,8,6,9],[6,10,6,11],[7,1,7,2],[7,3,7,5],[7,8,7,9],[7,10,7,11],[8,1,8,2],[8,3,8,5],[8,8,8,9],[8,10,8,11],[9,0,9,7],[9,8,9,9],[9,10,9,11],[10,0,10,13]]}
[{"$nulls":11},"表-10"]
["施工组织措施项目清单计价表"]
["工程名称：酸辣粉、淀粉库房电气工程",{"$nulls":10},"第  1  页  共  1  页"]
["序号","项目编码",null,"项目名称",null,null,"计算\n基础","费率\n(%)","金额\n(元)",null,"调整\n费率\n(%)",null,"调整后\n金额\n(元)","备注"]
[1,"031302B02001",null,"组织措施费",null,null,"(分部分项人工费+技术措施人工费-机械（爆破）土石方人工费-机械（爆破）土石方人工费-人工土石方人工费-人工土石方技术措施人工费)+(机械（爆破）土石方人工费+机械（爆破）土石方机械费+机械（爆破）土石方人工费+机械（爆破）土石方机械费)*0.048/费率+(人工土石方人工费+人工土石方技术措施人工费)*0.0222/费率","16.39",4104.44]
[2,"031302001001",null,"安全文明施工费",null,null,"5272.74","100",5272.74]
[3,"031302B03001",null,"建设工程竣工档案编制费",null,null,"(分部分项人工费+技术措施人工费-机械（爆破）土石方人工费-机械（爆破）土石方人工费-人工土石方人工费-人工土石方技术措施人工费)+(机械（爆破）土石方人工费+机械（爆破）土石方机械费+机械（爆破）土石方人工费+机械（爆破）土石方机械费)*0.002/费率+(人工土石方人工费+人工土石方技术措施人工费)*0.0019/费率","1.94",485.82]
[]
[]
["合    计",{"$nulls":7},9863]
["注：1.计算基础和费用标准按本市有关费用定额或文件执行。\n    2.根据施工方案计算的措施费，可不填写“计算基础”和“费率”的数值，只填写“金额”数值，但应在备注栏说明施工\n    方案出处或计算方法。"]

{"sheet":"表-12 规费、税金项目计价表【酸辣粉、淀粉库房电气工程】","index":59,"n_rows":26,"n_cols":10,"rows_kept":26,"merged":[[0,0,0,7],[0,8,0,9],[1,0,1,9],[2,0,2,3],[2,4,2,7],[2,8,2,9],[3,1,3,4],[3,5,3,6],[3,7,3,8],[4,1,4,4],[4,5,4,6],[4,7,4,8],[5,1,5,4],[5,5,5,6],[5,7,5,8],[6,1,6,4],[6,5,6,6],[6,7,6,8],[7,1,7,4],[7,5,7,6],[7,7,7,8],[8,1,8,4],[8,5,8,6],[8,7,8,8],[9,1,9,4],[9,5,9,6],[9,7,9,8],[10,1,10,4],[10,5,10,6],[10,7,10,8],[11,1,11,4],[11,5,11,6],[11,7,11,8],[12,1,12,4],[12,5,12,6],[12,7,12,8],[13,1,13,4],[13,5,13,6],[13,7,13,8],[14,1,14,4],[14,5,14,6],[14,7,14,8],[15,1,15,4],[15,5,15,6],[15,7,15,8],[16,1,16,4],[16,5,16,6],[16,7,16,8],[17,1,17,4],[17,5,17,6],[17,7,17,8],[18,1,18,4],[18,5,18,6],[18,7,18,8],[19,1,19,4],[19,5,19,6],[19,7,19,8],[20,1,20,4],[20,5,20,6],[20,7,20,8],[21,1,21,4],[21,5,21,6],[21,7,21,8],[22,1,22,4],[22,5,22,6],[22,7,22,8],[23,1,23,4],[23,5,23,6],[23,7,23,8],[24,1,24,4],[24,5,24,6],[24,7,24,8],[25,0,25,8]]}
[{"$nulls":8},"表-12"]
["规费、税金项目计价表"]
["工程名称：酸辣粉、淀粉库房电气工程",{"$nulls":7},"第  1  页  共  1  页"]
["序号","项目名称",{"$nulls":3},"计算基础",null,"费率(%)",null,"金额（元）"]
["1","规费",{"$nulls":3},"专业工程规费（人）+机械（爆破）土石方规费（人+机）*0.072/费率+人工土石方规费（人）*0.082/费率",null,"18",null,4507.62]
["2","税金",{"$nulls":3},"2.1 + 2.2 + 2.3",{"$nulls":3},5854.13]
["2.1","增值税",{"$nulls":3},"分部分项工程费+措施项目费+其他项目费+规费-甲供材料费",null,"9",null,5321.94]
["2.2","附加税",{"$nulls":3},"增值税",null,"10",null,532.19]
["2.3","环境保护税",{"$nulls":3},"按实计算"]
{"$rows_empty":16}
["合计",{"$nulls":8},10361.75]

{"sheet":"表-04 单位工程招标控制价汇总表【酸辣粉、淀粉库消防电气","index":60,"n_rows":26,"n_cols":9,"rows_kept":26,"merged":[[0,0,0,6],[0,7,0,8],[1,0,1,8],[2,0,2,3],[2,4,2,6],[2,7,2,8],[3,0,3,1],[3,2,3,5],[3,6,3,7],[4,0,4,1],[4,2,4,5],[4,6,4,7],[5,0,5,1],[5,2,5,5],[5,6,5,7],[6,0,6,1],[6,2,6,5],[6,6,6,7],[7,0,7,1],[7,2,7,5],[7,6,7,7],[8,0,8,1],[8,2,8,5],[8,6,8,7],[9,0,9,1],[9,2,9,5],[9,6,9,7],[10,0,10,1],[10,2,10,5],[10,6,10,7],[11,0,11,1],[11,2,11,5],[11,6,11,7],[12,0,12,1],[12,2,12,5],[12,6,12,7],[13,0,13,1],[13,2,13,5],[13,6,13,7],[14,0,14,1],[14,2,14,5],[14,6,14,7],[15,0,15,1],[15,2,15,5],[15,6,15,7],[16,0,16,1],[16,2,16,5],[16,6,16,7],[17,0,17,1],[17,2,17,5],[17,6,17,7],[18,0,18,1],[18,2,18,5],[18,6,18,7],[19,0,19,1],[19,2,19,5],[19,6,19,7],[20,0,20,1],[20,2,20,5],[20,6,20,7],[21,0,21,1],[21,2,21,5],[21,6,21,7],[22,0,22,1],[22,2,22,5],[22,6,22,7],[23,0,23,1],[23,2,23,5],[23,6,23,7],[24,0,24,5],[24,6,24,7],[25,0,25,8]]}
[{"$nulls":7},"表-04"]
["单位工程招标控制价汇总表"]
["工程名称：酸辣粉、淀粉库消防电气工程",{"$nulls":6},"第  1  页  共  1  页"]
["序号",null,"汇总内容",{"$nulls":3},"金额(元)",null,"其中：暂估价(元)"]
["1",null,"分部分项工程费",{"$nulls":3},36092.04]
["1.1",null,"末端设备安装",{"$nulls":3},8465.18]
["1.2",null,"管线安装",{"$nulls":3},21854.69]
["1.3",null,"调试",{"$nulls":3},5772.17]
["2",null,"措施项目费",{"$nulls":3},8785.57]
["2.1",null,"其中：安全文明施工费",{"$nulls":3},4644.67]
["3",null,"其他项目费"]
["4",null,"规费",{"$nulls":3},3948.62,null,"－"]
["5",null,"税金",{"$nulls":3},4833.8,null,"－"]
{"$rows_empty":11}
["投标报价合计=1+2+3+4+5",{"$nulls":5},"53,660.03"]
["注：1.本表适用于单位工程招标控制价或投标报价的汇总，如无单位工程划分，单项工程也使用本表汇总。 \n    2.分部分项工程、措施项目中暂估价中应填写材料、工程设备暂估价，其他项目中暂估价应填写专业工程暂估价。"]

{"sheet":"表-08 措施项目汇总表【酸辣粉、淀粉库消防电气工程】","index":61,"n_rows":26,"n_cols":6,"rows_kept":26,"merged":[[0,0,0,5],[1,0,1,5],[2,0,2,1],[2,2,2,3],[2,4,2,5],[3,0,4,0],[3,1,4,2],[3,3,3,5],[4,3,4,4],[5,1,5,2],[5,3,5,4],[6,1,6,2],[6,3,6,4],[7,1,7,2],[7,3,7,4],[8,1,8,2],[8,3,8,4],[9,1,9,2],[9,3,9,4],[10,1,10,2],[10,3,10,4],[11,1,11,2],[11,3,11,4],[12,1,12,2],[12,3,12,4],[13,1,13,2],[13,3,13,4],[14,1,14,2],[14,3,14,4],[15,1,15,2],[15,3,15,4],[16,1,16,2],[16,3,16,4],[17,1,17,2],[17,3,17,4],[18,1,18,2],[18,3,18,4],[19,1,19,2],[19,3,19,4],[20,1,20,2],[20,3,20,4],[21,1,21,2],[21,3,21,4],[22,1,22,2],[22,3,22,4],[23,1,23,2],[23,3,23,4],[24,1,24,2],[24,3,24,4],[25,0,25,2],[25,3,25,4]]}
["表-08"]
["措施项目汇总表"]
["工程名称：酸辣粉、淀粉库消防电气工程",{"$nulls":3},"第 1 页  共 1 页"]
["序号","项目名称",null,"金额(元)"]
[{"$nulls":3},"合价",null,"其中：暂估价"]
["1","施工技术措施项目",null,1297.89]
["2","施工组织措施项目",null,7487.68]
["2.1","其中：安全文明施工费",null,4644.67]
["2.2","建设工程竣工档案编制费",null,421.19]
{"$rows_empty":16}
["措施项目费合计=1+2",null,null,8785.57]

{"sheet":"表-09 分部分项工程项目清单计价表【酸辣粉、淀粉库消防电","index":62,"n_rows":88,"n_cols":13,"rows_kept":88,"merged":[[0,0,0,13],[1,0,1,13],[2,0,2,5],[2,6,2,8],[2,9,2,13],[3,0,4,0],[3,1,4,2],[3,3,4,4],[3,5,4,6],[3,7,4,7],[3,8,4,9],[3,10,3,12],[5,1,5,2],[5,3,5,6],[5,8,5,9],[6,1,6,2],[6,3,6,4],[6,5,6,6],[6,8,6,9],[7,1,7,2],[7,3,7,4],[7,5,7,6],[7,8,7,9],[8,0,8,10],[9,0,9,13],[10,0,10,13],[11,0,11,5],[11,6,11,8],[11,9,11,13],[12,0,13,0],[12,1,13,2],[12,3,13,4],[12,5,13,6],[12,7,13,7],[12,8,13,9],[12,10,12,12],[14,1,14,2],[14,3,14,4],[14,5,14,6],[14,8,14,9],[15,1,15,2],[15,3,15,4],[15,5,15,6],[15,8,15,9],[16,1,16,2],[16,3,16,4],[16,5,16,6],[16,8,16,9],[17,0,17,10],[18,0,18,13],[19,0,19,13],[20,0,20,5],[20,6,20,8],[20,9,20,13],[21,0,22,0],[21,1,22,2],[21,3,22,4],[21,5,22,6],[21,7,22,7],[21,8,22,9],[21,10,21,12],[23,1,23,2],[23,3,23,4],[23,5,23,6],[23,8,23,9],[24,1,24,2],[24,3,24,4],[24,5,24,6],[24,8,24,9],[25,1,25,2],[25,3,25,4],[25,5,25,6],[25,8,25,9],[26,0,26,10],[27,0,27,13],[28,0,28,13],[29,0,29,5],[29,6,29,8],[29,9,29,13],[30,0,31,0],[30,1,31,2],[30,3,31,4],[30,5,31,6],[30,7,31,7],[30,8,31,9],[30,10,30,12],[32,1,32,2],[32,3,32,4],[32,5,32,6],[32,8,32,9],[33,1,33,2],[33,3,33,4],[33,5,33,6],[33,8,33,9],[34,1,34,2],[34,3,34,4],[34,5,34,6],[34,8,34,9],[35,1,35,2],[35,3,35,6],[35,8,35,9],[36,0,36,10],[37,0,37,13],[38,0,38,13],[39,0,39,5],[39,6,39,8],[39,9,39,13],[40,0,41,0],[40,1,41,2],[40,3,41,4],[40,5,41,6],[40,7,41,7],[40,8,41,9],[40,10,40,12],[42,1,42,2],[42,3,42,4],[42,5,42,6],[42,8,42,9],[43,1,43,2],[43,3,43,4],[43,5,43,6],[43,8,43,9],[44,0,44,10],[45,0,45,13],[46,0,46,13],[47,0,47,5],[47,6,47,8],[47,9,47,13],[48,0,49,0],[48,1,49,2],[48,3,49,4],[48,5,49,6],[48,7,49,7],[48,8,49,9],[48,10,48,12],[50,1,50,2],[50,3,50,4],[50,5,50,6],[50,8,50,9],[51,1,51,2],[51,3,51,4],[51,5,51,6],[51,8,51,9],[52,0,52,10],[53,0,53,13],[54,0,54,13],[55,0,55,5],[55,6,55,8],[55,9,55,13],[56,0,57,0],[56,1,57,2],[56,3,57,4],[56,5,57,6],[56,7,57,7],[56,8,57,9],[56,10,56,12],[58,1,58,2],[58,3,58,4],[58,5,58,6],[58,8,58,9],[59,1,59,2],[59,3,59,4],[59,5,59,6],[59,8,59,9],[60,1,60,2],[60,3,60,6],[60,8,60,9],[61,1,61,2],[61,3,61,4],[61,5,61,6],[61,8,61,9],[62,0,62,10],[63,0,63,13],[64,0,64,13],[65,0,65,5],[65,6,65,8],[65,9,65,13],[66,0,67,0],[66,1,67,2],[66,3,67,4],[66,5,67,6],[66,7,67,7],[66,8,67,9],[66,10,66,12],[68,1,68,2],[68,3,68,4],[68,5,68,6],[68,8,68,9],[69,1,69,2],[69,3,69,4],[69,5,69,6],[69,8,69,9],[70,1,70,2],[70,3,70,4],[70,5,70,6],[70,8,70,9],[71,1,71,2],[71,3,71,4],[71,5,71,6],[71,8,71,9],[72,1,72,2],[72,3,72,4],[72,5,72,6],[72,8,72,9],[73,1,73,2],[73,3,73,4],[73,5,73,6],[73,8,73,9],[74,1,74,2],[74,3,74,4],[74,5,74,6],[74,8,74,9],[75,1,75,2],[75,3,75,4],[75,5,75,6],[75,8,75,9],[76,1,76,2],[76,3,76,4],[76,5,76,6],[76,8,76,9],[77,1,77,2],[77,3,77,4],[77,5,77,6],[77,8,77,9],[78,1,78,2],[78,3,78,4],[78,5,78,6],[78,8,78,9],[79,1,79,2],[79,3,79,4],[79,5,79,6],[79,8,79,9],[80,1,80,2],[80,3,80,4],[80,5,80,6],[80,8,80,9],[81,1,81,2],[81,3,81,4],[81,5,81,6],[81,8,81,9],[82,1,82,2],[82,3,82,4],[82,5,82,6],[82,8,82,9],[83,1,83,2],[83,3,83,4],[83,5,83,6],[83,8,83,9],[84,1,84,2],[84,3,84,4],[84,5,84,6],[84,8,84,9],[85,1,85,2],[85,3,85,4],[85,5,85,6],[85,8,85,9],[86,0,86,10],[87,0,87,10]]}
["表-09"]
["分部分项工程项目清单计价表"]
["工程名称：酸辣粉、淀粉库消防电气工程",{"$nulls":8},"第  1  页  共  8  页"]
["序号","项目编码",null,"项目名称",null,"项目特征",null,"计量单位","工程量",null,"金额（元）"]
[{"$nulls":10},"综合单价","合价","其中:暂估价"]
[{"$nulls":3},"末端设备安装"]
[1,"030904008005",null,"接线端子箱",null,"[项目特征]\n1.名称:接线端子箱\n2.规格:JBF-11A/X\n3.类型:满足设计及规范要求\n4.其他:满足设计﹑规范﹑招标文件、现场条件、达到使用功能等要求\n[工作内容]\n1.安装\n2.校接线",null,"个",2,null,42.89,85.78]
[2,"030904001002",null,"编码型感烟探测器（含底座）",null,"[项目特征]\n1.名称:编码型感烟探测器（含底座）\n2.规格、型号:JBF4101\n3.线制:满足设计及规范要求\n4.类型:点型\n5.其他:满足设计﹑规范﹑招标文件、现场条件、达到使用功能等要求\n[工作内容]\n1.底座安装\n2.探头安装\n3.校接线\n4.编码\n5.探测器调试",null,"个",80,null,37.24,2979.2]
["本页小计",{"$nulls":10},3064.98]
["表-09"]
["分部分项工程项目清单计价表"]
["工程名称：酸辣粉、淀粉库消防电气工程",{"$nulls":8},"第  2  页  共  8  页"]
["序号","项目编码",null,"项目名称",null,"项目特征",null,"计量单位","工程量",null,"金额（元）"]
[{"$nulls":10},"综合单价","合价","其中:暂估价"]
[3,"030904003003",null,"手动报警按钮带插孔（含底座）",null,"[项目特征]\n1.名称:手动报警按钮带插孔（含底座）\n2.规格、型号:J-SAP-JBF-301-EX\n3.其他:满足设计﹑规范﹑招标文件、现场条件、达到使用功能等要求\n[工作内容]\n1.安装\n2.校接线\n3.编码\n4.调试",null,"个",10,null,39.04,390.4]
[4,"030904003004",null,"消火栓按钮（含底座）",null,"[项目特征]\n1.名称:消火栓按钮（含底座）\n2.规格、型号:JBF4123\n3.安装方式:消火栓箱内\n[工作内容]\n1.安装\n2.校接线\n3.编码\n4.调试",null,"个",18,null,53.32,959.76]
[5,"030904005002",null,"声光报警装置（含底座）",null,"[项目特征]\n1.名称:声光报警装置（含底座）\n2.规格、规格:JBF4372E\n3.其他:满足设计﹑规范﹑招标文件、现场条件、达到使用功能等要求\n[工作内容]\n1.安装\n2.校接线\n3.编码\n4.调试",null,"个",10,null,51.36,513.6]
["本页小计",{"$nulls":10},1863.76]
["表-09"]
["分部分项工程项目清单计价表"]
["工程名称：酸辣粉、淀粉库消防电气工程",{"$nulls":8},"第  3  页  共  8  页"]
["序号","项目编码",null,"项目名称",null,"项目特征",null,"计量单位","工程量",null,"金额（元）"]
[{"$nulls":10},"综合单价","合价","其中:暂估价"]
[6,"030904007002",null,"火灾警报扬声器",null,"[项目特征]\n1.名称:火灾警报扬声器\n2.规格:WY-XD5-6\n3.其他:满足设计﹑规范﹑招标文件、现场条件、达到使用功能等要求\n[工作内容]\n1.安装\n2.校接线\n3.编码\n4.调试",null,"个",6,null,45.65,273.9]
[7,"030904008006",null,"总线隔离模块（含底座）",null,"[项目特征]\n1.名称:总线隔离模块（含底座）\n2.规格、型号:JBF4171\n3.输出形式:满足设计及规范要求\n4.其他:满足设计﹑规范﹑招标文件、现场条件、达到使用功能等要求\n[工作内容]\n1.安装\n2.校接线\n3.编码\n4.调试",null,"个",6,null,187.09,1122.54]
[8,"030904008007",null,"火灾显示盘",null,"[项目特征]\n1.名称:火灾显示盘\n2.规格:满足设计及规范要求\n3.类型:满足设计及规范要求\n4.输出形式:满足设计及规范要求\n5.其他:满足设计﹑规范﹑招标文件、现场条件、达到使用功能等要求\n[工作内容]\n1.安装\n2.校接线\n3.编码\n4.调试",null,"个",2,null,152.86,305.72]
["本页小计",{"$nulls":10},1702.16]
["表-09"]
["分部分项工程项目清单计价表"]
["工程名称：酸辣粉、淀粉库消防电气工程",{"$nulls":8},"第  4  页  共  8  页"]
["序号","项目编码",null,"项目名称",null,"项目特征",null,"计量单位","工程量",null,"金额（元）"]
[{"$nulls":10},"综合单价","合价","其中:暂估价"]
[9,"030904008008",null,"单输入/单输出模块（含底座）",null,"[项目特征]\n1.名称:单输入/单输出模块（含底座）\n2.规格、型号:JBF4141\n3.输出形式:满足设计及规范要求\n4.其他:满足设计﹑规范﹑招标文件、现场条件、达到使用功能等要求\n[工作内容]\n1.安装\n2.校接线\n3.编码\n4.调试",null,"个",3,null,187.02,561.06]
[10,"030904008009",null,"单输入模块（含底座）",null,"[项目特征]\n1.名称:单输入模块（含底座）\n2.规格、型号:JBF4141\n3.输出形式:满足设计及规范要求\n4.其他:满足设计﹑规范﹑招标文件、现场条件、达到使用功能等要求\n[工作内容]\n1.安装\n2.校接线\n3.编码\n4.调试",null,"个",2,null,197.09,394.18]
[11,"030411006006",null,"钢制接线盒",null,"[项目特征]\n1.名称:接线盒\n2.材质:钢制\n3.规格:86型\n4.安装形式:综合考虑\n5.其他:满足设计﹑规范﹑招标文件、现场条件、达到使用功能等要求\n[工作内容]\n1.本体安装",null,"个",134,null,6.56,879.04]
[{"$nulls":3},"管线安装"]
["本页小计",{"$nulls":10},1834.28]
["表-09"]
["分部分项工程项目清单计价表"]
["工程名称：酸辣粉、淀粉库消防电气工程",{"$nulls":8},"第  5  页  共  8  页"]
["序号","项目编码",null,"项目名称",null,"项目特征",null,"计量单位","工程量",null,"金额（元）"]
[{"$nulls":10},"综合单价","合价","其中:暂估价"]
[1,"030411001012",null,"配管SC20，沿钢构",null,"[项目特征]\n1.名称:配管\n2.材质:镀锌钢管\n3.规格:SC20mm\n4.最小公称壁厚:2.2mm\n5.敷设方式:沿钢构\n6.接地要求:满足设计及规范要求\n7.其他:满足设计﹑规范﹑招标文件、现场条件、达到使用功能等要求\n[工作内容]\n1.电线管路敷设\n2.接地",null,"m",1479.31,null,13.1,19378.96]
[2,"030411004018",null,"管内穿线 WDUZBN-BYJ-B1-2.5mm2",null,"[项目特征]\n1.名称:配线\n2.配线形式:管内穿线\n3.型号:WDUZBN-BYJ-B1\n4.规格:2.5mm2\n5.材质:铜质\n6.配线部位:综合\n7.配线线制:综合\n8.其他:满足设计﹑规范﹑招标文件、现场条件、达到使用功能等要求\n[工作内容]\n1.配线",null,"m",597.26,null,1.12,668.93]
["本页小计",{"$nulls":10},20047.89]
["表-09"]
["分部分项工程项目清单计价表"]
["工程名称：酸辣粉、淀粉库消防电气工程",{"$nulls":8},"第  6  页  共  8  页"]
["序号","项目编码",null,"项目名称",null,"项目特征",null,"计量单位","工程量",null,"金额（元）"]
[{"$nulls":10},"综合单价","合价","其中:暂估价"]
[3,"030411004019",null,"管内穿线 WDUZBN-RYJS-2*1.5mm2",null,"[项目特征]\n1.名称:配线\n2.配线形式:管内穿线\n3.型号:WDUZBN-RYJS\n4.规格:2*1.5mm2\n5.材质:铜质\n6.配线部位:综合\n7.配线线制:综合\n8.其他:满足设计﹑规范﹑招标文件、现场条件、达到使用功能等要求\n[工作内容]\n1.配线",null,"m",705.69,null,1.51,1065.59]
[4,"030411004020",null,"管内穿线 WDUZBN-RYSP-2*1.0mm2",null,"[项目特征]\n1.名称:配线\n2.配线形式:管内穿线\n3.型号:WDUZBN-RYSP\n4.规格:2*1.0mm2\n5.材质:铜质\n6.配线部位:综合\n7.配线线制:综合\n8.其他:满足设计﹑规范﹑招标文件、现场条件、达到使用功能等要求\n[工作内容]\n1.配线",null,"m",307.48,null,0.94,289.03]
["本页小计",{"$nulls":10},1354.62]
["表-09"]
["分部分项工程项目清单计价表"]
["工程名称：酸辣粉、淀粉库消防电气工程",{"$nulls":8},"第  7  页  共  8  页"]
["序号","项目编码",null,"项目名称",null,"项目特征",null,"计量单位","工程量",null,"金额（元）"]
[{"$nulls":10},"综合单价","合价","其中:暂估价"]
[5,"030411004021",null,"管内穿线 WDUZBN-RYY-2*1.5mm2",null,"[项目特征]\n1.名称:配线\n2.配线形式:管内穿线\n3.型号:WDUZBN-RYY\n4.规格:2*1.5mm2\n5.材质:铜质\n6.配线部位:综合\n7.配线线制:综合\n8.其他:满足设计﹑规范﹑招标文件、现场条件、达到使用功能等要求\n[工作内容]\n1.配线",null,"m",120.47,null,1.02,122.88]
[6,"030408002002",null,"控制电缆 WDUZBN-KYJY-B1-10*1.5mm2",null,"[项目特征]\n1.名称:控制电缆\n2.型号:WDUZBN-KYJY-B1\n3.规格:10*1.5mm2\n4.材质:铜芯\n5.敷设方式、部位:满足设计及相关规范要求\n6.电压等级(kV):0.6/1kv\n7.其他:满足设计﹑规范﹑招标文件、现场条件、达到使用功能等要求\n[工作内容]\n1.电缆敷设\n2.揭(盖)盖板",null,"m",66.66,null,4.94,329.3]
[{"$nulls":3},"调试"]
[1,"030905001002",null,"自动报警系统调试",null,"[项目特征]\n1.调试部分:酸辣粉、淀粉库房\n[工作内容]\n1.系统调试",null,"系统",1,null,4773.53,4773.53]
["本页小计",{"$nulls":10},5225.71]
["表-09"]
["分部分项工程项目清单计价表"]
["工程名称：酸辣粉、淀粉库消防电气工程",{"$nulls":8},"第  8  页  共  8  页"]
["序号","项目编码",null,"项目名称",null,"项目特征",null,"计量单位","工程量",null,"金额（元）"]
[{"$nulls":10},"综合单价","合价","其中:暂估价"]
[2,"030905003002",null,"消防广播及电话插孔调试",null,"[项目特征]\n1.名称:消防广播及电话插孔调试\n2.类型:满足设计及规范要求\n[工作内容]\n1.调试",null,"个",16,null,27.59,441.44]
[3,"030905003003",null,"消防风机调试",null,"[项目特征]\n1.名称:消防风机调试\n2.类型:满足设计及规范要求\n3.其它:满足设计及施工规范验收要求\n[工作内容]\n1.调试",null,"台",4,null,139.3,557.2]
{"$rows_empty":16}
["本页小计",{"$nulls":10},998.64]
["合   计",{"$nulls":10},36092.04]

{"sheet":"表-09 施工技术措施项目清单计价表【酸辣粉、淀粉库消防电","index":63,"n_rows":32,"n_cols":13,"rows_kept":32,"merged":[[0,0,0,12],[1,0,1,12],[2,0,2,5],[2,6,2,8],[2,9,2,12],[3,0,4,0],[3,1,4,2],[3,3,4,4],[3,5,4,6],[3,7,4,7],[3,8,4,9],[3,10,3,12],[5,1,5,2],[5,3,5,6],[5,8,5,9],[6,1,6,2],[6,3,6,4],[6,5,6,6],[6,8,6,9],[7,1,7,2],[7,3,7,4],[7,5,7,6],[7,8,7,9],[8,1,8,2],[8,3,8,4],[8,5,8,6],[8,8,8,9],[9,1,9,2],[9,3,9,4],[9,5,9,6],[9,8,9,9],[10,1,10,2],[10,3,10,4],[10,5,10,6],[10,8,10,9],[11,1,11,2],[11,3,11,4],[11,5,11,6],[11,8,11,9],[12,1,12,2],[12,3,12,4],[12,5,12,6],[12,8,12,9],[13,1,13,2],[13,3,13,4],[13,5,13,6],[13,8,13,9],[14,1,14,2],[14,3,14,4],[14,5,14,6],[14,8,14,9],[15,1,15,2],[15,3,15,4],[15,5,15,6],[15,8,15,9],[16,1,16,2],[16,3,16,4],[16,5,16,6],[16,8,16,9],[17,1,17,2],[17,3,17,4],[17,5,17,6],[17,8,17,9],[18,1,18,2],[18,3,18,4],[18,5,18,6],[18,8,18,9],[19,1,19,2],[19,3,19,4],[19,5,19,6],[19,8,19,9],[20,1,20,2],[20,3,20,4],[20,5,20,6],[20,8,20,9],[21,1,21,2],[21,3,21,4],[21,5,21,6],[21,8,21,9],[22,1,22,2],[22,3,22,4],[22,5,22,6],[22,8,22,9],[23,1,23,2],[23,3,23,4],[23,5,23,6],[23,8,23,9],[24,1,24,2],[24,3,24,4],[24,5,24,6],[24,8,24,9],[25,1,25,2],[25,3,25,4],[25,5,25,6],[25,8,25,9],[26,1,26,2],[26,3,26,4],[26,5,26,6],[26,8,26,9],[27,1,27,2],[27,3,27,4],[27,5,27,6],[27,8,27,9],[28,1,28,2],[28,3,28,4],[28,5,28,6],[28,8,28,9],[29,1,29,2],[29,3,29,4],[29,5,29,6],[29,8,29,9],[30,0,30,10],[31,0,31,10]]}
["表-09"]
["施工技术措施项目清单计价表"]
["工程名称：酸辣粉、淀粉库消防电气工程",{"$nulls":8},"第  1  页  共  1  页"]
["序号","项目编码",null,"项目名称",null,"项目特征",null,"计量单位","工程量",null,"金额（元）"]
[{"$nulls":10},"综合单价","合价","其中:暂估价"]
[null,"一",null,"施工技术措施项目",{"$nulls":7},1297.89]
[1,"031301017006",null,"脚手架搭拆",{"$nulls":3},"项",1,null,1297.89,1297.89]
{"$rows_empty":23}
["本页小计",{"$nulls":10},1297.89]
["合   计",{"$nulls":10},1297.89]

{"sheet":"表-10 施工组织措施项目清单计价表【酸辣粉、淀粉库消防电","index":64,"n_rows":11,"n_cols":14,"rows_kept":11,"merged":[[0,0,0,10],[0,11,0,13],[1,0,1,13],[2,0,2,4],[2,5,2,10],[2,11,2,13],[3,1,3,2],[3,3,3,5],[3,8,3,9],[3,10,3,11],[4,1,4,2],[4,3,4,5],[4,8,4,9],[4,10,4,11],[5,1,5,2],[5,3,5,5],[5,8,5,9],[5,10,5,11],[6,1,6,2],[6,3,6,5],[6,8,6,9],[6,10,6,11],[7,1,7,2],[7,3,7,5],[7,8,7,9],[7,10,7,11],[8,1,8,2],[8,3,8,5],[8,8,8,9],[8,10,8,11],[9,0,9,7],[9,8,9,9],[9,10,9,11],[10,0,10,13]]}
[{"$nulls":11},"表-10"]
["施工组织措施项目清单计价表"]
["工程名称：酸辣粉、淀粉库消防电气工程",{"$nulls":10},"第  1  页  共  1  页"]
["序号","项目编码",null,"项目名称",null,null,"计算\n基础","费率\n(%)","金额\n(元)",null,"调整\n费率\n(%)",null,"调整后\n金额\n(元)","备注"]
[1,"031302B02001",null,"组织措施费",null,null,"(分部分项人工费+技术措施人工费-机械（爆破）土石方人工费-机械（爆破）土石方人工费-人工土石方人工费-人工土石方技术措施人工费)+(机械（爆破）土石方人工费+机械（爆破）土石方机械费+机械（爆破）土石方人工费+机械（爆破）土石方机械费)*0.048/费率+(人工土石方人工费+人工土石方技术措施人工费)*0.0222/费率","11.04",2421.82]
[2,"031302001001",null,"安全文明施工费",null,null,"4644.67","100",4644.67]
[3,"031302B03001",null,"建设工程竣工档案编制费",null,null,"(分部分项人工费+技术措施人工费-机械（爆破）土石方人工费-机械（爆破）土石方人工费-人工土石方人工费-人工土石方技术措施人工费)+(机械（爆破）土石方人工费+机械（爆破）土石方机械费+机械（爆破）土石方人工费+机械（爆破）土石方机械费)*0.002/费率+(人工土石方人工费+人工土石方技术措施人工费)*0.0019/费率","1.92",421.19]
[]
[]
["合    计",{"$nulls":7},7487.68]
["注：1.计算基础和费用标准按本市有关费用定额或文件执行。\n    2.根据施工方案计算的措施费，可不填写“计算基础”和“费率”的数值，只填写“金额”数值，但应在备注栏说明施工\n    方案出处或计算方法。"]

{"sheet":"表-12 规费、税金项目计价表【酸辣粉、淀粉库消防电气工程】","index":65,"n_rows":26,"n_cols":10,"rows_kept":26,"merged":[[0,0,0,7],[0,8,0,9],[1,0,1,9],[2,0,2,3],[2,4,2,7],[2,8,2,9],[3,1,3,4],[3,5,3,6],[3,7,3,8],[4,1,4,4],[4,5,4,6],[4,7,4,8],[5,1,5,4],[5,5,5,6],[5,7,5,8],[6,1,6,4],[6,5,6,6],[6,7,6,8],[7,1,7,4],[7,5,7,6],[7,7,7,8],[8,1,8,4],[8,5,8,6],[8,7,8,8],[9,1,9,4],[9,5,9,6],[9,7,9,8],[10,1,10,4],[10,5,10,6],[10,7,10,8],[11,1,11,4],[11,5,11,6],[11,7,11,8],[12,1,12,4],[12,5,12,6],[12,7,12,8],[13,1,13,4],[13,5,13,6],[13,7,13,8],[14,1,14,4],[14,5,14,6],[14,7,14,8],[15,1,15,4],[15,5,15,6],[15,7,15,8],[16,1,16,4],[16,5,16,6],[16,7,16,8],[17,1,17,4],[17,5,17,6],[17,7,17,8],[18,1,18,4],[18,5,18,6],[18,7,18,8],[19,1,19,4],[19,5,19,6],[19,7,19,8],[20,1,20,4],[20,5,20,6],[20,7,20,8],[21,1,21,4],[21,5,21,6],[21,7,21,8],[22,1,22,4],[22,5,22,6],[22,7,22,8],[23,1,23,4],[23,5,23,6],[23,7,23,8],[24,1,24,4],[24,5,24,6],[24,7,24,8],[25,0,25,8]]}
[{"$nulls":8},"表-12"]
["规费、税金项目计价表"]
["工程名称：酸辣粉、淀粉库消防电气工程",{"$nulls":7},"第  1  页  共  1  页"]
["序号","项目名称",{"$nulls":3},"计算基础",null,"费率(%)",null,"金额（元）"]
["1","规费",{"$nulls":3},"专业工程规费（人）+机械（爆破）土石方规费（人+机）*0.072/费率+人工土石方规费（人）*0.082/费率",null,"18",null,3948.62]
["2","税金",{"$nulls":3},"2.1 + 2.2 + 2.3",{"$nulls":3},4833.8]
["2.1","增值税",{"$nulls":3},"分部分项工程费+措施项目费+其他项目费+规费-甲供材料费",null,"9",null,4394.36]
["2.2","附加税",{"$nulls":3},"增值税",null,"10",null,439.44]
["2.3","环境保护税",{"$nulls":3},"按实计算"]
{"$rows_empty":16}
["合计",{"$nulls":8},8782.42]

{"sheet":"表-04 单位工程招标控制价汇总表【酸辣粉、淀粉库房防排烟","index":66,"n_rows":26,"n_cols":9,"rows_kept":26,"merged":[[0,0,0,6],[0,7,0,8],[1,0,1,8],[2,0,2,3],[2,4,2,6],[2,7,2,8],[3,0,3,1],[3,2,3,5],[3,6,3,7],[4,0,4,1],[4,2,4,5],[4,6,4,7],[5,0,5,1],[5,2,5,5],[5,6,5,7],[6,0,6,1],[6,2,6,5],[6,6,6,7],[7,0,7,1],[7,2,7,5],[7,6,7,7],[8,0,8,1],[8,2,8,5],[8,6,8,7],[9,0,9,1],[9,2,9,5],[9,6,9,7],[10,0,10,1],[10,2,10,5],[10,6,10,7],[11,0,11,1],[11,2,11,5],[11,6,11,7],[12,0,12,1],[12,2,12,5],[12,6,12,7],[13,0,13,1],[13,2,13,5],[13,6,13,7],[14,0,14,1],[14,2,14,5],[14,6,14,7],[15,0,15,1],[15,2,15,5],[15,6,15,7],[16,0,16,1],[16,2,16,5],[16,6,16,7],[17,0,17,1],[17,2,17,5],[17,6,17,7],[18,0,18,1],[18,2,18,5],[18,6,18,7],[19,0,19,1],[19,2,19,5],[19,6,19,7],[20,0,20,1],[20,2,20,5],[20,6,20,7],[21,0,21,1],[21,2,21,5],[21,6,21,7],[22,0,22,1],[22,2,22,5],[22,6,22,7],[23,0,23,1],[23,2,23,5],[23,6,23,7],[24,0,24,5],[24,6,24,7],[25,0,25,8]]}
[{"$nulls":7},"表-04"]
["单位工程招标控制价汇总表"]
["工程名称：酸辣粉、淀粉库房防排烟工程",{"$nulls":6},"第  1  页  共  1  页"]
["序号",null,"汇总内容",{"$nulls":3},"金额(元)",null,"其中：暂估价(元)"]
["1",null,"分部分项工程费",{"$nulls":3},40648.56]
["1.1",null,"通风设备",{"$nulls":3},4327.91]
["1.2",null,"通风管道制作安装",{"$nulls":3},32987.41]
["1.3",null,"通风管道部件制作安装",{"$nulls":3},3333.24]
["2",null,"措施项目费",{"$nulls":3},10272.45]
["2.1",null,"其中：安全文明施工费",{"$nulls":3},5385.43]
["3",null,"其他项目费"]
["4",null,"规费",{"$nulls":3},4597.71,null,"－"]
["5",null,"税金",{"$nulls":3},5496.35,null,"－"]
{"$rows_empty":11}
["投标报价合计=1+2+3+4+5",{"$nulls":5},"61,015.07"]
["注：1.本表适用于单位工程招标控制价或投标报价的汇总，如无单位工程划分，单项工程也使用本表汇总。 \n    2.分部分项工程、措施项目中暂估价中应填写材料、工程设备暂估价，其他项目中暂估价应填写专业工程暂估价。"]

{"sheet":"表-08 措施项目汇总表【酸辣粉、淀粉库房防排烟工程】","index":67,"n_rows":26,"n_cols":6,"rows_kept":26,"merged":[[0,0,0,5],[1,0,1,5],[2,0,2,1],[2,2,2,3],[2,4,2,5],[3,0,4,0],[3,1,4,2],[3,3,3,5],[4,3,4,4],[5,1,5,2],[5,3,5,4],[6,1,6,2],[6,3,6,4],[7,1,7,2],[7,3,7,4],[8,1,8,2],[8,3,8,4],[9,1,9,2],[9,3,9,4],[10,1,10,2],[10,3,10,4],[11,1,11,2],[11,3,11,4],[12,1,12,2],[12,3,12,4],[13,1,13,2],[13,3,13,4],[14,1,14,2],[14,3,14,4],[15,1,15,2],[15,3,15,4],[16,1,16,2],[16,3,16,4],[17,1,17,2],[17,3,17,4],[18,1,18,2],[18,3,18,4],[19,1,19,2],[19,3,19,4],[20,1,20,2],[20,3,20,4],[21,1,21,2],[21,3,21,4],[22,1,22,2],[22,3,22,4],[23,1,23,2],[23,3,23,4],[24,1,24,2],[24,3,24,4],[25,0,25,2],[25,3,25,4]]}
["表-08"]
["措施项目汇总表"]
["工程名称：酸辣粉、淀粉库房防排烟工程",{"$nulls":3},"第 1 页  共 1 页"]
["序号","项目名称",null,"金额(元)"]
[{"$nulls":3},"合价",null,"其中：暂估价"]
["1","施工技术措施项目",null,1645.64]
["2","施工组织措施项目",null,8626.81]
["2.1","其中：安全文明施工费",null,5385.43]
["2.2","建设工程竣工档案编制费",null,500.64]
{"$rows_empty":16}
["措施项目费合计=1+2",null,null,10272.45]

{"sheet":"表-09 分部分项工程项目清单计价表【酸辣粉、淀粉库房防排","index":68,"n_rows":42,"n_cols":13,"rows_kept":42,"merged":[[0,0,0,13],[1,0,1,13],[2,0,2,5],[2,6,2,8],[2,9,2,13],[3,0,4,0],[3,1,4,2],[3,3,4,4],[3,5,4,6],[3,7,4,7],[3,8,4,9],[3,10,3,12],[5,1,5,2],[5,3,5,6],[5,8,5,9],[6,1,6,2],[6,3,6,4],[6,5,6,6],[6,8,6,9],[7,1,7,2],[7,3,7,4],[7,5,7,6],[7,8,7,9],[8,0,8,10],[9,0,9,13],[10,0,10,13],[11,0,11,5],[11,6,11,8],[11,9,11,13],[12,0,13,0],[12,1,13,2],[12,3,13,4],[12,5,13,6],[12,7,13,7],[12,8,13,9],[12,10,12,12],[14,1,14,2],[14,3,14,4],[14,5,14,6],[14,8,14,9],[15,1,15,2],[15,3,15,4],[15,5,15,6],[15,8,15,9],[16,1,16,2],[16,3,16,6],[16,8,16,9],[17,1,17,2],[17,3,17,4],[17,5,17,6],[17,8,17,9],[18,0,18,10],[19,0,19,13],[20,0,20,13],[21,0,21,5],[21,6,21,8],[21,9,21,13],[22,0,23,0],[22,1,23,2],[22,3,23,4],[22,5,23,6],[22,7,23,7],[22,8,23,9],[22,10,22,12],[24,1,24,2],[24,3,24,4],[24,5,24,6],[24,8,24,9],[25,1,25,2],[25,3,25,4],[25,5,25,6],[25,8,25,9],[26,1,26,2],[26,3,26,4],[26,5,26,6],[26,8,26,9],[27,1,27,2],[27,3,27,6],[27,8,27,9],[28,0,28,10],[29,0,29,13],[30,0,30,13],[31,0,31,5],[31,6,31,8],[31,9,31,13],[32,0,33,0],[32,1,33,2],[32,3,33,4],[32,5,33,6],[32,7,33,7],[32,8,33,9],[32,10,32,12],[34,1,34,2],[34,3,34,6],[34,8,34,9],[35,1,35,2],[35,3,35,4],[35,5,35,6],[35,8,35,9],[36,1,36,2],[36,3,36,4],[36,5,36,6],[36,8,36,9],[37,1,37,2],[37,3,37,4],[37,5,37,6],[37,8,37,9],[38,1,38,2],[38,3,38,4],[38,5,38,6],[38,8,38,9],[39,1,39,2],[39,3,39,4],[39,5,39,6],[39,8,39,9],[40,0,40,10],[41,0,41,10]]}
["表-09"]
["分部分项工程项目清单计价表"]
["工程名称：酸辣粉、淀粉库房防排烟工程",{"$nulls":8},"第  1  页  共  4  页"]
["序号","项目编码",null,"项目名称",null,"项目特征",null,"计量单位","工程量",null,"金额（元）"]
[{"$nulls":10},"综合单价","合价","其中:暂估价"]
[{"$nulls":3},"通风设备"]
[1,"030108003001",null,"HTF-I-NO.9轴流排风机(防爆型)",null,"[项目特征]\n1.名称:HTF-I-NO.9轴流排风机(防爆型)\n2.型号、规格:L=34000m3/h,H=356Pa\nN=5.5kW,n=965r/min\n≤85dB(A),G=217kg\n3.材质:钢制\n4.风机出口设置不锈钢丝防护网\n5.减振底座形式、数量:弹簧减震支吊架\n6.单机试运转要求:满足设计及规范要求\n7.其它:满足设计﹑规范﹑招标文件、现场条件、达到使用功能等要求\n[工作内容]\n1.本体安装\n2.减振台座制作、安装\n3.单机试运转\n4.补刷(喷)油漆",null,"台",4,null,196.59,786.36]
[2,"030406006001",null,"风机电机检查接线 3(kW)＜容量≤13(kW)",null,"[项目特征]\n1.名称:风机电机检查接线\n2.容量(kW):3(kW)＜容量≤13(kW)\n3.系统调试要求:满足设计及施工规范验收要求\n4.其它:满足设计及施工规范验收要求\n[工作内容]\n1.检查接线\n2.接地\n3.干燥\n4.系统调试",null,"台",5,null,265.88,1329.4]
["本页小计",{"$nulls":10},2115.76]
["表-09"]
["分部分项工程项目清单计价表"]
["工程名称：酸辣粉、淀粉库房防排烟工程",{"$nulls":8},"第  2  页  共  4  页"]
["序号","项目编码",null,"项目名称",null,"项目特征",null,"计量单位","工程量",null,"金额（元）"]
[{"$nulls":10},"综合单价","合价","其中:暂估价"]
[3,"030406006002",null,"电动机调试",null,"[项目特征]\n1.名称:电动机调试\n2.容量(kW):综合考虑\n3.系统调试要求:满足设计及施工规范验收要求\n4.其它:满足设计及施工规范验收要求\n[工作内容]\n1.检查接线\n2.接地\n3.干燥\n4.系统调试",null,"台",5,null,295.79,1478.95]
[4,"030307005001",null,"设备支架制作安装",null,"[项目特征]\n1.名称:设备支架制作安装\n2.材质:型钢\n3.涂刷遍数、漆膜厚度:防锈漆2遍，调和漆2遍\n4.其它:满足设计及施工规范验收要求\n[工作内容]\n1.制作、安装\n2.除锈、刷油",null,"kg",120,null,6.11,733.2]
[{"$nulls":3},"通风管道制作安装"]
[1,"030703019001",null,"防火软接",null,"[项目特征]\n1.名称:防火软接\n2.材质:防火软接，耐火极限满足消防排烟需求综合考虑\n3.其它:满足设计﹑规范﹑招标文件、现场条件、达到使用功能等要求\n[工作内容]\n1.柔性接口制作\n2.柔性接口安装",null,"m2",7.92,null,155.63,1232.59]
["本页小计",{"$nulls":10},3444.74]
["表-09"]
["分部分项工程项目清单计价表"]
["工程名称：酸辣粉、淀粉库房防排烟工程",{"$nulls":8},"第  3  页  共  4  页"]
["序号","项目编码",null,"项目名称",null,"项目特征",null,"计量单位","工程量",null,"金额（元）"]
[{"$nulls":10},"综合单价","合价","其中:暂估价"]
[2,"030702001001",null,"镀锌通风管道 1000＜长边长(mm)≤1250 δ=1mm",null,"[项目特征]\n1.名称:镀锌通风管道\n2.材质:优质镀锌钢板\n3.形状:矩形\n4.规格:1250＜长边长(mm)≤2000\n5.板材厚度:δ=1.5mm\n6.管件、法兰等附件及支架设计要求:满足设计及规范要求\n7.接口形式:咬口制作,法兰连接\n8.其它:满足设计﹑规范﹑招标文件、现场条件、达到使用功能等要求\n[工作内容]\n1.风管、管件、法兰、零件、支吊架制作、安装\n2.过跨风管落地支架制作、安装\n3.支架除锈刷油",null,"m2",285.78,null,37.97,10851.07]
[3,"031208003001",null,"通风管道绝热",null,"[项目特征]\n1.绝热材料品种、厚度:50mm岩棉板+9mm耐火板\n2.其他:满足设计﹑规范﹑招标文件、现场条件、达到使用功能等要求\n[工作内容]\n1.安装\n2.软木制品安装",null,"m2",285.78,null,70.23,20070.33]
[4,"030408008003",null,"防火堵洞",null,"[项目特征]\n1.名称:防火堵洞\n2.材质:具体详设计\n3.方式:满足设计及相关规范要求\n4.其他:满足设计﹑规范﹑招标文件、现场条件、达到使用功能等要求\n[工作内容]\n1.安装",null,"m3",0.1,null,8334.23,833.42]
[{"$nulls":3},"通风管道部件制作安"]
["本页小计",{"$nulls":10},31754.82]
["表-09"]
["分部分项工程项目清单计价表"]
["工程名称：酸辣粉、淀粉库房防排烟工程",{"$nulls":8},"第  4  页  共  4  页"]
["序号","项目编码",null,"项目名称",null,"项目特征",null,"计量单位","工程量",null,"金额（元）"]
[{"$nulls":10},"综合单价","合价","其中:暂估价"]
[{"$nulls":3},"装"]
[1,"030703007001",null,"单层百叶风口(带调节阀) 1200*1000",null,"[项目特征]\n1.名称:单层百叶风口(带调节阀)\n2.型号、规格:1200*1000\n3.材质:钢制\n4.制作、安装要求:满足设计及相关规范要求\n5.其他:满足设计﹑规范﹑招标文件、现场条件、达到使用功能等要求\n[工作内容]\n1.风口制作、安装\n2.散流器制作、安装\n3.百叶窗安装",null,"个",16,null,159.76,2556.16]
[2,"030703020001",null,"消声器",null,"[项目特征]\n1.名称:消声器\n2.规格:2000*1000\n3.形式:XZP1.0\n4.支架形式、材质:满足设计及相关规范要求\n5.制作、安装要求:满足设计及相关规范要求\n6.其他:满足设计﹑规范﹑招标文件、现场条件、达到使用功能等要求\n[工作内容]\n1.消声器制作\n2.消声器安装\n3.支架制作安装",null,"个",4,null,194.27,777.08]
[]
[]
[]
["本页小计",{"$nulls":10},3333.24]
["合   计",{"$nulls":10},40648.56]

{"sheet":"表-09 施工技术措施项目清单计价表【酸辣粉、淀粉库房防排","index":69,"n_rows":32,"n_cols":13,"rows_kept":32,"merged":[[0,0,0,12],[1,0,1,12],[2,0,2,5],[2,6,2,8],[2,9,2,12],[3,0,4,0],[3,1,4,2],[3,3,4,4],[3,5,4,6],[3,7,4,7],[3,8,4,9],[3,10,3,12],[5,1,5,2],[5,3,5,6],[5,8,5,9],[6,1,6,2],[6,3,6,4],[6,5,6,6],[6,8,6,9],[7,1,7,2],[7,3,7,4],[7,5,7,6],[7,8,7,9],[8,1,8,2],[8,3,8,4],[8,5,8,6],[8,8,8,9],[9,1,9,2],[9,3,9,4],[9,5,9,6],[9,8,9,9],[10,1,10,2],[10,3,10,4],[10,5,10,6],[10,8,10,9],[11,1,11,2],[11,3,11,4],[11,5,11,6],[11,8,11,9],[12,1,12,2],[12,3,12,4],[12,5,12,6],[12,8,12,9],[13,1,13,2],[13,3,13,4],[13,5,13,6],[13,8,13,9],[14,1,14,2],[14,3,14,4],[14,5,14,6],[14,8,14,9],[15,1,15,2],[15,3,15,4],[15,5,15,6],[15,8,15,9],[16,1,16,2],[16,3,16,4],[16,5,16,6],[16,8,16,9],[17,1,17,2],[17,3,17,4],[17,5,17,6],[17,8,17,9],[18,1,18,2],[18,3,18,4],[18,5,18,6],[18,8,18,9],[19,1,19,2],[19,3,19,4],[19,5,19,6],[19,8,19,9],[20,1,20,2],[20,3,20,4],[20,5,20,6],[20,8,20,9],[21,1,21,2],[21,3,21,4],[21,5,21,6],[21,8,21,9],[22,1,22,2],[22,3,22,4],[22,5,22,6],[22,8,22,9],[23,1,23,2],[23,3,23,4],[23,5,23,6],[23,8,23,9],[24,1,24,2],[24,3,24,4],[24,5,24,6],[24,8,24,9],[25,1,25,2],[25,3,25,4],[25,5,25,6],[25,8,25,9],[26,1,26,2],[26,3,26,4],[26,5,26,6],[26,8,26,9],[27,1,27,2],[27,3,27,4],[27,5,27,6],[27,8,27,9],[28,1,28,2],[28,3,28,4],[28,5,28,6],[28,8,28,9],[29,1,29,2],[29,3,29,4],[29,5,29,6],[29,8,29,9],[30,0,30,10],[31,0,31,10]]}
["表-09"]
["施工技术措施项目清单计价表"]
["工程名称：酸辣粉、淀粉库房防排烟工程",{"$nulls":8},"第  1  页  共  1  页"]
["序号","项目编码",null,"项目名称",null,"项目特征",null,"计量单位","工程量",null,"金额（元）"]
[{"$nulls":10},"综合单价","合价","其中:暂估价"]
[null,"一",null,"施工技术措施项目",{"$nulls":7},1645.64]
[1,"031301017007",null,"脚手架搭拆",{"$nulls":3},"项",1,null,1645.64,1645.64]
{"$rows_empty":23}
["本页小计",{"$nulls":10},1645.64]
["合   计",{"$nulls":10},1645.64]

{"sheet":"表-10 施工组织措施项目清单计价表【酸辣粉、淀粉库房防排","index":70,"n_rows":11,"n_cols":14,"rows_kept":11,"merged":[[0,0,0,10],[0,11,0,13],[1,0,1,13],[2,0,2,4],[2,5,2,10],[2,11,2,13],[3,1,3,2],[3,3,3,5],[3,8,3,9],[3,10,3,11],[4,1,4,2],[4,3,4,5],[4,8,4,9],[4,10,4,11],[5,1,5,2],[5,3,5,5],[5,8,5,9],[5,10,5,11],[6,1,6,2],[6,3,6,5],[6,8,6,9],[6,10,6,11],[7,1,7,2],[7,3,7,5],[7,8,7,9],[7,10,7,11],[8,1,8,2],[8,3,8,5],[8,8,8,9],[8,10,8,11],[9,0,9,7],[9,8,9,9],[9,10,9,11],[10,0,10,13]]}
[{"$nulls":11},"表-10"]
["施工组织措施项目清单计价表"]
["工程名称：酸辣粉、淀粉库房防排烟工程",{"$nulls":10},"第  1  页  共  1  页"]
["序号","项目编码",null,"项目名称",null,null,"计算\n基础","费率\n(%)","金额\n(元)",null,"调整\n费率\n(%)",null,"调整后\n金额\n(元)","备注"]
[1,"031302B02001",null,"组织措施费",null,null,"(分部分项人工费+技术措施人工费-机械（爆破）土石方人工费-机械（爆破）土石方人工费-人工土石方人工费-人工土石方技术措施人工费)+(机械（爆破）土石方人工费+机械（爆破）土石方机械费+机械（爆破）土石方人工费+机械（爆破）土石方机械费)*0.048/费率+(人工土石方人工费+人工土石方技术措施人工费)*0.0222/费率","10.73",2740.74]
[2,"031302001001",null,"安全文明施工费",null,null,"5385.43","100",5385.43]
[3,"031302B03001",null,"建设工程竣工档案编制费",null,null,"(分部分项人工费+技术措施人工费-机械（爆破）土石方人工费-机械（爆破）土石方人工费-人工土石方人工费-人工土石方技术措施人工费)+(机械（爆破）土石方人工费+机械（爆破）土石方机械费+机械（爆破）土石方人工费+机械（爆破）土石方机械费)*0.002/费率+(人工土石方人工费+人工土石方技术措施人工费)*0.0019/费率","1.96",500.64]
[]
[]
["合    计",{"$nulls":7},8626.81]
["注：1.计算基础和费用标准按本市有关费用定额或文件执行。\n    2.根据施工方案计算的措施费，可不填写“计算基础”和“费率”的数值，只填写“金额”数值，但应在备注栏说明施工\n    方案出处或计算方法。"]

{"sheet":"表-12 规费、税金项目计价表【酸辣粉、淀粉库房防排烟工程】","index":71,"n_rows":26,"n_cols":10,"rows_kept":26,"merged":[[0,0,0,7],[0,8,0,9],[1,0,1,9],[2,0,2,3],[2,4,2,7],[2,8,2,9],[3,1,3,4],[3,5,3,6],[3,7,3,8],[4,1,4,4],[4,5,4,6],[4,7,4,8],[5,1,5,4],[5,5,5,6],[5,7,5,8],[6,1,6,4],[6,5,6,6],[6,7,6,8],[7,1,7,4],[7,5,7,6],[7,7,7,8],[8,1,8,4],[8,5,8,6],[8,7,8,8],[9,1,9,4],[9,5,9,6],[9,7,9,8],[10,1,10,4],[10,5,10,6],[10,7,10,8],[11,1,11,4],[11,5,11,6],[11,7,11,8],[12,1,12,4],[12,5,12,6],[12,7,12,8],[13,1,13,4],[13,5,13,6],[13,7,13,8],[14,1,14,4],[14,5,14,6],[14,7,14,8],[15,1,15,4],[15,5,15,6],[15,7,15,8],[16,1,16,4],[16,5,16,6],[16,7,16,8],[17,1,17,4],[17,5,17,6],[17,7,17,8],[18,1,18,4],[18,5,18,6],[18,7,18,8],[19,1,19,4],[19,5,19,6],[19,7,19,8],[20,1,20,4],[20,5,20,6],[20,7,20,8],[21,1,21,4],[21,5,21,6],[21,7,21,8],[22,1,22,4],[22,5,22,6],[22,7,22,8],[23,1,23,4],[23,5,23,6],[23,7,23,8],[24,1,24,4],[24,5,24,6],[24,7,24,8],[25,0,25,8]]}
[{"$nulls":8},"表-12"]
["规费、税金项目计价表"]
["工程名称：酸辣粉、淀粉库房防排烟工程",{"$nulls":7},"第  1  页  共  1  页"]
["序号","项目名称",{"$nulls":3},"计算基础",null,"费率(%)",null,"金额（元）"]
["1","规费",{"$nulls":3},"专业工程规费（人）+机械（爆破）土石方规费（人+机）*0.072/费率+人工土石方规费（人）*0.082/费率",null,"18",null,4597.71]
["2","税金",{"$nulls":3},"2.1 + 2.2 + 2.3",{"$nulls":3},5496.35]
["2.1","增值税",{"$nulls":3},"分部分项工程费+措施项目费+其他项目费+规费-甲供材料费",null,"9",null,4996.68]
["2.2","附加税",{"$nulls":3},"增值税",null,"10",null,499.67]
["2.3","环境保护税",{"$nulls":3},"按实计算"]
{"$rows_empty":16}
["合计",{"$nulls":8},10094.06]

{"sheet":"表-04 单位工程招标控制价汇总表【室外电气工程】","index":72,"n_rows":26,"n_cols":9,"rows_kept":26,"merged":[[0,0,0,6],[0,7,0,8],[1,0,1,8],[2,0,2,3],[2,4,2,6],[2,7,2,8],[3,0,3,1],[3,2,3,5],[3,6,3,7],[4,0,4,1],[4,2,4,5],[4,6,4,7],[5,0,5,1],[5,2,5,5],[5,6,5,7],[6,0,6,1],[6,2,6,5],[6,6,6,7],[7,0,7,1],[7,2,7,5],[7,6,7,7],[8,0,8,1],[8,2,8,5],[8,6,8,7],[9,0,9,1],[9,2,9,5],[9,6,9,7],[10,0,10,1],[10,2,10,5],[10,6,10,7],[11,0,11,1],[11,2,11,5],[11,6,11,7],[12,0,12,1],[12,2,12,5],[12,6,12,7],[13,0,13,1],[13,2,13,5],[13,6,13,7],[14,0,14,1],[14,2,14,5],[14,6,14,7],[15,0,15,1],[15,2,15,5],[15,6,15,7],[16,0,16,1],[16,2,16,5],[16,6,16,7],[17,0,17,1],[17,2,17,5],[17,6,17,7],[18,0,18,1],[18,2,18,5],[18,6,18,7],[19,0,19,1],[19,2,19,5],[19,6,19,7],[20,0,20,1],[20,2,20,5],[20,6,20,7],[21,0,21,1],[21,2,21,5],[21,6,21,7],[22,0,22,1],[22,2,22,5],[22,6,22,7],[23,0,23,1],[23,2,23,5],[23,6,23,7],[24,0,24,5],[24,6,24,7],[25,0,25,8]]}
[{"$nulls":7},"表-04"]
["单位工程招标控制价汇总表"]
["工程名称：室外电气工程",{"$nulls":6},"第  1  页  共  1  页"]
["序号",null,"汇总内容",{"$nulls":3},"金额(元)",null,"其中：暂估价(元)"]
["1",null,"分部分项工程费",{"$nulls":3},162337.27]
["1.1",null,"土石方工程",{"$nulls":3},26715.15]
["1.2",null,"室外照明工程",{"$nulls":3},17400.09]
["1.3",null,"室外电气预埋工程",{"$nulls":3},118222.03]
["2",null,"措施项目费",{"$nulls":3},31841.15]
["2.1",null,"其中：安全文明施工费",{"$nulls":3},17475.85]
["3",null,"其他项目费"]
["4",null,"规费",{"$nulls":3},14916.59,null,"－"]
["5",null,"税金",{"$nulls":3},20700.41,null,"－"]
{"$rows_empty":11}
["投标报价合计=1+2+3+4+5",{"$nulls":5},"229,795.42"]
["注：1.本表适用于单位工程招标控制价或投标报价的汇总，如无单位工程划分，单项工程也使用本表汇总。 \n    2.分部分项工程、措施项目中暂估价中应填写材料、工程设备暂估价，其他项目中暂估价应填写专业工程暂估价。"]

{"sheet":"表-08 措施项目汇总表【室外电气工程】","index":73,"n_rows":26,"n_cols":6,"rows_kept":26,"merged":[[0,0,0,5],[1,0,1,5],[2,0,2,1],[2,2,2,3],[2,4,2,5],[3,0,4,0],[3,1,4,2],[3,3,3,5],[4,3,4,4],[5,1,5,2],[5,3,5,4],[6,1,6,2],[6,3,6,4],[7,1,7,2],[7,3,7,4],[8,1,8,2],[8,3,8,4],[9,1,9,2],[9,3,9,4],[10,1,10,2],[10,3,10,4],[11,1,11,2],[11,3,11,4],[12,1,12,2],[12,3,12,4],[13,1,13,2],[13,3,13,4],[14,1,14,2],[14,3,14,4],[15,1,15,2],[15,3,15,4],[16,1,16,2],[16,3,16,4],[17,1,17,2],[17,3,17,4],[18,1,18,2],[18,3,18,4],[19,1,19,2],[19,3,19,4],[20,1,20,2],[20,3,20,4],[21,1,21,2],[21,3,21,4],[22,1,22,2],[22,3,22,4],[23,1,23,2],[23,3,23,4],[24,1,24,2],[24,3,24,4],[25,0,25,2],[25,3,25,4]]}
["表-08"]
["措施项目汇总表"]
["工程名称：室外电气工程",{"$nulls":3},"第 1 页  共 1 页"]
["序号","项目名称",null,"金额(元)"]
[{"$nulls":3},"合价",null,"其中：暂估价"]
["2","施工组织措施项目",null,31841.15]
["2.1","其中：安全文明施工费",null,17475.85]
["2.2","建设工程竣工档案编制费",null,1456.62]
{"$rows_empty":17}
["措施项目费合计=1+2",null,null,31841.15]

{"sheet":"表-09 分部分项工程项目清单计价表【室外电气工程】","index":74,"n_rows":58,"n_cols":13,"rows_kept":58,"merged":[[0,0,0,13],[1,0,1,13],[2,0,2,5],[2,6,2,8],[2,9,2,13],[3,0,4,0],[3,1,4,2],[3,3,4,4],[3,5,4,6],[3,7,4,7],[3,8,4,9],[3,10,3,12],[5,1,5,2],[5,3,5,6],[5,8,5,9],[6,1,6,2],[6,3,6,4],[6,5,6,6],[6,8,6,9],[7,1,7,2],[7,3,7,4],[7,5,7,6],[7,8,7,9],[8,0,8,10],[9,0,9,13],[10,0,10,13],[11,0,11,5],[11,6,11,8],[11,9,11,13],[12,0,13,0],[12,1,13,2],[12,3,13,4],[12,5,13,6],[12,7,13,7],[12,8,13,9],[12,10,12,12],[14,1,14,2],[14,3,14,4],[14,5,14,6],[14,8,14,9],[15,1,15,2],[15,3,15,4],[15,5,15,6],[15,8,15,9],[16,1,16,2],[16,3,16,6],[16,8,16,9],[17,1,17,2],[17,3,17,4],[17,5,17,6],[17,8,17,9],[18,0,18,10],[19,0,19,13],[20,0,20,13],[21,0,21,5],[21,6,21,8],[21,9,21,13],[22,0,23,0],[22,1,23,2],[22,3,23,4],[22,5,23,6],[22,7,23,7],[22,8,23,9],[22,10,22,12],[24,1,24,2],[24,3,24,4],[24,5,24,6],[24,8,24,9],[25,1,25,2],[25,3,25,4],[25,5,25,6],[25,8,25,9],[26,1,26,2],[26,3,26,6],[26,8,26,9],[27,0,27,10],[28,0,28,13],[29,0,29,13],[30,0,30,5],[30,6,30,8],[30,9,30,13],[31,0,32,0],[31,1,32,2],[31,3,32,4],[31,5,32,6],[31,7,32,7],[31,8,32,9],[31,10,31,12],[33,1,33,2],[33,3,33,4],[33,5,33,6],[33,8,33,9],[34,1,34,2],[34,3,34,4],[34,5,34,6],[34,8,34,9],[35,1,35,2],[35,3,35,4],[35,5,35,6],[35,8,35,9],[36,0,36,10],[37,0,37,13],[38,0,38,13],[39,0,39,5],[39,6,39,8],[39,9,39,13],[40,0,41,0],[40,1,41,2],[40,3,41,4],[40,5,41,6],[40,7,41,7],[40,8,41,9],[40,10,40,12],[42,1,42,2],[42,3,42,4],[42,5,42,6],[42,8,42,9],[43,0,43,10],[44,0,44,13],[45,0,45,13],[46,0,46,5],[46,6,46,8],[46,9,46,13],[47,0,48,0],[47,1,48,2],[47,3,48,4],[47,5,48,6],[47,7,48,7],[47,8,48,9],[47,10,47,12],[49,1,49,2],[49,3,49,4],[49,5,49,6],[49,8,49,9],[50,1,50,2],[50,3,50,4],[50,5,50,6],[50,8,50,9],[51,1,51,2],[51,3,51,4],[51,5,51,6],[51,8,51,9],[52,1,52,2],[52,3,52,4],[52,5,52,6],[52,8,52,9],[53,1,53,2],[53,3,53,4],[53,5,53,6],[53,8,53,9],[54,1,54,2],[54,3,54,4],[54,5,54,6],[54,8,54,9],[55,1,55,2],[55,3,55,4],[55,5,55,6],[55,8,55,9],[56,0,56,10],[57,0,57,10]]}
["表-09"]
["分部分项工程项目清单计价表"]
["工程名称：室外电气工程",{"$nulls":8},"第  1  页  共  6  页"]
["序号","项目编码",null,"项目名称",null,"项目特征",null,"计量单位","工程量",null,"金额（元）"]
[{"$nulls":10},"综合单价","合价","其中:暂估价"]
[{"$nulls":3},"土石方工程"]
[1,"010101003002",null,"挖沟槽土石方",null,"[项目特征]\n1.土石类别:综合，由投标人根据地勘报告决定报价\n2.开挖方式:综合考虑\n3.挖方深度:综合考虑\n4.场内运距:由投标人根据施工现场实际情况自行考虑，决定报价\n5.其他:满足设计﹑规范﹑招标文件、现场条件、达到使用功能等要求\n[工作内容]\n1.排地表水\n2.土石方开挖\n3.围护(挡土板)及拆除\n4.基底钎探\n5.场内运输",null,"m3",1034.33,null,12.23,12649.86]
[2,"010103001002",null,"土石方回填",null,"[项目特征]\n1.密实度要求:满足设计及相关规范的要求\n2.填方材料品种:由投标人根据设计要求验方后方可填人，并符合相关工程的质量规范要求\n3.填方来源、运距:由投标人根据施工现场实际情况自行考虑决定报价\n4.其他:满足设计﹑规范﹑招标文件、现场条件、达到使用功能等要求\n[工作内容]\n1.运输\n2.回填\n3.压实",null,"m3",50.36,null,4.23,213.02]
["本页小计",{"$nulls":10},12862.88]
["表-09"]
["分部分项工程项目清单计价表"]
["工程名称：室外电气工程",{"$nulls":8},"第  2  页  共  6  页"]
["序号","项目编码",null,"项目名称",null,"项目特征",null,"计量单位","工程量",null,"金额（元）"]
[{"$nulls":10},"综合单价","合价","其中:暂估价"]
[3,"010103002003",null,"余方弃置（起运1km)",null,"[项目特征]\n1.废弃料品种:土石综合（另应包含但不限于表土、建筑垃圾、地上构附着物、需要拆除的管网、淤泥等）\n2.运距:1km\n3.其他:满足设计﹑规范﹑招标文件、现场条件、达到使用功能等要求\n[工作内容]\n1.起运",null,"m3",968.69,null,8.39,8127.31]
[4,"010103002004",null,"余方弃置(增运4km)",null,"[项目特征]\n1.废弃料品种:土石综合（另应包含但不限于表土、建筑垃圾、地上构附着物、需要拆除的管网、淤泥等）\n2.运距:增运4km,实际运距不同时,按比例调整\n3.其他:满足设计﹑规范﹑招标文件、现场条件、达到使用功能等要求\n[工作内容]\n1.增运至弃置点",null,"m3",968.69,null,5.91,5724.96]
[{"$nulls":3},"室外照明工程"]
[1,"030412001001",null,"壁挂式LED路灯",null,"[项目特征]\n1.名称:壁挂式LED路灯\n2.型号:100W\n3.规格:满足设计及规范要求\n4.类型:壁挂式\n5.其他:满足设计﹑规范﹑招标文件、现场条件、达到使用功能等要求\n[工作内容]\n1.本体安装",null,"套",81,null,22.02,1783.62]
["本页小计",{"$nulls":10},15635.89]
["表-09"]
["分部分项工程项目清单计价表"]
["工程名称：室外电气工程",{"$nulls":8},"第  3  页  共  6  页"]
["序号","项目编码",null,"项目名称",null,"项目特征",null,"计量单位","工程量",null,"金额（元）"]
[{"$nulls":10},"综合单价","合价","其中:暂估价"]
[2,"030411001013",null,"配管 PC20 埋地敷设",null,"[项目特征]\n1.名称:配管\n2.材质:硬质聚氯乙烯管\n3.规格:PC20mm\n4.敷设方式:埋地敷设\n5.接地要求:满足设计及规范要求\n6.其他:满足设计﹑规范﹑招标文件、现场条件、达到使用功能等要求\n[工作内容]\n1.电线管路敷设\n2.接地",null,"m",1650.79,null,7.03,11605.05]
[3,"030411004022",null,"管内穿线 WDUZC-BYJ-4.0mm2",null,"[项目特征]\n1.名称:配线\n2.配线形式:管内穿线\n3.型号:WDUZC-BYJ\n4.规格:4.0mm2\n5.材质:铜质\n6.配线部位:综合\n7.配线线制:综合\n8.其他:满足设计﹑规范﹑招标文件、现场条件、达到使用功能等要求\n[工作内容]\n1.配线",null,"m",4952.37,null,0.81,4011.42]
[{"$nulls":3},"室外电气预埋工程"]
["本页小计",{"$nulls":10},15616.47]
["表-09"]
["分部分项工程项目清单计价表"]
["工程名称：室外电气工程",{"$nulls":8},"第  4  页  共  6  页"]
["序号","项目编码",null,"项目名称",null,"项目特征",null,"计量单位","工程量",null,"金额（元）"]
[{"$nulls":10},"综合单价","合价","其中:暂估价"]
[1,"030411001014",null,"配管 SC20 埋地敷设",null,"[项目特征]\n1.名称:配管\n2.材质:镀锌钢管\n3.规格:SC20mm\n4.敷设方式:埋地敷设\n5.接地要求:满足设计及规范要求\n6.其他:满足设计﹑规范﹑招标文件、现场条件、达到使用功能等要求\n[工作内容]\n1.电线管路敷设\n2.接地",null,"m",60.95,null,6.31,384.59]
[2,"030411001015",null,"配管 SC40 埋地敷设",null,"[项目特征]\n1.名称:配管\n2.材质:镀锌钢管\n3.规格:SC40mm\n4.敷设方式:埋地敷设\n5.接地要求:满足设计及规范要求\n6.其他:满足设计﹑规范﹑招标文件、现场条件、达到使用功能等要求\n[工作内容]\n1.电线管路敷设\n2.接地",null,"m",60.95,null,13.01,792.96]
[3,"030411001016",null,"配管 PC40 埋地敷设",null,"[项目特征]\n1.名称:配管\n2.材质:硬质聚氯乙烯管\n3.规格:PC40mm\n4.敷设方式:埋地敷设\n5.接地要求:满足设计及规范要求\n6.其他:满足设计﹑规范﹑招标文件、现场条件、达到使用功能等要求\n[工作内容]\n1.电线管路敷设\n2.接地",null,"m",23.36,null,8.79,205.33]
["本页小计",{"$nulls":10},1382.88]
["表-09"]
["分部分项工程项目清单计价表"]
["工程名称：室外电气工程",{"$nulls":8},"第  5  页  共  6  页"]
["序号","项目编码",null,"项目名称",null,"项目特征",null,"计量单位","工程量",null,"金额（元）"]
[{"$nulls":10},"综合单价","合价","其中:暂估价"]
[4,"030408003001",null,"电缆保护管 2*PVC150",null,"[项目特征]\n1.名称:电缆保护管\n2.材质:硬质聚氯乙烯管\n3.规格:PVC150\n4.敷设方式:排管制1*2埋地敷设\n5.名称:配管\n6.其他:满足设计﹑规范﹑招标文件、现场条件、达到使用功能等要求\n[工作内容]\n1.保护管敷设",null,"m",96.42,null,7.02,676.87]
["本页小计",{"$nulls":10},676.87]
["表-09"]
["分部分项工程项目清单计价表"]
["工程名称：室外电气工程",{"$nulls":8},"第  6  页  共  6  页"]
["序号","项目编码",null,"项目名称",null,"项目特征",null,"计量单位","工程量",null,"金额（元）"]
[{"$nulls":10},"综合单价","合价","其中:暂估价"]
[5,"010507003001",null,"电缆沟",null,"[项目特征]\n1.沟截面净空尺寸:560*800*L\n2.垫层材料种类、厚度:100厚C15商品混凝土\n3.沟璧材料种类、厚度:200厚M10水泥砂浆砌MU10页砖砖\n4.沟壁内侧抹灰:M10水泥砂浆加3%防水剂抹灰，铁板压光二遍\n5.防雷接地:电缆沟通长预埋一根50x5扁钢，每隔20m并设置重复接地，具体详设计\n6.支架:支架间距0.8m，水平为40*4角钢，竖向为40*4角钢\n7.盖板:预制C25钢筋混凝土盖板\n8.参考图集:12D101-5第61页\n9.其他:满足设计﹑规范﹑招标文件、现场条件、达到使用功能等要求\n[工作内容]\n1.铺设垫层\n2.模板及支撑制作、安装、拆除、堆放、运输及清理模内杂物、刷隔离剂等\n3.混凝土制作、运输、浇筑、振捣、养护\n4.刷防护材料",null,"m",572.51,null,202.9,116162.28]
[]
[]
[]
[]
[]
[]
["本页小计",{"$nulls":10},116162.28]
["合   计",{"$nulls":10},162337.27]

{"sheet":"表-09 施工技术措施项目清单计价表【室外电气工程】","index":75,"n_rows":32,"n_cols":13,"rows_kept":32,"merged":[[0,0,0,12],[1,0,1,12],[2,0,2,5],[2,6,2,8],[2,9,2,12],[3,0,4,0],[3,1,4,2],[3,3,4,4],[3,5,4,6],[3,7,4,7],[3,8,4,9],[3,10,3,12],[5,1,5,2],[5,3,5,4],[5,5,5,6],[5,8,5,9],[6,1,6,2],[6,3,6,4],[6,5,6,6],[6,8,6,9],[7,1,7,2],[7,3,7,4],[7,5,7,6],[7,8,7,9],[8,1,8,2],[8,3,8,4],[8,5,8,6],[8,8,8,9],[9,1,9,2],[9,3,9,4],[9,5,9,6],[9,8,9,9],[10,1,10,2],[10,3,10,4],[10,5,10,6],[10,8,10,9],[11,1,11,2],[11,3,11,4],[11,5,11,6],[11,8,11,9],[12,1,12,2],[12,3,12,4],[12,5,12,6],[12,8,12,9],[13,1,13,2],[13,3,13,4],[13,5,13,6],[13,8,13,9],[14,1,14,2],[14,3,14,4],[14,5,14,6],[14,8,14,9],[15,1,15,2],[15,3,15,4],[15,5,15,6],[15,8,15,9],[16,1,16,2],[16,3,16,4],[16,5,16,6],[16,8,16,9],[17,1,17,2],[17,3,17,4],[17,5,17,6],[17,8,17,9],[18,1,18,2],[18,3,18,4],[18,5,18,6],[18,8,18,9],[19,1,19,2],[19,3,19,4],[19,5,19,6],[19,8,19,9],[20,1,20,2],[20,3,20,4],[20,5,20,6],[20,8,20,9],[21,1,21,2],[21,3,21,4],[21,5,21,6],[21,8,21,9],[22,1,22,2],[22,3,22,4],[22,5,22,6],[22,8,22,9],[23,1,23,2],[23,3,23,4],[23,5,23,6],[23,8,23,9],[24,1,24,2],[24,3,24,4],[24,5,24,6],[24,8,24,9],[25,1,25,2],[25,3,25,4],[25,5,25,6],[25,8,25,9],[26,1,26,2],[26,3,26,4],[26,5,26,6],[26,8,26,9],[27,1,27,2],[27,3,27,4],[27,5,27,6],[27,8,27,9],[28,1,28,2],[28,3,28,4],[28,5,28,6],[28,8,28,9],[29,1,29,2],[29,3,29,4],[29,5,29,6],[29,8,29,9],[30,0,30,10],[31,0,31,10]]}
["表-09"]
["施工技术措施项目清单计价表"]
["工程名称：室外电气工程",{"$nulls":8},"第  1  页  共  1  页"]
["序号","项目编码",null,"项目名称",null,"项目特征",null,"计量单位","工程量",null,"金额（元）"]
[{"$nulls":10},"综合单价","合价","其中:暂估价"]
{"$rows_empty":25}
["本页小计"]
["合   计"]

{"sheet":"表-10 施工组织措施项目清单计价表【室外电气工程】","index":76,"n_rows":11,"n_cols":14,"rows_kept":11,"merged":[[0,0,0,10],[0,11,0,13],[1,0,1,13],[2,0,2,4],[2,5,2,10],[2,11,2,13],[3,1,3,2],[3,3,3,5],[3,8,3,9],[3,10,3,11],[4,1,4,2],[4,3,4,5],[4,8,4,9],[4,10,4,11],[5,1,5,2],[5,3,5,5],[5,8,5,9],[5,10,5,11],[6,1,6,2],[6,3,6,5],[6,8,6,9],[6,10,6,11],[7,1,7,2],[7,3,7,5],[7,8,7,9],[7,10,7,11],[8,1,8,2],[8,3,8,5],[8,8,8,9],[8,10,8,11],[9,0,9,7],[9,8,9,9],[9,10,9,11],[10,0,10,13]]}
[{"$nulls":11},"表-10"]
["施工组织措施项目清单计价表"]
["工程名称：室外电气工程",{"$nulls":10},"第  1  页  共  1  页"]
["序号","项目编码",null,"项目名称",null,null,"计算\n基础","费率\n(%)","金额\n(元)",null,"调整\n费率\n(%)",null,"调整后\n金额\n(元)","备注"]
[1,"031302B02001",null,"组织措施费",null,null,"(分部分项人工费+技术措施人工费-机械（爆破）土石方人工费-机械（爆破）土石方人工费-人工土石方人工费-人工土石方技术措施人工费)+(机械（爆破）土石方人工费+机械（爆破）土石方机械费+机械（爆破）土石方人工费+机械（爆破）土石方机械费)*0.048/费率+(人工土石方人工费+人工土石方技术措施人工费)*0.0222/费率","16.39",12908.68]
[2,"031302001001",null,"安全文明施工费",null,null,"17475.85","100",17475.85]
[3,"031302B03001",null,"建设工程竣工档案编制费",null,null,"(分部分项人工费+技术措施人工费-机械（爆破）土石方人工费-机械（爆破）土石方人工费-人工土石方人工费-人工土石方技术措施人工费)+(机械（爆破）土石方人工费+机械（爆破）土石方机械费+机械（爆破）土石方人工费+机械（爆破）土石方机械费)*0.002/费率+(人工土石方人工费+人工土石方技术措施人工费)*0.0019/费率","1.94",1456.62]
[]
[]
["合    计",{"$nulls":7},31841.15]
["注：1.计算基础和费用标准按本市有关费用定额或文件执行。\n    2.根据施工方案计算的措施费，可不填写“计算基础”和“费率”的数值，只填写“金额”数值，但应在备注栏说明施工\n    方案出处或计算方法。"]

{"sheet":"表-12 规费、税金项目计价表【室外电气工程】","index":77,"n_rows":26,"n_cols":10,"rows_kept":26,"merged":[[0,0,0,7],[0,8,0,9],[1,0,1,9],[2,0,2,3],[2,4,2,7],[2,8,2,9],[3,1,3,4],[3,5,3,6],[3,7,3,8],[4,1,4,4],[4,5,4,6],[4,7,4,8],[5,1,5,4],[5,5,5,6],[5,7,5,8],[6,1,6,4],[6,5,6,6],[6,7,6,8],[7,1,7,4],[7,5,7,6],[7,7,7,8],[8,1,8,4],[8,5,8,6],[8,7,8,8],[9,1,9,4],[9,5,9,6],[9,7,9,8],[10,1,10,4],[10,5,10,6],[10,7,10,8],[11,1,11,4],[11,5,11,6],[11,7,11,8],[12,1,12,4],[12,5,12,6],[12,7,12,8],[13,1,13,4],[13,5,13,6],[13,7,13,8],[14,1,14,4],[14,5,14,6],[14,7,14,8],[15,1,15,4],[15,5,15,6],[15,7,15,8],[16,1,16,4],[16,5,16,6],[16,7,16,8],[17,1,17,4],[17,5,17,6],[17,7,17,8],[18,1,18,4],[18,5,18,6],[18,7,18,8],[19,1,19,4],[19,5,19,6],[19,7,19,8],[20,1,20,4],[20,5,20,6],[20,7,20,8],[21,1,21,4],[21,5,21,6],[21,7,21,8],[22,1,22,4],[22,5,22,6],[22,7,22,8],[23,1,23,4],[23,5,23,6],[23,7,23,8],[24,1,24,4],[24,5,24,6],[24,7,24,8],[25,0,25,8]]}
[{"$nulls":8},"表-12"]
["规费、税金项目计价表"]
["工程名称：室外电气工程",{"$nulls":7},"第  1  页  共  1  页"]
["序号","项目名称",{"$nulls":3},"计算基础",null,"费率(%)",null,"金额（元）"]
["1","规费",{"$nulls":3},"专业工程规费（人）+机械（爆破）土石方规费（人+机）*0.072/费率+人工土石方规费（人）*0.082/费率",null,"18",null,14916.59]
["2","税金",{"$nulls":3},"2.1 + 2.2 + 2.3",{"$nulls":3},20700.41]
["2.1","增值税",{"$nulls":3},"分部分项工程费+措施项目费+其他项目费+规费-甲供材料费",null,"9",null,18818.55]
["2.2","附加税",{"$nulls":3},"增值税",null,"10",null,1881.86]
["2.3","环境保护税",{"$nulls":3},"按实计算"]
{"$rows_empty":16}
["合计",{"$nulls":8},35617]

{"sheet":"表-04 单位工程招标控制价汇总表【土建工程】","index":78,"n_rows":26,"n_cols":9,"rows_kept":26,"merged":[[0,0,0,6],[0,7,0,8],[1,0,1,8],[2,0,2,3],[2,4,2,6],[2,7,2,8],[3,0,3,1],[3,2,3,5],[3,6,3,7],[4,0,4,1],[4,2,4,5],[4,6,4,7],[5,0,5,1],[5,2,5,5],[5,6,5,7],[6,0,6,1],[6,2,6,5],[6,6,6,7],[7,0,7,1],[7,2,7,5],[7,6,7,7],[8,0,8,1],[8,2,8,5],[8,6,8,7],[9,0,9,1],[9,2,9,5],[9,6,9,7],[10,0,10,1],[10,2,10,5],[10,6,10,7],[11,0,11,1],[11,2,11,5],[11,6,11,7],[12,0,12,1],[12,2,12,5],[12,6,12,7],[13,0,13,1],[13,2,13,5],[13,6,13,7],[14,0,14,1],[14,2,14,5],[14,6,14,7],[15,0,15,1],[15,2,15,5],[15,6,15,7],[16,0,16,1],[16,2,16,5],[16,6,16,7],[17,0,17,1],[17,2,17,5],[17,6,17,7],[18,0,18,1],[18,2,18,5],[18,6,18,7],[19,0,19,1],[19,2,19,5],[19,6,19,7],[20,0,20,1],[20,2,20,5],[20,6,20,7],[21,0,21,1],[21,2,21,5],[21,6,21,7],[22,0,22,1],[22,2,22,5],[22,6,22,7],[23,0,23,1],[23,2,23,5],[23,6,23,7],[24,0,24,5],[24,6,24,7],[25,0,25,8]]}
[{"$nulls":7},"表-04"]
["单位工程招标控制价汇总表"]
["工程名称：土建工程",{"$nulls":6},"第  1  页  共  1  页"]
["序号",null,"汇总内容",{"$nulls":3},"金额(元)",null,"其中：暂估价(元)"]
["1",null,"分部分项工程费",{"$nulls":3},876623.92]
["1.1",null,"A.1土石方工程",{"$nulls":3},249020.59]
["1.2",null,"A.4砌筑工程",{"$nulls":3},17868.83]
["1.3",null,"A.5混凝土及钢筋混凝土工程",{"$nulls":3},183543.54]
["1.4",null,"A.6金属结构工程",{"$nulls":3},31470.34]
["1.5",null,"A.8门窗工程",{"$nulls":3},16.66]
["1.6",null,"A.9屋面及防水工程",{"$nulls":3},102196.27]
["1.7",null,"A.11楼地面装饰工程",{"$nulls":3},14120.73]
["1.8",null,"A.12墙、柱面装饰与隔断、幕墙工程",{"$nulls":3},24503.83]
["1.9",null,"A.14油漆、涂料、裱糊工程",{"$nulls":3},10697.88]
["1.10",null,"A.15其他装饰工程",{"$nulls":3},2781.78]
["1.11",null,"G.1混凝土构筑物工程",{"$nulls":3},240403.47]
["2",null,"措施项目费",{"$nulls":3},143900.1]
["2.1",null,"其中：安全文明施工费",{"$nulls":3},74876.78]
["3",null,"其他项目费"]
["4",null,"规费",{"$nulls":3},51945.64,null,"－"]
["5",null,"税金",{"$nulls":3},106174.5,null,"－"]
[]
[]
[]
["投标报价合计=1+2+3+4+5",{"$nulls":5},"1,178,644.16"]
["注：1.本表适用于单位工程招标控制价或投标报价的汇总，如无单位工程划分，单项工程也使用本表汇总。 \n    2.分部分项工程、措施项目中暂估价中应填写材料、工程设备暂估价，其他项目中暂估价应填写专业工程暂估价。"]

{"sheet":"表-08 措施项目汇总表【土建工程】","index":79,"n_rows":26,"n_cols":6,"rows_kept":26,"merged":[[0,0,0,5],[1,0,1,5],[2,0,2,1],[2,2,2,3],[2,4,2,5],[3,0,4,0],[3,1,4,2],[3,3,3,5],[4,3,4,4],[5,1,5,2],[5,3,5,4],[6,1,6,2],[6,3,6,4],[7,1,7,2],[7,3,7,4],[8,1,8,2],[8,3,8,4],[9,1,9,2],[9,3,9,4],[10,1,10,2],[10,3,10,4],[11,1,11,2],[11,3,11,4],[12,1,12,2],[12,3,12,4],[13,1,13,2],[13,3,13,4],[14,1,14,2],[14,3,14,4],[15,1,15,2],[15,3,15,4],[16,1,16,2],[16,3,16,4],[17,1,17,2],[17,3,17,4],[18,1,18,2],[18,3,18,4],[19,1,19,2],[19,3,19,4],[20,1,20,2],[20,3,20,4],[21,1,21,2],[21,3,21,4],[22,1,22,2],[22,3,22,4],[23,1,23,2],[23,3,23,4],[24,1,24,2],[24,3,24,4],[25,0,25,2],[25,3,25,4]]}
["表-08"]
["措施项目汇总表"]
["工程名称：土建工程",{"$nulls":3},"第 1 页  共 1 页"]
["序号","项目名称",null,"金额(元)"]
[{"$nulls":3},"合价",null,"其中：暂估价"]
["1","施工技术措施项目",null,14687.31]
["2","施工组织措施项目",null,129212.79]
["2.1","其中：安全文明施工费",null,74876.78]
["2.2","建设工程竣工档案编制费",null,2552.77]
{"$rows_empty":16}
["措施项目费合计=1+2",null,null,143900.1]

{"sheet":"表-09 分部分项工程项目清单计价表【土建工程】","index":80,"n_rows":257,"n_cols":13,"rows_kept":257,"merged":[[0,0,0,13],[1,0,1,13],[2,0,2,5],[2,6,2,8],[2,9,2,13],[3,0,4,0],[3,1,4,2],[3,3,4,4],[3,5,4,6],[3,7,4,7],[3,8,4,9],[3,10,3,12],[5,1,5,2],[5,3,5,6],[5,8,5,9],[6,1,6,2],[6,3,6,4],[6,5,6,6],[6,8,6,9],[7,1,7,2],[7,3,7,4],[7,5,7,6],[7,8,7,9],[8,0,8,10],[9,0,9,13],[10,0,10,13],[11,0,11,5],[11,6,11,8],[11,9,11,13],[12,0,13,0],[12,1,13,2],[12,3,13,4],[12,5,13,6],[12,7,13,7],[12,8,13,9],[12,10,12,12],[14,1,14,2],[14,3,14,4],[14,5,14,6],[14,8,14,9],[15,1,15,2],[15,3,15,4],[15,5,15,6],[15,8,15,9],[16,0,16,10],[17,0,17,13],[18,0,18,13],[19,0,19,5],[19,6,19,8],[19,9,19,13],[20,0,21,0],[20,1,21,2],[20,3,21,4],[20,5,21,6],[20,7,21,7],[20,8,21,9],[20,10,20,12],[22,1,22,2],[22,3,22,4],[22,5,22,6],[22,8,22,9],[23,1,23,2],[23,3,23,4],[23,5,23,6],[23,8,23,9],[24,1,24,2],[24,3,24,6],[24,8,24,9],[25,1,25,2],[25,3,25,4],[25,5,25,6],[25,8,25,9],[26,0,26,10],[27,0,27,13],[28,0,28,13],[29,0,29,5],[29,6,29,8],[29,9,29,13],[30,0,31,0],[30,1,31,2],[30,3,31,4],[30,5,31,6],[30,7,31,7],[30,8,31,9],[30,10,30,12],[32,1,32,2],[32,3,32,4],[32,5,32,6],[32,8,32,9],[33,1,33,2],[33,3,33,6],[33,8,33,9],[34,1,34,2],[34,3,34,4],[34,5,34,6],[34,8,34,9],[35,0,35,10],[36,0,36,13],[37,0,37,13],[38,0,38,5],[38,6,38,8],[38,9,38,13],[39,0,40,0],[39,1,40,2],[39,3,40,4],[39,5,40,6],[39,7,40,7],[39,8,40,9],[39,10,39,12],[41,1,41,2],[41,3,41,4],[41,5,41,6],[41,8,41,9],[42,1,42,2],[42,3,42,4],[42,5,42,6],[42,8,42,9],[43,1,43,2],[43,3,43,4],[43,5,43,6],[43,8,43,9],[44,0,44,10],[45,0,45,13],[46,0,46,13],[47,0,47,5],[47,6,47,8],[47,9,47,13],[48,0,49,0],[48,1,49,2],[48,3,49,4],[48,5,49,6],[48,7,49,7],[48,8,49,9],[48,10,48,12],[50,1,50,2],[50,3,50,4],[50,5,50,6],[50,8,50,9],[51,1,51,2],[51,3,51,4],[51,5,51,6],[51,8,51,9],[52,0,52,10],[53,0,53,13],[54,0,54,13],[55,0,55,5],[55,6,55,8],[55,9,55,13],[56,0,57,0],[56,1,57,2],[56,3,57,4],[56,5,57,6],[56,7,57,7],[56,8,57,9],[56,10,56,12],[58,1,58,2],[58,3,58,4],[58,5,58,6],[58,8,58,9],[59,1,59,2],[59,3,59,4],[59,5,59,6],[59,8,59,9],[60,0,60,10],[61,0,61,13],[62,0,62,13],[63,0,63,5],[63,6,63,8],[63,9,63,13],[64,0,65,0],[64,1,65,2],[64,3,65,4],[64,5,65,6],[64,7,65,7],[64,8,65,9],[64,10,64,12],[66,1,66,2],[66,3,66,4],[66,5,66,6],[66,8,66,9],[67,1,67,2],[67,3,67,4],[67,5,67,6],[67,8,67,9],[68,1,68,2],[68,3,68,4],[68,5,68,6],[68,8,68,9],[69,1,69,2],[69,3,69,4],[69,5,69,6],[69,8,69,9],[70,0,70,10],[71,0,71,13],[72,0,72,13],[73,0,73,5],[73,6,73,8],[73,9,73,13],[74,0,75,0],[74,1,75,2],[74,3,75,4],[74,5,75,6],[74,7,75,7],[74,8,75,9],[74,10,74,12],[76,1,76,2],[76,3,76,6],[76,8,76,9],[77,1,77,2],[77,3,77,4],[77,5,77,6],[77,8,77,9],[78,0,78,10],[79,0,79,13],[80,0,80,13],[81,0,81,5],[81,6,81,8],[81,9,81,13],[82,0,83,0],[82,1,83,2],[82,3,83,4],[82,5,83,6],[82,7,83,7],[82,8,83,9],[82,10,82,12],[84,1,84,2],[84,3,84,4],[84,5,84,6],[84,8,84,9],[85,0,85,10],[86,0,86,13],[87,0,87,13],[88,0,88,5],[88,6,88,8],[88,9,88,13],[89,0,90,0],[89,1,90,2],[89,3,90,4],[89,5,90,6],[89,7,90,7],[89,8,90,9],[89,10,89,12],[91,1,91,2],[91,3,91,4],[91,5,91,6],[91,8,91,9],[92,0,92,10],[93,0,93,13],[94,0,94,13],[95,0,95,5],[95,6,95,8],[95,9,95,13],[96,0,97,0],[96,1,97,2],[96,3,97,4],[96,5,97,6],[96,7,97,7],[96,8,97,9],[96,10,96,12],[98,1,98,2],[98,3,98,4],[98,5,98,6],[98,8,98,9],[99,1,99,2],[99,3,99,4],[99,5,99,6],[99,8,99,9],[100,0,100,10],[101,0,101,13],[102,0,102,13],[103,0,103,5],[103,6,103,8],[103,9,103,13],[104,0,105,0],[104,1,105,2],[104,3,105,4],[104,5,105,6],[104,7,105,7],[104,8,105,9],[104,10,104,12],[106,1,106,2],[106,3,106,4],[106,5,106,6],[106,8,106,9],[107,0,107,10],[108,0,108,13],[109,0,109,13],[110,0,110,5],[110,6,110,8],[110,9,110,13],[111,0,112,0],[111,1,112,2],[111,3,112,4],[111,5,112,6],[111,7,112,7],[111,8,112,9],[111,10,111,12],[113,1,113,2],[113,3,113,4],[113,5,113,6],[113,8,113,9],[114,1,114,2],[114,3,114,6],[114,8,114,9],[115,1,115,2],[115,3,115,4],[115,5,115,6],[115,8,115,9],[116,1,116,2],[116,3,116,4],[116,5,116,6],[116,8,116,9],[117,0,117,10],[118,0,118,13],[119,0,119,13],[120,0,120,5],[120,6,120,8],[120,9,120,13],[121,0,122,0],[121,1,122,2],[121,3,122,4],[121,5,122,6],[121,7,122,7],[121,8,122,9],[121,10,121,12],[123,1,123,2],[123,3,123,4],[123,5,123,6],[123,8,123,9],[124,1,124,2],[124,3,124,6],[124,8,124,9],[125,1,125,2],[125,3,125,4],[125,5,125,6],[125,8,125,9],[126,1,126,2],[126,3,126,4],[126,5,126,6],[126,8,126,9],[127,0,127,10],[128,0,128,13],[129,0,129,13],[130,0,130,5],[130,6,130,8],[130,9,130,13],[131,0,132,0],[131,1,132,2],[131,3,132,4],[131,5,132,6],[131,7,132,7],[131,8,132,9],[131,10,131,12],[133,1,133,2],[133,3,133,4],[133,5,133,6],[133,8,133,9],[134,1,134,2],[134,3,134,4],[134,5,134,6],[134,8,134,9],[135,0,135,10],[136,0,136,13],[137,0,137,13],[138,0,138,5],[138,6,138,8],[138,9,138,13],[139,0,140,0],[139,1,140,2],[139,3,140,4],[139,5,140,6],[139,7,140,7],[139,8,140,9],[139,10,139,12],[141,1,141,2],[141,3,141,4],[141,5,141,6],[141,8,141,9],[142,1,142,2],[142,3,142,4],[142,5,142,6],[142,8,142,9],[143,0,143,10],[144,0,144,13],[145,0,145,13],[146,0,146,5],[146,6,146,8],[146,9,146,13],[147,0,148,0],[147,1,148,2],[147,3,148,4],[147,5,148,6],[147,7,148,7],[147,8,148,9],[147,10,147,12],[149,1,149,2],[149,3,149,4],[149,5,149,6],[149,8,149,9],[150,1,150,2],[150,3,150,4],[150,5,150,6],[150,8,150,9],[151,1,151,2],[151,3,151,4],[151,5,151,6],[151,8,151,9],[152,0,152,10],[153,0,153,13],[154,0,154,13],[155,0,155,5],[155,6,155,8],[155,9,155,13],[156,0,157,0],[156,1,157,2],[156,3,157,4],[156,5,157,6],[156,7,157,7],[156,8,157,9],[156,10,156,12],[158,1,158,2],[158,3,158,4],[158,5,158,6],[158,8,158,9],[159,1,159,2],[159,3,159,4],[159,5,159,6],[159,8,159,9],[160,1,160,2],[160,3,160,4],[160,5,160,6],[160,8,160,9],[161,0,161,10],[162,0,162,13],[163,0,163,13],[164,0,164,5],[164,6,164,8],[164,9,164,13],[165,0,166,0],[165,1,166,2],[165,3,166,4],[165,5,166,6],[165,7,166,7],[165,8,166,9],[165,10,165,12],[167,1,167,2],[167,3,167,4],[167,5,167,6],[167,8,167,9],[168,1,168,2],[168,3,168,4],[168,5,168,6],[168,8,168,9],[169,0,169,10],[170,0,170,13],[171,0,171,13],[172,0,172,5],[172,6,172,8],[172,9,172,13],[173,0,174,0],[173,1,174,2],[173,3,174,4],[173,5,174,6],[173,7,174,7],[173,8,174,9],[173,10,173,12],[175,1,175,2],[175,3,175,4],[175,5,175,6],[175,8,175,9],[176,1,176,2],[176,3,176,4],[176,5,176,6],[176,8,176,9],[177,0,177,10],[178,0,178,13],[179,0,179,13],[180,0,180,5],[180,6,180,8],[180,9,180,13],[181,0,182,0],[181,1,182,2],[181,3,182,4],[181,5,182,6],[181,7,182,7],[181,8,182,9],[181,10,181,12],[183,1,183,2],[183,3,183,4],[183,5,183,6],[183,8,183,9],[184,1,184,2],[184,3,184,6],[184,8,184,9],[185,1,185,2],[185,3,185,4],[185,5,185,6],[185,8,185,9],[186,0,186,10],[187,0,187,13],[188,0,188,13],[189,0,189,5],[189,6,189,8],[189,9,189,13],[190,0,191,0],[190,1,191,2],[190,3,191,4],[190,5,191,6],[190,7,191,7],[190,8,191,9],[190,10,190,12],[192,1,192,2],[192,3,192,4],[192,5,192,6],[192,8,192,9],[193,1,193,2],[193,3,193,4],[193,5,193,6],[193,8,193,9],[194,1,194,2],[194,3,194,6],[194,8,194,9],[195,0,195,10],[196,0,196,13],[197,0,197,13],[198,0,198,5],[198,6,198,8],[198,9,198,13],[199,0,200,0],[199,1,200,2],[199,3,200,4],[199,5,200,6],[199,7,200,7],[199,8,200,9],[199,10,199,12],[201,1,201,2],[201,3,201,4],[201,5,201,6],[201,8,201,9],[202,0,202,10],[203,0,203,13],[204,0,204,13],[205,0,205,5],[205,6,205,8],[205,9,205,13],[206,0,207,0],[206,1,207,2],[206,3,207,4],[206,5,207,6],[206,7,207,7],[206,8,207,9],[206,10,206,12],[208,1,208,2],[208,3,208,4],[208,5,208,6],[208,8,208,9],[209,0,209,10],[210,0,210,13],[211,0,211,13],[212,0,212,5],[212,6,212,8],[212,9,212,13],[213,0,214,0],[213,1,214,2],[213,3,214,4],[213,5,214,6],[213,7,214,7],[213,8,214,9],[213,10,213,12],[215,1,215,2],[215,3,215,4],[215,5,215,6],[215,8,215,9],[216,1,216,2],[216,3,216,4],[216,5,216,6],[216,8,216,9],[217,1,217,2],[217,3,217,6],[217,8,217,9],[218,0,218,10],[219,0,219,13],[220,0,220,13],[221,0,221,5],[221,6,221,8],[221,9,221,13],[222,0,223,0],[222,1,223,2],[222,3,223,4],[222,5,223,6],[222,7,223,7],[222,8,223,9],[222,10,222,12],[224,1,224,2],[224,3,224,4],[224,5,224,6],[224,8,224,9],[225,1,225,2],[225,3,225,4],[225,5,225,6],[225,8,225,9],[226,1,226,2],[226,3,226,4],[226,5,226,6],[226,8,226,9],[227,0,227,10],[228,0,228,13],[229,0,229,13],[230,0,230,5],[230,6,230,8],[230,9,230,13],[231,0,232,0],[231,1,232,2],[231,3,232,4],[231,5,232,6],[231,7,232,7],[231,8,232,9],[231,10,231,12],[233,1,233,2],[233,3,233,4],[233,5,233,6],[233,8,233,9],[234,1,234,2],[234,3,234,4],[234,5,234,6],[234,8,234,9],[235,1,235,2],[235,3,235,4],[235,5,235,6],[235,8,235,9],[236,0,236,10],[237,0,237,13],[238,0,238,13],[239,0,239,5],[239,6,239,8],[239,9,239,13],[240,0,241,0],[240,1,241,2],[240,3,241,4],[240,5,241,6],[240,7,241,7],[240,8,241,9],[240,10,240,12],[242,1,242,2],[242,3,242,4],[242,5,242,6],[242,8,242,9],[243,1,243,2],[243,3,243,6],[243,8,243,9],[244,1,244,2],[244,3,244,4],[244,5,244,6],[244,8,244,9],[245,1,245,2],[245,3,245,6],[245,8,245,9],[246,0,246,10],[247,0,247,13],[248,0,248,13],[249,0,249,5],[249,6,249,8],[249,9,249,13],[250,0,251,0],[250,1,251,2],[250,3,251,4],[250,5,251,6],[250,7,251,7],[250,8,251,9],[250,10,250,12],[252,1,252,2],[252,3,252,4],[252,5,252,6],[252,8,252,9],[253,1,253,2],[253,3,253,4],[253,5,253,6],[253,8,253,9],[254,1,254,2],[254,3,254,4],[254,5,254,6],[254,8,254,9],[255,0,255,10],[256,0,256,10]]}
["表-09"]
["分部分项工程项目清单计价表"]
["工程名称：土建工程",{"$nulls":8},"第  1  页  共  30  页"]
["序号","项目编码",null,"项目名称",null,"项目特征",null,"计量单位","工程量",null,"金额（元）"]
[{"$nulls":10},"综合单价","合价","其中:暂估价"]
[null,"A.1",null,"土石方工程"]
[1,"010101003003",null,"挖沟槽土石方",null,"[项目特征]\n1.土石类别:综合，由投标人根据地勘报告决定报价\n2.开挖方式:综合考虑\n3.挖方深度:综合考虑\n4.场内运距:由投标人根据施工现场实际情况自行考虑，决定报价\n5.其他:满足设计﹑规范﹑招标文件、现场条件、达到使用功能等要求\n[工作内容]\n1.排地表水\n2.土石方开挖\n3.围护(挡土板)及拆除\n4.基底钎探\n5.场内运输",null,"m3",196.99,null,12.38,2438.74]
[2,"010101002001",null,"挖一般土石方",null,"[项目特征]\n1.土壤类别:综合考虑\n2.开挖方式:机械开挖\n3.挖土深度:综合考虑\n[工作内容]\n1.排地表水\n2.土方开挖\n3.围护(挡土板)及拆除\n4.基底钎探\n5.场内运输",null,"m3",11553.43,null,10.96,126625.59]
["本页小计",{"$nulls":10},129064.33]
["表-09"]
["分部分项工程项目清单计价表"]
["工程名称：土建工程",{"$nulls":8},"第  2  页  共  30  页"]
["序号","项目编码",null,"项目名称",null,"项目特征",null,"计量单位","工程量",null,"金额（元）"]
[{"$nulls":10},"综合单价","合价","其中:暂估价"]
[3,"010103001003",null,"土石方回填",null,"[项目特征]\n1.密实度要求:满足设计及相关规范的要求\n2.填方材料品种:由投标人根据设计要求验方后方可填人，并符合相关工程的质量规范要求\n3.填方来源、运距:由投标人根据施工现场实际情况自行考虑决定报价\n4.其他:满足设计﹑规范﹑招标文件、现场条件、达到使用功能等要求\n[工作内容]\n1.运输\n2.回填\n3.压实",null,"m3",4896.76,null,4.28,20958.13]
[4,"010103001004",null,"片石回填",null,"[项目特征]\n1.密实度要求:满足设计及相关规范的要求\n2.填方材料品种:片石，具体详设计\n3.填方来源、运距:由投标人根据施工现场实际情况自行考虑决定报价\n4.其他:满足设计﹑规范﹑招标文件、现场条件、达到使用功能等要求\n[工作内容]\n1.运输\n2.回填\n3.压实",null,"m3",4.08,null,91.66,373.97]
["本页小计",{"$nulls":10},21332.1]
["表-09"]
["分部分项工程项目清单计价表"]
["工程名称：土建工程",{"$nulls":8},"第  3  页  共  30  页"]
["序号","项目编码",null,"项目名称",null,"项目特征",null,"计量单位","工程量",null,"金额（元）"]
[{"$nulls":10},"综合单价","合价","其中:暂估价"]
[5,"010103002005",null,"余方弃置（起运1km)",null,"[项目特征]\n1.废弃料品种:土石综合（另应包含但不限于表土、建筑垃圾、地上构附着物、需要拆除的管网、淤泥等）\n2.运距:1km\n3.其他:满足设计﹑规范﹑招标文件、现场条件、达到使用功能等要求\n[工作内容]\n1.起运",null,"m3",6853.66,null,8.49,58187.57]
[6,"010103002006",null,"余方弃置(增运4km)",null,"[项目特征]\n1.废弃料品种:土石综合（另应包含但不限于表土、建筑垃圾、地上构附着物、需要拆除的管网、淤泥等）\n2.运距:增运4km,实际运距不同时,按比例调整\n3.其他:满足设计﹑规范﹑招标文件、现场条件、达到使用功能等要求\n[工作内容]\n1.增运至弃置点",null,"m3",6853.66,null,5.9,40436.59]
[null,"A.4",null,"砌筑工程"]
[1,"010401003001",null,"实心砖墙",null,"[项目特征]\n1.砖品种、规格、强度等级:MU10页岩砖\n2.砂浆强度等级、配合比:M7.5水泥砂浆\n[工作内容]\n1.砂浆制作、运输\n2.砌砖\n3.刮缝\n4.砖压顶砌筑\n5.材料运输",null,"m3",58.86,null,241.1,14191.15]
["本页小计",{"$nulls":10},112815.31]
["表-09"]
["分部分项工程项目清单计价表"]
["工程名称：土建工程",{"$nulls":8},"第  4  页  共  30  页"]
["序号","项目编码",null,"项目名称",null,"项目特征",null,"计量单位","工程量",null,"金额（元）"]
[{"$nulls":10},"综合单价","合价","其中:暂估价"]
[2,"010401005001",null,"空心砖墙",null,"[项目特征]\n1.砖品种、规格、强度等级:双排孔砼空心砌块\n2.墙体类型:具体详设计\n3.砂浆强度等级、配合比:M5水泥砂浆\n4.其他:满足设计﹑规范﹑招标文件、现场条件、达到使用功能等要求\n[工作内容]\n1.砂浆制作、运输\n2.砌砖\n3.刮缝\n4.砖压顶砌筑\n5.材料运输",null,"m3",17.77,null,206.96,3677.68]
[null,"A.5",null,"混凝土及钢筋混凝土工程"]
[1,"010501001002",null,"垫层",null,"[项目特征]\n1.混凝土种类:商品砼\n2.混凝土强度等级:C20\n3.泵送方式:综合考虑\n4.其他:满足设计﹑规范﹑招标文件、现场条件、达到使用功能等要求\n[工作内容]\n1.模板及支撑制作、安装、拆除、堆放、运输及清理模内杂物、刷隔离剂等\n2.混凝土制作、运输、浇筑、振捣、养护",null,"m3",40.17,null,70.2,2819.93]
["本页小计",{"$nulls":10},6497.61]
["表-09"]
["分部分项工程项目清单计价表"]
["工程名称：土建工程",{"$nulls":8},"第  5  页  共  30  页"]
["序号","项目编码",null,"项目名称",null,"项目特征",null,"计量单位","工程量",null,"金额（元）"]
[{"$nulls":10},"综合单价","合价","其中:暂估价"]
[2,"010501004001",null,"筏板基础",null,"[项目特征]\n1.混凝土种类:商品砼\n2.混凝土强度等级:C35P8\n[工作内容]\n1.模板及支撑制作、安装、拆除、堆放、运输及清理模内杂物、刷隔离剂等\n2.混凝土制作、运输、浇筑、振捣、养护",null,"m3",349.43,null,83.65,29229.82]
[3,"010502003001",null,"异形柱",null,"[项目特征]\n1.柱形状:L型\n2.混凝土种类:商品混凝土\n3.混凝土强度等级:C30 P8\n[工作内容]\n1.模板及支架(撑)制作、安装、拆除、堆放、运输及清理模内杂物、刷隔离剂等\n2.混凝土制作、运输、浇筑、振捣、养护",null,"m3",2.52,null,621.09,1565.15]
[4,"010502002001",null,"构造柱",null,"[项目特征]\n1.混凝土种类:商品砼\n2.混凝土强度等级:C25\n3.泵送方式:综合考虑\n4.其他:满足设计﹑规范﹑招标文件、现场条件、达到使用功能等要求\n[工作内容]\n1.模板及支架(撑)制作、安装、拆除、堆放、运输及清理模内杂物、刷隔离剂等\n2.混凝土制作、运输、浇筑、振捣、养护",null,"m3",0.39,null,907.59,353.96]
["本页小计",{"$nulls":10},31148.93]
["表-09"]
["分部分项工程项目清单计价表"]
["工程名称：土建工程",{"$nulls":8},"第  6  页  共  30  页"]
["序号","项目编码",null,"项目名称",null,"项目特征",null,"计量单位","工程量",null,"金额（元）"]
[{"$nulls":10},"综合单价","合价","其中:暂估价"]
[5,"010503005001",null,"过梁",null,"[项目特征]\n1.混凝土种类:商品砼\n2.混凝土强度等级:C25\n3.泵送方式:综合考虑\n4.其他:满足设计﹑规范﹑招标文件、现场条件、达到使用功能等要求\n[工作内容]\n1.模板及支架(撑)制作、安装、拆除、堆放、运输及清理模内杂物、刷隔离剂等\n2.混凝土制作、运输、浇筑、振捣、养护",null,"m3",0.21,null,1037.99,217.98]
[6,"010507007003",null,"C30细石混凝土加微膨胀剂二次浇灌",null,"[项目特征]\n1.构件规格:具体详设计\n2.部位:钢柱柱脚\n3.混凝土种类:C30细石混凝土加微膨胀剂二次浇灌\n4.泵送方式:综合考虑\n5.其他:满足设计﹑规范﹑招标文件、现场条件、达到使用功能等要求\n[工作内容]\n1.模板及支架(撑)制作、安装、拆除、堆放、运输及清理模内杂物、刷隔离剂等\n2.混凝土制作、运输、浇筑、振捣、养护",null,"m3",0.53,null,1191.69,631.6]
["本页小计",{"$nulls":10},849.58]
["表-09"]
["分部分项工程项目清单计价表"]
["工程名称：土建工程",{"$nulls":8},"第  7  页  共  30  页"]
["序号","项目编码",null,"项目名称",null,"项目特征",null,"计量单位","工程量",null,"金额（元）"]
[{"$nulls":10},"综合单价","合价","其中:暂估价"]
[7,"010507007004",null,"C20砼包裹",null,"[项目特征]\n1.构件规格:具体详设计\n2.部位:钢柱柱脚\n3.混凝土种类:商品砼\n4.混凝土强度等级:C20\n5.泵送方式:综合考虑\n6.其他:满足设计﹑规范﹑招标文件、现场条件、达到使用功能等要求\n[工作内容]\n1.模板及支架(撑)制作、安装、拆除、堆放、运输及清理模内杂物、刷隔离剂等\n2.混凝土制作、运输、浇筑、振捣、养护",null,"m3",1.32,null,1322.15,1745.24]
[8,"010507007005",null,"C25零星构件",null,"[项目特征]\n1.构件的类型:具体详设计\n2.构件规格:具体详设计\n3.混凝土种类:商品砼\n4.混凝土强度等级:C25\n5.泵送方式:综合考虑\n6.其他:满足设计﹑规范﹑招标文件、现场条件、达到使用功能等要求\n[工作内容]\n1.模板及支架(撑)制作、安装、拆除、堆放、运输及清理模内杂物、刷隔离剂等\n2.混凝土制作、运输、浇筑、振捣、养护",null,"m3",2.54,null,1322.07,3358.06]
["本页小计",{"$nulls":10},5103.3]
["表-09"]
["分部分项工程项目清单计价表"]
["工程名称：土建工程",{"$nulls":8},"第  8  页  共  30  页"]
["序号","项目编码",null,"项目名称",null,"项目特征",null,"计量单位","工程量",null,"金额（元）"]
[{"$nulls":10},"综合单价","合价","其中:暂估价"]
[9,"010515001002",null,"现浇构件钢筋",null,"[项目特征]\n1.钢筋种类、规格:综合考虑\n2.连接方式:综合考虑\n3.其他:满足设计﹑规范﹑招标文件、现场条件、达到使用功能等要求\n[工作内容]\n1.钢筋制作、运输\n2.钢筋安装\n3.焊接(绑扎)",null,"t",80.43,null,1728.04,138986.26]
[10,"010516002001",null,"预埋铁件",null,"[项目特征]\n1.钢材种类:综合考虑\n2.规格:综合考虑\n3.铁件尺寸:综合考虑\n4.其他:满足设计及规范要求\n[工作内容]\n1.螺栓、铁件制作、运输\n2.螺栓、铁件安装",null,"t",0.232,null,3798.95,881.36]
[11,"010507007006",null,"片石混凝土回填",null,"[项目特征]\n1.部位:二沉池等池底回填\n2.混凝土强度等级:C20片石混凝土\n[工作内容]\n1.模板及支架(撑)制作、安装、拆除、堆放、运输及清理模内杂物、刷隔离剂等\n2.混凝土制作、运输、浇筑、振捣、养护",null,"m3",24.96,null,54.35,1356.58]
[12,"010903004001",null,"300*3止水钢板",null,"[项目特征]\n1.止水带材料种类:300*3止水钢板\n2.其他:满足设计及规范要求\n[工作内容]\n1.清缝\n2.止水带安装",null,"m",108,null,22.2,2397.6]
["本页小计",{"$nulls":10},143621.8]
["表-09"]
["分部分项工程项目清单计价表"]
["工程名称：土建工程",{"$nulls":8},"第  9  页  共  30  页"]
["序号","项目编码",null,"项目名称",null,"项目特征",null,"计量单位","工程量",null,"金额（元）"]
[{"$nulls":10},"综合单价","合价","其中:暂估价"]
[null,"A.6",null,"金属结构工程"]
[1,"010603001002",null,"钢柱",null,"[项目特征]\n1.柱类型:实腹钢柱\n2.钢材品种、规格:Q235B，具体详设计\n3.螺栓种类:满足设计及相关规范要求\n4.探伤要求:满足设计及相关规范要求\n5.防火要求:满足设计及相关规范要求\n6.运输距离:由投标人根据施工现场实际情况自行考虑，决定报价\n7.其他:满足设计﹑规范﹑招标文件、现场条件、达到使用功能等要求\n[工作内容]\n1.制作\n2.运输\n3.拼装\n4.安装\n5.探伤",null,"t",1.215,null,3684.18,4476.28]
["本页小计",{"$nulls":10},4476.28]
["表-09"]
["分部分项工程项目清单计价表"]
["工程名称：土建工程",{"$nulls":8},"第  10  页  共  30  页"]
["序号","项目编码",null,"项目名称",null,"项目特征",null,"计量单位","工程量",null,"金额（元）"]
[{"$nulls":10},"综合单价","合价","其中:暂估价"]
[2,"010604001002",null,"钢梁",null,"[项目特征]\n1.梁类型:GL-1\n2.钢材品种、规格:Q235B，具体详设计\n3.螺栓种类:满足设计及相关规范要求\n4.安装高度:满足设计及相关规范要求\n5.探伤要求:满足设计及相关规范要求\n6.防火要求:满足设计及相关规范要求\n7.运输距离:由投标人根据施工现场实际情况自行考虑，决定报价\n8.其他:满足设计﹑规范﹑招标文件、现场条件、达到使用功能等要求\n[工作内容]\n1.制作\n2.运输\n3.拼装\n4.安装\n5.探伤",null,"t",3.217,null,4200.23,13512.14]
["本页小计",{"$nulls":10},13512.14]
["表-09"]
["分部分项工程项目清单计价表"]
["工程名称：土建工程",{"$nulls":8},"第  11  页  共  30  页"]
["序号","项目编码",null,"项目名称",null,"项目特征",null,"计量单位","工程量",null,"金额（元）"]
[{"$nulls":10},"综合单价","合价","其中:暂估价"]
[3,"010606002003",null,"钢檩条",null,"[项目特征]\n1.钢材品种、规格:Q355，具体详设计\n2.安装高度:具体详设计\n3.螺栓种类:满足设计及相关规范要求\n4.探伤要求:满足设计及相关规范要求\n5.防火要求:满足设计及相关规范要求\n6.运输距离:由投标人根据施工现场实际情况自行考虑，决定报价\n7.檩条增强用的螺栓采用C级螺栓(4.8级)、螺帽和垫圈,采用Q235-B钢,螺栓,螺母,垫圈的尺寸及技术条件须符合《紧固件机械性能,螺钉螺钉和螺栓》GB/T3098.1-2000的规定。\n8.檩条增强时,先采取必要措施临时固定原檩条与檩托连接处,然后再拆卸、安装原支座处的螺栓,最后再安装增强的螺栓\n9.原屋面拉条、螺栓及撑杆应重新张紧拧紧处理\n10.其他:满足设计﹑规范﹑招标文件、现场条件、达到使用功能等要求\n[工作内容]\n1.制作\n2.运输\n3.拼装\n4.安装\n5.探伤\n6.油漆",null,"t",0.791,null,1572.77,1244.06]
["本页小计",{"$nulls":10},1244.06]
["表-09"]
["分部分项工程项目清单计价表"]
["工程名称：土建工程",{"$nulls":8},"第  12  页  共  30  页"]
["序号","项目编码",null,"项目名称",null,"项目特征",null,"计量单位","工程量",null,"金额（元）"]
[{"$nulls":10},"综合单价","合价","其中:暂估价"]
[4,"010606001001",null,"钢支撑、钢拉条",null,"[项目特征]\n1.钢材品种、规格:综合,Q235\n2.构件类型:钢支撑、钢拉条\n3.运输距离:综合考虑\n4.其他:满足设计及规范要求\n[工作内容]\n1.制作\n2.运输\n3.拼装\n4.安装\n5.探伤\n6.油漆",null,"t",0.124,null,3055.06,378.83]
[5,"010606008001",null,"钢梯",null,"[项目特征]\n1.钢材品种、规格:综合，Q235B\n2.钢梯形式:钢楼梯\n3.螺栓种类:满足设计及相关规范要求\n4.除锈要求:满足设计及相关规范要求\n5.探伤要求:满足设计及相关规范要求\n6.防火要求:满足设计及相关规范要求\n7.油漆种类及遍数:满足设计及相关规范要求\n8.运输距离:由投标人根据施工现场实际情况自行考虑，决定报价\n9.其他:满足设计﹑规范﹑招标文件、现场条件、达到使用功能等要求\n[工作内容]\n1.制作\n2.运输\n3.拼装\n4.安装\n5.探伤\n6.油漆",null,"t",0.762,null,5343.34,4071.63]
["本页小计",{"$nulls":10},4450.46]
["表-09"]
["分部分项工程项目清单计价表"]
["工程名称：土建工程",{"$nulls":8},"第  13  页  共  30  页"]
["序号","项目编码",null,"项目名称",null,"项目特征",null,"计量单位","工程量",null,"金额（元）"]
[{"$nulls":10},"综合单价","合价","其中:暂估价"]
[6,"010606008002",null,"检修爬梯",null,"[项目特征]\n1.钢材品种、规格:φ20钢筋\n2.钢梯形式:具体详设计\n3.螺栓种类:满足设计及相关规范要求\n4.除锈要求:满足设计及相关规范要求\n5.探伤要求:满足设计及相关规范要求\n6.防火要求:满足设计及相关规范要求\n7.运输距离:由投标人根据施工现场实际情况自行考虑，决定报价\n8.其他:满足设计﹑规范﹑招标文件、现场条件、达到使用功能等要求\n[工作内容]\n1.制作\n2.运输\n3.拼装\n4.安装\n5.探伤\n6.油漆",null,"t",0.583,null,6121.79,3569]
["本页小计",{"$nulls":10},3569]
["表-09"]
["分部分项工程项目清单计价表"]
["工程名称：土建工程",{"$nulls":8},"第  14  页  共  30  页"]
["序号","项目编码",null,"项目名称",null,"项目特征",null,"计量单位","工程量",null,"金额（元）"]
[{"$nulls":10},"综合单价","合价","其中:暂估价"]
[7,"010606013003",null,"4mm厚花纹钢板盖板",null,"[项目特征]\n1.钢材品种、规格:4mm厚花纹钢板\n2.除锈要求:满足设计及相关规范要求\n3.防火要求:满足设计及相关规范要求\n4.探伤要求:满足设计及相关规范要求\n5.运输距离:由投标人根据施工现场实际情况自行考虑，决定报价\n6.其他:满足设计﹑规范﹑招标文件、现场条件、达到使用功能等要求\n[工作内容]\n1.制作\n2.运输\n3.拼装\n4.安装\n5.探伤\n6.油漆",null,"t",0.743,null,5677.53,4218.4]
[null,"A.8",null,"门窗工程"]
[1,"010802003001",null,"钢质防火门（甲级）",null,"[项目特征]\n1.门代号及洞口尺寸:FM甲1123\n2.门框、扇材质:甲级防火门\n[工作内容]\n1.门安装\n2.五金安装",null,"m2",2.53,null,0.09,0.23]
[2,"010801001001",null,"成品实木门",null,"[项目特征]\n1.门代号及洞口尺寸:具体详设计\n2.框、扇材质:成品实木门\n3.其它:满足设计﹑规范﹑招标文件、现场条件、达到使用功能等要求\n[工作内容]\n1.门安装\n2.玻璃安装\n3.五金安装",null,"m2",2.53,null,4.7,11.89]
["本页小计",{"$nulls":10},4230.52]
["表-09"]
["分部分项工程项目清单计价表"]
["工程名称：土建工程",{"$nulls":8},"第  15  页  共  30  页"]
["序号","项目编码",null,"项目名称",null,"项目特征",null,"计量单位","工程量",null,"金额（元）"]
[{"$nulls":10},"综合单价","合价","其中:暂估价"]
[3,"010807001003",null,"铝合金边框6mm厚安全玻璃窗",null,"[项目特征]\n1.窗代号及洞口尺寸:具体详设计\n2.框、扇材质:铝合金\n3.镶嵌玻璃品种、厚度:6mm厚安全玻璃\n4.其它:满足设计﹑规范﹑招标文件、现场条件、达到使用功能等要求\n[工作内容]\n1.窗安装\n2.五金、玻璃安装",null,"m2",7.2,null,0.63,4.54]
[null,"A.9",null,"屋面及防水工程"]
[1,"010901002004",null,"0.6mm厚V840型彩钢板屋面",null,"[项目特征]\n1.型材品种、规格:V840型彩钢板\n2.接缝、嵌缝材料种类:满足设计及相关规范要求\n3.其他:满足设计﹑规范﹑招标文件、现场条件、达到使用功能等要求\n[工作内容]\n1.屋面型材安装\n2.接缝、嵌缝",null,"m2",163.59,null,28.27,4624.69]
[2,"010901003001",null,"玻璃钢格栅",null,"[项目特征]\n1.阳光板品种、规格:玻璃钢格栅\n2.其他:满足设计﹑规范﹑招标文件、现场条件、达到使用功能等要求\n[工作内容]\n1.阳光板安装\n2.接缝、嵌缝",null,"m2",43.25]
["本页小计",{"$nulls":10},4629.23]
["表-09"]
["分部分项工程项目清单计价表"]
["工程名称：土建工程",{"$nulls":8},"第  16  页  共  30  页"]
["序号","项目编码",null,"项目名称",null,"项目特征",null,"计量单位","工程量",null,"金额（元）"]
[{"$nulls":10},"综合单价","合价","其中:暂估价"]
[3,"010902001001",null,"屋面卷材防水",null,"[项目特征]\n1.卷材品种、规格、厚度:3厚自粘防水卷材\n2.防水层数:一道\n[工作内容]\n1.基层处理\n2.刷底油\n3.铺油毡卷材、接缝",null,"m2",313.52,null,8.24,2583.4]
[4,"010902002001",null,"屋面涂膜防水",null,"[项目特征]\n1.防水膜品种:聚合物水泥浆料(Ⅱ型)\n2.涂膜厚度、遍数:2mm\n3.增强材料种类:满足设计及相关规范要求\n4.其他:满足设计﹑规范﹑招标文件、现场条件、达到使用功能等要求\n[工作内容]\n1.基层处理\n2.刷基层处理剂\n3.铺布、喷涂防水层",null,"m2",313.52,null,9.28,2909.47]
["本页小计",{"$nulls":10},5492.87]
["表-09"]
["分部分项工程项目清单计价表"]
["工程名称：土建工程",{"$nulls":8},"第  17  页  共  30  页"]
["序号","项目编码",null,"项目名称",null,"项目特征",null,"计量单位","工程量",null,"金额（元）"]
[{"$nulls":10},"综合单价","合价","其中:暂估价"]
[5,"010902003001",null,"屋面刚性层",null,"[项目特征]\n1.刚性层厚度:40mm\n2.混凝土种类:商品砼\n3.混凝土强度等级:C20细石砼\n4.防水等级:加4%防水剂\n5.嵌缝材料种类:设分格缝，填缝材料满足设计及相关规范要求\n6.钢筋规格、型号:φ6@200\n7.隔离层材料品种、规格:无纺聚氨酯纤维布一层（干铺）\n8.其他:满足设计﹑规范﹑招标文件、现场条件、达到使用功能等要求\n[工作内容]\n1.基层处理\n2.混凝土制作、运输、铺筑、养护\n3.隔离层铺设\n4.钢筋制安",null,"m2",291.8,null,21.4,6244.52]
[6,"010903001001",null,"墙面SBS卷材防水",null,"[项目特征]\n1.卷材品种、规格、厚度:5mm厚SBS防水卷材\n2.防水层数:具体详设计\n3.防水层做法:具体详设计\n4.其他:满足设计﹑规范﹑招标文件、现场条件、达到使用功能等要求\n[工作内容]\n1.基层处理\n2.刷粘结剂\n3.铺防水卷材\n4.接缝、嵌缝",null,"m2",492.33,null,8.83,4347.27]
["本页小计",{"$nulls":10},10591.79]
["表-09"]
["分部分项工程项目清单计价表"]
["工程名称：土建工程",{"$nulls":8},"第  18  页  共  30  页"]
["序号","项目编码",null,"项目名称",null,"项目特征",null,"计量单位","工程量",null,"金额（元）"]
[{"$nulls":10},"综合单价","合价","其中:暂估价"]
[7,"010903002001",null,"墙面1.5厚聚合物水泥浆料（Ⅱ型）涂膜防水",null,"[项目特征]\n1.防水膜品种:聚合物水泥浆料(Ⅱ型)\n2.涂膜厚度、遍数:1.5mm\n3.增强材料种类:满足设计及相关规范要求\n4.其他:满足设计﹑规范﹑招标文件、现场条件、达到使用功能等要求\n[工作内容]\n1.基层处理\n2.刷基层处理剂\n3.铺布、喷涂防水层",null,"m2",1277.64,null,8,10221.12]
[8,"010903002002",null,"墙面水泥基渗透结晶防水涂料",null,"[项目特征]\n1.防水膜品种:水泥基渗透结晶防水涂料\n2.涂膜厚度、遍数:2.0mm\n3.增强材料种类:满足设计及相关规范要求\n4.其他:满足设计﹑规范﹑招标文件、现场条件、达到使用功能等要求\n[工作内容]\n1.基层处理\n2.刷基层处理剂\n3.铺布、喷涂防水层",null,"m2",492.33,null,10.28,5061.15]
[9,"010903002003",null,"墙面2厚聚合物水泥浆料（Ⅱ型）涂膜防水",null,"[项目特征]\n1.防水膜品种:聚合物水泥浆料(Ⅱ型)\n2.涂膜厚度、遍数:2mm\n3.增强材料种类:满足设计及相关规范要求\n4.其他:满足设计﹑规范﹑招标文件、现场条件、达到使用功能等要求\n[工作内容]\n1.基层处理\n2.刷基层处理剂\n3.铺布、喷涂防水层",null,"m2",337.33,null,10.09,3403.66]
["本页小计",{"$nulls":10},18685.93]
["表-09"]
["分部分项工程项目清单计价表"]
["工程名称：土建工程",{"$nulls":8},"第  19  页  共  30  页"]
["序号","项目编码",null,"项目名称",null,"项目特征",null,"计量单位","工程量",null,"金额（元）"]
[{"$nulls":10},"综合单价","合价","其中:暂估价"]
[10,"010903002004",null,"顶棚水泥基渗透结晶防水涂料",null,"[项目特征]\n1.防水膜品种:水泥基渗透结晶防水涂料\n2.涂膜厚度、遍数:1.0mm\n3.增强材料种类:满足设计及相关规范要求\n4.其他:满足设计﹑规范﹑招标文件、现场条件、达到使用功能等要求\n[工作内容]\n1.基层处理\n2.刷基层处理剂\n3.铺布、喷涂防水层",null,"m2",292.78,null,7.81,2286.61]
[11,"010903003001",null,"墙面1:3水泥防水砂浆",null,"[项目特征]\n1.防水层做法:具体详设计\n2.砂浆厚度、配合比:10mm厚1：3水泥防水砂浆\n3.其他:满足设计﹑规范﹑招标文件、现场条件、达到使用功能等要求\n[工作内容]\n1.基层处理\n2.挂钢丝网片\n3.设置分格缝\n4.砂浆制作、运输、摊铺、养护",null,"m2",490.15,null,17.29,8474.69]
[12,"010903003002",null,"墙面砂浆防水(防潮)",null,"[项目特征]\n1.防水层做法:具体详设计\n2.砂浆厚度、配合比:10mm厚聚合物水泥防水砂浆\n3.其他:满足设计﹑规范﹑招标文件、现场条件、达到使用功能等要求\n[工作内容]\n1.基层处理\n2.挂钢丝网片\n3.设置分格缝\n4.砂浆制作、运输、摊铺、养护",null,"m2",2107.3,null,17.34,36540.58]
["本页小计",{"$nulls":10},47301.88]
["表-09"]
["分部分项工程项目清单计价表"]
["工程名称：土建工程",{"$nulls":8},"第  20  页  共  30  页"]
["序号","项目编码",null,"项目名称",null,"项目特征",null,"计量单位","工程量",null,"金额（元）"]
[{"$nulls":10},"综合单价","合价","其中:暂估价"]
[13,"010903003003",null,"顶棚砂浆防水(防潮)",null,"[项目特征]\n1.防水层做法:具体详设计\n2.砂浆厚度、配合比:10mm厚聚合物水泥防水砂浆\n3.其他:满足设计﹑规范﹑招标文件、现场条件、达到使用功能等要求\n[工作内容]\n1.基层处理\n2.挂钢丝网片\n3.设置分格缝\n4.砂浆制作、运输、摊铺、养护",null,"m2",292.78,null,21.93,6420.67]
[14,"010904001003",null,"地面5mm厚SBS卷材防水",null,"[项目特征]\n1.卷材品种、规格、厚度:5mm厚SBS防水卷材\n2.防水层数:具体详设计\n3.防水层做法:具体详设计\n4.反边高度:满足设计及相关规范要求\n5.其他:满足设计﹑规范﹑招标文件、现场条件、达到使用功能等要求\n[工作内容]\n1.基层处理\n2.刷粘结剂\n3.铺防水卷材\n4.接缝、嵌缝",null,"m2",415.67,null,6.62,2751.74]
["本页小计",{"$nulls":10},9172.41]
["表-09"]
["分部分项工程项目清单计价表"]
["工程名称：土建工程",{"$nulls":8},"第  21  页  共  30  页"]
["序号","项目编码",null,"项目名称",null,"项目特征",null,"计量单位","工程量",null,"金额（元）"]
[{"$nulls":10},"综合单价","合价","其中:暂估价"]
[15,"010904002001",null,"地面水泥基渗透结晶防水涂料",null,"[项目特征]\n1.防水膜品种:水泥基渗透结晶防水涂料\n2.涂膜厚度、遍数:1.0mm\n3.增强材料种类:满足设计及相关规范要求\n4.反边高度:满足设计及相关规范要求\n5.其他:满足设计﹑规范﹑招标文件、现场条件、达到使用功能等要求\n[工作内容]\n1.基层处理\n2.刷基层处理剂\n3.铺布、喷涂防水层",null,"m2",303.09,null,4.87,1476.05]
[16,"010904003001",null,"地面砂浆防水(防潮)",null,"[项目特征]\n1.防水层做法:具体详设计\n2.砂浆厚度、配合比:10mm厚聚合物水泥防水砂浆\n3.反边高度:满足设计及相关规范要求\n4.其他:满足设计﹑规范﹑招标文件、现场条件、达到使用功能等要求\n[工作内容]\n1.基层处理\n2.砂浆制作、运输、摊铺、养护",null,"m2",303.09,null,15.29,4634.25]
["本页小计",{"$nulls":10},6110.3]
["表-09"]
["分部分项工程项目清单计价表"]
["工程名称：土建工程",{"$nulls":8},"第  22  页  共  30  页"]
["序号","项目编码",null,"项目名称",null,"项目特征",null,"计量单位","工程量",null,"金额（元）"]
[{"$nulls":10},"综合单价","合价","其中:暂估价"]
[17,"010904002002",null,"地面涂膜防水",null,"[项目特征]\n1.防水膜品种:聚合物水泥浆料(Ⅱ型)\n2.涂膜厚度、遍数:1.5mm\n3.增强材料种类:满足设计及相关规范要求\n4.反边高度:满足设计及相关规范要求\n5.其他:满足设计﹑规范﹑招标文件、现场条件、达到使用功能等要求\n[工作内容]\n1.基层处理\n2.刷基层处理剂\n3.铺布、喷涂防水层",null,"m2",32.64,null,6.63,216.4]
[null,"A.11",null,"楼地面装饰工程"]
[1,"011101001003",null,"10厚1:3水泥砂浆找平层",null,"[项目特征]\n1.找平层厚度、砂浆配合比:10厚1:3水泥砂浆找平层\n2.素水泥浆遍数:满足设计及相关规范要求\n3.其他:满足设计﹑规范﹑招标文件、现场条件、达到使用功能等要求\n[工作内容]\n1.基层清理\n2.抹找平层\n3.材料运输",null,"m2",415.67,null,8.93,3711.93]
["本页小计",{"$nulls":10},3928.33]
["表-09"]
["分部分项工程项目清单计价表"]
["工程名称：土建工程",{"$nulls":8},"第  23  页  共  30  页"]
["序号","项目编码",null,"项目名称",null,"项目特征",null,"计量单位","工程量",null,"金额（元）"]
[{"$nulls":10},"综合单价","合价","其中:暂估价"]
[2,"011101001004",null,"20厚M20水泥砂浆保护层",null,"[项目特征]\n1.找平层厚度、砂浆配合比:20厚M20水泥砂浆保护层\n2.素水泥浆遍数:满足设计及相关规范要求\n3.其他:满足设计﹑规范﹑招标文件、现场条件、达到使用功能等要求\n[工作内容]\n1.基层清理\n2.抹找平层\n3.材料运输",null,"m2",415.67,null,13.1,5445.28]
[3,"011101001005",null,"屋面M20水泥砂浆找平层",null,"[项目特征]\n1.找平层厚度、砂浆配合比:20mm厚M20水泥砂浆\n2.素水泥浆遍数:满足设计及相关规范要求\n3.其他:满足设计﹑规范﹑招标文件、现场条件、达到使用功能等要求\n[工作内容]\n1.基层清理\n2.抹找平层\n3.材料运输",null,"m2",291.8,null,17.01,4963.52]
[null,"A.12",null,"墙、柱面装饰与隔断、幕墙工程"]
["本页小计",{"$nulls":10},10408.8]
["表-09"]
["分部分项工程项目清单计价表"]
["工程名称：土建工程",{"$nulls":8},"第  24  页  共  30  页"]
["序号","项目编码",null,"项目名称",null,"项目特征",null,"计量单位","工程量",null,"金额（元）"]
[{"$nulls":10},"综合单价","合价","其中:暂估价"]
[1,"011201001003",null,"墙面20mm厚M15水泥砂浆",null,"[项目特征]\n1.墙体类型:综合考虑\n2.厚度、砂浆配合比:20mm厚M15水泥砂浆\n3.装饰面材料种类:满足设计及相关规范要求\n4.分格缝宽度、材料种类:满足设计及相关规范要求\n5.其它:满足设计﹑规范﹑招标文件、现场条件、达到使用功能等要求\n[工作内容]\n1.基层清理\n2.砂浆制作、运输\n3.底层抹灰\n4.抹面层\n5.抹装饰面\n6.勾分格缝",null,"m2",1277.64,null,15.92,20340.03]
["本页小计",{"$nulls":10},20340.03]
["表-09"]
["分部分项工程项目清单计价表"]
["工程名称：土建工程",{"$nulls":8},"第  25  页  共  30  页"]
["序号","项目编码",null,"项目名称",null,"项目特征",null,"计量单位","工程量",null,"金额（元）"]
[{"$nulls":10},"综合单价","合价","其中:暂估价"]
[2,"011201001004",null,"墙面一般抹灰",null,"[项目特征]\n1.墙体类型:综合考虑\n2.厚度、砂浆配合比:9mm厚DPM5水泥石灰砂浆打底扫毛,7mm厚DPM5水泥石灰砂浆垫层找平,5mm厚DPM5水泥石灰砂浆罩面压光\n3.装饰面材料种类:满足设计及相关规范要求\n4.分格缝宽度、材料种类:满足设计及相关规范要求\n5.其它:满足设计﹑规范﹑招标文件、现场条件、达到使用功能等要求\n[工作内容]\n1.基层清理\n2.砂浆制作、运输\n3.底层抹灰\n4.抹面层\n5.抹装饰面\n6.勾分格缝",null,"m2",94.13,null,15.55,1463.72]
["本页小计",{"$nulls":10},1463.72]
["表-09"]
["分部分项工程项目清单计价表"]
["工程名称：土建工程",{"$nulls":8},"第  26  页  共  30  页"]
["序号","项目编码",null,"项目名称",null,"项目特征",null,"计量单位","工程量",null,"金额（元）"]
[{"$nulls":10},"综合单价","合价","其中:暂估价"]
[3,"011201001005",null,"墙面专用抹面胶浆",null,"[项目特征]\n1.墙体类型:综合考虑\n2.厚度、砂浆配合比:5mm厚专用抹面胶浆（抹面胶浆复合双层玻纤网）\n3.装饰面材料种类:满足设计及相关规范要求\n4.分格缝宽度、材料种类:满足设计及相关规范要求\n5.其它:满足设计﹑规范﹑招标文件、现场条件、达到使用功能等要求\n[工作内容]\n1.基层清理\n2.砂浆制作、运输\n3.底层抹灰\n4.抹面层\n5.抹装饰面\n6.勾分格缝",null,"m2",337.33,null,7.75,2614.31]
[4,"011201001006",null,"钢丝网加固",null,"[项目特征]\n1.墙体类型:综合考虑\n2.钢丝网规格:热镀锌钢丝网0.8mm厚9*25mm，搭接宽度不小于150mm\n3.其它:满足设计﹑规范﹑招标文件、现场条件、达到使用功能等要求\n[工作内容]\n1.基层清理\n2.挂钢丝网片",null,"m2",15.51,null,5.53,85.77]
[null,"A.14",null,"油漆、涂料、裱糊工程"]
["本页小计",{"$nulls":10},2700.08]
["表-09"]
["分部分项工程项目清单计价表"]
["工程名称：土建工程",{"$nulls":8},"第  27  页  共  30  页"]
["序号","项目编码",null,"项目名称",null,"项目特征",null,"计量单位","工程量",null,"金额（元）"]
[{"$nulls":10},"综合单价","合价","其中:暂估价"]
[1,"011405001005",null,"金属面除锈",null,"[项目特征]\n1.除锈要求:抛丸或喷砂除锈\n2.其他:满足设计及规范要求\n[工作内容]\n1.基层清理\n2.刮腻子\n3.刷防护材料、油漆",null,"t",5.347,null,309.23,1653.45]
[2,"011405001003",null,"金属面油漆",null,"[项目特征]\n1.构件名称:钢构件\n2.防护材料种类:满足设计及相关规范要求\n3.油漆品种、刷漆遍数:环氧富锌底漆，环氧云铁中间漆2道，丙烯酸聚氨酯面漆2道\n[工作内容]\n1.基层清理\n2.除锈\n3.刮腻子\n4.刷防护材料、油漆",null,"t",5.347,null,605.59,3238.09]
[3,"011405001004",null,"检修口盖板刷防锈漆",null,"[项目特征]\n1.构件名称:具体详设计\n2.油漆品种、刷漆遍数:防锈漆1遍\n3.其它:满足设计﹑规范﹑招标文件、现场条件、达到使用功能等要求\n[工作内容]\n1.基层清理\n2.刷防护材料、油漆",null,"t",1.024,null,127.67,130.73]
["本页小计",{"$nulls":10},5022.27]
["表-09"]
["分部分项工程项目清单计价表"]
["工程名称：土建工程",{"$nulls":8},"第  28  页  共  30  页"]
["序号","项目编码",null,"项目名称",null,"项目特征",null,"计量单位","工程量",null,"金额（元）"]
[{"$nulls":10},"综合单价","合价","其中:暂估价"]
[4,"011406001001",null,"外墙漆",null,"[项目特征]\n1.防护材料种类:喷甲基硅醇钢憎水剂\n2.油漆品种、刷漆遍数:外墙乳胶漆，2遍\n3.其它:满足设计﹑规范﹑招标文件、现场条件、达到使用功能等要求\n[工作内容]\n1.基层清理\n2.刮腻子\n3.刷防护材料、油漆",null,"m2",337.33,null,13.97,4712.5]
[5,"011406003001",null,"墙面满刮腻子",null,"[项目特征]\n1.基层类型:具体详设计\n2.腻子种类:普通腻子\n3.刮腻子遍数:满足设计及相关规范要求\n4.其它:满足设计﹑规范﹑招标文件、现场条件、达到使用功能等要求\n[工作内容]\n1.基层清理\n2.刮腻子",null,"m2",94.13,null,5.97,561.96]
[6,"011406003002",null,"顶棚白水泥腻子",null,"[项目特征]\n1.基层类型:具体详设计\n2.腻子种类:白水泥腻子\n3.刮腻子遍数:2遍\n4.其它:满足设计﹑规范﹑招标文件、现场条件、达到使用功能等要求\n[工作内容]\n1.基层清理\n2.刮腻子",null,"m2",32.64,null,7.76,253.29]
["本页小计",{"$nulls":10},5527.75]
["表-09"]
["分部分项工程项目清单计价表"]
["工程名称：土建工程",{"$nulls":8},"第  29  页  共  30  页"]
["序号","项目编码",null,"项目名称",null,"项目特征",null,"计量单位","工程量",null,"金额（元）"]
[{"$nulls":10},"综合单价","合价","其中:暂估价"]
[7,"011406003003",null,"顶棚聚合物纯水泥腻子",null,"[项目特征]\n1.基层类型:具体详设计\n2.腻子种类:聚合物纯水泥腻子\n3.刮腻子遍数:1遍\n4.其它:满足设计﹑规范﹑招标文件、现场条件、达到使用功能等要求\n[工作内容]\n1.基层清理\n2.刮腻子",null,"m2",32.64,null,4.53,147.86]
[null,"A.15",null,"其他装饰工程"]
[1,"011503001001",null,"不锈钢栏杆",null,"[项目特征]\n1.扶手材料种类、规格:具体详设计\n2.栏杆材料种类、规格:具体详设计\n3.栏板材料种类、规格、颜色:具体详设计\n4.做法:参西南18J812-13-4\n5.防护材料种类:满足设计及相关规范要求\n6.其它:满足设计﹑规范﹑招标文件、现场条件、达到使用功能等要求\n[工作内容]\n1.制作\n2.运输\n3.安装\n4.刷防护材料",null,"m",71.64,null,38.83,2781.78]
[null,"G.1",null,"混凝土构筑物工程"]
["本页小计",{"$nulls":10},2929.64]
["表-09"]
["分部分项工程项目清单计价表"]
["工程名称：土建工程",{"$nulls":8},"第  30  页  共  30  页"]
["序号","项目编码",null,"项目名称",null,"项目特征",null,"计量单位","工程量",null,"金额（元）"]
[{"$nulls":10},"综合单价","合价","其中:暂估价"]
[1,"070101002001",null,"池壁 C35P8",null,"[项目特征]\n1.池形状、池深:具体详设计\n2.混凝土种类:商品砼,掺膨胀剂的补偿收缩混凝土\n3.混凝土强度等级:C35P8\n4.壁厚:综合考虑\n5.泵送方式:综合考虑\n6.其他:满足设计﹑规范﹑招标文件、现场条件、达到使用功能等要求\n[工作内容]\n1.模板及支架(撑)制作、安装、拆除、堆放、运输及清理模内杂物、刷隔离剂等\n2.混凝土制作、运输、浇筑、振捣、养护",null,"m3",397.01,null,520.2,206524.6]
[2,"070101003001",null,"池顶板 C30P8",null,"[项目特征]\n1.池形状:具详详设计\n2.板类型:具详详设计\n3.混凝土种类:商品砼,掺膨胀剂的补偿收缩混凝土\n4.混凝土强度等级:C30P8\n5.泵送方式:综合考虑\n6.其他:满足设计﹑规范﹑招标文件、现场条件、达到使用功能等要求\n[工作内容]\n1.模板及支架(撑)制作、安装、拆除、堆放、运输及清理模内杂物、刷隔离剂等\n2.混凝土制作、运输、浇筑、振捣、养护",null,"m3",38.88,null,871.37,33878.87]
[]
["本页小计",{"$nulls":10},240403.47]
["合   计",{"$nulls":10},876623.92]

{"sheet":"表-09 施工技术措施项目清单计价表【土建工程】","index":81,"n_rows":24,"n_cols":13,"rows_kept":24,"merged":[[0,0,0,12],[1,0,1,12],[2,0,2,5],[2,6,2,8],[2,9,2,12],[3,0,4,0],[3,1,4,2],[3,3,4,4],[3,5,4,6],[3,7,4,7],[3,8,4,9],[3,10,3,12],[5,1,5,2],[5,3,5,6],[5,8,5,9],[6,1,6,2],[6,3,6,4],[6,5,6,6],[6,8,6,9],[7,1,7,2],[7,3,7,4],[7,5,7,6],[7,8,7,9],[8,1,8,2],[8,3,8,4],[8,5,8,6],[8,8,8,9],[9,1,9,2],[9,3,9,4],[9,5,9,6],[9,8,9,9],[10,1,10,2],[10,3,10,4],[10,5,10,6],[10,8,10,9],[11,1,11,2],[11,3,11,4],[11,5,11,6],[11,8,11,9],[12,1,12,2],[12,3,12,4],[12,5,12,6],[12,8,12,9],[13,1,13,2],[13,3,13,4],[13,5,13,6],[13,8,13,9],[14,1,14,2],[14,3,14,4],[14,5,14,6],[14,8,14,9],[15,1,15,2],[15,3,15,4],[15,5,15,6],[15,8,15,9],[16,1,16,2],[16,3,16,4],[16,5,16,6],[16,8,16,9],[17,1,17,2],[17,3,17,4],[17,5,17,6],[17,8,17,9],[18,1,18,2],[18,3,18,4],[18,5,18,6],[18,8,18,9],[19,1,19,2],[19,3,19,4],[19,5,19,6],[19,8,19,9],[20,1,20,2],[20,3,20,4],[20,5,20,6],[20,8,20,9],[21,1,21,2],[21,3,21,4],[21,5,21,6],[21,8,21,9],[22,0,22,10],[23,0,23,10]]}
["表-09"]
["施工技术措施项目清单计价表"]
["工程名称：土建工程",{"$nulls":8},"第  1  页  共  1  页"]
["序号","项目编码",null,"项目名称",null,"项目特征",null,"计量单位","工程量",null,"金额（元）"]
[{"$nulls":10},"综合单价","合价","其中:暂估价"]
[null,"一",null,"施工技术措施项目",{"$nulls":7},14687.31]
[1,"011701006001",null,"满堂脚手架",null,"[工作内容]\n1.场内、场外材料搬运\n2.搭、拆脚手架、斜道、上料平台\n3.安全网的铺设\n4.拆除脚手架后材料的堆放",null,"m2",356.77,null,14.61,5212.41]
[2,"011701002001",null,"外脚手架",null,"[工作内容]\n1.场内、场外材料搬运\n2.搭、拆脚手架、斜道、上料平台\n3.安全网的铺设\n4.拆除脚手架后材料的堆放",null,"m2",337.33,null,17.94,6051.7]
[3,"070305002001",null,"排水、降水",null,"[工作内容]\n1.管道安装、拆除，场内搬运等\n2.抽水、值班、降水设备维修等",null,"台班",20,null,171.16,3423.2]
{"$rows_empty":13}
["本页小计",{"$nulls":10},14687.31]
["合   计",{"$nulls":10},14687.31]

{"sheet":"表-10 施工组织措施项目清单计价表【土建工程】","index":82,"n_rows":33,"n_cols":14,"rows_kept":33,"merged":[[0,0,0,10],[0,11,0,13],[1,0,1,13],[2,0,2,4],[2,5,2,10],[2,11,2,13],[3,1,3,2],[3,3,3,5],[3,8,3,9],[3,10,3,11],[4,1,4,2],[4,3,4,5],[4,8,4,9],[4,10,4,11],[5,1,5,2],[5,3,5,5],[5,8,5,9],[5,10,5,11],[6,1,6,2],[6,3,6,5],[6,8,6,9],[6,10,6,11],[7,0,7,13],[8,0,8,10],[8,11,8,13],[9,0,9,13],[10,0,10,4],[10,5,10,10],[10,11,10,13],[11,1,11,2],[11,3,11,5],[11,8,11,9],[11,10,11,11],[12,1,12,2],[12,3,12,5],[12,8,12,9],[12,10,12,11],[13,1,13,2],[13,3,13,5],[13,8,13,9],[13,10,13,11],[14,1,14,2],[14,3,14,5],[14,8,14,9],[14,10,14,11],[15,1,15,2],[15,3,15,5],[15,8,15,9],[15,10,15,11],[16,1,16,2],[16,3,16,5],[16,8,16,9],[16,10,16,11],[17,1,17,2],[17,3,17,5],[17,8,17,9],[17,10,17,11],[18,1,18,2],[18,3,18,5],[18,8,18,9],[18,10,18,11],[19,1,19,2],[19,3,19,5],[19,8,19,9],[19,10,19,11],[20,1,20,2],[20,3,20,5],[20,8,20,9],[20,10,20,11],[21,1,21,2],[21,3,21,5],[21,8,21,9],[21,10,21,11],[22,1,22,2],[22,3,22,5],[22,8,22,9],[22,10,22,11],[23,1,23,2],[23,3,23,5],[23,8,23,9],[23,10,23,11],[24,1,24,2],[24,3,24,5],[24,8,24,9],[24,10,24,11],[25,1,25,2],[25,3,25,5],[25,8,25,9],[25,10,25,11],[26,1,26,2],[26,3,26,5],[26,8,26,9],[26,10,26,11],[27,1,27,2],[27,3,27,5],[27,8,27,9],[27,10,27,11],[28,1,28,2],[28,3,28,5],[28,8,28,9],[28,10,28,11],[29,1,29,2],[29,3,29,5],[29,8,29,9],[29,10,29,11],[30,1,30,2],[30,3,30,5],[30,8,30,9],[30,10,30,11],[31,1,31,2],[31,3,31,5],[31,8,31,9],[31,10,31,11],[32,0,32,7],[32,8,32,9],[32,10,32,11],[33,0,33,13]]}
[{"$nulls":11},"表-10"]
["施工组织措施项目清单计价表"]
["工程名称：土建工程",{"$nulls":10},"第  1  页  共  2  页"]
["序号","项目编码",null,"项目名称",null,null,"计算\n基础","费率\n(%)","金额\n(元)",null,"调整\n费率\n(%)",null,"调整后\n金额\n(元)","备注"]
[1,"070306B15001",null,"组织措施费",null,null,"(分部分项人工费+分部分项机械费+技术措施人工费+技术措施机械费-机械（爆破）土石方人工费-机械（爆破）土石方机械费-机械（爆破）土石方人工费-机械（爆破）土石方机械费-人工土石方人工费-人工土石方技术措施人工费-人工土石方机械费-人工土石方技术措施机械费)+(机械（爆破）土石方人工费+机械（爆破）土石方机械费+机械（爆破）土石方人工费+机械（爆破）土石方机械费)*0.048/费率+(人工土石方人工费+人工土石方技术措施人工费)*0.0222/费率","10.86",51783.24]
[2,"070306001001",null,"安全文明施工费",null,null,"74876.78","100",74876.78]
[3,"070306B14001",null,"建设工程竣工档案编制费",null,null,"(分部分项人工费+分部分项机械费+技术措施人工费+技术措施机械费-机械（爆破）土石方人工费-机械（爆破）土石方机械费-机械（爆破）土石方人工费-机械（爆破）土石方机械费-人工土石方人工费-人工土石方技术措施人工费-人工土石方机械费-人工土石方技术措施机械费)+(机械（爆破）土石方人工费+机械（爆","0.56",2552.77]
["注：1.计算基础和费用标准按本市有关费用定额或文件执行。\n    2.根据施工方案计算的措施费，可不填写“计算基础”和“费率”的数值，只填写“金额”数值，但应在备注栏说明施工\n    方案出处或计算方法。"]
[{"$nulls":11},"表-10"]
["施工组织措施项目清单计价表"]
["工程名称：土建工程",{"$nulls":10},"第  2  页  共  2  页"]
["序号","项目编码",null,"项目名称",null,null,"计算\n基础","费率\n(%)","金额\n(元)",null,"调整\n费率\n(%)",null,"调整后\n金额\n(元)","备注"]
[{"$nulls":6},"破）土石方机械费+机械（爆破）土石方人工费+机械（爆破）土石方机械费)*0.002/费率+(人工土石方人工费+人工土石方技术措施人工费)*0.0019/费率"]
{"$rows_empty":19}
["合    计",{"$nulls":7},129212.79]

{"sheet":"表-12 规费、税金项目计价表【土建工程】","index":83,"n_rows":26,"n_cols":10,"rows_kept":26,"merged":[[0,0,0,7],[0,8,0,9],[1,0,1,9],[2,0,2,3],[2,4,2,7],[2,8,2,9],[3,1,3,4],[3,5,3,6],[3,7,3,8],[4,1,4,4],[4,5,4,6],[4,7,4,8],[5,1,5,4],[5,5,5,6],[5,7,5,8],[6,1,6,4],[6,5,6,6],[6,7,6,8],[7,1,7,4],[7,5,7,6],[7,7,7,8],[8,1,8,4],[8,5,8,6],[8,7,8,8],[9,1,9,4],[9,5,9,6],[9,7,9,8],[10,1,10,4],[10,5,10,6],[10,7,10,8],[11,1,11,4],[11,5,11,6],[11,7,11,8],[12,1,12,4],[12,5,12,6],[12,7,12,8],[13,1,13,4],[13,5,13,6],[13,7,13,8],[14,1,14,4],[14,5,14,6],[14,7,14,8],[15,1,15,4],[15,5,15,6],[15,7,15,8],[16,1,16,4],[16,5,16,6],[16,7,16,8],[17,1,17,4],[17,5,17,6],[17,7,17,8],[18,1,18,4],[18,5,18,6],[18,7,18,8],[19,1,19,4],[19,5,19,6],[19,7,19,8],[20,1,20,4],[20,5,20,6],[20,7,20,8],[21,1,21,4],[21,5,21,6],[21,7,21,8],[22,1,22,4],[22,5,22,6],[22,7,22,8],[23,1,23,4],[23,5,23,6],[23,7,23,8],[24,1,24,4],[24,5,24,6],[24,7,24,8],[25,0,25,8]]}
[{"$nulls":8},"表-12"]
["规费、税金项目计价表"]
["工程名称：土建工程",{"$nulls":7},"第  1  页  共  1  页"]
["序号","项目名称",{"$nulls":3},"计算基础",null,"费率(%)",null,"金额（元）"]
["1","规费",{"$nulls":3},"专业工程规费（人+机）+机械（爆破）土石方规费（人+机）*0.072/费率+人工土石方规费（人）*0.082/费率",null,"9.25",null,51945.64]
["2","税金",{"$nulls":3},"2.1 + 2.2 + 2.3",{"$nulls":3},106174.5]
["2.1","增值税",{"$nulls":3},"分部分项工程费+措施项目费+其他项目费+规费-甲供材料费",null,"9",null,96522.27]
["2.2","附加税",{"$nulls":3},"增值税",null,"10",null,9652.23]
["2.3","环境保护税",{"$nulls":3},"按实计算"]
{"$rows_empty":16}
["合计",{"$nulls":8},158120.14]

{"sheet":"表-04 单位工程招标控制价汇总表【基坑支护工程】","index":84,"n_rows":26,"n_cols":9,"rows_kept":26,"merged":[[0,0,0,6],[0,7,0,8],[1,0,1,8],[2,0,2,3],[2,4,2,6],[2,7,2,8],[3,0,3,1],[3,2,3,5],[3,6,3,7],[4,0,4,1],[4,2,4,5],[4,6,4,7],[5,0,5,1],[5,2,5,5],[5,6,5,7],[6,0,6,1],[6,2,6,5],[6,6,6,7],[7,0,7,1],[7,2,7,5],[7,6,7,7],[8,0,8,1],[8,2,8,5],[8,6,8,7],[9,0,9,1],[9,2,9,5],[9,6,9,7],[10,0,10,1],[10,2,10,5],[10,6,10,7],[11,0,11,1],[11,2,11,5],[11,6,11,7],[12,0,12,1],[12,2,12,5],[12,6,12,7],[13,0,13,1],[13,2,13,5],[13,6,13,7],[14,0,14,1],[14,2,14,5],[14,6,14,7],[15,0,15,1],[15,2,15,5],[15,6,15,7],[16,0,16,1],[16,2,16,5],[16,6,16,7],[17,0,17,1],[17,2,17,5],[17,6,17,7],[18,0,18,1],[18,2,18,5],[18,6,18,7],[19,0,19,1],[19,2,19,5],[19,6,19,7],[20,0,20,1],[20,2,20,5],[20,6,20,7],[21,0,21,1],[21,2,21,5],[21,6,21,7],[22,0,22,1],[22,2,22,5],[22,6,22,7],[23,0,23,1],[23,2,23,5],[23,6,23,7],[24,0,24,5],[24,6,24,7],[25,0,25,8]]}
[{"$nulls":7},"表-04"]
["单位工程招标控制价汇总表"]
["工程名称：基坑支护工程",{"$nulls":6},"第  1  页  共  1  页"]
["序号",null,"汇总内容",{"$nulls":3},"金额(元)",null,"其中：暂估价(元)"]
["1",null,"分部分项工程费",{"$nulls":3},431857.26]
["1.1",null,"A建筑工程",{"$nulls":3},431857.26]
["2",null,"措施项目费",{"$nulls":3},86528.47]
["2.1",null,"其中：安全文明施工费",{"$nulls":3},28710.4]
["3",null,"其他项目费"]
["4",null,"规费",{"$nulls":3},32665.21,null,"－"]
["5",null,"税金",{"$nulls":3},54554.04,null,"－"]
{"$rows_empty":13}
["投标报价合计=1+2+3+4+5",{"$nulls":5},"605,604.98"]
["注：1.本表适用于单位工程招标控制价或投标报价的汇总，如无单位工程划分，单项工程也使用本表汇总。 \n    2.分部分项工程、措施项目中暂估价中应填写材料、工程设备暂估价，其他项目中暂估价应填写专业工程暂估价。"]

{"sheet":"表-08 措施项目汇总表【基坑支护工程】","index":85,"n_rows":26,"n_cols":6,"rows_kept":26,"merged":[[0,0,0,5],[1,0,1,5],[2,0,2,1],[2,2,2,3],[2,4,2,5],[3,0,4,0],[3,1,4,2],[3,3,3,5],[4,3,4,4],[5,1,5,2],[5,3,5,4],[6,1,6,2],[6,3,6,4],[7,1,7,2],[7,3,7,4],[8,1,8,2],[8,3,8,4],[9,1,9,2],[9,3,9,4],[10,1,10,2],[10,3,10,4],[11,1,11,2],[11,3,11,4],[12,1,12,2],[12,3,12,4],[13,1,13,2],[13,3,13,4],[14,1,14,2],[14,3,14,4],[15,1,15,2],[15,3,15,4],[16,1,16,2],[16,3,16,4],[17,1,17,2],[17,3,17,4],[18,1,18,2],[18,3,18,4],[19,1,19,2],[19,3,19,4],[20,1,20,2],[20,3,20,4],[21,1,21,2],[21,3,21,4],[22,1,22,2],[22,3,22,4],[23,1,23,2],[23,3,23,4],[24,1,24,2],[24,3,24,4],[25,0,25,2],[25,3,25,4]]}
["表-08"]
["措施项目汇总表"]
["工程名称：基坑支护工程",{"$nulls":3},"第 1 页  共 1 页"]
["序号","项目名称",null,"金额(元)"]
[{"$nulls":3},"合价",null,"其中：暂估价"]
["1","施工技术措施项目",null,17489.78]
["2","施工组织措施项目",null,69038.69]
["2.1","其中：安全文明施工费",null,28710.4]
["2.2","建设工程竣工档案编制费",null,1977.57]
{"$rows_empty":16}
["措施项目费合计=1+2",null,null,86528.47]

{"sheet":"表-09 分部分项工程项目清单计价表【基坑支护工程】","index":86,"n_rows":51,"n_cols":13,"rows_kept":51,"merged":[[0,0,0,13],[1,0,1,13],[2,0,2,5],[2,6,2,8],[2,9,2,13],[3,0,4,0],[3,1,4,2],[3,3,4,4],[3,5,4,6],[3,7,4,7],[3,8,4,9],[3,10,3,12],[5,1,5,2],[5,3,5,6],[5,8,5,9],[6,1,6,2],[6,3,6,4],[6,5,6,6],[6,8,6,9],[7,1,7,2],[7,3,7,4],[7,5,7,6],[7,8,7,9],[8,0,8,10],[9,0,9,13],[10,0,10,13],[11,0,11,5],[11,6,11,8],[11,9,11,13],[12,0,13,0],[12,1,13,2],[12,3,13,4],[12,5,13,6],[12,7,13,7],[12,8,13,9],[12,10,12,12],[14,1,14,2],[14,3,14,4],[14,5,14,6],[14,8,14,9],[15,1,15,2],[15,3,15,4],[15,5,15,6],[15,8,15,9],[16,1,16,2],[16,3,16,4],[16,5,16,6],[16,8,16,9],[17,0,17,10],[18,0,18,13],[19,0,19,13],[20,0,20,5],[20,6,20,8],[20,9,20,13],[21,0,22,0],[21,1,22,2],[21,3,22,4],[21,5,22,6],[21,7,22,7],[21,8,22,9],[21,10,21,12],[23,1,23,2],[23,3,23,4],[23,5,23,6],[23,8,23,9],[24,1,24,2],[24,3,24,4],[24,5,24,6],[24,8,24,9],[25,0,25,10],[26,0,26,13],[27,0,27,13],[28,0,28,5],[28,6,28,8],[28,9,28,13],[29,0,30,0],[29,1,30,2],[29,3,30,4],[29,5,30,6],[29,7,30,7],[29,8,30,9],[29,10,29,12],[31,1,31,2],[31,3,31,4],[31,5,31,6],[31,8,31,9],[32,1,32,2],[32,3,32,4],[32,5,32,6],[32,8,32,9],[33,1,33,2],[33,3,33,4],[33,5,33,6],[33,8,33,9],[34,1,34,2],[34,3,34,4],[34,5,34,6],[34,8,34,9],[35,1,35,2],[35,3,35,4],[35,5,35,6],[35,8,35,9],[36,1,36,2],[36,3,36,4],[36,5,36,6],[36,8,36,9],[37,1,37,2],[37,3,37,4],[37,5,37,6],[37,8,37,9],[38,1,38,2],[38,3,38,4],[38,5,38,6],[38,8,38,9],[39,1,39,2],[39,3,39,4],[39,5,39,6],[39,8,39,9],[40,1,40,2],[40,3,40,4],[40,5,40,6],[40,8,40,9],[41,1,41,2],[41,3,41,4],[41,5,41,6],[41,8,41,9],[42,1,42,2],[42,3,42,4],[42,5,42,6],[42,8,42,9],[43,1,43,2],[43,3,43,4],[43,5,43,6],[43,8,43,9],[44,1,44,2],[44,3,44,4],[44,5,44,6],[44,8,44,9],[45,1,45,2],[45,3,45,4],[45,5,45,6],[45,8,45,9],[46,1,46,2],[46,3,46,4],[46,5,46,6],[46,8,46,9],[47,1,47,2],[47,3,47,4],[47,5,47,6],[47,8,47,9],[48,1,48,2],[48,3,48,4],[48,5,48,6],[48,8,48,9],[49,0,49,10],[50,0,50,10]]}
["表-09"]
["分部分项工程项目清单计价表"]
["工程名称：基坑支护工程",{"$nulls":8},"第  1  页  共  4  页"]
["序号","项目编码",null,"项目名称",null,"项目特征",null,"计量单位","工程量",null,"金额（元）"]
[{"$nulls":10},"综合单价","合价","其中:暂估价"]
[null,"A",null,"建筑工程"]
[1,"010501001003",null,"C25砼地面垫层",null,"[项目特征]\n1.混凝土种类:商品砼\n2.混凝土强度等级:C25\n3.泵送方式:综合考虑\n4.其他:满足设计﹑规范﹑招标文件、现场条件、达到使用功能等要求\n[工作内容]\n1.模板及支撑制作、安装、拆除、堆放、运输及清理模内杂物、刷隔离剂等\n2.混凝土制作、运输、浇筑、振捣、养护",null,"m3",21.34,null,49.57,1057.82]
[2,"010202009001",null,"C25喷射混凝土护面",null,"[项目特征]\n1.部位:基坑边坡支护\n2.厚度:150mm\n3.混凝土(砂浆)类别、强度等级:C25混凝土\n4.有无钢筋(素喷/网喷):网喷\n[工作内容]\n1.修整边坡\n2.混凝土(砂浆)制作、运输、喷射、养护\n3.钻排水孔、安装排水管\n4.喷射施工平台搭设、拆除",null,"m2",1937.46,null,100.86,195412.22]
["本页小计",{"$nulls":10},196470.04]
["表-09"]
["分部分项工程项目清单计价表"]
["工程名称：基坑支护工程",{"$nulls":8},"第  2  页  共  4  页"]
["序号","项目编码",null,"项目名称",null,"项目特征",null,"计量单位","工程量",null,"金额（元）"]
[{"$nulls":10},"综合单价","合价","其中:暂估价"]
[3,"010202008001",null,"土钉",null,"[项目特征]\n1.地层情况:详设计及地勘\n2.钻孔深度:详设计\n3.钻孔直径:φ130\n4.置入方法:钻孔置入\n5.杆体材料品种、规格、数量:每孔单根置入HRB400 D32螺纹钢\n[工作内容]\n1.钻孔、浆液制作、运输、压浆\n2.土钉制作、安装\n3.土钉施工平台搭设、拆除",null,"m",2931,null,51.18,150008.58]
[4,"010515001003",null,"现浇构件钢筋",null,"[项目特征]\n1.钢筋种类、规格:综合考虑\n[工作内容]\n1.钢筋制作、运输\n2.钢筋安装\n3.焊接(绑扎)",null,"t",0.2,null,1700.97,340.19]
[5,"010515003001",null,"钢筋网片",null,"[项目特征]\n1.钢筋种类、规格:综合考虑\n[工作内容]\n1.钢筋网制作、运输\n2.钢筋网安装\n3.焊接(绑扎)",null,"t",11.7,null,1786.58,20902.99]
["本页小计",{"$nulls":10},171251.76]
["表-09"]
["分部分项工程项目清单计价表"]
["工程名称：基坑支护工程",{"$nulls":8},"第  3  页  共  4  页"]
["序号","项目编码",null,"项目名称",null,"项目特征",null,"计量单位","工程量",null,"金额（元）"]
[{"$nulls":10},"综合单价","合价","其中:暂估价"]
[6,"040201022001",null,"排水沟、截水沟",null,"[项目特征]\n1.土石类别:综合考虑\n2.开挖方式:人工开挖\n3.断面尺寸:详见设计\n4.基础、垫层：材料品种、厚度:C20素混凝土\n5.砌体材料:MU7.5页岩砖\n6.砂浆强度等级:M5干混商品砂浆\n7.抹面材料种类:1:1水泥砂浆抹面\n8.其他:满足设计、规范、招标文件、现场条件、达到使用功能等要求\n[工作内容]\n1.土石方开挖\n2.模板制作、安装、拆除\n3.混凝土运输、浇筑\n4.侧墙浇捣或砌筑",null,"m",447.71,null,31.72,14201.36]
[7,"010401011001",null,"砖检查井",null,"[项目特征]\n1.砖品种、规格、强度等级:MU7.5页岩砖\n2.底板厚度:100mm\n3.混凝土强度等级:C20商品砼\n4.砂浆强度等级:M5干混商品砂浆\n5.抹面材料种类:1:1水泥砂浆抹面\n[工作内容]\n1.砂浆制作、运输\n2.铺设垫层\n3.底板混凝土制作、运输、浇筑、振捣、养护\n4.砌砖\n5.刮缝\n6.井池底、壁抹灰\n7.抹防潮层\n8.材料运输",null,"座",6,null,202.9,1217.4]
["本页小计",{"$nulls":10},15418.76]
["表-09"]
["分部分项工程项目清单计价表"]
["工程名称：基坑支护工程",{"$nulls":8},"第  4  页  共  4  页"]
["序号","项目编码",null,"项目名称",null,"项目特征",null,"计量单位","工程量",null,"金额（元）"]
[{"$nulls":10},"综合单价","合价","其中:暂估价"]
[8,"010403B07001",null,"泄水孔",null,"[项目特征]\n1.名称:塑料泄水孔\n2.规格:φ100\n3.材质:PVC塑料管\n4.其他:泄水孔后做0.5*0.5*0.5m反滤包，满足设计、规范、招标文件、现场条件、达到使用功能等要求\n[工作内容]\n1.制作\n2.安装",null,"m",800.34,null,60.87,48716.7]
{"$rows_empty":17}
["本页小计",{"$nulls":10},48716.7]
["合   计",{"$nulls":10},431857.26]

{"sheet":"表-09 施工技术措施项目清单计价表【基坑支护工程】","index":87,"n_rows":28,"n_cols":13,"rows_kept":28,"merged":[[0,0,0,12],[1,0,1,12],[2,0,2,5],[2,6,2,8],[2,9,2,12],[3,0,4,0],[3,1,4,2],[3,3,4,4],[3,5,4,6],[3,7,4,7],[3,8,4,9],[3,10,3,12],[5,1,5,2],[5,3,5,6],[5,8,5,9],[6,1,6,2],[6,3,6,4],[6,5,6,6],[6,8,6,9],[7,1,7,2],[7,3,7,4],[7,5,7,6],[7,8,7,9],[8,1,8,2],[8,3,8,4],[8,5,8,6],[8,8,8,9],[9,1,9,2],[9,3,9,4],[9,5,9,6],[9,8,9,9],[10,1,10,2],[10,3,10,4],[10,5,10,6],[10,8,10,9],[11,1,11,2],[11,3,11,4],[11,5,11,6],[11,8,11,9],[12,1,12,2],[12,3,12,4],[12,5,12,6],[12,8,12,9],[13,1,13,2],[13,3,13,4],[13,5,13,6],[13,8,13,9],[14,1,14,2],[14,3,14,4],[14,5,14,6],[14,8,14,9],[15,1,15,2],[15,3,15,4],[15,5,15,6],[15,8,15,9],[16,1,16,2],[16,3,16,4],[16,5,16,6],[16,8,16,9],[17,1,17,2],[17,3,17,4],[17,5,17,6],[17,8,17,9],[18,1,18,2],[18,3,18,4],[18,5,18,6],[18,8,18,9],[19,1,19,2],[19,3,19,4],[19,5,19,6],[19,8,19,9],[20,1,20,2],[20,3,20,4],[20,5,20,6],[20,8,20,9],[21,1,21,2],[21,3,21,4],[21,5,21,6],[21,8,21,9],[22,1,22,2],[22,3,22,4],[22,5,22,6],[22,8,22,9],[23,1,23,2],[23,3,23,4],[23,5,23,6],[23,8,23,9],[24,1,24,2],[24,3,24,4],[24,5,24,6],[24,8,24,9],[25,1,25,2],[25,3,25,4],[25,5,25,6],[25,8,25,9],[26,0,26,10],[27,0,27,10]]}
["表-09"]
["施工技术措施项目清单计价表"]
["工程名称：基坑支护工程",{"$nulls":8},"第  1  页  共  1  页"]
["序号","项目编码",null,"项目名称",null,"项目特征",null,"计量单位","工程量",null,"金额（元）"]
[{"$nulls":10},"综合单价","合价","其中:暂估价"]
[null,"一",null,"施工技术措施项目",{"$nulls":7},17489.78]
[1,"011701006002",null,"满堂脚手架",null,"[工作内容]\n1.场内、场外材料搬运\n2.搭、拆脚手架、斜道、上料平台\n3.安全网的铺设\n4.拆除脚手架后材料的堆放",null,"m2",1197.11,null,14.61,17489.78]
{"$rows_empty":19}
["本页小计",{"$nulls":10},17489.78]
["合   计",{"$nulls":10},17489.78]

{"sheet":"表-10 施工组织措施项目清单计价表【基坑支护工程】","index":88,"n_rows":33,"n_cols":14,"rows_kept":33,"merged":[[0,0,0,10],[0,11,0,13],[1,0,1,13],[2,0,2,4],[2,5,2,10],[2,11,2,13],[3,1,3,2],[3,3,3,5],[3,8,3,9],[3,10,3,11],[4,1,4,2],[4,3,4,5],[4,8,4,9],[4,10,4,11],[5,1,5,2],[5,3,5,5],[5,8,5,9],[5,10,5,11],[6,1,6,2],[6,3,6,5],[6,8,6,9],[6,10,6,11],[7,0,7,13],[8,0,8,10],[8,11,8,13],[9,0,9,13],[10,0,10,4],[10,5,10,10],[10,11,10,13],[11,1,11,2],[11,3,11,5],[11,8,11,9],[11,10,11,11],[12,1,12,2],[12,3,12,5],[12,8,12,9],[12,10,12,11],[13,1,13,2],[13,3,13,5],[13,8,13,9],[13,10,13,11],[14,1,14,2],[14,3,14,5],[14,8,14,9],[14,10,14,11],[15,1,15,2],[15,3,15,5],[15,8,15,9],[15,10,15,11],[16,1,16,2],[16,3,16,5],[16,8,16,9],[16,10,16,11],[17,1,17,2],[17,3,17,5],[17,8,17,9],[17,10,17,11],[18,1,18,2],[18,3,18,5],[18,8,18,9],[18,10,18,11],[19,1,19,2],[19,3,19,5],[19,8,19,9],[19,10,19,11],[20,1,20,2],[20,3,20,5],[20,8,20,9],[20,10,20,11],[21,1,21,2],[21,3,21,5],[21,8,21,9],[21,10,21,11],[22,1,22,2],[22,3,22,5],[22,8,22,9],[22,10,22,11],[23,1,23,2],[23,3,23,5],[23,8,23,9],[23,10,23,11],[24,1,24,2],[24,3,24,5],[24,8,24,9],[24,10,24,11],[25,1,25,2],[25,3,25,5],[25,8,25,9],[25,10,25,11],[26,1,26,2],[26,3,26,5],[26,8,26,9],[26,10,26,11],[27,1,27,2],[27,3,27,5],[27,8,27,9],[27,10,27,11],[28,1,28,2],[28,3,28,5],[28,8,28,9],[28,10,28,11],[29,1,29,2],[29,3,29,5],[29,8,29,9],[29,10,29,11],[30,1,30,2],[30,3,30,5],[30,8,30,9],[30,10,30,11],[31,1,31,2],[31,3,31,5],[31,8,31,9],[31,10,31,11],[32,0,32,7],[32,8,32,9],[32,10,32,11],[33,0,33,13]]}
[{"$nulls":11},"表-10"]
["施工组织措施项目清单计价表"]
["工程名称：基坑支护工程",{"$nulls":10},"第  1  页  共  2  页"]
["序号","项目编码",null,"项目名称",null,null,"计算\n基础","费率\n(%)","金额\n(元)",null,"调整\n费率\n(%)",null,"调整后\n金额\n(元)","备注"]
[1,"070306B15001",null,"组织措施费",null,null,"(分部分项人工费+分部分项机械费+技术措施人工费+技术措施机械费-机械（爆破）土石方人工费-机械（爆破）土石方机械费-机械（爆破）土石方人工费-机械（爆破）土石方机械费-人工土石方人工费-人工土石方技术措施人工费-人工土石方机械费-人工土石方技术措施机械费)+(机械（爆破）土石方人工费+机械（爆破）土石方机械费+机械（爆破）土石方人工费+机械（爆破）土石方机械费)*0.048/费率+(人工土石方人工费+人工土石方技术措施人工费)*0.0222/费率","10.86",38350.72]
[2,"070306001001",null,"安全文明施工费",null,null,"28710.4","100",28710.4]
[3,"070306B14001",null,"建设工程竣工档案编制费",null,null,"(分部分项人工费+分部分项机械费+技术措施人工费+技术措施机械费-机械（爆破）土石方人工费-机械（爆破）土石方机械费-机械（爆破）土石方人工费-机械（爆破）土石方机械费-人工土石方人工费-人工土石方技术措施人工费-人工土石方机械费-人工土石方技术措施机械费)+(机械（爆破）土石方人工费+机械（爆","0.56",1977.57]
["注：1.计算基础和费用标准按本市有关费用定额或文件执行。\n    2.根据施工方案计算的措施费，可不填写“计算基础”和“费率”的数值，只填写“金额”数值，但应在备注栏说明施工\n    方案出处或计算方法。"]
[{"$nulls":11},"表-10"]
["施工组织措施项目清单计价表"]
["工程名称：基坑支护工程",{"$nulls":10},"第  2  页  共  2  页"]
["序号","项目编码",null,"项目名称",null,null,"计算\n基础","费率\n(%)","金额\n(元)",null,"调整\n费率\n(%)",null,"调整后\n金额\n(元)","备注"]
[{"$nulls":6},"破）土石方机械费+机械（爆破）土石方人工费+机械（爆破）土石方机械费)*0.002/费率+(人工土石方人工费+人工土石方技术措施人工费)*0.0019/费率"]
{"$rows_empty":19}
["合    计",{"$nulls":7},69038.69]

{"sheet":"表-12 规费、税金项目计价表【基坑支护工程】","index":89,"n_rows":26,"n_cols":10,"rows_kept":26,"merged":[[0,0,0,7],[0,8,0,9],[1,0,1,9],[2,0,2,3],[2,4,2,7],[2,8,2,9],[3,1,3,4],[3,5,3,6],[3,7,3,8],[4,1,4,4],[4,5,4,6],[4,7,4,8],[5,1,5,4],[5,5,5,6],[5,7,5,8],[6,1,6,4],[6,5,6,6],[6,7,6,8],[7,1,7,4],[7,5,7,6],[7,7,7,8],[8,1,8,4],[8,5,8,6],[8,7,8,8],[9,1,9,4],[9,5,9,6],[9,7,9,8],[10,1,10,4],[10,5,10,6],[10,7,10,8],[11,1,11,4],[11,5,11,6],[11,7,11,8],[12,1,12,4],[12,5,12,6],[12,7,12,8],[13,1,13,4],[13,5,13,6],[13,7,13,8],[14,1,14,4],[14,5,14,6],[14,7,14,8],[15,1,15,4],[15,5,15,6],[15,7,15,8],[16,1,16,4],[16,5,16,6],[16,7,16,8],[17,1,17,4],[17,5,17,6],[17,7,17,8],[18,1,18,4],[18,5,18,6],[18,7,18,8],[19,1,19,4],[19,5,19,6],[19,7,19,8],[20,1,20,4],[20,5,20,6],[20,7,20,8],[21,1,21,4],[21,5,21,6],[21,7,21,8],[22,1,22,4],[22,5,22,6],[22,7,22,8],[23,1,23,4],[23,5,23,6],[23,7,23,8],[24,1,24,4],[24,5,24,6],[24,7,24,8],[25,0,25,8]]}
[{"$nulls":8},"表-12"]
["规费、税金项目计价表"]
["工程名称：基坑支护工程",{"$nulls":7},"第  1  页  共  1  页"]
["序号","项目名称",{"$nulls":3},"计算基础",null,"费率(%)",null,"金额（元）"]
["1","规费",{"$nulls":3},"专业工程规费（人+机）+机械（爆破）土石方规费（人+机）*0.072/费率+人工土石方规费（人）*0.082/费率",null,"9.25",null,32665.21]
["2","税金",{"$nulls":3},"2.1 + 2.2 + 2.3",{"$nulls":3},54554.04]
["2.1","增值税",{"$nulls":3},"分部分项工程费+措施项目费+其他项目费+规费-甲供材料费",null,"9",null,49594.58]
["2.2","附加税",{"$nulls":3},"增值税",null,"10",null,4959.46]
["2.3","环境保护税",{"$nulls":3},"按实计算"]
{"$rows_empty":16}
["合计",{"$nulls":8},87219.25]